{"text_format":"3","workbook":"xls","n_sheets":1,"sheets":["Sheet1"],"read":"whole","date_system":"1900","formulas":"cached_only"}

{"sheet":"Sheet1","index":0,"n_rows":291,"n_cols":44,"rows_kept":291,"merged":[[1,0,1,43]],"flags":["formulas_cached_only"]}
["附件2"]
["新申报中成药公示清单"]
["序号","招采药品代码","药品名称","产品来源名称","剂型名称","规格名称","生产企业名称","包装","转换比","包装材质名称","最小使用单位名称","批准文号","第一省份","挂网药品1","包装价格1","规格名称1","最小制剂价格1","包装数量1","第二省份","挂网药品2","包装价格2","规格名称2","最小制剂价格2","包装数量2","第三省份","挂网药品3","包装价格3","最小制剂价格3","材料附件1","材料附件2","材料附件3","规格名称3","包装数量3","日均使用费用","日均使用费用说明(说明附件材料)","最小日使用量","最大日使用量","申报企业名称","最小包装挂网申报价格\n（元）","同组最高日均费用\n（元）","最高日均费用*80%\n（元）","最高挂网价*80%\n（元）","最小制剂限价\n（元）","最小包装挂网价限价\n（元）"]
[1,"ZA10DAA0092020303312","安神补脑片","国产","片剂(薄膜衣)","薄膜衣片每片重0.31克","长春海外制药集团有限公司","薄膜衣片每片重0.31克×135片/盒",135,"铝塑板包装","片","国药准字Z20026738","浙江省","ZA10DAA0092020303312",160.92,"薄膜衣片每片重0.31克",1.192,135,"海南省","ZA10DAA0092020303312",160.92,"薄膜衣片每片重0.31克",1.192,135,"贵州省","ZA10DAA0092020303312",160.92,1.192,"https://tps.ybj.hunan.gov.cn/tps-local/XMHXgroupYPCZ/M00/A3/71/rBIBUGi0cHWAXjeDABzvXBjnQbo959.pdf","https://tps.ybj.hunan.gov.cn/tps-local/XMHXgroupYPCZ/M00/A3/71/rBIBUGi0cJmAHepwABpbaJMl1WM123.pdf","https://tps.ybj.hunan.gov.cn/tps-local/XMHXgroupYPCZ/M00/A3/71/rBIBUGi0cLeAWXjZADkYgyOs7fA529.pdf","薄膜衣片每片重0.31克",135,2.38,"https://tps.ybj.hunan.gov.cn/tps-local/XMHXgroupYPCZ/M00/A3/71/rBIBUGi0cOeAFqt6AE-kiVxCMSs700.pdf",2,2,"长春海外制药集团有限公司",160.92,{"v":3.57916666666667,"d":"3.5792"},{"v":2.86333333333333,"d":"2.8633"},null,{"v":1.192,"d":"1.1920"},160.92]
[2,"ZA16FAF0601020102524","复方石淋通片","国产","片剂(薄膜衣片)","每片重0.31g","湖南兴蒙制药有限公司","每片重0.31g×36片/盒",36,"铝塑包装","片","国药准字Z20064146","吉林省","ZA16FAF0601020102524",59.8,"每片重0.31g",1.6611,36,"辽宁省","ZA16FAF0601020102524",59.8,"每片重0.31g",1.6611,36,"宁夏回族自治区","ZA16FAF0601020102524",59.8,1.6611,"https://tps.ybj.hunan.gov.cn/tps-local/XMHXgroupYPCZ/M00/A3/71/rBIBUGi035KAC5U8AApGQYXyg-s511.jpg","https://tps.ybj.hunan.gov.cn/tps-local/XMHXgroupYPCZ/M00/A3/71/rBIBUGi0372AGYToAAlH3Vl_OIc326.jpg","https://tps.ybj.hunan.gov.cn/tps-local/XMHXgroupYPCZ/M00/A3/71/rBIBUGi038WAAr9aABAznxq2MHY432.jpg","每片重0.31g",36,29.9,"https://tps.ybj.hunan.gov.cn/tps-local/XMHXgroupYPCZ/M00/A3/71/rBIBUGi04BWAXHoGAAsuS2_ghaA116.jpg",18,18,"湖南康益元药业有限公司",59.8,{"v":4.5,"d":"4.5000"},{"v":3.6,"d":"3.6000"},null,{"v":0.2,"d":"0.2000"},7.2]
[3,"ZA16FAQ0201010202437","前列通胶囊","国产","胶囊剂","每粒装0.25g","陕西渭南华仁制药有限责任公司","每粒装0.25g×48粒/盒",48,"药用铝箔和聚氯乙烯固体药用硬片板","粒","国药准字Z20050128","广西壮族自治区","ZA16FAQ0201010202437",21.49,"每粒装0.25g",0.4477,48,"贵州省","ZA16FAQ0201010202437",21.49,"每粒装0.25g",0.4477,48,"黑龙江省","ZA16FAQ0201010202437",21.49,0.4477,"https://tps.ybj.hunan.gov.cn/tps-local/XMHXgroupYPCZ/M00/A3/72/rBIBUGi04ZCABA8bABHNes4GLjc094.jpg","https://tps.ybj.hunan.gov.cn/tps-local/XMHXgroupYPCZ/M00/A3/72/rBIBUGi04ZyAdKMbAC_RCNf_3TA280.jpg","https://tps.ybj.hunan.gov.cn/tps-local/XMHXgroupYPCZ/M00/A3/72/rBIBUGi04aiAOxPiAAXSNG1mbqc261.jpg","每粒装0.25g",48,8.06,"https://tps.ybj.hunan.gov.cn/tps-local/XMHXgroupYPCZ/M00/A3/72/rBIBUGi04gmAMB90ACaC5O1lccc608.jpg",18,18,"陕西渭南华仁制药有限责任公司",21.49,{"v":8.05666666666667,"d":"8.0567"},{"v":6.44533333333333,"d":"6.4453"},null,{"v":0.358074074074074,"d":"0.3581"},17.19]
[4,"ZA05CAS0929020204134","四逆汤","国产","合剂","每支装10ml","蓝耘智合生物科技有限责任公司","每支装10ml×10支/盒",10,"钠钙玻璃管制口服液体瓶","支","国药准字Z37021256","广东省","ZA05CAS0929020204134",98,"每支装10ml",9.8,10,"广西壮族自治区","ZA05CAS0929020204134",98,"每支装10ml",9.8,10,"重庆市","ZA05CAS0929020204134",98,9.8,"https://tps.ybj.hunan.gov.cn/tps-local/XMHXgroupYPCZ/M00/A3/73/rBIBUGi05WCAKwW5AANKiNN5OPQ185.pdf","https://tps.ybj.hunan.gov.cn/tps-local/XMHXgroupYPCZ/M00/A3/73/rBIBUGi05X2AdpsqAAF2UMqro2Y357.pdf","https://tps.ybj.hunan.gov.cn/tps-local/XMHXgroupYPCZ/M00/A3/73/rBIBUGi05ZuACBurAAE7jPXeUYA908.pdf","每支装10ml",10,44.1,"https://tps.ybj.hunan.gov.cn/tps-local/XMHXgroupYPCZ/M00/A3/73/rBIBUGi05bKAJYIBAAUu0_SM52g275.pdf",3,6,"蓝耘智合生物科技有限责任公司",98,{"v":79.38,"d":"79.3800"},{"v":63.504,"d":"63.5040"},null,{"v":9.8,"d":"9.8000"},98]
[5,"ZA04CAY0499020204134","银黄颗粒","国产","颗粒剂","每袋装4g","蓝耘智合生物科技有限责任公司","每袋装4g×4袋/盒",4,"复合膜","袋","国药准字Z37021097","广东省","ZA04CAY0499020204134",10.31,"每袋装4g",2.5775,4,"重庆市","ZA04CAY0499020204134",10.31,"每袋装4g",2.5775,4,"黑龙江省","ZA04CAY0499020204134",10.31,2.5775,"https://tps.ybj.hunan.gov.cn/tps-local/XMHXgroupYPCZ/M00/A3/74/rBIBUGi06KmAe4cvAAJIbUU35Fg993.pdf","https://tps.ybj.hunan.gov.cn/tps-local/XMHXgroupYPCZ/M00/A3/74/rBIBUGi06L6AKWavAAM2dZQtwCQ678.pdf","https://tps.ybj.hunan.gov.cn/tps-local/XMHXgroupYPCZ/M00/A3/74/rBIBUGi06NeAWDiKAAJsXmTu0XM939.pdf","每袋装4g",4,7.73,"https://tps.ybj.hunan.gov.cn/tps-local/XMHXgroupYPCZ/M00/A3/74/rBIBUGi06OeAMvk0ABUCOxwE4rw191.pdf",2,4,"蓝耘智合生物科技有限责任公司",10.31,{"v":17.09,"d":"17.0900"},{"v":13.672,"d":"13.6720"},null,2.5775,10.31]
[6,"ZA04CAY0499020304134","银黄颗粒","国产","颗粒剂","每袋装4g","蓝耘智合生物科技有限责任公司","每袋装4g×6袋/盒",6,"复合膜","袋","国药准字Z37021097","广东省","ZA04CAY0499020304134",15.46,"每袋装4g",2.5767,6,"重庆市","ZA04CAY0499020304134",15.46,"每袋装4g",2.5767,6,"黑龙江省","ZA04CAY0499020304134",15.46,2.5767,"https://tps.ybj.hunan.gov.cn/tps-local/XMHXgroupYPCZ/M00/A3/74/rBIBUGi06UuAdrsyAAJIbUU35Fg303.pdf","https://tps.ybj.hunan.gov.cn/tps-local/XMHXgroupYPCZ/M00/A3/74/rBIBUGi06VCABcgHAAM2dZQtwCQ492.pdf","https://tps.ybj.hunan.gov.cn/tps-local/XMHXgroupYPCZ/M00/A3/74/rBIBUGi06VSAPDjjAAJsXmTu0XM433.pdf","每袋装4g",6,7.73,"https://tps.ybj.hunan.gov.cn/tps-local/XMHXgroupYPCZ/M00/A3/74/rBIBUGi06WqAP_ntABUCOxwE4rw328.pdf",2,4,"蓝耘智合生物科技有限责任公司",15.46,{"v":17.09,"d":"17.0900"},{"v":13.672,"d":"13.6720"},null,{"v":2.57666666666667,"d":"2.5767"},15.46]
[7,"ZH01AAF0560010200862","复方青黛片","国产","片剂","每片重0.54g","天津和治广平药业有限公司","每片重0.54g×36片/盒",36,"聚氯乙烯固体药用硬片/药用铝箔装","片","国药准字Z20150034","辽宁省","ZH01AAF0560010200862",45.82,"每片重0.54g",1.2728,36,"贵州省","ZH01AAF0560010200862",45.82,"每片重0.54g",1.2728,36,"山东省","ZH01AAF0560010200862",45.82,1.2728,"https://tps.ybj.hunan.gov.cn/tps-local/XMHXgroupYPCZ/M00/A3/80/rBIBUGi0-YiAKLybAAPtIVup6FE02.docx","https://tps.ybj.hunan.gov.cn/tps-local/XMHXgroupYPCZ/M00/A3/80/rBIBUGi0-bGAP6l9AAFSlU9jGwg92.docx","https://tps.ybj.hunan.gov.cn/tps-local/XMHXgroupYPCZ/M00/A3/80/rBIBUGi0-dyANiK4AAJXnJgqodM09.docx","每片重0.54g",36,15.27,"https://tps.ybj.hunan.gov.cn/tps-local/XMHXgroupYPCZ/M00/A3/81/rBIBUGi0-guAaaKlAAKIfNdW-dc672.jpg",12,12,"天津和治广平药业有限公司",45.82,{"v":15.5,"d":"15.5000"},{"v":12.4,"d":"12.4000"},null,{"v":1.03333333333333,"d":"1.0333"},37.2]
[8,"ZC01AAX0186010104134","通关藤片(消癌平片)","国产","薄膜衣片","每片重0.31g","蓝耘智合生物科技有限责任公司","每片重0.31g×48片/盒",48,"铝塑泡罩","片","国药准字Z20083253","重庆市","ZC01AAX0186010104134",48,"每片重0.31g",1,48,"黑龙江省","ZC01AAX0186010104134",48,"每片重0.31g",1,48,"广西壮族自治区","ZC01AAX0186010104134",48,1,"https://tps.ybj.hunan.gov.cn/tps-local/XMHXgroupYPCZ/M00/A3/75/rBIBUGi06huATJBSAAL6xN6fDSw843.pdf","https://tps.ybj.hunan.gov.cn/tps-local/XMHXgroupYPCZ/M00/A3/75/rBIBUGi06iOAGfQWAA_BtaKQ1NQ059.pdf","https://tps.ybj.hunan.gov.cn/tps-local/XMHXgroupYPCZ/M00/A3/75/rBIBUGi06iaAF4BQABAUS6wXS-o697.pdf","每片重0.31g",48,27,"https://tps.ybj.hunan.gov.cn/tps-local/XMHXgroupYPCZ/M00/A3/75/rBIBUGi06jSARpo6AAo9jff04u8791.pdf",24,30,"蓝耘智合生物科技有限责任公司",48,{"v":40.5,"d":"40.5000"},{"v":32.4,"d":"32.4000"},null,{"v":1,"d":"1.0000"},48]
[9,"ZA09HAS0496030100064","生脉胶囊","国产","胶囊剂","每粒装0.35克","复寿堂药业河南省有限公司","每粒装0.35克×60粒/盒",60,"药用铝箔、聚氯乙烯固体药用硬片","粒","国药准字Z11020345","江苏省","ZA09HAS0496030100064",32.79,"每粒装0.35克",0.5465,60,"安徽省","ZA09HAS0496030100064",32.79,"每粒装0.35克",0.5465,60,"江西省","ZA09HAS0496030100064",32.79,0.5465,"https://tps.ybj.hunan.gov.cn/tps-local/XMHXgroupYPCZ/M00/A3/74/rBIBUGi06EOAXSeHAAUGCRCvfbM372.pdf","https://tps.ybj.hunan.gov.cn/tps-local/XMHXgroupYPCZ/M00/A3/74/rBIBUGi06FOARDAqAAcYaPOCna4364.pdf","https://tps.ybj.hunan.gov.cn/tps-local/XMHXgroupYPCZ/M00/A3/74/rBIBUGi06HCAOVvFAAbZ8gRrFug495.pdf","每粒装0.35克",60,4.92,"https://tps.ybj.hunan.gov.cn/tps-local/XMHXgroupYPCZ/M00/A3/74/rBIBUGi06KmAQKRRAAKqHQHDTl8772.pdf",9,9,"复寿堂药业河南省有限公司",32.79,{"v":6.96,"d":"6.9600"},{"v":5.568,"d":"5.5680"},null,0.5465,32.79]
[10,"ZA04DAX0940020379250","小儿珠珀散(原名:珠珀猴枣散)","进口","散剂(内服)","每瓶装0.3克","HONG KONG PO WO TONG PHARMACEUTICAL LIMITED","每瓶装0.3克×1瓶/盒",1,"口服固体药用聚酯瓶","瓶","国药准字ZC20160014","北京市","ZA04DAX0940020379250",29.8,"每瓶装0.3克",29.8,1,"山东省","ZA04DAX0940020379250",29.8,"每瓶装0.3克",29.8,1,"广西壮族自治区","ZA04DAX0940020379250",29.8,29.8,"https://tps.ybj.hunan.gov.cn/tps-local/XMHXgroupYPCZ/M00/A3/79/rBIBUGi08KWAID-lAARgcIgllSM210.pdf","https://tps.ybj.hunan.gov.cn/tps-local/XMHXgroupYPCZ/M00/A3/79/rBIBUGi08PyACpLZAAX0mOV9m4o142.pdf","https://tps.ybj.hunan.gov.cn/tps-local/XMHXgroupYPCZ/M00/A3/79/rBIBUGi08VGAa2CuAASrEmwiUB8160.pdf","每瓶装0.3克",1,119.2,"https://tps.ybj.hunan.gov.cn/tps-local/XMHXgroupYPCZ/M00/A3/7A/rBIBUGi08cyARAvbAAR6GQjJtXw805.pdf",2,6,"江西鑫立药业有限公司",29.8,{"v":119.2,"d":"119.2000"},{"v":95.36,"d":"95.3600"},null,{"v":23.84,"d":"23.8400"},23.84]
[11,"ZA16CAS0274020103494","伤湿祛痛膏","国产","橡胶膏剂","7cm×10cm","吉林一正药业集团有限公司","7cm×10cm×8贴/盒",8,"药用塑料复合膜袋","贴","国药准字Z22020087","江西省","ZA16CAS0274020103494",38,"7cm×10cm",4.75,8,"重庆市","ZA16CAS0274020103494",38,"7cm×10cm",4.75,8,"广西壮族自治区","ZA16CAS0274020103494",38,4.75,"https://tps.ybj.hunan.gov.cn/tps-local/XMHXgroupYPCZ/M00/A3/77/rBIBUGi07nyAelN2AAcwCv34lpY660.pdf","https://tps.ybj.hunan.gov.cn/tps-local/XMHXgroupYPCZ/M00/A3/77/rBIBUGi07p6AKC4oAAoJDo-L-ko100.pdf","https://tps.ybj.hunan.gov.cn/tps-local/XMHXgroupYPCZ/M00/A3/77/rBIBUGi07rWAUm2XAAf-uXoHQ_w030.pdf","7cm×10cm",8,4.75,"https://tps.ybj.hunan.gov.cn/tps-local/XMHXgroupYPCZ/M00/A3/77/rBIBUGi07x6ALy-IABb9Z64Sh3U264.pdf",1,1,"吉林一正药业集团有限公司",38,30.4725,{"v":24.378,"d":"24.3780"},null,{"v":4.75,"d":"4.7500"},38]
[12,"ZA05AAD0411020103494","理中丸(党参理中丸)","国产","水蜜丸","每10丸重2克(6克/袋)","吉林一正药业集团有限公司","每10丸重2克(6克/袋)×18袋/盒",18,"药用复合膜袋包装","袋","国药准字Z20153018","北京市","ZA05AAD0411020103494",153,"每10丸重2克(6克/袋)",8.5,18,"江西省","ZA05AAD0411020103494",153,"每10丸重2克(6克/袋)",8.5,18,"广西壮族自治区","ZA05AAD0411020103494",153,8.5,"https://tps.ybj.hunan.gov.cn/tps-local/XMHXgroupYPCZ/M00/A3/78/rBIBUGi071eAIrimAAlodxgUaN4665.pdf","https://tps.ybj.hunan.gov.cn/tps-local/XMHXgroupYPCZ/M00/A3/78/rBIBUGi076GAd15dAAkHMgBH9u4748.pdf","https://tps.ybj.hunan.gov.cn/tps-local/XMHXgroupYPCZ/M00/A3/78/rBIBUGi077eAebEYAAlodxgUaN4248.pdf","每10丸重2克(6克/袋)",18,17,"https://tps.ybj.hunan.gov.cn/tps-local/XMHXgroupYPCZ/M00/A3/78/rBIBUGi078qAAxu_ABrTENR4YjE766.pdf",2,2,"吉林一正药业集团有限公司",153,{"v":16.6,"d":"16.6000"},{"v":13.28,"d":"13.2800"},null,{"v":6.64,"d":"6.6400"},119.52]
[13,"ZA09HAS0501020403494","生脉饮","国产","合剂","每支装10ml","吉林一正药业集团有限公司","每支装10ml×6支/盒",6,"玻璃管制口服液瓶","支","国药准字Z22022532","江西省","ZA09HAS0501020403494",12.53,"每支装10ml",2.0883,6,"广西壮族自治区","ZA09HAS0501020403494",12.53,"每支装10ml",2.0883,6,"甘肃省","ZA09HAS0501020403494",12.53,2.0883,"https://tps.ybj.hunan.gov.cn/tps-local/XMHXgroupYPCZ/M00/A3/78/rBIBUGi08GiANE2JAAkLZUaJLws372.pdf","https://tps.ybj.hunan.gov.cn/tps-local/XMHXgroupYPCZ/M00/A3/78/rBIBUGi08ISAR81cAAmPU2fefNI699.pdf","https://tps.ybj.hunan.gov.cn/tps-local/XMHXgroupYPCZ/M00/A3/79/rBIBUGi08JmAJOLVAAk7Hyciwfk109.pdf","每支装10ml",6,6.27,"https://tps.ybj.hunan.gov.cn/tps-local/XMHXgroupYPCZ/M00/A3/79/rBIBUGi08NaAJvoKAEDRoy3TlnI951.pdf",3,3,"吉林一正药业集团有限公司",12.53,{"v":32.25,"d":"32.2500"},{"v":25.8,"d":"25.8000"},null,{"v":2.08833333333333,"d":"2.0883"},12.53]
[14,"ZA15GAX0565020103471","小活络丸","国产","大蜜丸","每丸重3g","吉林市双士药业有限公司","每丸重3g×10丸/盒",10,"药用PVC,药用铝箔","丸","国药准字Z20053445","黑龙江省","ZA15GAX0565020103471",36,"每丸重3g",3.6,10,"安徽省","ZA15GAX0565020103471",36,"每丸重3g",3.6,10,"广西壮族自治区","ZA15GAX0565020103471",36,3.6,"https://tps.ybj.hunan.gov.cn/tps-local/XMHXgroupYPCZ/M00/A3/76/rBIBUGi07SGAEKESAAdeVv1qz1E092.pdf","https://tps.ybj.hunan.gov.cn/tps-local/XMHXgroupYPCZ/M00/A3/76/rBIBUGi07T6AOeQvAAeUHMl9gaA935.jpg","https://tps.ybj.hunan.gov.cn/tps-local/XMHXgroupYPCZ/M00/A3/76/rBIBUGi07VeAGI8tAAUlH32DpoU837.jpg","每丸重3g",10,7.2,"https://tps.ybj.hunan.gov.cn/tps-local/XMHXgroupYPCZ/M00/A3/77/rBIBUGi07aWAczMtAAFiA94S4yk088.jpg",2,2,"吉林市双士药业有限公司",36,{"v":25.3333333333333,"d":"25.3333"},{"v":20.2666666666667,"d":"20.2667"},null,{"v":3.6,"d":"3.6000"},36]
[15,"ZG02BAG0233010104522","狗皮膏","国产","膏药","每张净重24g","杭州朱养心药业有限公司","每张净重24g×2张/盒",2,"布","张","国药准字Z33020511","江苏省","ZG02BAG0233010104522",48,"每张净重24g",24,2,"山东省","ZG02BAG0233010104522",48,"每张净重24g",24,2,"广西壮族自治区","ZG02BAG0233010104522",48,24,"https://tps.ybj.hunan.gov.cn/tps-local/XMHXgroupYPCZ/M00/A3/97/rBIBUGi1L-qAJ7OTAAF4fer8XF8397.pdf","https://tps.ybj.hunan.gov.cn/tps-local/XMHXgroupYPCZ/M00/A3/97/rBIBUGi1L--AeAvOAAK36tJSmRc214.pdf","https://tps.ybj.hunan.gov.cn/tps-local/XMHXgroupYPCZ/M00/A3/97/rBIBUGi1L_SAJPGmAAJ2tVAzM-M346.pdf","每张净重24g",2,24,"https://tps.ybj.hunan.gov.cn/tps-local/XMHXgroupYPCZ/M00/A3/98/rBIBUGi1MEmAP5RxAAEp-P-YczQ295.pdf",1,1,"杭州朱养心药业有限公司",48,{"v":144,"d":"144.0000"},{"v":115.2,"d":"115.2000"},null,{"v":24,"d":"24.0000"},48]
[16,"ZA16AAG0340010304309","关节止痛膏","国产","贴膏剂","7x10cm","安徽金马药业股份有限公司","7x10cm×15片/盒",15,"复合膜袋","片","国药准字Z20204011","北京市","ZA16AAG0340010304309",30.84,"7x10cm",2.056,15,"广东省","ZA16AAG0340010304309",30.84,"7x10cm",2.056,15,"黑龙江省","ZA16AAG0340010304309",30.84,2.056,"https://tps.ybj.hunan.gov.cn/tps-local/XMHXgroupYPCZ/M00/A3/7D/rBIBUGi09iWAVMKjAAUo85kEiD8621.pdf","https://tps.ybj.hunan.gov.cn/tps-local/XMHXgroupYPCZ/M00/A3/7D/rBIBUGi09iuAHaWyAAVU1BWu1ZE524.pdf","https://tps.ybj.hunan.gov.cn/tps-local/XMHXgroupYPCZ/M00/A3/7D/rBIBUGi09jOAXhljAAfVPyWqdLk862.pdf","7x10cm",15,3.08,"https://tps.ybj.hunan.gov.cn/tps-local/XMHXgroupYPCZ/M00/A3/7E/rBIBUGi09xeAUg8EABTE-BF0GNo245.pdf",1,2,"安徽金马药业股份有限公司",30.84,59.4975,{"v":47.598,"d":"47.5980"},null,{"v":2.056,"d":"2.0560"},30.84]
[17,"ZD04AAR0154010104309","乳癖消贴膏","国产","贴膏剂","7x10cm","安徽金马药业股份有限公司","7x10cm×6片/盒",6,"复合膜袋","片","国药准字Z20204076","北京市","ZD04AAR0154010104309",98,"7x10cm",16.3333,6,"广东省","ZD04AAR0154010104309",98,"7x10cm",16.3333,6,"黑龙江省","ZD04AAR0154010104309",98,16.3333,"https://tps.ybj.hunan.gov.cn/tps-local/XMHXgroupYPCZ/M00/A3/7E/rBIBUGi09-uAG0E5AAUo85kEiD8799.pdf","https://tps.ybj.hunan.gov.cn/tps-local/XMHXgroupYPCZ/M00/A3/7E/rBIBUGi09_CAUbmrAAVU1BWu1ZE638.pdf","https://tps.ybj.hunan.gov.cn/tps-local/XMHXgroupYPCZ/M00/A3/7E/rBIBUGi09_SAM-05AAfVPyWqdLk287.pdf","7x10cm",6,16.33,"https://tps.ybj.hunan.gov.cn/tps-local/XMHXgroupYPCZ/M00/A3/7E/rBIBUGi0-BqASv2iAAguuQewEiI813.pdf",1,1,"安徽金马药业股份有限公司",98,{"$nulls":3},{"v":16.3333333333333,"d":"16.3333"},98]
[18,"ZA04BAQ0443010204531","清热解毒口服液","国产","合剂","每支装10毫升","回音必集团浙江齐齐制药有限公司","每支装10毫升×10支/盒",10,"管制口服液体瓶包装","支","国药准字Z20023127","广西壮族自治区","ZA04BAQ0443010204531",35,"每支装10毫升",3.5,10,"贵州省","ZA04BAQ0443010204531",35,"每支装10毫升",3.5,10,"重庆市","ZA04BAQ0443010204531",35,3.5,"https://tps.ybj.hunan.gov.cn/tps-local/XMHXgroupYPCZ/M00/A3/7C/rBIBUGi09COAPhAcAAffNs7FG0A132.pdf","https://tps.ybj.hunan.gov.cn/tps-local/XMHXgroupYPCZ/M00/A3/7C/rBIBUGi09FWAVYvuAAemzimYc_Q333.pdf","https://tps.ybj.hunan.gov.cn/tps-local/XMHXgroupYPCZ/M00/A3/7C/rBIBUGi09HSAP2YGAArdHm8_1L4195.pdf","每支装10毫升",10,15.75,"https://tps.ybj.hunan.gov.cn/tps-local/XMHXgroupYPCZ/M00/A3/7C/rBIBUGi09ICAGSTmAAZpofukue0194.pdf",3,6,"回音必集团浙江齐齐制药有限公司",35,{"v":157.5,"d":"157.5000"},{"v":126,"d":"126.0000"},null,{"v":3.5,"d":"3.5000"},35]
[19,"ZA01CAX0333010205370","小柴胡颗粒","国产","颗粒剂","每袋装10克","江西汪氏药业有限公司","每袋装10克×10袋/盒",10,"铝复合膜","袋","国药准字Z36020674","黑龙江省","ZA01CAX0333010205370",7.8,"每袋装10克",0.78,10,"广西壮族自治区","ZA01CAX0333010205370",7.8,"每袋装10克",0.78,10,"云南省","ZA01CAX0333010205370",7.8,0.78,"https://tps.ybj.hunan.gov.cn/tps-local/XMHXgroupYPCZ/M00/A3/E6/rBIBUGi2PyOAX2lnAIhLP7PeA34742.pdf","https://tps.ybj.hunan.gov.cn/tps-local/XMHXgroupYPCZ/M00/A3/E6/rBIBUGi2P1aAHrFiAIap1uQ60sU829.pdf","https://tps.ybj.hunan.gov.cn/tps-local/XMHXgroupYPCZ/M00/A3/E6/rBIBUGi2P4WAVcoGAHnlDRN0k6A419.pdf","每袋装10克",10,3.51,"https://tps.ybj.hunan.gov.cn/tps-local/XMHXgroupYPCZ/M00/A3/E6/rBIBUGi2PviAKwFaAAyRYpDRUKY005.pdf",3,6,"江西汪氏药业有限公司",7.8,28.2975,{"v":22.638,"d":"22.6380"},null,{"v":0.78,"d":"0.7800"},7.8]
[20,"ZA01CAX0333010305370","小柴胡颗粒","国产","颗粒剂","每袋装10克","江西汪氏药业有限公司","每袋装10克×6袋/盒",6,"铝复合膜","袋","国药准字Z36020674","江西省","ZA01CAX0333010305370",4.68,"每袋装10克",0.78,6,"广西壮族自治区","ZA01CAX0333010305370",4.8,"每袋装10克",0.8,6,"云南省","ZA01CAX0333010305370",4.68,0.78,"https://tps.ybj.hunan.gov.cn/tps-local/XMHXgroupYPCZ/M00/A3/F5/rBIBUGi2VMKAW48mAAiGSJ2lpSU836.pdf","https://tps.ybj.hunan.gov.cn/tps-local/XMHXgroupYPCZ/M00/A3/F5/rBIBUGi2VMeAP7bpAAcilUS6-Ho875.pdf","https://tps.ybj.hunan.gov.cn/tps-local/XMHXgroupYPCZ/M00/A3/F5/rBIBUGi2VMuADW2SAAfs93Ry8Xg020.pdf","每袋装10克",6,3.51,"https://tps.ybj.hunan.gov.cn/tps-local/XMHXgroupYPCZ/M00/A3/F5/rBIBUGi2VSWAbOcaAAJdmWUkFPc048.png",3,6,"江西汪氏药业有限公司",4.68,28.2975,{"v":22.638,"d":"22.6380"},null,{"v":0.78,"d":"0.7800"},4.68]
[21,"ZA02AAH0441010205370","藿香正气水","国产","酊剂","每支装10ml","江西汪氏药业有限公司","每支装10ml×10支/盒",10,"玻璃瓶","支","国药准字Z36020055","广西壮族自治区","ZA02AAH0441010205370",6.8,"每支装10ml",0.68,10,"安徽省","ZA02AAH0441010205370",6.8,"每支装10ml",0.68,10,"黑龙江省","ZA02AAH0441010205370",6.8,0.68,"https://tps.ybj.hunan.gov.cn/tps-local/XMHXgroupYPCZ/M00/A3/F4/rBIBUGi2VAaAZr8_AAd60bbty78808.pdf","https://tps.ybj.hunan.gov.cn/tps-local/XMHXgroupYPCZ/M00/A3/F4/rBIBUGi2VA2ACVYkAAdbEI7YOgo531.pdf","https://tps.ybj.hunan.gov.cn/tps-local/XMHXgroupYPCZ/M00/A3/F4/rBIBUGi2VBGAPtPCAAenjTxNAfc979.pdf","每支装10ml",10,1.02,"https://tps.ybj.hunan.gov.cn/tps-local/XMHXgroupYPCZ/M00/A3/F4/rBIBUGi2VDeARjiaABFjop3zuHo643.pdf",1,2,"江西汪氏药业有限公司",6.8,{"v":5.79066666666667,"d":"5.7907"},{"v":4.63253333333333,"d":"4.6325"},null,{"v":0.68,"d":"0.6800"},6.8]
[22,"ZA09ABJ0096010105370","健儿消食口服液","国产","合剂","每支装10ml","江西汪氏药业有限公司","每支装10ml×10支/盒",10,"玻璃瓶","支","国药准字Z20083171","广西壮族自治区","ZA09ABJ0096010105370",35.8,"每支装10ml",3.58,10,"黑龙江省","ZA09ABJ0096010105370",35.8,"每支装10ml",3.58,10,"安徽省","ZA09ABJ0096010105370",35.8,3.58,"https://tps.ybj.hunan.gov.cn/tps-local/XMHXgroupYPCZ/M00/A3/E7/rBIBUGi2QduAbf7JAIZ2TH6uN0U743.pdf","https://tps.ybj.hunan.gov.cn/tps-local/XMHXgroupYPCZ/M00/A3/E7/rBIBUGi2QiqAH2w3AIzctz51VxY061.pdf","https://tps.ybj.hunan.gov.cn/tps-local/XMHXgroupYPCZ/M00/A3/E8/rBIBUGi2QlyAfbLeAIkya89m_mU659.pdf","每支装10ml",10,10.74,"https://tps.ybj.hunan.gov.cn/tps-local/XMHXgroupYPCZ/M00/A3/E8/rBIBUGi2QyWAYE0MAAv9L8Xm62c965.pdf",2,4,"江西汪氏药业有限公司",35.8,{"v":42.875,"d":"42.8750"},{"v":34.3,"d":"34.3000"},null,{"v":3.58,"d":"3.5800"},35.8]
[23,"ZD01AAY0122010105370","养血当归糖浆","国产","糖浆剂","每瓶装120ml","江西汪氏药业有限公司","每瓶装120ml×1瓶/盒",1,"口服液体药用聚酯瓶","瓶","国药准字Z36021589","广西壮族自治区","ZD01AAY0122010105370",26,"每瓶装120ml",26,1,"新疆维吾尔自治区","ZD01AAY0122010105370",26,"每瓶装120ml",26,1,"安徽省","ZD01AAY0122010105370",26,26,"https://tps.ybj.hunan.gov.cn/tps-local/XMHXgroupYPCZ/M00/A3/E9/rBIBUGi2RMWAQwMKAIE_YYdgq4M873.pdf","https://tps.ybj.hunan.gov.cn/tps-local/XMHXgroupYPCZ/M00/A3/E9/rBIBUGi2RN2AUxACAHJBsbLWsU4616.pdf","https://tps.ybj.hunan.gov.cn/tps-local/XMHXgroupYPCZ/M00/A3/EA/rBIBUGi2RPiAX5qLAHntkTf4c6c243.pdf","每瓶装120ml",1,6.5,"https://tps.ybj.hunan.gov.cn/tps-local/XMHXgroupYPCZ/M00/A3/E9/rBIBUGi2RK6Ad17BAAaKPaXkCFk410.PDF",0.25,0.25,"江西汪氏药业有限公司",26,{"v":14.652,"d":"14.6520"},11.7216,null,{"v":26,"d":"26.0000"},26]
[24,"ZD01BAB0027010105370","八味痛经胶囊","国产","胶囊剂","每粒装0.31g","江西汪氏药业有限公司","每粒装0.31g×30粒/盒",30,"铝塑包装","粒","国药准字Z20100021","广西壮族自治区","ZD01BAB0027010105370",58,"每粒装0.31g",1.9333,30,"江西省","ZD01BAB0027010105370",58,"每粒装0.31g",1.9333,30,"安徽省","ZD01BAB0027010105370",58,1.9333,"https://tps.ybj.hunan.gov.cn/tps-local/XMHXgroupYPCZ/M00/A3/EB/rBIBUGi2R0iAYmKsAISSjmVvF5U029.pdf","https://tps.ybj.hunan.gov.cn/tps-local/XMHXgroupYPCZ/M00/A3/EB/rBIBUGi2R1GAISLaAHe0PiIa6n8001.pdf","https://tps.ybj.hunan.gov.cn/tps-local/XMHXgroupYPCZ/M00/A3/EB/rBIBUGi2R1mAf9ccAHs14_5L_rA410.pdf","每粒装0.31g",30,29,"https://tps.ybj.hunan.gov.cn/tps-local/XMHXgroupYPCZ/M00/A3/EB/rBIBUGi2RzKABSgiAAH9AiD-VYw877.pdf",15,15,"江西汪氏药业有限公司",58,{"$nulls":3},{"v":1.93333333333333,"d":"1.9333"},58]
[25,"ZA09HAS0501010101966","生脉饮","国产","合剂","每支装10毫升","武汉太福制药有限公司","每支装10毫升×10支/盒",10,"钠钙玻璃管制口服液体瓶包装","支","国药准字Z42021635","北京市","ZA09HAS0501010101966",89,"每支装10毫升",8.9,10,"广西壮族自治区","ZA09HAS0501010101966",89,"每支装10毫升",8.9,10,"江西省","ZA09HAS0501010101966",89,8.9,"https://tps.ybj.hunan.gov.cn/tps-local/XMHXgroupYPCZ/M00/A3/81/rBIBUGi0-lCALWsIAATan9eFMVY409.jpg","https://tps.ybj.hunan.gov.cn/tps-local/XMHXgroupYPCZ/M00/A3/81/rBIBUGi0-l6AdPcgAAa6sxj7dks842.jpg","https://tps.ybj.hunan.gov.cn/tps-local/XMHXgroupYPCZ/M00/A3/81/rBIBUGi0-o6AHYqLAAYujcg0OCg618.jpg","每支装10毫升",10,26.7,"https://tps.ybj.hunan.gov.cn/tps-local/XMHXgroupYPCZ/M00/A3/82/rBIBUGi0-2iAfWKIAAqLjGcxdNc636.jpg",3,3,"武汉太福制药有限公司",89,{"v":32.25,"d":"32.2500"},{"v":25.8,"d":"25.8000"},null,{"v":8.6,"d":"8.6000"},86]
[26,"ZA06AAB0203010105370","半夏糖浆","国产","糖浆剂","每瓶装100ml","江西汪氏药业有限公司","每瓶装100ml×1瓶/盒",1,"口服液体药用聚酯瓶","瓶","国药准字Z36020228","广西壮族自治区","ZA06AAB0203010105370",19.8,"每瓶装100ml",19.8,1,"江西省","ZA06AAB0203010105370",19.8,"每瓶装100ml",19.8,1,"安徽省","ZA06AAB0203010105370",19.8,19.8,"https://tps.ybj.hunan.gov.cn/tps-local/XMHXgroupYPCZ/M00/A3/EC/rBIBUGi2SR-AXTHdAIP-DQb0dKg413.pdf","https://tps.ybj.hunan.gov.cn/tps-local/XMHXgroupYPCZ/M00/A3/EC/rBIBUGi2SSaAb43uAHLdHawMQRQ576.pdf","https://tps.ybj.hunan.gov.cn/tps-local/XMHXgroupYPCZ/M00/A3/EC/rBIBUGi2STCAUOWzAH5n02IHhvs651.pdf","每瓶装100ml",1,11.88,"https://tps.ybj.hunan.gov.cn/tps-local/XMHXgroupYPCZ/M00/A3/EC/rBIBUGi2SVqAO5lEAAG0HfVkJs0317.pdf",0.6,0.6,"江西汪氏药业有限公司",19.8,{"v":10.8,"d":"10.8000"},{"v":8.64,"d":"8.6400"},null,{"v":14.4,"d":"14.4000"},14.4]
[27,"ZA06CAZ0187010105370","止咳枇杷颗粒","国产","颗粒剂","每袋重10克","江西汪氏药业有限公司","每袋重10克×6袋/盒",6,"铝复合膜","袋","国药准字Z36020673","广西壮族自治区","ZA06CAZ0187010105370",19.8,"每袋重10克",3.3,6,"新疆维吾尔自治区","ZA06CAZ0187010105370",19.8,"每袋重10克",3.3,6,"黑龙江省","ZA06CAZ0187010105370",19.8,3.3,"https://tps.ybj.hunan.gov.cn/tps-local/XMHXgroupYPCZ/M00/A3/EC/rBIBUGi2Si2AdZD4AHbwlwFg1b4772.pdf","https://tps.ybj.hunan.gov.cn/tps-local/XMHXgroupYPCZ/M00/A3/EC/rBIBUGi2SjOATLDIAH51zo44aBE811.pdf","https://tps.ybj.hunan.gov.cn/tps-local/XMHXgroupYPCZ/M00/A3/EC/rBIBUGi2Sj-AZfRsAJJU2MD2z0I390.pdf","每袋重10克",6,9.9,"https://tps.ybj.hunan.gov.cn/tps-local/XMHXgroupYPCZ/M00/A3/EC/rBIBUGi2Sl-AIYyIAAu5zOF864A499.pdf",3,3,"江西汪氏药业有限公司",19.8,{"v":7.5,"d":"7.5000"},{"v":6,"d":"6.0000"},null,{"v":2,"d":"2.0000"},12]
[28,"ZA06CAZ0548010105370","治咳枇杷合剂","国产","合剂","每瓶装120ml","江西汪氏药业有限公司","每瓶装120ml×1瓶/盒",1,"口服液体药用聚酯瓶","瓶","国药准字Z20027453","广西壮族自治区","ZA06CAZ0548010105370",25.8,"每瓶装120ml",25.8,1,"新疆维吾尔自治区","ZA06CAZ0548010105370",25.8,"每瓶装120ml",25.8,1,"黑龙江省","ZA06CAZ0548010105370",25.8,25.8,"https://tps.ybj.hunan.gov.cn/tps-local/XMHXgroupYPCZ/M00/A3/ED/rBIBUGi2SzaAb4woAIPu91fSl5U308.pdf","https://tps.ybj.hunan.gov.cn/tps-local/XMHXgroupYPCZ/M00/A3/ED/rBIBUGi2SzqAKREzAHhln0jo2aY820.pdf","https://tps.ybj.hunan.gov.cn/tps-local/XMHXgroupYPCZ/M00/A3/ED/rBIBUGi2S0eAF8ZoAIe4HoLcxsU343.pdf","每瓶装120ml",1,12.9,"https://tps.ybj.hunan.gov.cn/tps-local/XMHXgroupYPCZ/M00/A3/ED/rBIBUGi2S2aATPqPAAKoxA1oVR0108.pdf",0.5,0.5,"江西汪氏药业有限公司",25.8,{"v":9.9,"d":"9.9000"},{"v":7.92,"d":"7.9200"},null,{"v":15.84,"d":"15.8400"},15.84]
[29,"ZA12HAX0273010103559","消栓通络片","国产","片剂","每片相当于原药材1.8g","通化金恺威药业有限公司","每片相当于原药材1.8g×54片/盒",54,"铝塑包装","片","国药准字Z22022828","江苏省","ZA12HAX0273010103559",31.3,"每片相当于原药材1.8g",0.5796,54,"新疆维吾尔自治区","ZA12HAX0273010103559",31.3,"每片相当于原药材1.8g",0.5796,54,"广西壮族自治区","ZA12HAX0273010103559",31.3,0.5796,"https://tps.ybj.hunan.gov.cn/tps-local/XMHXgroupYPCZ/M00/A3/80/rBIBUGi0-RaAH41PAA3YShkm9S4330.pdf","https://tps.ybj.hunan.gov.cn/tps-local/XMHXgroupYPCZ/M00/A3/80/rBIBUGi0-VOAed3pAAzw_1iZmNo072.pdf","https://tps.ybj.hunan.gov.cn/tps-local/XMHXgroupYPCZ/M00/A3/80/rBIBUGi0-XCAfZ1ZAAzMcvNWrac033.pdf","每片相当于原药材1.8g",54,10.43,"https://tps.ybj.hunan.gov.cn/tps-local/XMHXgroupYPCZ/M00/A3/80/rBIBUGi0-fKAKgghABJoK-fsi4E162.pdf",18,18,"通化金恺威药业有限公司",31.3,{"v":18,"d":"18.0000"},{"v":14.4,"d":"14.4000"},null,{"v":0.57962962962963,"d":"0.5796"},31.3]
[30,"ZA05AAG0449020105147","桂附理中丸","国产","丸剂","每45丸重9g；126g/瓶","广西天天乐药业股份有限公司","每45丸重9g；126g/瓶×1瓶",1,"口服固体药用高密度聚乙烯瓶","瓶","国药准字Z45022379","黑龙江省","ZA05AAG0449020105147",59.83,"每45丸重9g；126g/瓶",59.83,1,"安徽省","ZA05AAG0449020105147",59.83,"每45丸重9g；126g/瓶",59.83,1,"江苏省","ZA05AAG0449020105147",55.72,55.72,"https://tps.ybj.hunan.gov.cn/tps-local/XMHXgroupYPCZ/M00/A4/71/rBIBUGi3ppCAEZkXAA27MbYEt4A592.pdf","https://tps.ybj.hunan.gov.cn/tps-local/XMHXgroupYPCZ/M00/A4/71/rBIBUGi3psyAPqDiAAwuweqWUzg011.pdf","https://tps.ybj.hunan.gov.cn/tps-local/XMHXgroupYPCZ/M00/A4/71/rBIBUGi3px6AfcueAA8drsHG_8o854.pdf","每45丸重9g；126g/瓶",1,7.8,"https://tps.ybj.hunan.gov.cn/tps-local/XMHXgroupYPCZ/M00/A4/72/rBIBUGi3p-mAMwBLAAdC3ZbYWD4858.pdf",0.14,0.14,"广西天天乐药业股份有限公司",55.72,{"v":7.96,"d":"7.9600"},{"v":6.368,"d":"6.3680"},null,{"v":45.4857142857143,"d":"45.4857"},45.49]
[31,"ZA01BAF0150020204721","芙朴感冒颗粒","国产","颗粒剂","每袋装4g(相当于饮片15.5g,无蔗糖)","浙江天一堂药业有限公司","每袋装4g(相当于饮片15.5g,无蔗糖)×10袋/盒",10,"复合膜袋","袋","国药准字Z20003303","广西壮族自治区","ZA01BAF0150020204721",26.3,"每袋装4g(相当于饮片15.5g,无蔗糖)",2.63,10,"新疆维吾尔自治区","ZA01BAF0150020204721",26.3,"每袋装4g(相当于饮片15.5g,无蔗糖)",2.63,10,"辽宁省","ZA01BAF0150020204721",26.3,2.63,"https://tps.ybj.hunan.gov.cn/tps-local/XMHXgroupYPCZ/M00/A4/FF/rBIBUGi5Pv2AXwjoAA14OgdDViI164.pdf","https://tps.ybj.hunan.gov.cn/tps-local/XMHXgroupYPCZ/M00/A4/FF/rBIBUGi5PyeAEeROAA2tKFeUCec135.pdf","https://tps.ybj.hunan.gov.cn/tps-local/XMHXgroupYPCZ/M00/A4/FF/rBIBUGi5P0-AHgcDAA9gBuQiFB0803.pdf","每袋装4g(相当于饮片15.5g,无蔗糖)",10,7.89,"https://tps.ybj.hunan.gov.cn/tps-local/XMHXgroupYPCZ/M00/A5/00/rBIBUGi5P7iACL8WAAre7otig8U503.jpg",2,4,"浙江天一堂药业有限公司",26.3,{"$nulls":3},{"v":2.63,"d":"2.6300"},26.3]
[32,"ZI01AAS0655010105926","石榴健胃胶囊","国产","胶囊剂","每粒装0.3克","东格尔药业有限公司","每粒装0.3克×24粒/盒",24,"药用PVC硬片/药用PTP铝箔","粒","国药准字Z20025786","黑龙江省","ZI01AAS0655010105926",48.56,"每粒装0.3克",2.0233,24,"贵州省","ZI01AAS0655010105926",48.56,"每粒装0.3克",2.0233,24,"江苏省","ZI01AAS0655010105926",48.56,2.0233,"https://tps.ybj.hunan.gov.cn/tps-local/XMHXgroupYPCZ/M00/A3/82/rBIBUGi0_KSAdWoWAAH3AVUVDcU588.pdf","https://tps.ybj.hunan.gov.cn/tps-local/XMHXgroupYPCZ/M00/A3/81/rBIBUGi0-w6AO9NoAAKLeM6KEW8318.pdf","https://tps.ybj.hunan.gov.cn/tps-local/XMHXgroupYPCZ/M00/A3/81/rBIBUGi0-ziAV7VkAANuFWkRBV0978.pdf","每粒装0.3克",24,15.18,"https://tps.ybj.hunan.gov.cn/tps-local/XMHXgroupYPCZ/M00/A3/83/rBIBUGi0_OeAWIoLAAlpx-S8f-Q697.pdf",6,9,"东格尔药业有限公司",48.56,{"$nulls":3},{"v":2.02333333333333,"d":"2.0233"},48.56]
[33,"ZI01AAE0066020105926","二十五味大汤丸","国产","丸剂(水丸)","每丸重0.5克","东格尔药业有限公司","每丸重0.5克×40丸/盒",40,"药用复合铝膜","丸","国药准字Z63020220","黑龙江省","ZI01AAE0066020105926",105.33,"每丸重0.5克",2.6333,40,"江苏省","ZI01AAE0066020105926",105.33,"每丸重0.5克",2.6333,40,"青海省","ZI01AAE0066020105926",105.33,2.6333,"https://tps.ybj.hunan.gov.cn/tps-local/XMHXgroupYPCZ/M00/A3/85/rBIBUGi1ARaAXVuaAAI8-ekC4EQ910.pdf","https://tps.ybj.hunan.gov.cn/tps-local/XMHXgroupYPCZ/M00/A3/85/rBIBUGi1AUaAOFthAAXvWKC3oAg286.pdf","https://tps.ybj.hunan.gov.cn/tps-local/XMHXgroupYPCZ/M00/A3/85/rBIBUGi1AYCAcTKoAAPw_gBOr7c133.pdf","每丸重0.5克",40,19.75,"https://tps.ybj.hunan.gov.cn/tps-local/XMHXgroupYPCZ/M00/A3/84/rBIBUGi1ANKAbhMDAAme625hT3o203.pdf",6,9,"东格尔药业有限公司",105.33,{"v":19.75,"d":"19.7500"},{"v":15.8,"d":"15.8000"},null,{"v":2.10666666666667,"d":"2.1067"},84.27]
[34,"ZZ01AAL0407010305172","罗汉果菊花颗粒","国产","颗粒剂","每袋装10克","广西玉林制药集团有限责任公司","每袋装10克×9袋/盒",9,"聚酯/铝/聚乙烯药品包装用复合膜袋包装","袋","国药准字B20020829","吉林省","ZZ01AAL0407010305172",35.08,"每袋装10克",3.8978,9,"广西壮族自治区","ZZ01AAL0407010305172",35.08,"每袋装10克",3.8978,9,"广东省","ZZ01AAL0407010305172",35.08,3.8978,"https://tps.ybj.hunan.gov.cn/tps-local/XMHXgroupYPCZ/M00/A3/82/rBIBUGi0-_iAVvIbAAjbcfIzdu8324.pdf","https://tps.ybj.hunan.gov.cn/tps-local/XMHXgroupYPCZ/M00/A3/82/rBIBUGi0-_-AGGLeAAedczOxgco273.pdf","https://tps.ybj.hunan.gov.cn/tps-local/XMHXgroupYPCZ/M00/A3/82/rBIBUGi0_AWAKnKZAAh7GLVxEuw828.pdf","每袋装10克",9,17.54,"https://tps.ybj.hunan.gov.cn/tps-local/XMHXgroupYPCZ/M00/A3/83/rBIBUGi0_PaAMe7DAAVwq7pJvAw694.pdf",3,6,"广西玉林制药集团有限责任公司",35.08,{"$nulls":3},{"v":3.89777777777778,"d":"3.8978"},35.08]
[35,"ZA04BAB0190020103891","板蓝根口服液","国产","合剂","每支装10ml","内蒙古大唐药业股份有限公司","每支装10ml×6支/盒",6,"钠钙玻璃管制口服液体瓶","支","国药准字Z10930016","江西省","ZA04BAB0190020103891",38,"每支装10ml",6.3333,6,"广西壮族自治区","ZA04BAB0190020103891",38,"每支装10ml",6.3333,6,"贵州省","ZA04BAB0190020103891",38,6.3333,"https://tps.ybj.hunan.gov.cn/tps-local/XMHXgroupYPCZ/M00/A3/81/rBIBUGi0-x2AFruRAA_MvkQ7FWA471.pdf","https://tps.ybj.hunan.gov.cn/tps-local/XMHXgroupYPCZ/M00/A3/81/rBIBUGi0-wGAOK4KABFCNgkZcAQ099.pdf","https://tps.ybj.hunan.gov.cn/tps-local/XMHXgroupYPCZ/M00/A3/81/rBIBUGi0-weALEofABErUGQpGuE917.pdf","每支装10ml",6,15.83,"https://tps.ybj.hunan.gov.cn/tps-local/XMHXgroupYPCZ/M00/A3/82/rBIBUGi0-4GAPgzdAAa_VL-8wN8955.pdf",1,4,"内蒙古大唐药业股份有限公司",38,{"v":24.935,"d":"24.9350"},{"v":19.948,"d":"19.9480"},null,{"v":6.33333333333333,"d":"6.3333"},38]
[36,"ZA06CAS0325010105374","蛇胆川贝液","国产","合剂","10ml","江西心正药业有限责任公司","10ml×6支/盒",6,"玻璃瓶","支","国药准字Z36021422","吉林省","ZA06CAS0325010105374",48,"10ml",8,6,"内蒙古自治区","ZA06CAS0325010105374",48,"10ml",8,6,"安徽省","ZA06CAS0325010105374",48,8,"https://tps.ybj.hunan.gov.cn/tps-local/XMHXgroupYPCZ/M00/A3/82/rBIBUGi0_AGAb9dfAARPKzKV14Y051.pdf","https://tps.ybj.hunan.gov.cn/tps-local/XMHXgroupYPCZ/M00/A3/82/rBIBUGi0_C2ATE8jAAR3KM_KK2o092.pdf","https://tps.ybj.hunan.gov.cn/tps-local/XMHXgroupYPCZ/M00/A3/82/rBIBUGi0_GmAIVoFAAQUa7dy_m4463.pdf","10ml",6,16,"https://tps.ybj.hunan.gov.cn/tps-local/XMHXgroupYPCZ/M00/A3/82/rBIBUGi0_KmAJn26AAteLY8aEyg820.pdf",2,2,"江西心正药业有限责任公司",48,{"v":22.2,"d":"22.2000"},{"v":17.76,"d":"17.7600"},null,{"v":8,"d":"8.0000"},48]
[37,"ZA12HAD0075020203767","丹灯通脑片","国产","薄膜衣片","每片重0.53g(相当于饮片2.5g)","黑龙江省济仁药业有限公司","每片重0.53g(相当于饮片2.5g)×24片/盒",24,"铝塑包装","片","国药准字Z20090394","安徽省","ZA12HAD0075020203767",20.56,"每片重0.53g(相当于饮片2.5g)",0.8567,24,"河北省","ZA12HAD0075020203767",20.56,"每片重0.53g(相当于饮片2.5g)",0.8567,24,"山东省","ZA12HAD0075020203767",20.56,0.8567,"https://tps.ybj.hunan.gov.cn/tps-local/XMHXgroupYPCZ/M00/A3/82/rBIBUGi0-36AAzleAAI2n5EiKwA424.pdf","https://tps.ybj.hunan.gov.cn/tps-local/XMHXgroupYPCZ/M00/A3/82/rBIBUGi0-7eAZh4AAAIcL9uTMtU237.pdf","https://tps.ybj.hunan.gov.cn/tps-local/XMHXgroupYPCZ/M00/A3/82/rBIBUGi0--GAbyinAAMA9s7pmFo964.pdf","每片重0.53g(相当于饮片2.5g)",24,10.28,"https://tps.ybj.hunan.gov.cn/tps-local/XMHXgroupYPCZ/M00/A3/82/rBIBUGi0_B2AKQ-HAAcHCLvboCI443.pdf",12,12,"黑龙江省济仁药业有限公司",20.56,{"v":10.28,"d":"10.2800"},{"v":8.224,"d":"8.2240"},null,{"v":0.685333333333333,"d":"0.6853"},16.45]
[38,"ZD01BAY0318010305142","益母草颗粒","国产","颗粒剂","15g","广西圣特药业有限公司","15g×10袋/盒",10,"双向拉伸聚丙烯/真空镀铝流延聚丙烯药用复合膜","袋","国药准字Z45020484","广西壮族自治区","ZD01BAY0318010305142",3.2,"15g",0.32,10,"江西省","ZD01BAY0318010305142",3.2,"15g",0.32,10,"广东省","ZD01BAY0318010305142",3.2,0.32,"https://tps.ybj.hunan.gov.cn/tps-local/XMHXgroupYPCZ/M00/A3/86/rBIBUGi1AyqAFaPoAAGCGWZ3oAU973.pdf","https://tps.ybj.hunan.gov.cn/tps-local/XMHXgroupYPCZ/M00/A3/86/rBIBUGi1AzWAGVEmAAEn4AF17ek031.pdf","https://tps.ybj.hunan.gov.cn/tps-local/XMHXgroupYPCZ/M00/A3/86/rBIBUGi1AzmAV7kmAAOUEoAIgXQ391.pdf","15g",10,0.64,"https://tps.ybj.hunan.gov.cn/tps-local/XMHXgroupYPCZ/M00/A3/86/rBIBUGi1A02ABbwPAAJL9uVfklU181.pdf",2,2,"广西圣特药业有限公司",3.2,{"v":9.96,"d":"9.9600"},{"v":7.968,"d":"7.9680"},null,{"v":0.32,"d":"0.3200"},3.2]
[39,"ZA06CAZ0179010705844","止咳橘红颗粒","国产","颗粒剂","每袋装3g(无蔗糖)","康芝药业股份有限公司","每袋装3g(无蔗糖)×24袋/盒",24,"铝塑膜袋","袋","国药准字Z10980105","广西壮族自治区","ZA06CAZ0179010705844",37.32,"每袋装3g(无蔗糖)",1.555,24,"湖北省","ZA06CAZ0179010705844",37.32,"每袋装3g(无蔗糖)",1.555,24,"江苏省","ZA06CAZ0179010705844",37.32,1.555,"https://tps.ybj.hunan.gov.cn/tps-local/XMHXgroupYPCZ/M00/A3/85/rBIBUGi1AfKAcglVAALQWJGpq2Y247.pdf","https://tps.ybj.hunan.gov.cn/tps-local/XMHXgroupYPCZ/M00/A3/86/rBIBUGi1AviAEp2yAAJ1-E_qXLs161.pdf","https://tps.ybj.hunan.gov.cn/tps-local/XMHXgroupYPCZ/M00/A3/87/rBIBUGi1A_CANHehAANl-P4z2eY479.pdf","每袋装3g(无蔗糖)",24,3.89,"https://tps.ybj.hunan.gov.cn/tps-local/XMHXgroupYPCZ/M00/A3/87/rBIBUGi1BM-AX70eADBK4GT4IHM874.pdf",2,3,"康芝药业股份有限公司",37.32,3.8875,{"v":3.11,"d":"3.1100"},null,{"v":1.244,"d":"1.2440"},29.86]
[40,"ZI03AAM0095020105964","玫瑰花口服液","国产","合剂","每支装10ml","喀什昆仑维吾尔药业有限公司","每支装10ml×9支/盒",9,"钠钙玻璃管制口服液体瓶","支","国药准字Z65020019","安徽省","ZI03AAM0095020105964",115.2,"每支装10ml",12.8,9,"甘肃省","ZI03AAM0095020105964",115.2,"每支装10ml",12.8,9,"广西壮族自治区","ZI03AAM0095020105964",115.2,12.8,"https://tps.ybj.hunan.gov.cn/tps-local/XMHXgroupYPCZ/M00/A3/85/rBIBUGi1AliAN2jeAAf5lgeZshk509.pdf","https://tps.ybj.hunan.gov.cn/tps-local/XMHXgroupYPCZ/M00/A3/85/rBIBUGi1Al2AKF7KAASYVQynCbo638.pdf","https://tps.ybj.hunan.gov.cn/tps-local/XMHXgroupYPCZ/M00/A3/85/rBIBUGi1AmOAfWwRAARYoPk0_gQ776.pdf","每支装10ml",9,38.4,"https://tps.ybj.hunan.gov.cn/tps-local/XMHXgroupYPCZ/M00/A3/86/rBIBUGi1Aq6AKGaQAA7PBUIrLG4903.pdf",3,3,"喀什昆仑维吾尔药业有限公司",115.2,{"$nulls":3},{"v":12.8,"d":"12.8000"},115.2]
[41,"ZA15GAX0565010101156","小活络丸","国产","大蜜丸","每丸重3g","丹东药业集团有限公司","每丸重3g×10丸/盒",10,"铝塑泡罩","丸","国药准字Z21020428","辽宁省","ZA15GAX0565010101156",49,"每丸重3g",4.9,10,"湖北省","ZA15GAX0565010101156",49,"每丸重3g",4.9,10,"内蒙古自治区","ZA15GAX0565010101156",49,4.9,"https://tps.ybj.hunan.gov.cn/tps-local/XMHXgroupYPCZ/M00/A3/89/rBIBUGi1B6eAfr9JAAVarZNUwdI261.pdf","https://tps.ybj.hunan.gov.cn/tps-local/XMHXgroupYPCZ/M00/A3/8A/rBIBUGi1B-WAGxEMAAUK1K92ArE187.pdf","https://tps.ybj.hunan.gov.cn/tps-local/XMHXgroupYPCZ/M00/A3/8A/rBIBUGi1CPiAe2oaAAUf_ZYb_UI901.pdf","每丸重3g",10,9.8,"https://tps.ybj.hunan.gov.cn/tps-local/XMHXgroupYPCZ/M00/A3/8B/rBIBUGi1CUmAVzrYABYgAhZWICs847.pdf",2,2,"丹东药业集团有限公司",49,{"v":25.3333333333333,"d":"25.3333"},{"v":20.2666666666667,"d":"20.2667"},null,{"v":4.9,"d":"4.9000"},49]
[42,"ZA07AAA0061020101156","安宫牛黄丸","国产","大蜜丸","每丸重3g(体外培育牛黄、人工麝香)","丹东药业集团有限公司","每丸重3g(体外培育牛黄、人工麝香)×1丸/盒",1,"蜡球包装","丸","国药准字Z21021782","辽宁省","ZA07AAA0061020101156",358,"每丸重3g(体外培育牛黄、人工麝香)",358,1,"江苏省","ZA07AAA0061020101156",358,"每丸重3g(体外培育牛黄、人工麝香)",358,1,"湖北省","ZA07AAA0061020101156",358,358,"https://tps.ybj.hunan.gov.cn/tps-local/XMHXgroupYPCZ/M00/A3/84/rBIBUGi1AFaAMUqYAAVRqOaCJ9g835.pdf","https://tps.ybj.hunan.gov.cn/tps-local/XMHXgroupYPCZ/M00/A3/84/rBIBUGi1AMuAJFkPAAXqPAxa0Sk391.pdf","https://tps.ybj.hunan.gov.cn/tps-local/XMHXgroupYPCZ/M00/A3/85/rBIBUGi1AhuAaffeAAT56Bb-qrM735.pdf","每丸重3g(体外培育牛黄、人工麝香)",1,358,"https://tps.ybj.hunan.gov.cn/tps-local/XMHXgroupYPCZ/M00/A3/85/rBIBUGi1AkuALxODAAdVkkuKo1M695.jpg",1,1,"丹东药业集团有限公司",358,{"v":598,"d":"598.0000"},{"v":478.4,"d":"478.4000"},null,{"v":358,"d":"358.0000"},358]
[43,"ZA06CAC0418120101948","川贝枇杷糖浆","国产","糖浆剂","每瓶装125ml","武汉贝参药业股份有限公司","每瓶装125ml×1瓶/盒",1,"口服液体药用聚酯瓶","瓶","国药准字Z42020527","内蒙古自治区","ZA06CAC0418120101948",58.9,"每瓶装125ml",58.9,1,"辽宁省","ZA06CAC0418120101948",58.9,"每瓶装125ml",58.9,1,"宁夏回族自治区","ZA06CAC0418120101948",58.9,58.9,"https://tps.ybj.hunan.gov.cn/tps-local/XMHXgroupYPCZ/M00/A3/97/rBIBUGi1LmCACbukABVZcOXUVr4464.pdf","https://tps.ybj.hunan.gov.cn/tps-local/XMHXgroupYPCZ/M00/A3/97/rBIBUGi1LmeAPPkAABYr7Fi1ev8192.pdf","https://tps.ybj.hunan.gov.cn/tps-local/XMHXgroupYPCZ/M00/A3/97/rBIBUGi1Lm2AYddUAAwwEGs7DlY457.pdf","每瓶装125ml",1,17.67,"https://tps.ybj.hunan.gov.cn/tps-local/XMHXgroupYPCZ/M00/A3/97/rBIBUGi1LqKAJ7p-AA6xaCFTnOw995.jpg",0.3,0.3,"武汉贝参药业股份有限公司",58.9,{"v":14.18,"d":"14.1800"},{"v":11.344,"d":"11.3440"},null,{"v":37.8133333333333,"d":"37.8133"},37.81]
[44,"ZA06CAC0418230101948","川贝枇杷糖浆","国产","糖浆剂","每瓶装155ml","武汉贝参药业股份有限公司","每瓶装155ml×1瓶/盒",1,"口服液体药用聚酯瓶","瓶","国药准字Z42020527","安徽省","ZA06CAC0418230101948",71.88,"每瓶装155ml",71.88,1,"黑龙江省","ZA06CAC0418230101948",71.88,"每瓶装155ml",71.88,1,"吉林省","ZA06CAC0418230101948",71.88,71.88,"https://tps.ybj.hunan.gov.cn/tps-local/XMHXgroupYPCZ/M00/A3/99/rBIBUGi1M3CAQaj2ACj6r-3zdqk265.pdf","https://tps.ybj.hunan.gov.cn/tps-local/XMHXgroupYPCZ/M00/A3/99/rBIBUGi1M3SALoqJABeByyR87tE289.pdf","https://tps.ybj.hunan.gov.cn/tps-local/XMHXgroupYPCZ/M00/A3/99/rBIBUGi1M3eADCfMACO6yz5rDfY434.pdf","每瓶装155ml",1,21.56,"https://tps.ybj.hunan.gov.cn/tps-local/XMHXgroupYPCZ/M00/A3/99/rBIBUGi1MzqAN8XFAB0VcOguYX0120.jpg",0.3,0.3,"武汉贝参药业股份有限公司",71.88,{"v":14.18,"d":"14.1800"},{"v":11.344,"d":"11.3440"},null,{"v":37.8133333333333,"d":"37.8133"},37.81]
[45,"ZI03AAF0568010105964","复方驱虫斑鸠菊丸","国产","丸剂","每丸重0.3g","喀什昆仑维吾尔药业有限公司","每丸重0.3g×200丸/盒",200,"口服固体药用塑料瓶装","丸","国药准字Z65020018","北京市","ZI03AAF0568010105964",130,"每丸重0.3g",0.65,200,"重庆市","ZI03AAF0568010105964",130,"每丸重0.3g",0.65,200,"甘肃省","ZI03AAF0568010105964",130,0.65,"https://tps.ybj.hunan.gov.cn/tps-local/XMHXgroupYPCZ/M00/A3/87/rBIBUGi1BGKAbiBvAAXHsQSxsEs115.pdf","https://tps.ybj.hunan.gov.cn/tps-local/XMHXgroupYPCZ/M00/A3/87/rBIBUGi1BGyAe0C7AAX5TUWzIWc672.pdf","https://tps.ybj.hunan.gov.cn/tps-local/XMHXgroupYPCZ/M00/A3/87/rBIBUGi1BHGALf_nAASejhT8s68305.pdf","每丸重0.3g",200,3.25,"https://tps.ybj.hunan.gov.cn/tps-local/XMHXgroupYPCZ/M00/A3/87/rBIBUGi1BCKASOuiADT318f9l2g235.pdf",4,6,"喀什昆仑维吾尔药业有限公司",130,{"$nulls":3},{"v":0.65,"d":"0.6500"},130]
[46,"ZI03AAX0191010105964","消白软膏","国产","软膏剂","40g","喀什昆仑维吾尔药业有限公司","40g×1瓶",1,"口服固体药用高密度聚乙烯瓶装","瓶","国药准字Z20026383","新疆维吾尔自治区","ZI03AAX0191010105964",88.67,"40g",88.67,1,"安徽省","ZI03AAX0191010105964",88.67,"40g",88.67,1,"河北省","ZI03AAX0191010105964",88.67,88.67,"https://tps.ybj.hunan.gov.cn/tps-local/XMHXgroupYPCZ/M00/A3/F1/rBIBUGi2TyWAZx1ZAASefk-XSi8602.pdf","https://tps.ybj.hunan.gov.cn/tps-local/XMHXgroupYPCZ/M00/A3/F1/rBIBUGi2Ty2AOEmrAAUKOu9c3vI633.pdf","https://tps.ybj.hunan.gov.cn/tps-local/XMHXgroupYPCZ/M00/A3/F1/rBIBUGi2TzKAPpAVAAVWqNSHUbE841.pdf","40g",1,29.26,"https://tps.ybj.hunan.gov.cn/tps-local/XMHXgroupYPCZ/M00/A3/F1/rBIBUGi2T0-AbFSsAAx2WgOs6Tc456.pdf",0.33,0.33,"喀什昆仑维吾尔药业有限公司",88.67,{"$nulls":3},{"v":88.67,"d":"88.6700"},88.67]
[47,"ZA06CAC0415020200401","川贝枇杷颗粒","国产","颗粒剂","每袋装3g","广州康和药业有限公司","每袋装3g×6袋/盒",6,"铝塑复合膜袋","袋","国药准字Z20025461","广西壮族自治区","ZA06CAC0415020200401",83.7,"每袋装3g",13.95,6,"江西省","ZA06CAC0415020200401",83.7,"每袋装3g",13.95,6,"贵州省","ZA06CAC0415020200401",83.7,13.95,"https://tps.ybj.hunan.gov.cn/tps-local/XMHXgroupYPCZ/M00/A3/85/rBIBUGi1AT2AQ8sgABUtfd3JroY988.jpg","https://tps.ybj.hunan.gov.cn/tps-local/XMHXgroupYPCZ/M00/A3/85/rBIBUGi1ATSAWJ0_ABL7pwqz1cc571.jpg","https://tps.ybj.hunan.gov.cn/tps-local/XMHXgroupYPCZ/M00/A3/85/rBIBUGi1ASuANV8VABMhe_GGFYI502.jpg","每袋装3g",6,41.85,"https://tps.ybj.hunan.gov.cn/tps-local/XMHXgroupYPCZ/M00/A3/85/rBIBUGi1AVOAXR8XAAilEUCRO6s277.jpg",3,3,"广州康和药业有限公司",83.7,{"v":14.18,"d":"14.1800"},{"v":22.688,"d":"22.6880"},null,{"v":7.56266666666667,"d":"7.5627"},45.38]
[48,"ZV01AAO0002030179478","欧龙马口服滴剂","进口","口服溶液剂","每瓶装100ml","BIONORICA SE","每瓶装100ml×1瓶/盒",1,"玻璃瓶包装","瓶","国药准字ZJ20160013","新疆维吾尔自治区","ZV01AAO0002030179478",87.21,"每瓶装100ml",87.21,1,"山东省","ZV01AAO0002030179478",87.21,"每瓶装100ml",87.21,1,"海南省","ZV01AAO0002030179478",87.21,87.21,"https://tps.ybj.hunan.gov.cn/tps-local/XMHXgroupYPCZ/M00/A5/93/rBIBUGi-RFiAUlx5AA-50H46-fg049.pdf","https://tps.ybj.hunan.gov.cn/tps-local/XMHXgroupYPCZ/M00/A5/94/rBIBUGi-RNyAc6mnAA-HtjfVjfs014.pdf","https://tps.ybj.hunan.gov.cn/tps-local/XMHXgroupYPCZ/M00/A5/94/rBIBUGi-ROSAHna9ABAaXntIGgc600.pdf","每瓶装100ml",1,12.21,"https://tps.ybj.hunan.gov.cn/tps-local/XMHXgroupYPCZ/M00/A5/96/rBIBUGi-SeiAI94UACijhUutnxc685.pdf",0.09,0.19,"科园信海（北京）医疗用品贸易有限公司",87.21,{"v":12.852,"d":"12.8520"},10.2816,null,{"v":73.44,"d":"73.4400"},73.44]
[49,"ZA12FAY0331010103803","益脑宁片","国产","薄膜衣片","0.37g","哈尔滨市龙生北药生物工程股份有限公司","0.37g×60片/盒",60,"铝塑","片","国药准字Z20083093","河北省","ZA12FAY0331010103803",56,"0.37g",0.9333,60,"黑龙江省","ZA12FAY0331010103803",56,"0.37g",0.9333,60,"广西壮族自治区","ZA12FAY0331010103803",56,0.9333,"https://tps.ybj.hunan.gov.cn/tps-local/XMHXgroupYPCZ/M00/A3/93/rBIBUGi1G6GAXEVSAAQAtJAZK40504.pdf","https://tps.ybj.hunan.gov.cn/tps-local/XMHXgroupYPCZ/M00/A3/93/rBIBUGi1G6aAPJrDAAawrOEfXZ4931.pdf","https://tps.ybj.hunan.gov.cn/tps-local/XMHXgroupYPCZ/M00/A3/93/rBIBUGi1G6qARqJSAAbRHK9dC0g249.pdf","0.37g",60,12.6,"https://tps.ybj.hunan.gov.cn/tps-local/XMHXgroupYPCZ/M00/A3/93/rBIBUGi1G8mAGJYCAARLi5xG2Fk415.pdf",12,15,"黑龙江易佰药业有限公司",56,{"$nulls":3},{"v":0.933333333333333,"d":"0.9333"},56]
[50,"ZA04BAD0330020203223","冬凌草糖浆","国产","糖浆剂","每支装10ml","新乡市新辉药业有限公司","每支装10ml×8支/盒",8,"玻璃管制口服液体瓶","支","国药准字Z41020928","江苏省","ZA04BAD0330020203223",21.44,"每支装10ml",2.68,8,"黑龙江省","ZA04BAD0330020203223",21.44,"每支装10ml",2.68,8,"广东省","ZA04BAD0330020203223",21.44,2.68,"https://tps.ybj.hunan.gov.cn/tps-local/XMHXgroupYPCZ/M00/A5/75/rBIBUGi7jkCAdksXAAew0FYo2xE924.JPG","https://tps.ybj.hunan.gov.cn/tps-local/XMHXgroupYPCZ/M00/A5/75/rBIBUGi7jnGALIWtAAQA4nuyajw061.jpg","https://tps.ybj.hunan.gov.cn/tps-local/XMHXgroupYPCZ/M00/A5/75/rBIBUGi7jpqAR0HlAAhXG-FIn7A015.JPG","每支装10ml",8,8.04,"https://tps.ybj.hunan.gov.cn/tps-local/XMHXgroupYPCZ/M00/A5/75/rBIBUGi7jtiAUghxAAXfaykeJuI558.jpg",2,4,"新乡市新辉药业有限公司",21.44,{"v":39.5,"d":"39.5000"},{"v":31.6,"d":"31.6000"},null,{"v":2.68,"d":"2.6800"},21.44]
[51,"ZI01AAD0051020105932","大月晶丸","国产","水丸","每丸重0.3g(体外培育牛黄,人工麝香)","青海帝玛尔藏药药业有限公司","每丸重0.3g(体外培育牛黄,人工麝香)×60丸/盒",60,"药用铝箔,聚氯乙烯药用(PVC)硬片,硬铝。","丸","国药准字Z63020165","贵州省","ZI01AAD0051020105932",388,"每丸重0.3g(体外培育牛黄,人工麝香)",6.4667,60,"江苏省","ZI01AAD0051020105932",388,"每丸重0.3g(体外培育牛黄,人工麝香)",6.4667,60,"青海省","ZI01AAD0051020105932",388,6.4667,"https://tps.ybj.hunan.gov.cn/tps-local/XMHXgroupYPCZ/M00/A3/86/rBIBUGi1AsWAJXNtAALKQ8CMMPM762.jpg","https://tps.ybj.hunan.gov.cn/tps-local/XMHXgroupYPCZ/M00/A3/86/rBIBUGi1Aw6ASepzAAKvHcG_Vzg750.jpg","https://tps.ybj.hunan.gov.cn/tps-local/XMHXgroupYPCZ/M00/A3/86/rBIBUGi1AyuANIQkACNaBLldIjc014.pdf","每丸重0.3g(体外培育牛黄,人工麝香)",60,258.67,"https://tps.ybj.hunan.gov.cn/tps-local/XMHXgroupYPCZ/M00/A3/86/rBIBUGi1A0GAQbxiAA2d-aP0H_c159.pdf",30,50,"青海帝玛尔藏药药业有限公司",388,{"$nulls":3},{"v":6.46666666666667,"d":"6.4667"},388]
[52,"ZI01AAD0051030105932","大月晶丸","国产","丸剂(水丸)","每丸重0.3g(体外培育牛黄,人工麝香)","青海帝玛尔藏药药业有限公司","每丸重0.3g(体外培育牛黄,人工麝香)×30丸/盒",30,"本品包装药用铝箔,聚氯乙烯药用(PVC)硬片,硬铝。","丸","国药准字Z63020165","贵州省","ZI01AAD0051030105932",194,"每丸重0.3g(体外培育牛黄,人工麝香)",6.4667,30,"江苏省","ZI01AAD0051030105932",194,"每丸重0.3g(体外培育牛黄,人工麝香)",6.4667,30,"青海省","ZI01AAD0051030105932",194,6.4667,"https://tps.ybj.hunan.gov.cn/tps-local/XMHXgroupYPCZ/M00/A3/87/rBIBUGi1A8-AQo-uAALKQ8CMMPM333.jpg","https://tps.ybj.hunan.gov.cn/tps-local/XMHXgroupYPCZ/M00/A3/87/rBIBUGi1A-eACVb_AAKvHcG_Vzg137.jpg","https://tps.ybj.hunan.gov.cn/tps-local/XMHXgroupYPCZ/M00/A3/87/rBIBUGi1BACABIU2ACNUFlWB9kc283.pdf","每丸重0.3g(体外培育牛黄,人工麝香)",30,258.67,"https://tps.ybj.hunan.gov.cn/tps-local/XMHXgroupYPCZ/M00/A3/86/rBIBUGi1A4WAHmyNAA2d-aP0H_c723.pdf",30,50,"青海帝玛尔藏药药业有限公司",194,{"$nulls":3},{"v":6.46666666666667,"d":"6.4667"},194]
[53,"ZA06AAT0244020205291","通宣理肺颗粒","国产","颗粒剂","每袋装3克","江西海尔思药业股份有限公司","每袋装3克×6袋/盒",6,"聚酯/镀铝聚酯/聚乙烯药用复合膜","袋","国药准字Z20026273","黑龙江省","ZA06AAT0244020205291",29.4,"每袋装3克",4.9,6,"江西省","ZA06AAT0244020205291",29.4,"每袋装3克",4.9,6,"广西壮族自治区","ZA06AAT0244020205291",29.4,4.9,"https://tps.ybj.hunan.gov.cn/tps-local/XMHXgroupYPCZ/M00/A3/86/rBIBUGi1A1WAUh1pAAFOJf6Vee4722.jpg","https://tps.ybj.hunan.gov.cn/tps-local/XMHXgroupYPCZ/M00/A3/86/rBIBUGi1A1qAF313AAFyEMVyOvY976.jpg","https://tps.ybj.hunan.gov.cn/tps-local/XMHXgroupYPCZ/M00/A3/86/rBIBUGi1A3WAKmSWABN2STy4FWc890.pdf","每袋装3克",6,9.8,"https://tps.ybj.hunan.gov.cn/tps-local/XMHXgroupYPCZ/M00/A3/86/rBIBUGi1AyOAd1ySABvI_fntsa8710.pdf",2,2,"江西海尔思药业股份有限公司",29.4,{"v":4.32,"d":"4.3200"},{"v":3.456,"d":"3.4560"},null,{"v":1.728,"d":"1.7280"},10.37]
[54,"ZA04BAF0298020105098","复方板蓝根颗粒","国产","颗粒剂","每袋装15g(相当原生药15g)","广西华天宝制药有限公司,广西南珠制药有限公司","每袋装15g(相当原生药15g)×20袋/包",20,"复合铝塑膜袋","袋","国药准字Z45022227","广西壮族自治区","ZA04BAF0298020105098",28,"每袋装15g(相当原生药15g)",1.4,20,"贵州省","ZA04BAF0298020105098",28,"每袋装15g(相当原生药15g)",1.4,20,"黑龙江省","ZA04BAF0298020105098",28,1.4,"https://tps.ybj.hunan.gov.cn/tps-local/XMHXgroupYPCZ/M00/A3/89/rBIBUGi1BuWAdg_KAAWPhHqB8vA758.pdf","https://tps.ybj.hunan.gov.cn/tps-local/XMHXgroupYPCZ/M00/A3/89/rBIBUGi1BvSAabn2AAQO2t2j08s402.pdf","https://tps.ybj.hunan.gov.cn/tps-local/XMHXgroupYPCZ/M00/A3/89/rBIBUGi1BwSAMZ-SAAO9JAr9mtA408.pdf","每袋装15g(相当原生药15g)",20,6.3,"https://tps.ybj.hunan.gov.cn/tps-local/XMHXgroupYPCZ/M00/A3/89/rBIBUGi1B9WAeDfCAAz5y-ezz0k831.pdf",3,6,"广西华天宝药业有限公司",28,{"v":8.99571428571429,"d":"8.9957"},{"v":7.19657142857143,"d":"7.1966"},null,{"v":1.4,"d":"1.4000"},28]
[55,"ZA06CAC0418030101948","川贝枇杷糖浆","国产","糖浆剂","每瓶装160ml","武汉贝参药业股份有限公司","每瓶装160ml×1瓶/盒",1,"口服液体药用聚酯瓶","瓶","国药准字Z42020527","安徽省","ZA06CAC0418030101948",74.03,"每瓶装160ml",74.03,1,"新疆生产建设兵团","ZA06CAC0418030101948",74.03,"每瓶装160ml",74.03,1,"贵州省","ZA06CAC0418030101948",74.03,74.03,"https://tps.ybj.hunan.gov.cn/tps-local/XMHXgroupYPCZ/M00/A3/99/rBIBUGi1M7eABHB1ABDs-AQ1KL8171.pdf","https://tps.ybj.hunan.gov.cn/tps-local/XMHXgroupYPCZ/M00/A3/99/rBIBUGi1M7mANW44AAbWzPt9ryo837.pdf","https://tps.ybj.hunan.gov.cn/tps-local/XMHXgroupYPCZ/M00/A3/99/rBIBUGi1M76AaLWHABMcDVP0_Hk353.pdf","每瓶装160ml",1,22.21,"https://tps.ybj.hunan.gov.cn/tps-local/XMHXgroupYPCZ/M00/A3/99/rBIBUGi1M-aAF2fAAA8wdnupQXM759.jpg",0.3,0.3,"武汉贝参药业股份有限公司",74.03,{"v":14.18,"d":"14.1800"},{"v":11.344,"d":"11.3440"},null,{"v":37.8133333333333,"d":"37.8133"},37.81]
[56,"ZA06BBQ0240040102374","强力枇杷露","国产","糖浆剂","每瓶装150ml(每1ml相当于饮片0.155g,含薄荷脑0.15mg)","陕西汉王药业股份有限公司","每瓶装150ml(每1ml相当于饮片0.155g,含薄荷脑0.15mg)×1瓶/盒",1,"口服液体药用聚酯瓶","瓶","国药准字Z61020140","广西壮族自治区","ZA06BBQ0240040102374",21.6,"每瓶装150ml(每1ml相当于饮片0.155g,含薄荷脑0.15mg)",21.6,1,"贵州省","ZA06BBQ0240040102374",21.6,"每瓶装150ml(每1ml相当于饮片0.155g,含薄荷脑0.15mg)",21.6,1,"江西省","ZA06BBQ0240040102374",21.6,21.6,"https://tps.ybj.hunan.gov.cn/tps-local/XMHXgroupYPCZ/M00/A3/89/rBIBUGi1BzOAS_mSAAMaxdq3BRA649.pdf","https://tps.ybj.hunan.gov.cn/tps-local/XMHXgroupYPCZ/M00/A3/89/rBIBUGi1BzmAA-e5AAZdk2ViD7E375.pdf","https://tps.ybj.hunan.gov.cn/tps-local/XMHXgroupYPCZ/M00/A3/89/rBIBUGi1Bz2AbS43AAXOQaJ3Dt8291.pdf","每瓶装150ml(每1ml相当于饮片0.155g,含薄荷脑0.15mg)",1,6.48,"https://tps.ybj.hunan.gov.cn/tps-local/XMHXgroupYPCZ/M00/A3/89/rBIBUGi1B1iAOZOrAAjiXs0lGlA249.jpg",0.3,0.3,"陕西汉王药业股份有限公司",21.6,{"v":12.564,"d":"12.5640"},10.0512,null,{"v":21.6,"d":"21.6000"},21.6]
[57,"ZA16CAH0185010205400","虎力散片","国产","薄膜衣片","每片重0.48g","南昌弘益药业有限公司","每片重0.48g×12片/盒",12,"铝塑板包装","片","国药准字Z20090452","江西省","ZA16CAH0185010205400",20.1,"每片重0.48g",1.675,12,"云南省","ZA16CAH0185010205400",20.1,"每片重0.48g",1.675,12,"河北省","ZA16CAH0185010205400",20.1,1.675,"https://tps.ybj.hunan.gov.cn/tps-local/XMHXgroupYPCZ/M00/A3/AE/rBIBUGi1UmeAOdrcAAK9TPwvlq4265.pdf","https://tps.ybj.hunan.gov.cn/tps-local/XMHXgroupYPCZ/M00/A3/AF/rBIBUGi1UqKAYgenAAPTi4fPPZ0195.pdf","https://tps.ybj.hunan.gov.cn/tps-local/XMHXgroupYPCZ/M00/A3/AF/rBIBUGi1UtuAM1XEAAR6KrbVMO8444.pdf","每片重0.48g",12,2.51,"https://tps.ybj.hunan.gov.cn/tps-local/XMHXgroupYPCZ/M00/A3/AF/rBIBUGi1UwWAU--fAAjC22imtnc878.pdf",1,2,"南昌弘益药业有限公司",20.1,{"v":4.15,"d":"4.1500"},{"v":3.32,"d":"3.3200"},null,{"v":1.675,"d":"1.6750"},20.1]
[58,"ZA09GAS0502020201819","生脉饮(党参方)","国产","合剂","每支10ml","湖北济安堂药业股份有限公司","每支10ml×11支/盒",11,"钠钙玻璃管制口服液体瓶","支","国药准字Z20053079","黑龙江省","ZA09GAS0502020201819",11,"每支10ml",1,11,"江西省","ZA09GAS0502020201819",11,"每支10ml",1,11,"贵州省","ZA09GAS0502020201819",11,1,"https://tps.ybj.hunan.gov.cn/tps-local/XMHXgroupYPCZ/M00/A3/8B/rBIBUGi1C2uAJIn3AAOIoqnfeUg100.pdf","https://tps.ybj.hunan.gov.cn/tps-local/XMHXgroupYPCZ/M00/A3/8C/rBIBUGi1C32AdkpdAAS12AI-NM4506.pdf","https://tps.ybj.hunan.gov.cn/tps-local/XMHXgroupYPCZ/M00/A3/8C/rBIBUGi1C4KADzORAAWKahQO-cI096.pdf","每支10ml",11,3,"https://tps.ybj.hunan.gov.cn/tps-local/XMHXgroupYPCZ/M00/A3/8B/rBIBUGi1CyWABloKAAvCvKAkJDg690.pdf",3,3,"湖北济安堂药业股份有限公司",11,{"v":32.25,"d":"32.2500"},{"v":25.8,"d":"25.8000"},null,{"v":1,"d":"1.0000"},11]
[59,"ZA01DAY0620010201809","玉屏风口服液","国产","合剂","每支装10ml","湖北济安堂药业股份有限公司","每支装10ml×11支/盒",11,"钠钙玻璃管制口服液体瓶","支","国药准字Z42020096","广西壮族自治区","ZA01DAY0620010201809",12,"每支装10ml",1.0909,11,"贵州省","ZA01DAY0620010201809",12,"每支装10ml",1.0909,11,"黑龙江省","ZA01DAY0620010201809",12,1.0909,"https://tps.ybj.hunan.gov.cn/tps-local/XMHXgroupYPCZ/M00/A3/8C/rBIBUGi1DJ2AFbsMAAW17mk5nsU477.pdf","https://tps.ybj.hunan.gov.cn/tps-local/XMHXgroupYPCZ/M00/A3/8C/rBIBUGi1DKOAUmjzAAWKyXqzR9A838.pdf","https://tps.ybj.hunan.gov.cn/tps-local/XMHXgroupYPCZ/M00/A3/8C/rBIBUGi1DKiAccFNAAOj_qtUmaM844.pdf","每支装10ml",11,3.27,"https://tps.ybj.hunan.gov.cn/tps-local/XMHXgroupYPCZ/M00/A3/8C/rBIBUGi1DOGAO2wXAA19N4Iv84M131.pdf",3,3,"湖北济安堂药业股份有限公司",12,{"v":22.95,"d":"22.9500"},{"v":18.36,"d":"18.3600"},null,{"v":1.09090909090909,"d":"1.0909"},12]
[60,"ZA04BAJ0500050201809","金银花露","国产","露剂","350ml/瓶(每500g相当于金银花31.25g)","湖北济安堂药业股份有限公司","350ml/瓶(每500g相当于金银花31.25g)×1瓶",1,"钠钙玻璃药瓶","瓶","国药准字Z42020101","广西壮族自治区","ZA04BAJ0500050201809",6.67,"350ml/瓶(每500g相当于金银花31.25g)",6.67,1,"江西省","ZA04BAJ0500050201809",6.67,"350ml/瓶(每500g相当于金银花31.25g)",6.67,1,"黑龙江省","ZA04BAJ0500050201809",6.67,6.67,"https://tps.ybj.hunan.gov.cn/tps-local/XMHXgroupYPCZ/M00/A3/8D/rBIBUGi1DquAPSx2AAW7Op5b5ow426.pdf","https://tps.ybj.hunan.gov.cn/tps-local/XMHXgroupYPCZ/M00/A3/8D/rBIBUGi1DsWAEecYAATiBOl19uk001.pdf","https://tps.ybj.hunan.gov.cn/tps-local/XMHXgroupYPCZ/M00/A3/8D/rBIBUGi1DtCATatwAAJNWbO7FEU832.pdf","350ml/瓶(每500g相当于金银花31.25g)",1,4.57,"https://tps.ybj.hunan.gov.cn/tps-local/XMHXgroupYPCZ/M00/A3/8E/rBIBUGi1D02AEgoNAAGtgZPMTMQ657.pdf",0.34,1.03,"湖北济安堂药业股份有限公司",6.67,3.7125,{"v":2.97,"d":"2.9700"},null,{"v":4.33576642335766,"d":"4.3358"},4.34]
[61,"ZD02AAF0681010101819","复方杏香兔耳风片","国产","片剂(薄膜衣片)","每片重0.5g","湖北济安堂药业股份有限公司","每片重0.5g×24片/盒",24,"药品包装用铝箔加聚氯乙烯固体药用硬片","片","国药准字Z20090487","广西壮族自治区","ZD02AAF0681010101819",19.65,"每片重0.5g",0.8188,24,"江西省","ZD02AAF0681010101819",19.65,"每片重0.5g",0.8188,24,"贵州省","ZD02AAF0681010101819",19.65,0.8188,"https://tps.ybj.hunan.gov.cn/tps-local/XMHXgroupYPCZ/M00/A5/38/rBIBUGi6VQeAVqF5AAXTusX3i2U074.pdf","https://tps.ybj.hunan.gov.cn/tps-local/XMHXgroupYPCZ/M00/A5/38/rBIBUGi6VROAeDidAATOfKuz_OA607.pdf","https://tps.ybj.hunan.gov.cn/tps-local/XMHXgroupYPCZ/M00/A5/38/rBIBUGi6VSmAb-wjAAVG0FP-LRI474.pdf","每片重0.5g",24,8.19,"https://tps.ybj.hunan.gov.cn/tps-local/XMHXgroupYPCZ/M00/A5/38/rBIBUGi6VMeAFpfiAArnjxB3QWI856.pdf",10,10,"湖北济安堂药业股份有限公司",19.65,{"v":14.4888888888889,"d":"14.4889"},{"v":11.5911111111111,"d":"11.5911"},null,{"v":0.81875,"d":"0.8188"},19.65]
[62,"ZA04CBY0461010200200","茵莲清肝颗粒","国产","颗粒剂","每袋装10g","安国亚东生物制药有限公司","每袋装10g×3袋/盒",3,"复合膜袋装","袋","国药准字Z20030023","江苏省","ZA04CBY0461010200200",153.5,"每袋装10g",51.1667,3,"湖北省","ZA04CBY0461010200200",153.5,"每袋装10g",51.1667,3,"山东省","ZA04CBY0461010200200",153.5,51.1667,"https://tps.ybj.hunan.gov.cn/tps-local/XMHXgroupYPCZ/M00/A4/08/rBIBUGi2giyAEemeAApuDzcrHBY318.pdf","https://tps.ybj.hunan.gov.cn/tps-local/XMHXgroupYPCZ/M00/A4/09/rBIBUGi2glWAH6xTAAjrdGyNTvM471.pdf","https://tps.ybj.hunan.gov.cn/tps-local/XMHXgroupYPCZ/M00/A4/09/rBIBUGi2gnaALTfyAApY8RPmBhw042.pdf","每袋装10g",3,153.5,"https://tps.ybj.hunan.gov.cn/tps-local/XMHXgroupYPCZ/M00/A4/09/rBIBUGi2guqAE8iIAAm2RG8jVO0731.pdf",3,3,"北京亚东生物制药有限公司",153.5,{"v":149.95,"d":"149.9500"},{"v":239.92,"d":"239.9200"},null,{"v":51.1666666666667,"d":"51.1667"},153.5]
[63,"ZA06CAC0418180101948","川贝枇杷糖浆","国产","糖浆剂","每瓶装165ml","武汉贝参药业股份有限公司","每瓶装165ml×1瓶/盒",1,"口服液体药用聚酯瓶","瓶","国药准字Z42020527","安徽省","ZA06CAC0418180101948",76.17,"每瓶装165ml",76.17,1,"黑龙江省","ZA06CAC0418180101948",76.17,"每瓶装165ml",76.17,1,"吉林省","ZA06CAC0418180101948",76.17,76.17,"https://tps.ybj.hunan.gov.cn/tps-local/XMHXgroupYPCZ/M00/A3/9A/rBIBUGi1NJqACnOHACjPpm8d1jg462.pdf","https://tps.ybj.hunan.gov.cn/tps-local/XMHXgroupYPCZ/M00/A3/9A/rBIBUGi1NJuAE8IYABaviI--jkk735.pdf","https://tps.ybj.hunan.gov.cn/tps-local/XMHXgroupYPCZ/M00/A3/9A/rBIBUGi1NJ-AHaCKACwq_m_t0Bs908.pdf","每瓶装165ml",1,22.85,"https://tps.ybj.hunan.gov.cn/tps-local/XMHXgroupYPCZ/M00/A3/9A/rBIBUGi1NIeAZeGKAA740NlRfxQ195.jpg",0.3,0.3,"武汉贝参药业股份有限公司",76.17,{"v":14.18,"d":"14.1800"},{"v":11.344,"d":"11.3440"},null,{"v":37.8133333333333,"d":"37.8133"},37.81]
[64,"ZA06CAC0418040101948","川贝枇杷糖浆","国产","糖浆剂","每瓶装180ml","武汉贝参药业股份有限公司","每瓶装180ml×1瓶/盒",1,"口服液体药用聚酯瓶","瓶","国药准字Z42020527","贵州省","ZA06CAC0418040101948",82.56,"每瓶装180ml",82.56,1,"宁夏回族自治区","ZA06CAC0418040101948",82.56,"每瓶装180ml",82.56,1,"黑龙江省","ZA06CAC0418040101948",82.56,82.56,"https://tps.ybj.hunan.gov.cn/tps-local/XMHXgroupYPCZ/M00/A3/9A/rBIBUGi1NOCAHVbLABMo3gPn3TQ018.pdf","https://tps.ybj.hunan.gov.cn/tps-local/XMHXgroupYPCZ/M00/A3/9A/rBIBUGi1NNyADPfCACGAdNCaVoo221.pdf","https://tps.ybj.hunan.gov.cn/tps-local/XMHXgroupYPCZ/M00/A3/9A/rBIBUGi1NOaASCcDABReqUtQnvo543.pdf","每瓶装180ml",1,24.77,"https://tps.ybj.hunan.gov.cn/tps-local/XMHXgroupYPCZ/M00/A3/9B/rBIBUGi1NYmAHx1kAAw75sLOJD0897.jpg",0.3,0.3,"武汉贝参药业股份有限公司",82.56,{"v":14.18,"d":"14.1800"},{"v":11.344,"d":"11.3440"},null,{"v":37.8133333333333,"d":"37.8133"},37.81]
[65,"ZA06BBQ0240030104649","强力枇杷露","国产","糖浆剂","200ml/瓶","武汉贝参药业股份有限公司","200ml/瓶×1瓶",1,"口服液体药用聚酯瓶","瓶","国药准字Z20194028","重庆市","ZA06BBQ0240030104649",45.66,"200ml/瓶",45.66,1,"江西省","ZA06BBQ0240030104649",45.66,"200ml/瓶",45.66,1,"黑龙江省","ZA06BBQ0240030104649",45.66,45.66,"https://tps.ybj.hunan.gov.cn/tps-local/XMHXgroupYPCZ/M00/A3/A0/rBIBUGi1PXuANDB6ABgBlstZy0E119.pdf","https://tps.ybj.hunan.gov.cn/tps-local/XMHXgroupYPCZ/M00/A3/A3/rBIBUGi1QsaAYr78ACe2pnu82w8695.pdf","https://tps.ybj.hunan.gov.cn/tps-local/XMHXgroupYPCZ/M00/A3/A3/rBIBUGi1QsqAaDiTACro2nBtBqk270.pdf","200ml/瓶",1,20.55,"https://tps.ybj.hunan.gov.cn/tps-local/XMHXgroupYPCZ/M00/A3/9F/rBIBUGi1PQmAcYnkAA4ohjqMKtQ123.pdf",0.45,0.45,"武汉贝参药业股份有限公司",45.66,{"v":12.564,"d":"12.5640"},10.0512,null,{"v":22.336,"d":"22.3360"},22.34]
[66,"ZA06AAX0744030101948","杏苏止咳糖浆","国产","糖浆剂","每瓶装240ml","武汉贝参药业股份有限公司","每瓶装240ml×1瓶",1,"口服液体药用聚酯瓶","瓶","国药准字Z42020525","北京市","ZA06AAX0744030101948",24.98,"每瓶装240ml",24.98,1,"广西壮族自治区","ZA06AAX0744030101948",24.98,"每瓶装240ml",24.98,1,"贵州省","ZA06AAX0744030101948",24.98,24.98,"https://tps.ybj.hunan.gov.cn/tps-local/XMHXgroupYPCZ/M00/A3/A3/rBIBUGi1QvOAKuOQAAmWd86tO-s253.pdf","https://tps.ybj.hunan.gov.cn/tps-local/XMHXgroupYPCZ/M00/A3/A3/rBIBUGi1QviAPPk0ABn0Xvi40C4201.pdf","https://tps.ybj.hunan.gov.cn/tps-local/XMHXgroupYPCZ/M00/A3/A3/rBIBUGi1QvqAQD1KABcRilemeww147.pdf","每瓶装240ml",1,9.37,"https://tps.ybj.hunan.gov.cn/tps-local/XMHXgroupYPCZ/M00/A3/A4/rBIBUGi1Q4mAZvGeAA7qAI3dO7I806.jpg",0.3,0.45,"武汉贝参药业股份有限公司",24.98,{"v":11.175,"d":"11.1750"},{"v":8.94,"d":"8.9400"},null,{"v":23.84,"d":"23.8400"},23.84]
[67,"ZG02AAG0252010102969","骨刺宁片","国产","片剂","每片重0.385g","重庆天致药业股份有限公司","每片重0.385g×24片/盒",24,"聚氯乙烯固体药用硬片/药用铝箔包装","片","国药准字Z20060247","贵州省","ZG02AAG0252010102969",69.8,"每片重0.385g",2.9083,24,"云南省","ZG02AAG0252010102969",69.8,"每片重0.385g",2.9083,24,"山东省","ZG02AAG0252010102969",69.8,2.9083,"https://tps.ybj.hunan.gov.cn/tps-local/XMHXgroupYPCZ/M00/A3/90/rBIBUGi1ElaAPCebAAQYyqEPX9U291.jpg","https://tps.ybj.hunan.gov.cn/tps-local/XMHXgroupYPCZ/M00/A3/90/rBIBUGi1EpiAcCCqAAQVm3Vipwg528.jpg","https://tps.ybj.hunan.gov.cn/tps-local/XMHXgroupYPCZ/M00/A3/90/rBIBUGi1ErKAWlmwAAWXCYUQHH4526.jpg","每片重0.385g",24,34.9,"https://tps.ybj.hunan.gov.cn/tps-local/XMHXgroupYPCZ/M00/A3/90/rBIBUGi1E6WACJnSAAc0FbIK7K0777.jpg",12,12,"重庆天致药业股份有限公司",69.8,{"v":29.3333333333333,"d":"29.3333"},{"v":23.4666666666667,"d":"23.4667"},null,{"v":1.95555555555556,"d":"1.9556"},46.93]
[68,"ZA07AAA0061010101061","安宫牛黄丸","国产","丸剂(大蜜丸)","3g","重庆希尔安药业有限公司","3g×1丸/盒",1,"药用塑料球壳","丸","国药准字Z50020576","云南省","ZA07AAA0061010101061",298,"3g",298,1,"黑龙江省","ZA07AAA0061010101061",298,"3g",298,1,"陕西省","ZA07AAA0061010101061",298,298,"https://tps.ybj.hunan.gov.cn/tps-local/XMHXgroupYPCZ/M00/A4/8A/rBIBUGi31raAJWzgAAHeWKnF9ww251.pdf","https://tps.ybj.hunan.gov.cn/tps-local/XMHXgroupYPCZ/M00/A4/8A/rBIBUGi31saAWB-kAARPRl4fUY4626.pdf","https://tps.ybj.hunan.gov.cn/tps-local/XMHXgroupYPCZ/M00/A4/8A/rBIBUGi31tGAVGv8AAHd2sa0EkI590.pdf","3g",1,186.25,"https://tps.ybj.hunan.gov.cn/tps-local/XMHXgroupYPCZ/M00/A4/8A/rBIBUGi31uuACbHlAAMpzD7Z0uA335.pdf",0.25,1,"重庆希尔安药业有限公司",298,{"v":598,"d":"598.0000"},{"v":478.4,"d":"478.4000"},null,{"v":298,"d":"298.0000"},298]
[69,"ZA02AAH0441010203456","藿香正气水","国产","酊剂","每支装10毫升","吉林省鑫辉药业有限公司","每支装10毫升×6支/盒",6,"口服液体药用塑料瓶","支","国药准字Z22023022","广西壮族自治区","ZA02AAH0441010203456",15.6,"每支装10毫升",2.6,6,"贵州省","ZA02AAH0441010203456",15.6,"每支装10毫升",2.6,6,"江苏省","ZA02AAH0441010203456",15.6,2.6,"https://tps.ybj.hunan.gov.cn/tps-local/XMHXgroupYPCZ/M00/A3/9B/rBIBUGi1Nu-AIrJlAA6H1W6OYTs055.pdf","https://tps.ybj.hunan.gov.cn/tps-local/XMHXgroupYPCZ/M00/A3/9B/rBIBUGi1NyOATPymAA64-f1RVro049.pdf","https://tps.ybj.hunan.gov.cn/tps-local/XMHXgroupYPCZ/M00/A3/9B/rBIBUGi1N0uAcx3eAAUUycSe7dM906.pdf","每支装10毫升",6,3.9,"https://tps.ybj.hunan.gov.cn/tps-local/XMHXgroupYPCZ/M00/A3/9B/rBIBUGi1N5yABDJHAANGCf_F844852.pdf",1,2,"吉林省鑫辉药业有限公司",15.6,{"v":5.79066666666667,"d":"5.7907"},{"v":4.63253333333333,"d":"4.6325"},null,{"v":2.6,"d":"2.6000"},15.6]
[70,"ZA04CAY0499010100584","银黄颗粒","国产","颗粒剂","每袋装4g","中山市恒生药业有限公司","每袋装4g×10袋/盒",10,"塑料复合膜袋","袋","国药准字Z20053526","安徽省","ZA04CAY0499010100584",9.2,"每袋装4g",0.92,10,"湖北省","ZA04CAY0499010100584",9.2,"每袋装4g",0.92,10,"陕西省","ZA04CAY0499010100584",9.2,0.92,"https://tps.ybj.hunan.gov.cn/tps-local/XMHXgroupYPCZ/M00/A3/98/rBIBUGi1Mi2AS1P9AATBf5_AT_c132.jpg","https://tps.ybj.hunan.gov.cn/tps-local/XMHXgroupYPCZ/M00/A3/98/rBIBUGi1MleABZqBAALaQnKMHaQ400.jpg","https://tps.ybj.hunan.gov.cn/tps-local/XMHXgroupYPCZ/M00/A3/98/rBIBUGi1MouAKtL1AAPALiBVYyU229.jpg","每袋装4g",10,2.76,"https://tps.ybj.hunan.gov.cn/tps-local/XMHXgroupYPCZ/M00/A3/98/rBIBUGi1MtaAAxl4AAKGmJqgJng937.jpg",2,4,"中山市恒生药业有限公司",9.2,{"v":17.09,"d":"17.0900"},{"v":13.672,"d":"13.6720"},null,{"v":0.92,"d":"0.9200"},9.2]
[71,"ZA01BAX0344010100428","小儿保安丸","国产","丸剂(大蜜丸)","每丸重1.5g","广州白云山中一药业有限公司","每丸重1.5g×6丸/盒",6,"高密度聚乙烯中药丸球壳包装","丸","国药准字Z44020070","黑龙江省","ZA01BAX0344010100428",108,"每丸重1.5g",18,6,"江西省","ZA01BAX0344010100428",108,"每丸重1.5g",18,6,"广西壮族自治区","ZA01BAX0344010100428",108,18,"https://tps.ybj.hunan.gov.cn/tps-local/XMHXgroupYPCZ/M00/A3/9A/rBIBUGi1NEWALI2dAAD_fL4r0U8397.pdf","https://tps.ybj.hunan.gov.cn/tps-local/XMHXgroupYPCZ/M00/A3/9A/rBIBUGi1NF6AQrGnAADQDrPgUuE851.pdf","https://tps.ybj.hunan.gov.cn/tps-local/XMHXgroupYPCZ/M00/A3/9A/rBIBUGi1NHaADPlgAAFvikeCrqk184.pdf","每丸重1.5g",6,36,"https://tps.ybj.hunan.gov.cn/tps-local/XMHXgroupYPCZ/M00/A3/9A/rBIBUGi1NIyAMj4YAAFZ5Q4PaB0790.pdf",1,3,"广州白云山中一药业有限公司",108,{"$nulls":3},{"v":18,"d":"18.0000"},108]
[72,"ZA12CAD0068010203456","丹参片","国产","糖衣片","无","吉林省鑫辉药业有限公司","无×120片/盒",120,"口服固体药用塑料瓶","片","国药准字Z22022968","广西壮族自治区","ZA12CAD0068010203456",34.08,"无",0.284,120,"江西省","ZA12CAD0068010203456",34.08,"无",0.284,120,"贵州省","ZA12CAD0068010203456",34.08,0.284,"https://tps.ybj.hunan.gov.cn/tps-local/XMHXgroupYPCZ/M00/A3/9C/rBIBUGi1OBOABm1JAAG1Ejysieg627.pdf","https://tps.ybj.hunan.gov.cn/tps-local/XMHXgroupYPCZ/M00/A3/9C/rBIBUGi1ODiAHnKiAA3g1vYW4XA065.pdf","https://tps.ybj.hunan.gov.cn/tps-local/XMHXgroupYPCZ/M00/A3/9C/rBIBUGi1OFiAEVKdAAF6J1VfomQ895.pdf","无",120,2.98,"https://tps.ybj.hunan.gov.cn/tps-local/XMHXgroupYPCZ/M00/A3/9C/rBIBUGi1OIKAO9JiAALNi8wnROY484.pdf",9,12,"吉林省鑫辉药业有限公司",34.08,7.3675,{"v":5.894,"d":"5.8940"},null,{"v":0.284,"d":"0.2840"},34.08]
[73,"ZA04CCC0273010202469","藏茵陈胶囊","国产","胶囊剂","每粒装0.35g","西安远大德天药业股份有限公司","每粒装0.35g×48粒/盒",48,"铝塑板","粒","国药准字Z20025592","广西壮族自治区","ZA04CCC0273010202469",158,"每粒装0.35g",3.2917,48,"陕西省","ZA04CCC0273010202469",158,"每粒装0.35g",3.2917,48,"内蒙古自治区","ZA04CCC0273010202469",158,3.2917,"https://tps.ybj.hunan.gov.cn/tps-local/XMHXgroupYPCZ/M00/A3/E3/rBIBUGi2OeeAG0p5AADenrFArPw135.pdf","https://tps.ybj.hunan.gov.cn/tps-local/XMHXgroupYPCZ/M00/A3/E4/rBIBUGi2Ou2AMIVAAA5VJhGws08729.pdf","https://tps.ybj.hunan.gov.cn/tps-local/XMHXgroupYPCZ/M00/A3/E4/rBIBUGi2OwyAKf67AADW5JDAXA4289.pdf","每粒装0.35g",48,24.69,"https://tps.ybj.hunan.gov.cn/tps-local/XMHXgroupYPCZ/M00/A3/E4/rBIBUGi2O0GAVoTXAAV_ufWhseQ821.pdf",6,9,"西安远大德天药业股份有限公司",158,{"$nulls":3},{"v":3.29166666666667,"d":"3.2917"},158]
[74,"ZA12HAX0271010101193","消栓通络胶囊","国产","胶囊剂","每粒装0.35g","锦州本天药业有限公司","每粒装0.35g×36粒/盒",36,"铝塑泡罩包装","粒","国药准字Z10930023","河北省","ZA12HAX0271010101193",18.05,"每粒装0.35g",0.5014,36,"四川省","ZA12HAX0271010101193",18.05,"每粒装0.35g",0.5014,36,"重庆市","ZA12HAX0271010101193",18.05,0.5014,"https://tps.ybj.hunan.gov.cn/tps-local/XMHXgroupYPCZ/M00/A3/9C/rBIBUGi1N62ADgaCAAF56HayYJ4225.jpg","https://tps.ybj.hunan.gov.cn/tps-local/XMHXgroupYPCZ/M00/A3/A1/rBIBUGi1PuuAZ6-uAAHPiY7ONUY141.jpg","https://tps.ybj.hunan.gov.cn/tps-local/XMHXgroupYPCZ/M00/A3/A1/rBIBUGi1PvqAWcPiAAHPbJj-sCc347.jpg","每粒装0.35g",36,9.03,"https://tps.ybj.hunan.gov.cn/tps-local/XMHXgroupYPCZ/M00/A3/A1/rBIBUGi1P2OAakv_AAYs5Ljcj98711.jpg",18,18,"锦州本天药业有限公司",18.05,{"v":15.9066666666667,"d":"15.9067"},{"v":12.7253333333333,"d":"12.7253"},null,{"v":0.501388888888889,"d":"0.5014"},18.05]
[75,"ZA06CAC0418100101948","川贝枇杷糖浆","国产","糖浆剂","每瓶装210ml","武汉贝参药业股份有限公司","每瓶装210ml×1瓶/盒",1,"口服液体药用聚酯瓶","瓶","国药准字Z42020527","安徽省","ZA06CAC0418100101948",95.23,"每瓶装210ml",95.23,1,"黑龙江省","ZA06CAC0418100101948",95.23,"每瓶装210ml",95.23,1,"吉林省","ZA06CAC0418100101948",95.23,95.23,"https://tps.ybj.hunan.gov.cn/tps-local/XMHXgroupYPCZ/M00/A3/9D/rBIBUGi1ObaASkwZACN2fjQR1ng213.pdf","https://tps.ybj.hunan.gov.cn/tps-local/XMHXgroupYPCZ/M00/A3/9D/rBIBUGi1ObmADiofABer3zu3Yfk350.pdf","https://tps.ybj.hunan.gov.cn/tps-local/XMHXgroupYPCZ/M00/A3/9D/rBIBUGi1Ob2AdKqjACjgkdspM2U760.pdf","每瓶装210ml",1,28.57,"https://tps.ybj.hunan.gov.cn/tps-local/XMHXgroupYPCZ/M00/A3/9D/rBIBUGi1OayABmQ1AEuynT2ir38384.jpg",0.3,0.3,"武汉贝参药业股份有限公司",95.23,{"v":14.18,"d":"14.1800"},{"v":11.344,"d":"11.3440"},null,{"v":37.8133333333333,"d":"37.8133"},37.81]
[76,"ZA09AAC0505010103776","刺五加注射液","国产","注射液","每瓶装250ml(含总黄酮500mg)","黑龙江羽迪药业有限责任公司","每瓶装250ml(含总黄酮500mg)×1瓶",1,"玻璃输液瓶装","瓶","国药准字Z23020808","江西省","ZA09AAC0505010103776",48.77,"每瓶装250ml(含总黄酮500mg)",48.77,1,"广西壮族自治区","ZA09AAC0505010103776",48.77,"每瓶装250ml(含总黄酮500mg)",48.77,1,"黑龙江省","ZA09AAC0505010103776",48.77,48.77,"https://tps.ybj.hunan.gov.cn/tps-local/XMHXgroupYPCZ/M00/A3/A2/rBIBUGi1QXuAR5SRAAJXyDIU7WI744.jpg","https://tps.ybj.hunan.gov.cn/tps-local/XMHXgroupYPCZ/M00/A3/A2/rBIBUGi1QYCATwyAAAKuXLLVRl8717.jpg","https://tps.ybj.hunan.gov.cn/tps-local/XMHXgroupYPCZ/M00/A3/A3/rBIBUGi1QiqAMKJ3AAli6mPBlN0228.pdf","每瓶装250ml(含总黄酮500mg)",1,63.4,"https://tps.ybj.hunan.gov.cn/tps-local/XMHXgroupYPCZ/M00/A3/A2/rBIBUGi1QKOAfi5NAA8NdDcEvNw176.pdf",0.6,2,"黑龙江金九药业有限责任公司",48.77,{"v":118.95,"d":"118.9500"},{"v":95.16,"d":"95.1600"},null,{"v":48.77,"d":"48.7700"},48.77]
[77,"ZA11AAB0089010205710","白及颗粒","国产","颗粒剂","每袋装10g","云南裕丰药业有限公司","每袋装10g×10袋/盒",10,"药用复合膜","袋","国药准字Z53020320","江苏省","ZA11AAB0089010205710",13.73,"每袋装10g",1.373,10,"江西省","ZA11AAB0089010205710",13.73,"每袋装10g",1.373,10,"广西壮族自治区","ZA11AAB0089010205710",13.73,1.373,"https://tps.ybj.hunan.gov.cn/tps-local/XMHXgroupYPCZ/M00/A3/A9/rBIBUGi1SjuAJMAwAAZzUpOJmxI261.jpg","https://tps.ybj.hunan.gov.cn/tps-local/XMHXgroupYPCZ/M00/A3/A9/rBIBUGi1SpGAPoM5ABOszCg644k935.jpg","https://tps.ybj.hunan.gov.cn/tps-local/XMHXgroupYPCZ/M00/A3/AA/rBIBUGi1StSAcGXQAAYcwdy-D9Y466.jpg","每袋装10g",10,3.09,"https://tps.ybj.hunan.gov.cn/tps-local/XMHXgroupYPCZ/M00/A3/AA/rBIBUGi1SvaANjtkAB_H2CvmFwY863.jpg",1.5,3,"云南裕丰药业有限公司",13.73,6.7275,{"v":5.382,"d":"5.3820"},null,{"v":1.373,"d":"1.3730"},13.73]
[78,"ZA11AAB0089010105710","白及颗粒","国产","颗粒剂","每袋装10g","云南裕丰药业有限公司","每袋装10g×20袋/盒",20,"药用复合膜","袋","国药准字Z53020320","江西省","ZA11AAB0089010105710",27.46,"每袋装10g",1.373,20,"江苏省","ZA11AAB0089010105710",27.46,"每袋装10g",1.373,20,"广西壮族自治区","ZA11AAB0089010105710",27.46,1.373,"https://tps.ybj.hunan.gov.cn/tps-local/XMHXgroupYPCZ/M00/A3/AA/rBIBUGi1TACAeN_-ABOszCg644k548.jpg","https://tps.ybj.hunan.gov.cn/tps-local/XMHXgroupYPCZ/M00/A3/AA/rBIBUGi1TD-AaLg_AAZzUpOJmxI875.jpg","https://tps.ybj.hunan.gov.cn/tps-local/XMHXgroupYPCZ/M00/A3/AA/rBIBUGi1TGSADfqTAAYcwdy-D9Y043.jpg","每袋装10g",20,3.09,"https://tps.ybj.hunan.gov.cn/tps-local/XMHXgroupYPCZ/M00/A3/AA/rBIBUGi1S-OAXWoYADthtSWyy9U066.jpg",1.5,3,"云南裕丰药业有限公司",27.46,6.7275,{"v":5.382,"d":"5.3820"},null,{"v":1.373,"d":"1.3730"},27.46]
[79,"ZA04BAB0189010105710","板蓝根颗粒","国产","颗粒剂","每袋装10g(相当于饮片14克)","云南裕丰药业有限公司","每袋装10g(相当于饮片14克)×20袋/包",20,"药用复合膜","袋","国药准字Z53021568","江西省","ZA04BAB0189010105710",12.8,"每袋装10g(相当于饮片14克)",0.64,20,"贵州省","ZA04BAB0189010105710",12.8,"每袋装10g(相当于饮片14克)",0.64,20,"云南省","ZA04BAB0189010105710",12.8,0.64,"https://tps.ybj.hunan.gov.cn/tps-local/XMHXgroupYPCZ/M00/A3/AB/rBIBUGi1TSWAVBtCABOszCg644k161.jpg","https://tps.ybj.hunan.gov.cn/tps-local/XMHXgroupYPCZ/M00/A3/AB/rBIBUGi1TYqANLJsAAwKHiZj0AA915.jpg","https://tps.ybj.hunan.gov.cn/tps-local/XMHXgroupYPCZ/M00/A3/AC/rBIBUGi1TgqAAo7oAATqMhE0rwI850.jpg","每袋装10g(相当于饮片14克)",20,1.76,"https://tps.ybj.hunan.gov.cn/tps-local/XMHXgroupYPCZ/M00/A3/AC/rBIBUGi1TieAGmu_AD3rIfMRkUU959.jpg",1.5,4,"云南裕丰药业有限公司",12.8,{"v":17.809,"d":"17.8090"},14.2472,null,{"v":0.64,"d":"0.6400"},12.8]
[80,"ZA06BBB0200040105710","半夏露颗粒","国产","颗粒剂","每袋装7g","云南裕丰药业有限公司","每袋装7g×6袋/盒",6,"药用复合膜包装","袋","国药准字Z53020094","贵州省","ZA06BBB0200040105710",18,"每袋装7g",3,6,"云南省","ZA06BBB0200040105710",18,"每袋装7g",3,6,"广西壮族自治区","ZA06BBB0200040105710",18,3,"https://tps.ybj.hunan.gov.cn/tps-local/XMHXgroupYPCZ/M00/A3/AC/rBIBUGi1TvaAPlPMAAwKHiZj0AA112.jpg","https://tps.ybj.hunan.gov.cn/tps-local/XMHXgroupYPCZ/M00/A3/AD/rBIBUGi1T02ANhzaAAUEfBy8ATY978.jpg","https://tps.ybj.hunan.gov.cn/tps-local/XMHXgroupYPCZ/M00/A3/AD/rBIBUGi1T4GAaJqUAAYcwdy-D9Y861.jpg","每袋装7g",6,12,"https://tps.ybj.hunan.gov.cn/tps-local/XMHXgroupYPCZ/M00/A3/AC/rBIBUGi1TuWAdlPzABB_ysMqnzY274.jpg",4,4,"云南裕丰药业有限公司",18,{"v":8.4,"d":"8.4000"},{"v":6.72,"d":"6.7200"},null,{"v":1.68,"d":"1.6800"},10.08]
[81,"ZA06BBF0471010205710","复方桔梗止咳片","国产","片剂","每片重0.25g","云南裕丰药业有限公司","每片重0.25g×100片/盒",100,"药用塑料瓶","片","国药准字Z53020316","江西省","ZA06BBB0200040105710",48,"每袋装7g",8,6,"云南省","ZA06BBB0200040105710",48,"每袋装7g",8,6,"广西壮族自治区","ZA06BBB0200040105710",48,8,"https://tps.ybj.hunan.gov.cn/tps-local/XMHXgroupYPCZ/M00/A3/AD/rBIBUGi1UGeAckbkAAVDctal3JU040.jpg","https://tps.ybj.hunan.gov.cn/tps-local/XMHXgroupYPCZ/M00/A3/AD/rBIBUGi1UJ-ANpFJAAZrjI0p394568.jpg","https://tps.ybj.hunan.gov.cn/tps-local/XMHXgroupYPCZ/M00/A3/AD/rBIBUGi1UN-AfsNlAAYcwdy-D9Y094.jpg","每袋装7g",6,5.04,"https://tps.ybj.hunan.gov.cn/tps-local/XMHXgroupYPCZ/M00/A3/AD/rBIBUGi1UReASIWpAD1Q4qIMfVQ415.jpg",9,12,"云南裕丰药业有限公司",48,{"v":2.625,"d":"2.6250"},{"v":2.1,"d":"2.1000"},null,{"v":0.2,"d":"0.2000"},20]
[82,"ZA01BAG0113010105710","感冒灵颗粒","国产","颗粒剂","每袋装10克(含对乙酰胺基酚0.2克、咖啡因4毫克、马来酸氯苯那敏4毫克)","云南裕丰药业有限公司","每袋装10克(含对乙酰胺基酚0.2克、咖啡因4毫克、马来酸氯苯那敏4毫克)×11袋/盒",11,"药用复合膜包装","袋","国药准字Z53020096","贵州省","ZA01BAG0113010105710",7.7,"每袋装10克(含对乙酰胺基酚0.2克、咖啡因4毫克、马来酸氯苯那敏4毫克)",0.7,11,"福建省","ZA01BAG0113010105710",7.7,"每袋装10克(含对乙酰胺基酚0.2克、咖啡因4毫克、马来酸氯苯那敏4毫克)",0.7,11,"海南省","ZA01BAG0113010105710",7.7,0.7,"https://tps.ybj.hunan.gov.cn/tps-local/XMHXgroupYPCZ/M00/A3/AE/rBIBUGi1UeKATpcdAAZP89ZVJec575.jpg","https://tps.ybj.hunan.gov.cn/tps-local/XMHXgroupYPCZ/M00/A3/AE/rBIBUGi1Ui-AXnB0AAQgCSf44RM382.jpg","https://tps.ybj.hunan.gov.cn/tps-local/XMHXgroupYPCZ/M00/A3/AF/rBIBUGi1UoyAZ7mSABbSpXH4aN0986.jpg","每袋装10克(含对乙酰胺基酚0.2克、咖啡因4毫克、马来酸氯苯那敏4毫克)",11,2.1,"https://tps.ybj.hunan.gov.cn/tps-local/XMHXgroupYPCZ/M00/A3/AE/rBIBUGi1UZeAGnZJAAuMTEkatrY984.jpg",3,3,"云南裕丰药业有限公司",7.7,{"v":3.609,"d":"3.6090"},2.8872,null,{"v":0.7,"d":"0.7000"},7.7]
[83,"ZA06CAS0325030701942","蛇胆川贝液","国产","糖浆剂","每支装10ml(每1毫升相当于饮片0.085克)","湖北端正药业股份有限公司","每支装10ml(每1毫升相当于饮片0.085克)×15支/盒",15,"聚氯乙烯/低密度聚乙烯药品包装用复合硬片","支","国药准字Z20163097","北京市","ZA06CAS0325030701942",45,"每支装10ml(每1毫升相当于饮片0.085克)",3,15,"辽宁省","ZA06CAS0325030701942",45,"每支装10ml(每1毫升相当于饮片0.085克)",3,15,"广西壮族自治区","ZA06CAS0325030701942",45,3,"https://tps.ybj.hunan.gov.cn/tps-local/XMHXgroupYPCZ/M00/A3/A6/rBIBUGi1R1CAIQv3AAwgC3hbs2I941.jpg","https://tps.ybj.hunan.gov.cn/tps-local/XMHXgroupYPCZ/M00/A3/A6/rBIBUGi1R3mAMOAzAAxfc1hJOo8292.jpg","https://tps.ybj.hunan.gov.cn/tps-local/XMHXgroupYPCZ/M00/A3/A7/rBIBUGi1R5mAYrmwAA29QJmq8zo616.jpg","每支装10ml(每1毫升相当于饮片0.085克)",15,6,"https://tps.ybj.hunan.gov.cn/tps-local/XMHXgroupYPCZ/M00/A3/A7/rBIBUGi1R7OAUFJrABRv_UEyTIs184.jpg",2,2,"湖北端正药业股份有限公司",45,{"v":22.2,"d":"22.2000"},{"v":17.76,"d":"17.7600"},null,{"v":3,"d":"3.0000"},45]
[84,"ZA01BAG0117010105710","感冒清片","国产","片剂","每素片重0.22g(含对乙酰氨基酚12mg)","云南裕丰药业有限公司","每素片重0.22g(含对乙酰氨基酚12mg)×100片/盒",100,"药用塑料瓶","片","国药准字Z53021642","江西省","ZA01BAG0117010105710",31.8,"每素片重0.22g(含对乙酰氨基酚12mg)",0.318,100,"辽宁省","ZA01BAG0117010105710",31.8,"每素片重0.22g(含对乙酰氨基酚12mg)",0.318,100,"云南省","ZA01BAG0117010105710",31.8,0.318,"https://tps.ybj.hunan.gov.cn/tps-local/XMHXgroupYPCZ/M00/A3/AF/rBIBUGi1U0uAPdKMAAVDctal3JU333.jpg","https://tps.ybj.hunan.gov.cn/tps-local/XMHXgroupYPCZ/M00/A3/B0/rBIBUGi1U6iAQiMqAApQrdT1RTw170.jpg","https://tps.ybj.hunan.gov.cn/tps-local/XMHXgroupYPCZ/M00/A3/B0/rBIBUGi1U9qAW801AAZrjI0p394605.jpg","每素片重0.22g(含对乙酰氨基酚12mg)",100,3.34,"https://tps.ybj.hunan.gov.cn/tps-local/XMHXgroupYPCZ/M00/A3/B0/rBIBUGi1VAyAINh5AD4HG24ASiw011.jpg",9,12,"云南裕丰药业有限公司",31.8,{"v":2.625,"d":"2.6250"},{"v":2.1,"d":"2.1000"},null,{"v":0.2,"d":"0.2000"},20]
[85,"ZA02AAH0441020105710","藿香正气水","国产","酊剂","每支装10ml","云南裕丰药业有限公司","每支装10ml×10支/盒",10,"药用玻璃瓶","支","国药准字Z53020098","江苏省","ZA02AAH0441020105710",8.16,"每支装10ml",0.816,10,"辽宁省","ZA02AAH0441020105710",8.16,"每支装10ml",0.816,10,"云南省","ZA02AAH0441020105710",8.16,0.816,"https://tps.ybj.hunan.gov.cn/tps-local/XMHXgroupYPCZ/M00/A3/B0/rBIBUGi1VPCAYsIvAAadTMqeXio066.jpg","https://tps.ybj.hunan.gov.cn/tps-local/XMHXgroupYPCZ/M00/A3/B0/rBIBUGi1VY2AFrCNAApQrdT1RTw935.jpg","https://tps.ybj.hunan.gov.cn/tps-local/XMHXgroupYPCZ/M00/A3/B1/rBIBUGi1VfqAWx6HAATqMhE0rwI967.jpg","每支装10ml",10,1.22,"https://tps.ybj.hunan.gov.cn/tps-local/XMHXgroupYPCZ/M00/A3/B1/rBIBUGi1VkOAY5mTACPK9dKVIXM205.pdf",1,2,"云南裕丰药业有限公司",8.16,{"v":5.79066666666667,"d":"5.7907"},{"v":4.63253333333333,"d":"4.6325"},null,{"v":0.816,"d":"0.8160"},8.16]
[86,"ZA06CAS0325031201942","蛇胆川贝液","国产","糖浆剂","每支装10ml(每1毫升相当于饮片0.085克)","湖北端正药业股份有限公司","每支装10ml(每1毫升相当于饮片0.085克)×24支/盒",24,"聚氯乙烯/低密度聚乙烯药品包装用复合硬片","支","国药准字Z20163097","北京市","ZA06CAS0325031201942",72,"每支装10ml(每1毫升相当于饮片0.085克)",3,24,"辽宁省","ZA06CAS0325031201942",72,"每支装10ml(每1毫升相当于饮片0.085克)",3,24,"广西壮族自治区","ZA06CAS0325031201942",72,3,"https://tps.ybj.hunan.gov.cn/tps-local/XMHXgroupYPCZ/M00/A3/A7/rBIBUGi1SFKAQrxYAAwgC3hbs2I913.jpg","https://tps.ybj.hunan.gov.cn/tps-local/XMHXgroupYPCZ/M00/A3/A8/rBIBUGi1SI2AFfTOAAxfc1hJOo8797.jpg","https://tps.ybj.hunan.gov.cn/tps-local/XMHXgroupYPCZ/M00/A3/A8/rBIBUGi1SO6AeF15AA29QJmq8zo704.jpg","每支装10ml(每1毫升相当于饮片0.085克)",24,6,"https://tps.ybj.hunan.gov.cn/tps-local/XMHXgroupYPCZ/M00/A3/A8/rBIBUGi1SQGARqSMAAQhe6MEf3M351.jpg",2,2,"湖北端正药业股份有限公司",72,{"v":22.2,"d":"22.2000"},{"v":17.76,"d":"17.7600"},null,{"v":3,"d":"3.0000"},72]
[87,"ZA06CAS0325030601942","蛇胆川贝液","国产","糖浆剂","每支装10ml(每1毫升相当于饮片0.085克)","湖北端正药业股份有限公司","每支装10ml(每1毫升相当于饮片0.085克)×12支/盒",12,"聚氯乙烯/低密度聚乙烯药品包装用复合硬片","支","国药准字Z20163097","北京市","ZA06CAS0325030601942",36,"每支装10ml(每1毫升相当于饮片0.085克)",3,12,"辽宁省","ZA06CAS0325030601942",36,"每支装10ml(每1毫升相当于饮片0.085克)",3,12,"广西壮族自治区","ZA06CAS0325030601942",36,3,"https://tps.ybj.hunan.gov.cn/tps-local/XMHXgroupYPCZ/M00/A3/A8/rBIBUGi1SVqAJ9h-AAwgC3hbs2I837.jpg","https://tps.ybj.hunan.gov.cn/tps-local/XMHXgroupYPCZ/M00/A3/A9/rBIBUGi1SZSAQ0XpAAxfc1hJOo8346.jpg","https://tps.ybj.hunan.gov.cn/tps-local/XMHXgroupYPCZ/M00/A3/A9/rBIBUGi1SauACA_rAA29QJmq8zo837.jpg","每支装10ml(每1毫升相当于饮片0.085克)",12,6,"https://tps.ybj.hunan.gov.cn/tps-local/XMHXgroupYPCZ/M00/A3/A9/rBIBUGi1Sb6AVHz0ABRwCv4mjFs371.jpg",2,2,"湖北端正药业股份有限公司",36,{"v":22.2,"d":"22.2000"},{"v":17.76,"d":"17.7600"},null,{"v":3,"d":"3.0000"},36]
[88,"ZA09ABY0575010105710","婴儿健脾散","国产","散剂","0.5g","云南裕丰药业有限公司","0.5g×10袋/盒",10,"药用纸塑复合膜","袋","国药准字Z53020317","云南省","ZA09ABY0575010105710",24.8,"0.5g",2.48,10,"贵州省","ZA09ABY0575010105710",24.8,"0.5g",2.48,10,"广西壮族自治区","ZA09ABY0575010105710",24.8,2.48,"https://tps.ybj.hunan.gov.cn/tps-local/XMHXgroupYPCZ/M00/A4/96/rBIBUGi34sSAJE7eAAU3mkwNWFM493.jpg","https://tps.ybj.hunan.gov.cn/tps-local/XMHXgroupYPCZ/M00/A4/96/rBIBUGi34xCAEHewAAwKHiZj0AA538.jpg","https://tps.ybj.hunan.gov.cn/tps-local/XMHXgroupYPCZ/M00/A4/96/rBIBUGi340CAdThXAAYcwdy-D9Y085.jpg","0.5g",10,6.2,"https://tps.ybj.hunan.gov.cn/tps-local/XMHXgroupYPCZ/M00/A4/96/rBIBUGi345GAGJJDADYrvkzqztI177.jpg",1,4,"云南裕丰药业有限公司",24.8,{"v":34.9,"d":"34.9000"},{"v":27.92,"d":"27.9200"},null,{"v":2.48,"d":"2.4800"},24.8]
[89,"ZA11AAF0166010205710","腐植酸钠片","国产","片剂","每片含腐植酸0.2g","云南裕丰药业有限公司","每片含腐植酸0.2g×24片/盒",24,"铝塑包装","片","国药准字Z53021606","云南省","ZA11AAF0166010205710",97.92,"每片含腐植酸0.2g",4.08,24,"贵州省","ZA11AAF0166010205710",97.92,"每片含腐植酸0.2g",4.08,24,"江西省","ZA11AAF0166010205710",97.92,4.08,"https://tps.ybj.hunan.gov.cn/tps-local/XMHXgroupYPCZ/M00/A4/97/rBIBUGi35MeAUcUeAAU3mkwNWFM628.jpg","https://tps.ybj.hunan.gov.cn/tps-local/XMHXgroupYPCZ/M00/A4/97/rBIBUGi35TCAL9Q8AApVHyMaamA618.jpg","https://tps.ybj.hunan.gov.cn/tps-local/XMHXgroupYPCZ/M00/A4/97/rBIBUGi35YKAKC_1ABOszCg644k969.jpg","每片含腐植酸0.2g",24,24.48,"https://tps.ybj.hunan.gov.cn/tps-local/XMHXgroupYPCZ/M00/A4/97/rBIBUGi35JGAAzNAAA8idg6syEc894.jpg",6,6,"云南裕丰药业有限公司",97.92,{"$nulls":3},{"v":4.08,"d":"4.0800"},97.92]
[90,"ZA13BAZ0531010504586","左金胶囊","国产","胶囊剂","每粒装0.35克","温州海鹤药业有限公司","每粒装0.35克×9粒/盒",9,"铝塑板装","粒","国药准字Z10980125","辽宁省","ZA13BAZ0531010504586",46.15,"每粒装0.35克",5.1278,9,"浙江省","ZA13BAZ0531010504586",46.15,"每粒装0.35克",5.1278,9,"贵州省","ZA13BAZ0531010504586",46.15,5.1278,"https://tps.ybj.hunan.gov.cn/tps-local/XMHXgroupYPCZ/M00/A3/A8/rBIBUGi1SUyAR6GfAALKu-yYjuM119.pdf","https://tps.ybj.hunan.gov.cn/tps-local/XMHXgroupYPCZ/M00/A3/A9/rBIBUGi1SXSAJo9PAAL7h5iTPeA974.pdf","https://tps.ybj.hunan.gov.cn/tps-local/XMHXgroupYPCZ/M00/A3/A9/rBIBUGi1Sb6AcStkAAKmFhJ1rfE295.pdf","每粒装0.35克",9,30.77,"https://tps.ybj.hunan.gov.cn/tps-local/XMHXgroupYPCZ/M00/A3/A9/rBIBUGi1SeCAWr0NAAJtZ6MxVb0707.pdf",4,8,"温州海鹤药业有限公司",46.15,{"v":30,"d":"30.0000"},{"v":24,"d":"24.0000"},null,{"v":4,"d":"4.0000"},36]
[91,"ZA12FAH0287010105164","黄根片","国产","片剂","每片含干浸膏0.2g(相当于原药材6g)","广西白云山盈康药业有限公司","每片含干浸膏0.2g(相当于原药材6g)×80片/盒",80,"口服固体药用高密度聚乙烯瓶","片","国药准字Z45020305","云南省","ZA12FAH0287010105164",43.3,"每片含干浸膏0.2g(相当于原药材6g)",0.5413,80,"广东省","ZA12FAH0287010105164",43.3,"每片含干浸膏0.2g(相当于原药材6g)",0.5413,80,"广西壮族自治区","ZA12FAH0287010105164",43.3,0.5413,"https://tps.ybj.hunan.gov.cn/tps-local/XMHXgroupYPCZ/M00/A3/AC/rBIBUGi1TgaAO2Q_AAFHDioGhH4770.pdf","https://tps.ybj.hunan.gov.cn/tps-local/XMHXgroupYPCZ/M00/A3/AC/rBIBUGi1TiWACnU8AAEJFAhQAaM466.pdf","https://tps.ybj.hunan.gov.cn/tps-local/XMHXgroupYPCZ/M00/A3/AC/rBIBUGi1Tk2AOQtNAAL7P1PcVp0003.pdf","每片含干浸膏0.2g(相当于原药材6g)",80,5.68,"https://tps.ybj.hunan.gov.cn/tps-local/XMHXgroupYPCZ/M00/A3/AD/rBIBUGi1TziAIslAAAZWZrQZ1us239.pdf",9,12,"广西白云山盈康药业有限公司",43.3,{"$nulls":3},{"v":0.54125,"d":"0.5413"},43.3]
[92,"ZG03AAG0279010105457","骨松宝胶囊","国产","胶囊剂","每粒装0.5g","贵州富华药业有限责任公司","每粒装0.5g×12粒/盒",12,"PVC硬片、铝箔板装","粒","国药准字Z20030084","江西省","ZG03AAG0279010105457",67.7,"每粒装0.5g",5.6417,12,"广东省","ZG03AAG0279010105457",67.7,"每粒装0.5g",5.6417,12,"贵州省","ZG03AAG0279010105457",67.7,5.6417,"https://tps.ybj.hunan.gov.cn/tps-local/XMHXgroupYPCZ/M00/A3/AF/rBIBUGi1Uz2Aft3aAA1_qEsvSKk011.jpg","https://tps.ybj.hunan.gov.cn/tps-local/XMHXgroupYPCZ/M00/A3/AF/rBIBUGi1U2CAIafGABGDMmAfST0432.jpg","https://tps.ybj.hunan.gov.cn/tps-local/XMHXgroupYPCZ/M00/A3/B0/rBIBUGi1U4SAB9fuAA9Jw22m6-s115.jpg","每粒装0.5g",12,28.21,"https://tps.ybj.hunan.gov.cn/tps-local/XMHXgroupYPCZ/M00/A3/B0/rBIBUGi1U8WAE82jAAWL1HWKROI300.jpg",4,6,"贵州富华药业有限责任公司",67.7,{"v":19.1611111111111,"d":"19.1611"},{"v":27.592,"d":"27.5920"},null,5.5184,66.22]
[93,"ZA01BAW0053010505164","维C银翘颗粒","国产","颗粒剂","每袋装10g(含维生素C99mg、对乙酰氨基酚210mg)","广西白云山盈康药业有限公司","每袋装10g(含维生素C99mg、对乙酰氨基酚210mg)×24袋/盒",24,"药品包装用复合膜(双向拉伸聚丙烯/镀铝聚酯/低密度聚乙烯)袋","袋","国药准字Z20026956","黑龙江省","ZA01BAW0053010505164",30.05,"每袋装10g(含维生素C99mg、对乙酰氨基酚210mg)",1.2521,24,"新疆维吾尔自治区","ZA01BAW0053010505164",30.05,"每袋装10g(含维生素C99mg、对乙酰氨基酚210mg)",1.2521,24,"浙江省","ZA01BAW0053010505164",30.05,1.2521,"https://tps.ybj.hunan.gov.cn/tps-local/XMHXgroupYPCZ/M00/A4/71/rBIBUGi3p3CAK1baAAEYd-cfnkQ632.pdf","https://tps.ybj.hunan.gov.cn/tps-local/XMHXgroupYPCZ/M00/A4/72/rBIBUGi3p6yADEyYAADz4zpL6hY175.pdf","https://tps.ybj.hunan.gov.cn/tps-local/XMHXgroupYPCZ/M00/A4/72/rBIBUGi3p-CAXHJUAAIJA7UZys0400.pdf","每袋装10g(含维生素C99mg、对乙酰氨基酚210mg)",24,3.76,"https://tps.ybj.hunan.gov.cn/tps-local/XMHXgroupYPCZ/M00/A4/72/rBIBUGi3qCqASIQ4AArj0YQP0Po721.pdf",3,3,"广西白云山盈康药业有限公司",30.05,{"v":3.7,"d":"3.7000"},{"v":2.96,"d":"2.9600"},null,{"v":0.986666666666667,"d":"0.9867"},23.68]
[94,"ZA01BAW0054020205164","维C银翘片","国产","片剂","每片重0.33g(含马来酸氯苯那敏1.05mg、对乙酰氨基酚105mg、维生素C49.5mg)","广西白云山盈康药业有限公司","每片重0.33g(含马来酸氯苯那敏1.05mg、对乙酰氨基酚105mg、维生素C49.5mg)×24片/盒",24,"聚氯乙烯固体药用硬片/药品包装用铝箔包装","片","国药准字Z20083440","内蒙古自治区","ZA01BAW0054020205164",16.53,"每片重0.33g(含马来酸氯苯那敏1.05mg、对乙酰氨基酚105mg、维生素C49.5mg)",0.6888,24,"安徽省","ZA01BAW0054020205164",16.53,"每片重0.33g(含马来酸氯苯那敏1.05mg、对乙酰氨基酚105mg、维生素C49.5mg)",0.6888,24,"海南省","ZA01BAW0054020205164",16.53,0.6888,"https://tps.ybj.hunan.gov.cn/tps-local/XMHXgroupYPCZ/M00/A4/73/rBIBUGi3qdGAa5XoAAEt9IpVjrI054.pdf","https://tps.ybj.hunan.gov.cn/tps-local/XMHXgroupYPCZ/M00/A4/73/rBIBUGi3qgSAVU7-AAEfzlEhiCw518.pdf","https://tps.ybj.hunan.gov.cn/tps-local/XMHXgroupYPCZ/M00/A4/73/rBIBUGi3qi6AFWc-AAM_HdFlnCw967.pdf","每片重0.33g(含马来酸氯苯那敏1.05mg、对乙酰氨基酚105mg、维生素C49.5mg)",24,4.13,"https://tps.ybj.hunan.gov.cn/tps-local/XMHXgroupYPCZ/M00/A4/73/rBIBUGi3ql6AAX0pAAO03Nn8tcE399.pdf",6,6,"广西白云山盈康药业有限公司",16.53,{"v":2.15,"d":"2.1500"},{"v":1.72,"d":"1.7200"},null,{"v":0.286666666666667,"d":"0.2867"},6.88]
[95,"ZA06AAJ0689010305164","橘红痰咳颗粒","国产","颗粒剂","每袋装10g","广西白云山盈康药业有限公司","每袋装10g×12袋/盒",12,"药品包装用复合膜(双向拉伸聚酯/镀铝双向拉伸聚酯/聚乙烯)袋包装","袋","国药准字Z45020329","浙江省","ZA06AAJ0689010305164",29.8,"每袋装10g",2.4833,12,"广西壮族自治区","ZA06AAJ0689010305164",29.8,"每袋装10g",2.4833,12,"安徽省","ZA06AAJ0689010305164",29.8,2.4833,"https://tps.ybj.hunan.gov.cn/tps-local/XMHXgroupYPCZ/M00/A6/20/rBIBUGjA0luAPu0mAAB1x5o8nzg245.pdf","https://tps.ybj.hunan.gov.cn/tps-local/XMHXgroupYPCZ/M00/A6/20/rBIBUGjA0miAV7jnAABcLpFSXNQ478.pdf","https://tps.ybj.hunan.gov.cn/tps-local/XMHXgroupYPCZ/M00/A6/20/rBIBUGjA0niAWnNpAAEUyH3aaWw927.pdf","每袋装10g",12,11.18,"https://tps.ybj.hunan.gov.cn/tps-local/XMHXgroupYPCZ/M00/A6/21/rBIBUGjA0qGAEECkAA5UGz7iZp8700.pdf",3,6,"广西白云山盈康药业有限公司",29.8,{"v":5.265,"d":"5.2650"},{"v":4.212,"d":"4.2120"},null,{"v":0.936,"d":"0.9360"},11.23]
[96,"ZA06AAJ0689010405164","橘红痰咳颗粒","国产","颗粒剂","每袋装10g(每1g相当于饮片0.57g)","广西白云山盈康药业有限公司","每袋装10g(每1g相当于饮片0.57g)×18袋/盒",18,"药品包装用复合膜(双向拉伸聚酯/镀铝双向拉伸聚酯/聚乙烯)袋包装","袋","国药准字Z45020329","内蒙古自治区","ZA06AAJ0689010405164",44.7,"每袋装10g(每1g相当于饮片0.57g)",2.4833,18,"贵州省","ZA06AAJ0689010405164",44.7,"每袋装10g(每1g相当于饮片0.57g)",2.4833,18,"黑龙江省","ZA06AAJ0689010405164",44.7,2.4833,"https://tps.ybj.hunan.gov.cn/tps-local/XMHXgroupYPCZ/M00/A4/74/rBIBUGi3q9qAIj2GAAB3NAW2eJc371.pdf","https://tps.ybj.hunan.gov.cn/tps-local/XMHXgroupYPCZ/M00/A4/75/rBIBUGi3rIKAZx7-AAVIuWYqNnU316.pdf","https://tps.ybj.hunan.gov.cn/tps-local/XMHXgroupYPCZ/M00/A4/75/rBIBUGi3rE6AfiflAANpgt88gkQ088.pdf","每袋装10g(每1g相当于饮片0.57g)",18,11.18,"https://tps.ybj.hunan.gov.cn/tps-local/XMHXgroupYPCZ/M00/A4/75/rBIBUGi3rLGAX8klAAj6gCsB2nU529.jpg",3,6,"广西白云山盈康药业有限公司",44.7,{"v":5.265,"d":"5.2650"},{"v":4.212,"d":"4.2120"},null,{"v":0.936,"d":"0.9360"},16.85]
[97,"ZA12BAN0016010103418","脑得生胶囊","国产","胶囊剂","每粒装0.45g","吉林省华威药业有限公司","每粒装0.45g×36粒/盒",36,"铝塑包装","粒","国药准字Z20043279","重庆市","ZA12BAN0016010103418",59.85,"每粒装0.45g",1.6625,36,"黑龙江省","ZA12BAN0016010103418",58.97,"每粒装0.45g",1.6381,36,"浙江省","ZA12BAN0016010103418",58.97,1.6381,"https://tps.ybj.hunan.gov.cn/tps-local/XMHXgroupYPCZ/M00/A3/B3/rBIBUGi1WZeADZdNAAFxmnNwyhY478.jpg","https://tps.ybj.hunan.gov.cn/tps-local/XMHXgroupYPCZ/M00/A3/B5/rBIBUGi1W8qAffeGAAPrb5QX2JQ637.pdf","https://tps.ybj.hunan.gov.cn/tps-local/XMHXgroupYPCZ/M00/A3/B5/rBIBUGi1XAaAMidBAAEVTsngAlk339.jpg","每粒装0.45g",36,19.66,"https://tps.ybj.hunan.gov.cn/tps-local/XMHXgroupYPCZ/M00/A3/B5/rBIBUGi1XDKAS0rJABgOyO7hx6w670.jpg",12,12,"吉林省华威药业有限公司",58.97,{"v":19.95,"d":"19.9500"},{"v":15.96,"d":"15.9600"},null,{"v":1.33,"d":"1.3300"},47.88]
[98,"ZA12BAN0016020203418","脑得生胶囊","国产","胶囊剂","每粒装0.45g","吉林省华威药业有限公司","每粒装0.45g×48粒/盒",48,"铝塑包装","粒","国药准字Z20043279","黑龙江省","ZA12BAN0016020203418",77.8,"每粒装0.45g",1.6208,48,"浙江省","ZA12BAN0016020203418",77.8,"每粒装0.45g",1.6208,48,"重庆市","ZA12BAN0016020203418",79.8,1.6625,"https://tps.ybj.hunan.gov.cn/tps-local/XMHXgroupYPCZ/M00/A3/B6/rBIBUGi1XZuAJNd9AAFll-gxy4Y344.jpg","https://tps.ybj.hunan.gov.cn/tps-local/XMHXgroupYPCZ/M00/A3/B6/rBIBUGi1XceAYrYqAAFmmpE-Vzw993.jpg","https://tps.ybj.hunan.gov.cn/tps-local/XMHXgroupYPCZ/M00/A3/B6/rBIBUGi1XfCARB_mAAF_b_7vrXU069.jpg","每粒装0.45g",48,19.45,"https://tps.ybj.hunan.gov.cn/tps-local/XMHXgroupYPCZ/M00/A3/B6/rBIBUGi1Xv6AJbOtABdFShLUnjQ884.jpg",12,12,"吉林省华威药业有限公司",77.8,{"v":19.95,"d":"19.9500"},{"v":15.96,"d":"15.9600"},null,{"v":1.33,"d":"1.3300"},63.84]
[99,"ZA04BAQ0443010103223","清热解毒口服液","国产","合剂","10ml","新乡市新辉药业有限公司","10ml×10支/盒",10,"低硼硅玻璃管制口服液体瓶","支","国药准字Z41020932","湖北省","ZA04BAQ0443010103223",19.8,"10ml",1.98,10,"四川省","ZA04BAQ0443010103223",19.8,"10ml",1.98,10,"广西壮族自治区","ZA04BAQ0443010103223",19.8,1.98,"https://tps.ybj.hunan.gov.cn/tps-local/XMHXgroupYPCZ/M00/A3/E1/rBIBUGi2MEqAPv4jAAPYrM5n2qo083.jpg","https://tps.ybj.hunan.gov.cn/tps-local/XMHXgroupYPCZ/M00/A3/E1/rBIBUGi2MHGAfI8cAANWqY_kHgM452.jpg","https://tps.ybj.hunan.gov.cn/tps-local/XMHXgroupYPCZ/M00/A3/E2/rBIBUGi2NdaALgZMAAQDZ8ppxyY771.jpg","10ml",10,8.91,"https://tps.ybj.hunan.gov.cn/tps-local/XMHXgroupYPCZ/M00/A3/E2/rBIBUGi2NiWAXgLuAAMLq_fOcEM035.jpg",3,6,"新乡市新辉药业有限公司",19.8,{"v":157.5,"d":"157.5000"},{"v":126,"d":"126.0000"},null,{"v":1.98,"d":"1.9800"},19.8]
[100,"ZA04CDF0812010205390","腹可安分散片","国产","分散片","每片重0.4g","江西桔王药业有限公司","每片重0.4g×24片/盒",24,"铝塑泡罩","片","国药准字Z20090826","江苏省","ZA04CDF0812010205390",58,"每片重0.4g",2.4167,24,"广西壮族自治区","ZA04CDF0812010205390",58,"每片重0.4g",2.4167,24,"贵州省","ZA04CDF0812010205390",58,2.4167,"https://tps.ybj.hunan.gov.cn/tps-local/XMHXgroupYPCZ/M00/A3/B5/rBIBUGi1W82AUNmYAAVF3gK7qZ8529.pdf","https://tps.ybj.hunan.gov.cn/tps-local/XMHXgroupYPCZ/M00/A3/B5/rBIBUGi1W96AC5bwAAUwHgIXfFA203.pdf","https://tps.ybj.hunan.gov.cn/tps-local/XMHXgroupYPCZ/M00/A3/B5/rBIBUGi1W-mAXXojAAQ__kvmjZ8484.pdf","每片重0.4g",24,29,"https://tps.ybj.hunan.gov.cn/tps-local/XMHXgroupYPCZ/M00/A3/B5/rBIBUGi1XGOAF4xfAAP2HBDuqXE656.pdf",12,12,"江西亿友药业有限公司",58,{"v":2.04,"d":"2.0400"},{"v":3.52512,"d":"3.5251"},null,{"v":0.29376,"d":"0.2938"},7.05]
[101,"ZA14BAX0393010102572","小儿化食丸","国产","丸剂(大蜜丸)","每丸重1.5g","承德新爱民制药有限公司","每丸重1.5g×10丸/盒",10,"铝塑包装","丸","国药准字Z13020614","北京市","ZA14BAX0393010102572",48.86,"每丸重1.5g",4.886,10,"内蒙古自治区","ZA14BAX0393010102572",48.86,"每丸重1.5g",4.886,10,"广东省","ZA14BAX0393010102572",48.86,4.886,"https://tps.ybj.hunan.gov.cn/tps-local/XMHXgroupYPCZ/M00/A3/E1/rBIBUGi2MYCAVXxSAAWovVhHb0Q503.pdf","https://tps.ybj.hunan.gov.cn/tps-local/XMHXgroupYPCZ/M00/A3/E1/rBIBUGi2Ma-Afg--AAkpsAOKz9Y518.pdf","https://tps.ybj.hunan.gov.cn/tps-local/XMHXgroupYPCZ/M00/A3/E1/rBIBUGi2MdaAMZSwAAPNsbgQr0A806.pdf","每丸重1.5g",10,12.22,"https://tps.ybj.hunan.gov.cn/tps-local/XMHXgroupYPCZ/M00/A3/E1/rBIBUGi2Mh-AR9hKAAeb92PEUSU801.pdf",1,4,"承德新爱民制药有限公司",48.86,{"v":11.94,"d":"11.9400"},{"v":9.552,"d":"9.5520"},null,3.8208,38.21]
[102,"ZD03AAD0319010103353","定坤丸","国产","小蜜丸","30g/100丸","吉林敖东集团金海发药业股份有限公司","30g/100丸×240丸/盒",240,"口服固体药用高密度聚乙烯瓶装","丸","国药准字Z20055637","北京市","ZD03AAD0319010103353",189.6,"30g/100丸",0.79,240,"山东省","ZD03AAD0319010103353",189.6,"30g/100丸",0.79,240,"安徽省","ZD03AAD0319010103353",189.6,0.79,"https://tps.ybj.hunan.gov.cn/tps-local/XMHXgroupYPCZ/M00/A4/07/rBIBUGi2gDyAaPnHAAKOICLCsss931.pdf","https://tps.ybj.hunan.gov.cn/tps-local/XMHXgroupYPCZ/M00/A4/07/rBIBUGi2gG6AK9AFAAPtwg2AuZI349.pdf","https://tps.ybj.hunan.gov.cn/tps-local/XMHXgroupYPCZ/M00/A4/07/rBIBUGi2gMuAdtvBAAO3tvb15PI832.pdf","30g/100丸",240,63.2,"https://tps.ybj.hunan.gov.cn/tps-local/XMHXgroupYPCZ/M00/A4/08/rBIBUGi2gbeAesGGAAPQZ0aiIDo552.pdf",80,80,"吉林敖东集团金海发药业股份有限公司",189.6,{"$nulls":3},{"v":0.79,"d":"0.7900"},189.6]
[103,"ZA13BAK0215020204034","快胃片","国产","薄膜衣片","每片重0.7g","上海医药集团青岛国风药业股份有限公司","每片重0.7g×36片/盒",36,"铝塑","片","国药准字Z37021099","山东省","ZA13BAK0215020204034",19.66,"每片重0.7g",0.5461,36,"河南省","ZA13BAK0215020204034",19.66,"每片重0.7g",0.5461,36,"宁夏回族自治区","ZA13BAK0215020204034",19.66,0.5461,"https://tps.ybj.hunan.gov.cn/tps-local/XMHXgroupYPCZ/M00/A3/EB/rBIBUGi2R3eAWzh4AAZJ5wLtep0747.jpg","https://tps.ybj.hunan.gov.cn/tps-local/XMHXgroupYPCZ/M00/A3/EB/rBIBUGi2SASAR7PNAAK76Q1xZaQ836.jpg","https://tps.ybj.hunan.gov.cn/tps-local/XMHXgroupYPCZ/M00/A3/EB/rBIBUGi2SEaAOxBrAAWW2SaMHuY282.jpg","每片重0.7g",36,4.92,"https://tps.ybj.hunan.gov.cn/tps-local/XMHXgroupYPCZ/M00/A3/EB/rBIBUGi2R5WADfwIAAVVHuNbjiA515.jpg",9,9,"上海医药集团青岛国风药业股份有限公司",19.66,{"$nulls":3},{"v":0.546111111111111,"d":"0.5461"},19.66]
[104,"ZG03AAK0087010200022","抗骨质增生丸","国产","小蜜丸","每袋装3g","北京勃然制药有限公司","每袋装3g×15袋/盒",15,"铝塑复合膜包装","袋","国药准字Z20044291","江西省","ZG03AAK0087010200022",98,"每袋装3g",6.5333,15,"广西壮族自治区","ZG03AAK0087010200022",98,"每袋装3g",6.5333,15,"重庆市","ZG03AAK0087010200022",98,6.5333,"https://tps.ybj.hunan.gov.cn/tps-local/XMHXgroupYPCZ/M00/A3/EC/rBIBUGi2SVmAHMJ9AAWk7NCreec361.pdf","https://tps.ybj.hunan.gov.cn/tps-local/XMHXgroupYPCZ/M00/A3/EC/rBIBUGi2SeuAV9vSAAIi6-p2LoI912.pdf","https://tps.ybj.hunan.gov.cn/tps-local/XMHXgroupYPCZ/M00/A3/EC/rBIBUGi2SlKAFFN6AAcMJb4WaK8702.pdf","每袋装3g",15,19.6,"https://tps.ybj.hunan.gov.cn/tps-local/XMHXgroupYPCZ/M00/A3/ED/rBIBUGi2Sp6AKbhIAADckrGIfKo657.pdf",3,3,"北京勃然制药有限公司",98,{"v":13.44,"d":"13.4400"},{"v":10.752,"d":"10.7520"},null,{"v":3.584,"d":"3.5840"},53.76]
[105,"ZA09DBJ0389030101343","金匮肾气丸","国产","水蜜丸","每瓶装48g(每5粒重1g)","沈阳红药集团股份有限公司","每瓶装48g(每5粒重1g)×1瓶/盒",1,"聚乙烯瓶","瓶","国药准字Z21020744","广西壮族自治区","ZA09DBJ0389030101343",29.4,"每瓶装48g(每5粒重1g)",29.4,1,"贵州省","ZA09DBJ0389030101343",29.4,"每瓶装48g(每5粒重1g)",29.4,1,"江西省","ZA09DBJ0389030101343",29.4,29.4,"https://tps.ybj.hunan.gov.cn/tps-local/XMHXgroupYPCZ/M00/A3/E8/rBIBUGi2Q22ARRAOAAucf0pg-GE157.jpg","https://tps.ybj.hunan.gov.cn/tps-local/XMHXgroupYPCZ/M00/A3/E9/rBIBUGi2Q5qAW1JTABQltZrjE6A687.jpg","https://tps.ybj.hunan.gov.cn/tps-local/XMHXgroupYPCZ/M00/A3/E9/rBIBUGi2Q76AdmKhAAd62VBfFhs510.jpg","每瓶装48g(每5粒重1g)",1,5.59,"https://tps.ybj.hunan.gov.cn/tps-local/XMHXgroupYPCZ/M00/A3/E9/rBIBUGi2Q-6AP_8fAAgssIPzD8s246.jpg",0.17,0.21,"沈阳红药集团股份有限公司",29.4,{"v":9.5,"d":"9.5000"},{"v":7.6,"d":"7.6000"},null,{"v":29.4,"d":"29.4000"},29.4]
[106,"ZA12GAG0380020101343","冠心苏合丸","国产","大蜜丸","---","沈阳红药集团股份有限公司","-",30,"pvc铝箔泡罩包装","丸","国药准字Z21020589","广西壮族自治区","ZA12GAG0380020101343",90,"---",3,30,"贵州省","ZA12GAG0380020101343",90,"---",3,30,"江西省","ZA12GAG0380020101343",90,3,"https://tps.ybj.hunan.gov.cn/tps-local/XMHXgroupYPCZ/M00/A3/EF/rBIBUGi2TPWAZigFAAioHwoJDyw625.jpg","https://tps.ybj.hunan.gov.cn/tps-local/XMHXgroupYPCZ/M00/A3/EF/rBIBUGi2TSGAJ9jlABTP1sPnXmo499.jpg","https://tps.ybj.hunan.gov.cn/tps-local/XMHXgroupYPCZ/M00/A3/EF/rBIBUGi2TVOAQK-HAAgO1wscKus961.jpg","---",30,6,"https://tps.ybj.hunan.gov.cn/tps-local/XMHXgroupYPCZ/M00/A3/EF/rBIBUGi2TaOAENJkAAXK2JlEe04134.jpg",1,3,"沈阳红药集团股份有限公司",90,{"v":14.95,"d":"14.9500"},{"v":11.96,"d":"11.9600"},null,{"v":3,"d":"3.0000"},90]
[107,"ZD04AAR0153020101343","乳癖消片","国产","薄膜衣片","每片重0.67g","沈阳红药集团股份有限公司","每片重0.67g×36片/盒",36,"pvc铝箔泡罩包装","片","国药准字Z20003258","广西壮族自治区","ZD04AAR0153020101343",17.28,"每片重0.67g",0.48,36,"甘肃省","ZD04AAR0153020101343",17.28,"每片重0.67g",0.48,36,"陕西省","ZD04AAR0153020101343",17.28,0.48,"https://tps.ybj.hunan.gov.cn/tps-local/XMHXgroupYPCZ/M00/A3/F1/rBIBUGi2Tz6AL6aIAAf1okHvum8342.jpg","https://tps.ybj.hunan.gov.cn/tps-local/XMHXgroupYPCZ/M00/A3/F1/rBIBUGi2UEqARhO3AAh0vij1lgc575.jpg","https://tps.ybj.hunan.gov.cn/tps-local/XMHXgroupYPCZ/M00/A3/F1/rBIBUGi2T8mAT_3AAAkIG5NdJ48686.jpg","每片重0.67g",36,4.32,"https://tps.ybj.hunan.gov.cn/tps-local/XMHXgroupYPCZ/M00/A3/F2/rBIBUGi2UWyAWD1iAAY5NV2Ba3U322.pdf",9,9,"沈阳红药集团股份有限公司",17.28,{"v":4.31444444444444,"d":"4.3144"},{"v":3.45155555555556,"d":"3.4516"},null,{"v":0.383506172839506,"d":"0.3835"},13.81]
[108,"ZF02AAQ0648010179263","芪防鼻通片","国产","薄膜衣片","每片重0.47g(相当于饮片1.52g)","石家庄以岭药业股份有限公司","每片重0.47g(相当于饮片1.52g)×36片/盒",36,"聚氯乙烯固体药用硬片-药用铝箔。","片","国药准字Z20250002","贵州省","ZF02AAQ0648010179263",192,"每片重0.47g(相当于饮片1.52g)",5.3333,36,"黑龙江省","ZF02AAQ0648010179263",192,"每片重0.47g(相当于饮片1.52g)",5.3333,36,"江苏省","ZF02AAQ0648010179263",192,5.3333,"https://tps.ybj.hunan.gov.cn/tps-local/XMHXgroupYPCZ/M00/A3/E6/rBIBUGi2Pw6AYl5nAAaNgmWuPm0998.pdf","https://tps.ybj.hunan.gov.cn/tps-local/XMHXgroupYPCZ/M00/A3/E6/rBIBUGi2PzmAAseKAAdQ6_42J-c541.pdf","https://tps.ybj.hunan.gov.cn/tps-local/XMHXgroupYPCZ/M00/A3/E7/rBIBUGi2QHaAb8-qAAeXk1kZeME513.pdf","每片重0.47g(相当于饮片1.52g)",36,64,"https://tps.ybj.hunan.gov.cn/tps-local/XMHXgroupYPCZ/M00/A3/E7/rBIBUGi2QCuAZtFVAAgU9BMpG6Q310.pdf",12,12,"北京以岭药业有限公司",192,{"$nulls":3},{"v":5.33333333333333,"d":"5.3333"},192]
[109,"ZA12BAF0354010105689","复方丹参片","国产","薄膜衣片","每片重0.32g(相当于饮片0.6g)","云南省曲靖药业有限公司","每片重0.32g(相当于饮片0.6g)×60片/盒",60,"口服固体药用高密度聚乙烯瓶包装","片","国药准字Z20123011","内蒙古自治区","ZA12BAF0354010105689",5.61,"每片重0.32g(相当于饮片0.6g)",0.0935,60,"山东省","ZA12BAF0354010105689",5.61,"每片重0.32g(相当于饮片0.6g)",0.0935,60,"云南省","ZA12BAF0354010105689",5.61,0.0935,"https://tps.ybj.hunan.gov.cn/tps-local/XMHXgroupYPCZ/M00/A4/96/rBIBUGi346yAK-wFAAgUUW0YO5s160.pdf","https://tps.ybj.hunan.gov.cn/tps-local/XMHXgroupYPCZ/M00/A4/97/rBIBUGi349GAAKFwAAnlM7DT8Xg460.pdf","https://tps.ybj.hunan.gov.cn/tps-local/XMHXgroupYPCZ/M00/A4/97/rBIBUGi34_uAXdlrAAR_3WQuuss148.pdf","每片重0.32g(相当于饮片0.6g)",60,0.84,"https://tps.ybj.hunan.gov.cn/tps-local/XMHXgroupYPCZ/M00/A4/97/rBIBUGi35CuAYmiDAAdvegW7Pv4780.pdf",9,9,"云南省曲靖药业有限公司",5.61,4.9005,3.9204,null,0.0935,5.61]
[110,"ZA10BAX0659010102513","心神宁胶囊","国产","胶囊剂","每粒装0.25g","西安仁仁药业有限公司","每粒装0.25g×36粒/盒",36,"铝塑泡罩包装","粒","国药准字Z20090767","内蒙古自治区","ZA10BAX0659010102513",55.8,"每粒装0.25g",1.55,36,"辽宁省","ZA10BAX0659010102513",55.8,"每粒装0.25g",1.55,36,"海南省","ZA10BAX0659010102513",55.8,1.55,"https://tps.ybj.hunan.gov.cn/tps-local/XMHXgroupYPCZ/M00/A3/EA/rBIBUGi2RPeAUq-vAAKK2OcjnFk140.pdf","https://tps.ybj.hunan.gov.cn/tps-local/XMHXgroupYPCZ/M00/A3/EA/rBIBUGi2RP-AGDfPAAK1Jwm8BFQ623.pdf","https://tps.ybj.hunan.gov.cn/tps-local/XMHXgroupYPCZ/M00/A3/EA/rBIBUGi2RTuAU23rAAKxbKuaABo779.pdf","每粒装0.25g",36,23.25,"https://tps.ybj.hunan.gov.cn/tps-local/XMHXgroupYPCZ/M00/A3/EA/rBIBUGi2RVGADxiUAAMrQe2_1pk305.pdf",12,18,"西安仁仁药业有限公司",55.8,{"v":8.56875,"d":"8.5688"},{"v":6.855,"d":"6.8550"},null,{"v":0.457,"d":"0.4570"},16.45]
[111,"ZA16HAP0076010103422","普乐安片","国产","片剂","无","吉林佳泰制药有限公司","无×60片/盒",60,"口服固体药用高密度聚乙烯瓶","片","国药准字Z22020813","河北省","ZA16HAP0076010103422",6,"无",0.1,60,"江西省","ZA16HAP0076010103422",6,"无",0.1,60,"山东省","ZA16HAP0076010103422",6,0.1,"https://tps.ybj.hunan.gov.cn/tps-local/XMHXgroupYPCZ/M00/A3/EB/rBIBUGi2RvuAOpg9AAUAwsGOo-U683.pdf","https://tps.ybj.hunan.gov.cn/tps-local/XMHXgroupYPCZ/M00/A3/EB/rBIBUGi2R3mAfkxwAAi39MUC_Nc221.pdf","https://tps.ybj.hunan.gov.cn/tps-local/XMHXgroupYPCZ/M00/A3/EB/rBIBUGi2R7aAHQU1AAYqEoTuf1w092.pdf","无",60,1.05,"https://tps.ybj.hunan.gov.cn/tps-local/XMHXgroupYPCZ/M00/A3/EB/rBIBUGi2SBOAFMuYAAVEwE8594w731.pdf",9,12,"吉林佳泰制药有限公司",6,{"v":23.275,"d":"23.2750"},{"v":18.62,"d":"18.6200"},null,{"v":0.1,"d":"0.1000"},6]
[112,"ZA04BAQ0443010202763","清热解毒口服液","国产","合剂","每支装10ml","石家庄四药有限公司","每支装10ml×10支/盒",10,"口服液玻璃瓶","支","国药准字Z20027771","浙江省","ZA04BAQ0443010202763",35,"每支装10ml",3.5,10,"海南省","ZA04BAQ0443010202763",35,"每支装10ml",3.5,10,"贵州省","ZA04BAQ0443010202763",35,3.5,"https://tps.ybj.hunan.gov.cn/tps-local/XMHXgroupYPCZ/M00/A3/F0/rBIBUGi2TlGAcFx6AAPOJ11pKac391.jpg","https://tps.ybj.hunan.gov.cn/tps-local/XMHXgroupYPCZ/M00/A3/F0/rBIBUGi2TnSAIyoJAANF6r7qOIE516.jpg","https://tps.ybj.hunan.gov.cn/tps-local/XMHXgroupYPCZ/M00/A3/F0/rBIBUGi2TpCAb1QLAAPVe5tFI3U996.jpg","每支装10ml",10,15.75,"https://tps.ybj.hunan.gov.cn/tps-local/XMHXgroupYPCZ/M00/A3/F1/rBIBUGi2TziAQHRDAAJtiylZQvU667.jpg",3,6,"石家庄四药有限公司",35,{"v":157.5,"d":"157.5000"},{"v":126,"d":"126.0000"},null,{"v":3.5,"d":"3.5000"},35]
[113,"ZA06BBQ0240170101934","强力枇杷露","国产","糖浆剂","100ml/瓶","湖北炎黄本草药业有限公司","100ml/瓶×1瓶/盒",1,"药用聚酯瓶装","瓶","国药准字Z42021994","安徽省","ZA06BBQ0240170101934",19.5,"100ml/瓶",19.5,1,"广西壮族自治区","ZA06BBQ0240170101934",19.5,"100ml/瓶",19.5,1,"贵州省","ZA06BBQ0240170101934",19.5,19.5,"https://tps.ybj.hunan.gov.cn/tps-local/XMHXgroupYPCZ/M00/A3/F4/rBIBUGi2U_uAYmw6AADkUb4qjPo468.jpg","https://tps.ybj.hunan.gov.cn/tps-local/XMHXgroupYPCZ/M00/A3/F3/rBIBUGi2UpCAYQSzAAC7P-eOv24996.pdf","https://tps.ybj.hunan.gov.cn/tps-local/XMHXgroupYPCZ/M00/A3/F4/rBIBUGi2U86AWj0xAADSOT3Ltwk301.jpg","100ml/瓶",1,8.78,"https://tps.ybj.hunan.gov.cn/tps-local/XMHXgroupYPCZ/M00/A3/F5/rBIBUGi2VW-AYn9BAAN320gcodo469.jpg",0.45,0.45,"湖北炎黄本草药业有限公司",19.5,{"v":12.564,"d":"12.5640"},10.0512,null,{"v":19.5,"d":"19.5000"},19.5]
[114,"ZC02AAQ0328010105794","清肺散结丸","国产","丸剂","3g(每100丸重0.45g)","海南国瑞制药有限公司","3g(每100丸重0.45g)×6瓶/盒",6,"塑料瓶","瓶","国药准字Z20026833","山西省","ZC02AAQ0328010105794",700,"3g(每100丸重0.45g)",116.6667,6,"广西壮族自治区","ZC02AAQ0328010105794",700,"3g(每100丸重0.45g)",116.6667,6,"四川省","ZC02AAQ0328010105794",700,116.6667,"https://tps.ybj.hunan.gov.cn/tps-local/XMHXgroupYPCZ/M00/A3/F3/rBIBUGi2Uq-AGoEXAAJF4sL9dRc882.pdf","https://tps.ybj.hunan.gov.cn/tps-local/XMHXgroupYPCZ/M00/A3/FA/rBIBUGi2W26ASRC_AAsSaLvOaFg159.pdf","https://tps.ybj.hunan.gov.cn/tps-local/XMHXgroupYPCZ/M00/A3/F3/rBIBUGi2UwOAJgU2AAJwHgSrSHs511.pdf","3g(每100丸重0.45g)",6,233.33,"https://tps.ybj.hunan.gov.cn/tps-local/XMHXgroupYPCZ/M00/A3/FB/rBIBUGi2W4yAQMfxABGqgA7YnjY402.pdf",2,2,"海南龙圣堂制药有限公司",700,{"$nulls":3},{"v":116.666666666667,"d":"116.6667"},700]
[115,"ZA09CAL0259020203384","六味地黄胶囊","国产","胶囊剂","每粒装0.3g","通化斯威药业股份有限公司","每粒装0.3g×24粒/盒",24,"铝塑","粒","国药准字Z22023237","贵州省","ZA09CAL0259020203384",14.5,"每粒装0.3g",0.6042,24,"广西壮族自治区","ZA09CAL0259020203384",14.5,"每粒装0.3g",0.6042,24,"江西省","ZA09CAL0259020203384",14.5,0.6042,"https://tps.ybj.hunan.gov.cn/tps-local/XMHXgroupYPCZ/M00/A3/F6/rBIBUGi2VY-AX8R7AAMcm-MRwPg267.jpg","https://tps.ybj.hunan.gov.cn/tps-local/XMHXgroupYPCZ/M00/A3/F6/rBIBUGi2Vj6ASBp3AAPqYX-ZM5k445.jpg","https://tps.ybj.hunan.gov.cn/tps-local/XMHXgroupYPCZ/M00/A3/F6/rBIBUGi2VkWAO12ZAAOnId9ipZo768.jpg","每粒装0.3g",24,1.21,"https://tps.ybj.hunan.gov.cn/tps-local/XMHXgroupYPCZ/M00/A3/F7/rBIBUGi2VqWALegRAAhel7G5Rs0768.jpg",2,2,"通化斯威药业股份有限公司",14.5,{"v":3,"d":"3.0000"},{"v":2.4,"d":"2.4000"},null,{"v":0.604166666666667,"d":"0.6042"},14.5]
[116,"ZF02AAT0226010603574","通窍鼻炎片","国产","片剂(薄膜衣片)","每片重0.3g(相当于饮片1.1g)","通化斯威药业股份有限公司","每片重0.3g(相当于饮片1.1g)×54片/盒",54,"铝塑","片","国药准字Z20043438","广西壮族自治区","ZF02AAT0226010603574",43,"每片重0.3g(相当于饮片1.1g)",0.7963,54,"贵州省","ZF02AAT0226010603574",43,"每片重0.3g(相当于饮片1.1g)",0.7963,54,"江西省","ZF02AAT0226010603574",43,0.7963,"https://tps.ybj.hunan.gov.cn/tps-local/XMHXgroupYPCZ/M00/A3/F9/rBIBUGi2WayAbVjHAARJpZVf0BY458.jpg","https://tps.ybj.hunan.gov.cn/tps-local/XMHXgroupYPCZ/M00/A3/F9/rBIBUGi2WcWAZ-fkAH7ew7jdikg980.jpg","https://tps.ybj.hunan.gov.cn/tps-local/XMHXgroupYPCZ/M00/A3/F9/rBIBUGi2WdiAQ4r5AALgChra5Po342.jpg","每片重0.3g(相当于饮片1.1g)",54,14.33,"https://tps.ybj.hunan.gov.cn/tps-local/XMHXgroupYPCZ/M00/A3/F9/rBIBUGi2WfSASGjPABtE1RNJQNw857.jpg",15,21,"通化斯威药业股份有限公司",43,{"v":27,"d":"27.0000"},{"v":21.6,"d":"21.6000"},null,{"v":0.796296296296296,"d":"0.7963"},43]
[117,"ZA10AAQ0414010300415","清脑复神液","国产","合剂","每支装10ml","广州白云山花城药业有限公司","每支装10ml×18支/盒",18,"钠钙玻璃管制口服液体瓶及口服液瓶用铝塑组合盖包装","支","国药准字Z44020324","内蒙古自治区","ZA10AAQ0414010200415",29.32,"每支装10ml",2.4433,12,"吉林省","ZA10AAQ0414010200415",29.32,"每支装10ml",2.4433,12,"广西壮族自治区","ZA10AAQ0414010200415",29.32,2.4433,"https://tps.ybj.hunan.gov.cn/tps-local/XMHXgroupYPCZ/M00/A3/FB/rBIBUGi2W62AEmyTABjl4paYhpw866.jpg","https://tps.ybj.hunan.gov.cn/tps-local/XMHXgroupYPCZ/M00/A3/FB/rBIBUGi2W_-Aas2DABduo2cWog8425.jpg","https://tps.ybj.hunan.gov.cn/tps-local/XMHXgroupYPCZ/M00/A3/FB/rBIBUGi2XDyALo39AAoSvAdfg9s824.jpg","每支装10ml",12,7.33,"https://tps.ybj.hunan.gov.cn/tps-local/XMHXgroupYPCZ/M00/A3/FB/rBIBUGi2XIGAQWNzAA0YN9rIv7w212.jpg",2,4,"广州白云山花城药业有限公司",43.98,{"v":7.33,"d":"7.3300"},{"v":5.864,"d":"5.8640"},null,{"v":1.95466666666667,"d":"1.9547"},35.18]
[118,"ZA05AAJ0173010103931","健胃止疼五味胶囊","国产","胶囊剂","每粒装0.5g","乌兰浩特中蒙制药有限公司","每粒装0.5g×12粒/盒",12,"聚氯乙烯固体药用硬片-药品包装用铝箔泡罩包装","粒","国药准字Z20063509","天津市","ZA05AAJ0173010103931",55.99,"每粒装0.5g",4.6658,12,"广东省","ZA05AAJ0173010103931",55.99,"每粒装0.5g",4.6658,12,"云南省","ZA05AAJ0173010103931",55.99,4.6658,"https://tps.ybj.hunan.gov.cn/tps-local/XMHXgroupYPCZ/M00/A5/AA/rBIBUGi-e6iAa7HkAANrFIHJfLg534.pdf","https://tps.ybj.hunan.gov.cn/tps-local/XMHXgroupYPCZ/M00/A5/AA/rBIBUGi-e-2Af7iSAAI5z9keIDI882.pdf","https://tps.ybj.hunan.gov.cn/tps-local/XMHXgroupYPCZ/M00/A5/AA/rBIBUGi-fByAZzinAAJrmnsPMtw380.pdf","每粒装0.5g",12,30.33,"https://tps.ybj.hunan.gov.cn/tps-local/XMHXgroupYPCZ/M00/A5/AA/rBIBUGi-fECAH2HQAAND8Ozintc952.pdf",3,10,"乌兰浩特中蒙制药有限公司",55.99,{"$nulls":3},{"v":4.66583333333333,"d":"4.6658"},55.99]
[119,"ZA04CAY0499010202230","银黄颗粒","国产","颗粒剂","每袋装4g","四川省仁德制药有限公司","每袋装4g×12袋/盒",12,"药品包装用复合膜","袋","国药准字Z20055239","四川省","ZA04CAY0499010202230",20,"每袋装4g",1.6667,12,"重庆市","ZA04CAY0499010202230",20,"每袋装4g",1.6667,12,"贵州省","ZA04CAY0499010202230",20,1.6667,"https://tps.ybj.hunan.gov.cn/tps-local/XMHXgroupYPCZ/M00/A3/FF/rBIBUGi2YpWAdPgDAAEo2HLyOxk037.JPG","https://tps.ybj.hunan.gov.cn/tps-local/XMHXgroupYPCZ/M00/A3/FF/rBIBUGi2YriARbJAAAN8D08c-Pk841.jpg","https://tps.ybj.hunan.gov.cn/tps-local/XMHXgroupYPCZ/M00/A3/FF/rBIBUGi2YtqAGLhLAAF0fG7Gyhg974.pdf","每袋装4g",12,5,"https://tps.ybj.hunan.gov.cn/tps-local/XMHXgroupYPCZ/M00/A3/FF/rBIBUGi2YxSALR7AAAbehuohoJM084.jpg",2,4,"四川省仁德制药有限公司",20,{"v":17.09,"d":"17.0900"},{"v":13.672,"d":"13.6720"},null,{"v":1.66666666666667,"d":"1.6667"},20]
[120,"ZA09CAL0259010102875","六味地黄胶囊","国产","胶囊剂","每粒装0.3g","广西壮族自治区药物研究所有限公司","每粒装0.3g×60粒/盒",60,"铝塑泡罩","粒","国药准字Z14021831","海南省","ZA09CAL0259010102875",31.2,"每粒装0.3g",0.52,60,"江苏省","ZA09CAL0259010102875",31.2,"每粒装0.3g",0.52,60,"广西壮族自治区","ZA09CAL0259010102875",31.2,0.52,"https://tps.ybj.hunan.gov.cn/tps-local/XMHXgroupYPCZ/M00/A4/01/rBIBUGi2ZXOAa5U5AALwjBVNACw015.jpg","https://tps.ybj.hunan.gov.cn/tps-local/XMHXgroupYPCZ/M00/A4/01/rBIBUGi2ZaGAa-q-AAOcGUhthaw984.jpg","https://tps.ybj.hunan.gov.cn/tps-local/XMHXgroupYPCZ/M00/A4/01/rBIBUGi2Zc2AdUlkAAMgHrPn6zQ634.jpg","每粒装0.3g",60,1.04,"https://tps.ybj.hunan.gov.cn/tps-local/XMHXgroupYPCZ/M00/A4/03/rBIBUGi2aNmADkjUABarxewhGrM461.pdf",2,2,"广西壮族自治区药物研究所有限公司",31.2,{"v":3,"d":"3.0000"},{"v":2.4,"d":"2.4000"},null,{"v":0.52,"d":"0.5200"},31.2]
[121,"ZA06CAS0325010205176","蛇胆川贝液","国产","糖浆剂","每支10ml","广西正堂药业有限责任公司","每支10ml×8支/盒",8,"聚酯/铝/聚乙烯口服液提药用复合膜","支","国药准字Z45020758","广西壮族自治区","ZA06CAS0325010205176",19.73,"每支10ml",2.4663,8,"江西省","ZA06CAS0325010205176",19.73,"每支10ml",2.4663,8,"安徽省","ZA06CAS0325010205176",19.73,2.4663,"https://tps.ybj.hunan.gov.cn/tps-local/XMHXgroupYPCZ/M00/A4/00/rBIBUGi2ZJuAcObGAAwaZK-ds2Q399.pdf","https://tps.ybj.hunan.gov.cn/tps-local/XMHXgroupYPCZ/M00/A4/00/rBIBUGi2ZKOAJeLlACBzGn8dMa8383.pdf","https://tps.ybj.hunan.gov.cn/tps-local/XMHXgroupYPCZ/M00/A4/00/rBIBUGi2ZLSADf4PAA68x7jl2W4608.pdf","每支10ml",8,4.93,"https://tps.ybj.hunan.gov.cn/tps-local/XMHXgroupYPCZ/M00/A4/01/rBIBUGi2ZjyAI4wkAAW9kKfEKIo456.pdf",2,2,"广西正堂药业有限责任公司",19.73,{"v":22.2,"d":"22.2000"},{"v":17.76,"d":"17.7600"},null,{"v":2.46625,"d":"2.4663"},19.73]
[122,"ZA04AAY0212020202875","一清颗粒","国产","颗粒剂","每袋装7.5g","广西壮族自治区药物研究所有限公司","每袋装7.5g×12袋/盒",12,"药用复合膜","袋","国药准字Z20093569","陕西省","ZA04AAY0212020202875",19.99,"每袋装7.5g",1.6658,12,"安徽省","ZA04AAY0212020202875",19.99,"每袋装7.5g",1.6658,12,"江西省","ZA04AAY0212020202875",19.99,1.6658,"https://tps.ybj.hunan.gov.cn/tps-local/XMHXgroupYPCZ/M00/A4/03/rBIBUGi2byaAIkC9AANmOygOo1A107.jpg","https://tps.ybj.hunan.gov.cn/tps-local/XMHXgroupYPCZ/M00/A4/03/rBIBUGi2b2iANaCZAALh9hyxfko629.jpg","https://tps.ybj.hunan.gov.cn/tps-local/XMHXgroupYPCZ/M00/A4/03/rBIBUGi2b46AJ9vyAAyfYJNkLP8749.jpg","每袋装7.5g",12,4.32,"https://tps.ybj.hunan.gov.cn/tps-local/XMHXgroupYPCZ/M00/A4/04/rBIBUGi2cHyAJrkAABv--NaFX-g604.jpg",3,4,"广西壮族自治区药物研究所有限公司",14.8,{"v":28,"d":"28.0000"},{"v":22.4,"d":"22.4000"},null,{"v":1.23333333333333,"d":"1.2333"},14.8]
[123,"ZA04CCL0297020203830","龙胆泻肝片","国产","糖衣片","无","广西壮族自治区药物研究所有限公司","无×100片/瓶",100,"口服固体药用高密度聚乙烯瓶","片","国药准字Z23021935","海南省","ZA04CCL0297020203830",19.8,"无",0.198,100,"安徽省","ZA04CCL0297020203830",19.8,"无",0.198,100,"贵州省","ZA04CCL0297020203830",19.8,0.198,"https://tps.ybj.hunan.gov.cn/tps-local/XMHXgroupYPCZ/M00/A4/04/rBIBUGi2cV-AUox-AA_nBwRwKsg831.jpg","https://tps.ybj.hunan.gov.cn/tps-local/XMHXgroupYPCZ/M00/A4/04/rBIBUGi2cX2AZGAAAAwhrkaNHjg180.jpg","https://tps.ybj.hunan.gov.cn/tps-local/XMHXgroupYPCZ/M00/A4/04/rBIBUGi2cZqANxo6AAuzesGFGYw542.jpg","无",100,2.57,"https://tps.ybj.hunan.gov.cn/tps-local/XMHXgroupYPCZ/M00/A4/04/rBIBUGi2cTCAJ3NKAEFcwbSexrw932.jpg",8,18,"广西壮族自治区药物研究所有限公司",19.8,{"v":12.4583333333333,"d":"12.4583"},{"v":9.96666666666667,"d":"9.9667"},null,{"v":0.198,"d":"0.1980"},19.8]
[124,"ZG01AAS0084021303414","三七伤药片","国产","糖衣片","无","吉林省红石药业有限公司","无×48片/盒",48,"药用PVC硬片,药品包装用PTP铝箔。","片","国药准字Z22023756","江西省","ZG01AAS0084021303414",21.39,"无",0.4456,48,"内蒙古自治区","ZG01AAS0084021303414",21.39,"无",0.4456,48,"辽宁省","ZG01AAS0084021303414",21.39,0.4456,"https://tps.ybj.hunan.gov.cn/tps-local/XMHXgroupYPCZ/M00/A4/05/rBIBUGi2ehiAXdNxAAO-5Qrj1-I753.jpg","https://tps.ybj.hunan.gov.cn/tps-local/XMHXgroupYPCZ/M00/A4/05/rBIBUGi2ejuAYlv5AAQgHc6grtI897.jpg","https://tps.ybj.hunan.gov.cn/tps-local/XMHXgroupYPCZ/M00/A4/05/rBIBUGi2elGAAYK2AAS-G9r0AzU953.jpg","无",48,4.01,"https://tps.ybj.hunan.gov.cn/tps-local/XMHXgroupYPCZ/M00/A4/04/rBIBUGi2dk6AZieTAAfeky0TJ64531.pdf",9,9,"吉林省红石药业有限公司",21.39,{"v":13.5,"d":"13.5000"},{"v":10.8,"d":"10.8000"},null,{"v":0.445625,"d":"0.4456"},21.39]
[125,"ZG01AAS0084021603414","三七伤药片","国产","糖衣片","无","吉林省红石药业有限公司","无×56片/盒",56,"药用PVC硬片,药品包装用PTP铝箔。","片","国药准字Z22023756","江西省","ZG01AAS0084021603414",24.95,"无",0.4455,56,"内蒙古自治区","ZG01AAS0084021603414",24.95,"无",0.4455,56,"安徽省","ZG01AAS0084021603414",24.95,0.4455,"https://tps.ybj.hunan.gov.cn/tps-local/XMHXgroupYPCZ/M00/A4/05/rBIBUGi2e4CAfb_dAAO6Z10xYYs889.jpg","https://tps.ybj.hunan.gov.cn/tps-local/XMHXgroupYPCZ/M00/A4/05/rBIBUGi2e5SAWG2jAAQiWZoveL8733.jpg","https://tps.ybj.hunan.gov.cn/tps-local/XMHXgroupYPCZ/M00/A4/05/rBIBUGi2e7aAeHA3AAPbdCvN-ec889.jpg","无",56,4.01,"https://tps.ybj.hunan.gov.cn/tps-local/XMHXgroupYPCZ/M00/A4/05/rBIBUGi2e-yAO8tuAAEqBwfbsxc708.pdf",9,9,"吉林省红石药业有限公司",24.95,{"v":13.5,"d":"13.5000"},{"v":10.8,"d":"10.8000"},null,{"v":0.445535714285714,"d":"0.4455"},24.95]
[126,"ZF02AAT0226010703414","通窍鼻炎片","国产","片剂","每基片重0.35g","吉林省红石药业有限公司","每基片重0.35g×56片/盒",56,"药用PVC硬片,药品包装用PTP铝箔","片","国药准字Z20064458","江苏省","ZF02AAT0226010703414",48.48,"每基片重0.35g",0.8657,56,"内蒙古自治区","ZF02AAT0226010703414",48.48,"每基片重0.35g",0.8657,56,"江西省","ZF02AAT0226010703414",48.48,0.8657,"https://tps.ybj.hunan.gov.cn/tps-local/XMHXgroupYPCZ/M00/A4/88/rBIBUGi308-ASbzJAAjUDcESqBo354.jpg","https://tps.ybj.hunan.gov.cn/tps-local/XMHXgroupYPCZ/M00/A4/89/rBIBUGi31HuAMi7sAAQkGz7MMPo709.jpg","https://tps.ybj.hunan.gov.cn/tps-local/XMHXgroupYPCZ/M00/A4/89/rBIBUGi31PeALaYgAAO8RWDLMls918.jpg","每基片重0.35g",56,15.58,"https://tps.ybj.hunan.gov.cn/tps-local/XMHXgroupYPCZ/M00/A4/89/rBIBUGi31WSAVWmEAAFKXVebubw648.pdf",15,21,"吉林省红石药业有限公司",48.48,{"v":27,"d":"27.0000"},{"v":21.6,"d":"21.6000"},null,{"v":0.865714285714286,"d":"0.8657"},48.48]
[127,"ZF02AAT0226030303414","通窍鼻炎片","国产","片剂(糖衣片)","每基片重0.35g","吉林省红石药业有限公司","每基片重0.35g×24片/盒",24,"药用PVC硬片,药品包装用PTP铝箔","片","国药准字Z20064458","内蒙古自治区","ZF02AAT0226030303414",20.78,"每基片重0.35g",0.8658,24,"江西省","ZF02AAT0226030303414",20.78,"每基片重0.35g",0.8658,24,"辽宁省","ZF02AAT0226030303414",20.78,0.8658,"https://tps.ybj.hunan.gov.cn/tps-local/XMHXgroupYPCZ/M00/A4/8F/rBIBUGi32vyAOZsRAAQcrZyGLXI418.jpg","https://tps.ybj.hunan.gov.cn/tps-local/XMHXgroupYPCZ/M00/A4/8F/rBIBUGi32xyAD3pzAAO5ZXXjYN0776.jpg","https://tps.ybj.hunan.gov.cn/tps-local/XMHXgroupYPCZ/M00/A4/8F/rBIBUGi321eAYkZ1AATjfA_W0q8392.jpg","每基片重0.35g",24,15.59,"https://tps.ybj.hunan.gov.cn/tps-local/XMHXgroupYPCZ/M00/A4/8F/rBIBUGi32taALTdoAAEwGnCUuFM262.pdf",15,21,"吉林省红石药业有限公司",20.78,{"v":27,"d":"27.0000"},{"v":21.6,"d":"21.6000"},null,{"v":0.865833333333333,"d":"0.8658"},20.78]
[128,"ZA06AAX0739020101945","杏苏止咳颗粒","国产","颗粒剂","每袋相当于饮片3.588g(每袋装6克)","健民集团叶开泰国药(随州)有限公司","每袋相当于饮片3.588g(每袋装6克)×9袋/盒",9,"双向拉伸聚酯/铝箔/低密度聚乙烯药品包装用复合膜、袋包装","袋","国药准字Z42020608","江苏省","ZA06AAX0739020101945",48,"每袋相当于饮片3.588g(每袋装6克)",5.3333,9,"吉林省","ZA06AAX0739020101945",48,"每袋相当于饮片3.588g(每袋装6克)",5.3333,9,"湖北省","ZA06AAX0739020101945",48,5.3333,"https://tps.ybj.hunan.gov.cn/tps-local/XMHXgroupYPCZ/M00/A4/08/rBIBUGi2geGAeoAnAAWxI8vszDg544.pdf","https://tps.ybj.hunan.gov.cn/tps-local/XMHXgroupYPCZ/M00/A4/08/rBIBUGi2gfiAeejVAALLDEOMwKc892.pdf","https://tps.ybj.hunan.gov.cn/tps-local/XMHXgroupYPCZ/M00/A4/08/rBIBUGi2ghaAUjl5AATuBHYs0Lc701.pdf","每袋相当于饮片3.588g(每袋装6克)",9,16,"https://tps.ybj.hunan.gov.cn/tps-local/XMHXgroupYPCZ/M00/A4/08/rBIBUGi2gdOAbUKMAAUtb70mLLA656.pdf",3,3,"健民集团叶开泰国药（随州）有限公司",48,{"v":69,"d":"69.0000"},{"v":55.2,"d":"55.2000"},null,{"v":5.33333333333333,"d":"5.3333"},48]
[129,"ZA09HAS0501020103414","生脉饮","国产","合剂","每支装10ml","吉林省红石药业有限公司","每支装10ml×6支/盒",6,"钠钙玻璃管制口服液体瓶,铝塑组合盖","支","国药准字Z22022427","广西壮族自治区","ZA09HAS0501020103414",29.8,"每支装10ml",4.9667,6,"江苏省","ZA09HAS0501020103414",29.8,"每支装10ml",4.9667,6,"辽宁省","ZA09HAS0501020103414",29.8,4.9667,"https://tps.ybj.hunan.gov.cn/tps-local/XMHXgroupYPCZ/M00/A4/8A/rBIBUGi3132AWrXKAAQU5ZraJgY842.jpg","https://tps.ybj.hunan.gov.cn/tps-local/XMHXgroupYPCZ/M00/A4/8B/rBIBUGi31-SAK-mDAAQ7OBt5QaU356.jpg","https://tps.ybj.hunan.gov.cn/tps-local/XMHXgroupYPCZ/M00/A4/8B/rBIBUGi32A-AVjD8AASEVTLGNW4282.jpg","每支装10ml",6,14.9,"https://tps.ybj.hunan.gov.cn/tps-local/XMHXgroupYPCZ/M00/A4/8A/rBIBUGi31yuACM9ZAADupNPydlg521.pdf",3,3,"吉林省红石药业有限公司",29.8,{"v":32.25,"d":"32.2500"},{"v":25.8,"d":"25.8000"},null,{"v":4.96666666666667,"d":"4.9667"},29.8]
[130,"ZA09HAS0501030103414","生脉饮","国产","合剂","每支装10毫升","吉林省红石药业有限公司","每支装10毫升×12支/盒",12,"钠钙玻璃管制口服液体瓶,铝塑组合盖","支","国药准字Z22022427","辽宁省","ZA09HAS0501030103414",59.6,"每支装10毫升",4.9667,12,"江苏省","ZA09HAS0501030103414",59.6,"每支装10毫升",4.9667,12,"内蒙古自治区","ZA09HAS0501030103414",59.6,4.9667,"https://tps.ybj.hunan.gov.cn/tps-local/XMHXgroupYPCZ/M00/A4/8C/rBIBUGi32LaAcP2GAATIfxr2hBc859.jpg","https://tps.ybj.hunan.gov.cn/tps-local/XMHXgroupYPCZ/M00/A4/8C/rBIBUGi32NWAZ-PfAARpEp78zto728.jpg","https://tps.ybj.hunan.gov.cn/tps-local/XMHXgroupYPCZ/M00/A4/8C/rBIBUGi32UmAb-KOAAPq229wNQU352.jpg","每支装10毫升",12,14.9,"https://tps.ybj.hunan.gov.cn/tps-local/XMHXgroupYPCZ/M00/A4/8D/rBIBUGi32bmAcn9mABBxV_1zCkI310.pdf",3,3,"吉林省红石药业有限公司",59.6,{"v":32.25,"d":"32.2500"},{"v":25.8,"d":"25.8000"},null,{"v":4.96666666666667,"d":"4.9667"},59.6]
[131,"ZA06CBX0443020405548","小儿麻甘颗粒","国产","颗粒剂","每袋装2.5g","贵州颐和药业有限公司","每袋装2.5g×14袋/盒",14,"药用复合膜包装","袋","国药准字Z20064110","贵州省","ZA06CBX0443020405548",21.42,"每袋装2.5g",1.53,14,"宁夏回族自治区","ZA06CBX0443020405548",21.42,"每袋装2.5g",1.53,14,"内蒙古自治区","ZA06CBX0443020405548",21.42,1.53,"https://tps.ybj.hunan.gov.cn/tps-local/XMHXgroupYPCZ/M00/A4/0B/rBIBUGi2hyOAaMl7AAE-3ez13tA222.pdf","https://tps.ybj.hunan.gov.cn/tps-local/XMHXgroupYPCZ/M00/A4/0B/rBIBUGi2hyeABKDGAASUd5YxdJA967.pdf","https://tps.ybj.hunan.gov.cn/tps-local/XMHXgroupYPCZ/M00/A4/0B/rBIBUGi2hyuAMDtqAAFskqBQKTs632.pdf","每袋装2.5g",14,4.04,"https://tps.ybj.hunan.gov.cn/tps-local/XMHXgroupYPCZ/M00/A4/0B/rBIBUGi2h1KAV2_FAAd9JMQWlf8130.pdf",1.28,4,"贵州颐和药业有限公司",21.42,{"v":5.369375,"d":"5.3694"},4.2955,null,{"v":1.53,"d":"1.5300"},21.42]
[132,"ZA01BAW0054020105137","维C银翘片","国产","糖衣片","每片含维生素C49.5毫克、对乙酰氨基酚105毫克、马来酸氯苯那敏1.05毫克","广西日田药业集团有限责任公司","每片含维生素C49.5毫克、对乙酰氨基酚105毫克、马来酸氯苯那敏1.05毫克×30片/盒",30,"药品包装用铝箔/聚氯乙烯固体药用硬片","片","国药准字Z45021007","贵州省","ZA01BAW0054020105137",16.5,"每片含维生素C49.5毫克、对乙酰氨基酚105毫克、马来酸氯苯那敏1.05毫克",0.55,30,"陕西省","ZA01BAW0054020105137",16.5,"每片含维生素C49.5毫克、对乙酰氨基酚105毫克、马来酸氯苯那敏1.05毫克",0.55,30,"黑龙江省","ZA01BAW0054020105137",16.5,0.55,"https://tps.ybj.hunan.gov.cn/tps-local/XMHXgroupYPCZ/M00/A4/14/rBIBUGi2ku2AOYskAAPnwYQR9dI050.pdf","https://tps.ybj.hunan.gov.cn/tps-local/XMHXgroupYPCZ/M00/A4/14/rBIBUGi2kvKAALiKAAFj3MmA2Hg843.pdf","https://tps.ybj.hunan.gov.cn/tps-local/XMHXgroupYPCZ/M00/A4/14/rBIBUGi2kveADAe4AAaE96RQ7jM870.pdf","每片含维生素C49.5毫克、对乙酰氨基酚105毫克、马来酸氯苯那敏1.05毫克",30,2.2,"https://tps.ybj.hunan.gov.cn/tps-local/XMHXgroupYPCZ/M00/A4/14/rBIBUGi2ky2AFvlUAAuQhKkujBw775.pdf",2,6,"广西日田药业集团有限责任公司",16.5,{"v":2.15,"d":"2.1500"},{"v":1.72,"d":"1.7200"},null,{"v":0.43,"d":"0.4300"},12.9]
[133,"ZA04AAN0132010102952","牛黄上清丸","国产","大蜜丸","每丸重6g(人工牛黄)","山西辅仁恒峰药业有限公司","每丸重6g(人工牛黄)×10丸/盒",10,"聚氯乙烯固体药用硬片/药用铝箔","丸","国药准字Z20194139","广东省","ZA04AAN0132010102952",94.32,"每丸重6g(人工牛黄)",9.432,10,"重庆市","ZA04AAN0132010102952",94.32,"每丸重6g(人工牛黄)",9.432,10,"黑龙江省","ZA04AAN0132010102952",94.32,9.432,"https://tps.ybj.hunan.gov.cn/tps-local/XMHXgroupYPCZ/M00/A4/19/rBIBUGi2mhCACKwPAAcniPqJcfw570.pdf","https://tps.ybj.hunan.gov.cn/tps-local/XMHXgroupYPCZ/M00/A4/19/rBIBUGi2mj2AAK-UAAU7PorXgTg913.pdf","https://tps.ybj.hunan.gov.cn/tps-local/XMHXgroupYPCZ/M00/A4/19/rBIBUGi2mmiAauqbAAW_aZ5uQjM365.pdf","每丸重6g(人工牛黄)",10,14.15,"https://tps.ybj.hunan.gov.cn/tps-local/XMHXgroupYPCZ/M00/A4/19/rBIBUGi2moiAOMouAAU5B5lniw0045.pdf",1,2,"山西辅仁恒峰药业有限公司",94.32,{"v":26.32,"d":"26.3200"},{"v":21.056,"d":"21.0560"},null,{"v":9.432,"d":"9.4320"},94.32]
[134,"ZA15GAX0565010102952","小活络丸","国产","大蜜丸","每丸重3g","山西辅仁恒峰药业有限公司","每丸重3g×10丸/盒",10,"聚氯乙烯固体药用硬片/药用铝箔","丸","国药准字Z20204059","重庆市","ZA15GAX0565010102952",72.63,"每丸重3g",7.263,10,"黑龙江省","ZA15GAX0565010102952",72.63,"每丸重3g",7.263,10,"广东省","ZA15GAX0565010102952",72.63,7.263,"https://tps.ybj.hunan.gov.cn/tps-local/XMHXgroupYPCZ/M00/A4/18/rBIBUGi2mSyAPdwvAAR_CFbXcTk991.pdf","https://tps.ybj.hunan.gov.cn/tps-local/XMHXgroupYPCZ/M00/A4/18/rBIBUGi2mV6AQZeSAAYhT__3_PY130.pdf","https://tps.ybj.hunan.gov.cn/tps-local/XMHXgroupYPCZ/M00/A4/18/rBIBUGi2mZeAEh0CAAjQLLp2pD0547.pdf","每丸重3g",10,10.89,"https://tps.ybj.hunan.gov.cn/tps-local/XMHXgroupYPCZ/M00/A4/19/rBIBUGi2mbKALUxtAAVObEm_YIY713.pdf",1,2,"山西辅仁恒峰药业有限公司",72.63,{"v":25.3333333333333,"d":"25.3333"},{"v":20.2666666666667,"d":"20.2667"},null,{"v":7.263,"d":"7.2630"},72.63]
[135,"ZA04BAB0189010102967","板蓝根颗粒","国产","颗粒剂","10g","山西辅仁恒峰药业有限公司","10g×10袋/盒",10,"药用复合膜袋","袋","国药准字Z14020898","广西壮族自治区","ZA04BAB0189010102967",15.73,"10g",1.573,10,"重庆市","ZA04BAB0189010102967",15.73,"10g",1.573,10,"黑龙江省","ZA04BAB0189010102967",15.73,1.573,"https://tps.ybj.hunan.gov.cn/tps-local/XMHXgroupYPCZ/M00/A4/18/rBIBUGi2mEWAPTR5AAqY4dMuUpQ895.pdf","https://tps.ybj.hunan.gov.cn/tps-local/XMHXgroupYPCZ/M00/A4/18/rBIBUGi2mHKAA9Z4AAXJ2uF8aFI166.pdf","https://tps.ybj.hunan.gov.cn/tps-local/XMHXgroupYPCZ/M00/A4/18/rBIBUGi2mJuAdDgeAA0JsZBudks142.pdf","10g",10,4.33,"https://tps.ybj.hunan.gov.cn/tps-local/XMHXgroupYPCZ/M00/A4/18/rBIBUGi2mK6AKZCTAAelObrnOhw644.pdf",1.5,4,"山西辅仁恒峰药业有限公司",15.73,{"v":17.809,"d":"17.8090"},14.2472,null,{"v":1.573,"d":"1.5730"},15.73]
[136,"ZA04BAB0189010202967","板蓝根颗粒","国产","颗粒剂","每袋装10g","山西辅仁恒峰药业有限公司","每袋装10g×20袋/包",20,"药用复合膜袋","袋","国药准字Z14020898","广西壮族自治区","ZA04BAB0189010202967",31.47,"每袋装10g",1.5735,20,"重庆市","ZA04BAB0189010202967",31.47,"每袋装10g",1.5735,20,"黑龙江省","ZA04BAB0189010202967",31.47,1.5735,"https://tps.ybj.hunan.gov.cn/tps-local/XMHXgroupYPCZ/M00/A4/16/rBIBUGi2la6AJy1UAAqY4dMuUpQ635.pdf","https://tps.ybj.hunan.gov.cn/tps-local/XMHXgroupYPCZ/M00/A4/16/rBIBUGi2ldqAX81lAAWlqNTSpyQ013.pdf","https://tps.ybj.hunan.gov.cn/tps-local/XMHXgroupYPCZ/M00/A4/16/rBIBUGi2lgWAS7FNAA0JsZBudks469.pdf","每袋装10g",20,4.33,"https://tps.ybj.hunan.gov.cn/tps-local/XMHXgroupYPCZ/M00/A4/16/rBIBUGi2lpeAV7jHAAV6KZalU_s434.pdf",1.5,4,"山西辅仁恒峰药业有限公司",31.47,{"v":17.809,"d":"17.8090"},14.2472,null,1.5735,31.47]
[137,"ZA06CAJ0692010102952","橘红丸","国产","大蜜丸","每丸重6g","山西辅仁恒峰药业有限公司","每丸重6g×10丸/盒",10,"聚氯乙烯固体药用硬片/药用铝箔","丸","国药准字Z20194098","重庆市","ZA06CAJ0692010102952",39.65,"每丸重6g",3.965,10,"黑龙江省","ZA06CAJ0692010102952",39.65,"每丸重6g",3.965,10,"广东省","ZA06CAJ0692010102952",39.65,3.965,"https://tps.ybj.hunan.gov.cn/tps-local/XMHXgroupYPCZ/M00/A4/15/rBIBUGi2lNSAeXntAAf2Op4raYQ326.pdf","https://tps.ybj.hunan.gov.cn/tps-local/XMHXgroupYPCZ/M00/A4/15/rBIBUGi2lQKAfVR9AAUVXecHFik015.pdf","https://tps.ybj.hunan.gov.cn/tps-local/XMHXgroupYPCZ/M00/A4/15/rBIBUGi2lTuAP5ciAAfJfkAbTY8878.pdf","每丸重6g",10,5.95,"https://tps.ybj.hunan.gov.cn/tps-local/XMHXgroupYPCZ/M00/A4/15/rBIBUGi2lVGAWWUlAAdueRGzaII211.pdf",1,2,"山西辅仁恒峰药业有限公司",39.65,{"v":28.8,"d":"28.8000"},{"v":23.04,"d":"23.0400"},null,{"v":3.965,"d":"3.9650"},39.65]
[138,"ZA09ABJ0136010102952","健脾丸","国产","大蜜丸","每丸重9g","山西辅仁恒峰药业有限公司","每丸重9g×10丸/盒",10,"聚氯乙烯固体药用硬片/药用铝箔","丸","国药准字Z20194095","黑龙江省","ZA09ABJ0136010102952",71.38,"每丸重9g",7.138,10,"重庆市","ZA09ABJ0136010102952",71.38,"每丸重9g",7.138,10,"广东省","ZA09ABJ0136010102952",71.38,7.138,"https://tps.ybj.hunan.gov.cn/tps-local/XMHXgroupYPCZ/M00/A4/15/rBIBUGi2k-SAdHkjAAaGPW8g7eA549.pdf","https://tps.ybj.hunan.gov.cn/tps-local/XMHXgroupYPCZ/M00/A4/15/rBIBUGi2lBWAFlBJAAYbAAmMLV4702.pdf","https://tps.ybj.hunan.gov.cn/tps-local/XMHXgroupYPCZ/M00/A4/15/rBIBUGi2lEmAexDXAAmT9q9ScKQ655.pdf","每丸重9g",10,10.71,"https://tps.ybj.hunan.gov.cn/tps-local/XMHXgroupYPCZ/M00/A4/15/rBIBUGi2lGeAEVEZAAYqn7KNfhk080.jpg",1,2,"山西辅仁恒峰药业有限公司",71.38,{"v":16.9,"d":"16.9000"},{"v":13.52,"d":"13.5200"},null,{"v":7.138,"d":"7.1380"},71.38]
[139,"ZA09CAL0264040102952","六味地黄丸","国产","大蜜丸","每丸重9g","山西辅仁恒峰药业有限公司","每丸重9g×10丸/盒",10,"聚氯乙烯固体药用硬片/药用铝箔","丸","国药准字Z20204095","黑龙江省","ZA09CAL0264040102952",55.55,"每丸重9g",5.555,10,"重庆市","ZA09CAL0264040102952",55.55,"每丸重9g",5.555,10,"广东省","ZA09CAL0264040102952",55.55,5.555,"https://tps.ybj.hunan.gov.cn/tps-local/XMHXgroupYPCZ/M00/A4/14/rBIBUGi2kjaAYDM9AAQ-ZR4Pnec774.pdf","https://tps.ybj.hunan.gov.cn/tps-local/XMHXgroupYPCZ/M00/A4/14/rBIBUGi2kqGAByPuAAULdnVTrKo739.pdf","https://tps.ybj.hunan.gov.cn/tps-local/XMHXgroupYPCZ/M00/A4/14/rBIBUGi2kxCACPniAAjC3I94CFo464.pdf","每丸重9g",10,8.33,"https://tps.ybj.hunan.gov.cn/tps-local/XMHXgroupYPCZ/M00/A4/14/rBIBUGi2k0-AbbhyAAbKtaFFbj4019.pdf",1,2,"山西辅仁恒峰药业有限公司",55.55,{"v":9.97,"d":"9.9700"},{"v":7.976,"d":"7.9760"},null,{"v":5.31733333333333,"d":"5.3173"},53.17]
[140,"ZA13BAY0677010102897","元胡止痛片","国产","片剂(糖衣片)","片心重0.25克","广西十万山制药有限公司","片心重0.25克×100片/瓶",100,"口服固体药用高密度聚乙烯瓶","片","国药准字Z14020069","江西省","ZA13BAY0677010102897",24.5,"片心重0.25克",0.245,100,"重庆市","ZA13BAY0677010102897",24.5,"片心重0.25克",0.245,100,"广西壮族自治区","ZA13BAY0677010102897",24.5,0.245,"https://tps.ybj.hunan.gov.cn/tps-local/XMHXgroupYPCZ/M00/A4/1A/rBIBUGi2nI-AI1omAAL-s4hauTc764.jpg","https://tps.ybj.hunan.gov.cn/tps-local/XMHXgroupYPCZ/M00/A4/1A/rBIBUGi2nKWATiOaAAOz3WrBBbc460.jpg","https://tps.ybj.hunan.gov.cn/tps-local/XMHXgroupYPCZ/M00/A4/1A/rBIBUGi2nL-AaukFAAuSGIMYQKQ079.jpg","片心重0.25克",100,1.73,"https://tps.ybj.hunan.gov.cn/tps-local/XMHXgroupYPCZ/M00/A4/1B/rBIBUGi2nj2AVQ9LABfnPJLqBDQ112.jpg",12,18,"广西十万山制药有限公司",11.5,{"v":24.875,"d":"24.8750"},{"v":19.9,"d":"19.9000"},null,{"v":0.115,"d":"0.1150"},11.5]
[141,"ZA04AAN0111010402897","牛黄解毒片","国产","糖衣片","每片重0.28g(人工牛黄)","广西十万山制药有限公司","每片重0.28g(人工牛黄)×48片/盒",48,"聚氯乙烯固体药用硬片和药品包装用铝箔","片","国药准字Z14020067","海南省","ZA04AAN0111010402897",16,"每片重0.28g(人工牛黄)",0.3333,48,"江西省","ZA04AAN0111010402897",16,"每片重0.28g(人工牛黄)",0.3333,48,"安徽省","ZA04AAN0111010402897",16,0.3333,"https://tps.ybj.hunan.gov.cn/tps-local/XMHXgroupYPCZ/M00/A4/1D/rBIBUGi2n7mAOb0nAA7Q6W1cJPw142.jpg","https://tps.ybj.hunan.gov.cn/tps-local/XMHXgroupYPCZ/M00/A4/1D/rBIBUGi2n8CAckwRAAvfYh2Ef2E737.jpg","https://tps.ybj.hunan.gov.cn/tps-local/XMHXgroupYPCZ/M00/A4/1D/rBIBUGi2n8eAKwPFAAs6dCY33_A595.jpg","每片重0.28g(人工牛黄)",48,2.5,"https://tps.ybj.hunan.gov.cn/tps-local/XMHXgroupYPCZ/M00/A4/1C/rBIBUGi2n3WABoEVAADjuuHQh4A797.jpg",6,9,"广西十万山制药有限公司",16,{"v":14.55,"d":"14.5500"},{"v":11.64,"d":"11.6400"},null,{"v":0.333333333333333,"d":"0.3333"},16]
[142,"ZA10BAY0113010202897","养血安神片","国产","片剂(糖衣片)","每片重0.3克","广西十万山制药有限公司","每片重0.3克×100片/瓶",100,"口服固体药用高密度聚乙烯瓶","片","国药准字Z14020068","海南省","ZA10BAY0113010202897",29.6,"每片重0.3克",0.296,100,"安徽省","ZA10BAY0113010202897",29.6,"每片重0.3克",0.296,100,"贵州省","ZA10BAY0113010202897",29.6,0.296,"https://tps.ybj.hunan.gov.cn/tps-local/XMHXgroupYPCZ/M00/A4/1E/rBIBUGi2oWmAcaLcAA-32n73Igs687.jpg","https://tps.ybj.hunan.gov.cn/tps-local/XMHXgroupYPCZ/M00/A4/1E/rBIBUGi2oXCAKVfeAA5-upX63og777.jpg","https://tps.ybj.hunan.gov.cn/tps-local/XMHXgroupYPCZ/M00/A4/1E/rBIBUGi2oXaAI1SBAA1SSQCK50c924.jpg","每片重0.3克",100,2.93,"https://tps.ybj.hunan.gov.cn/tps-local/XMHXgroupYPCZ/M00/A4/1E/rBIBUGi2oZSAPM2YADv87TZP0tc888.jpg",15,15,"广西十万山制药有限公司",19.5,{"v":9.15,"d":"9.1500"},{"v":7.32,"d":"7.3200"},null,{"v":0.195,"d":"0.1950"},19.5]
[143,"ZA01BAF0399010305792","复方感冒灵片","国产","片剂(糖衣片)","每片含原药材6.25g;含对乙酰氨基酚42mg","广西十万山制药有限公司","每片含原药材6.25g;含对乙酰氨基酚42mg×48片/盒",48,"聚氯乙烯固体药用硬片和药品包装用铝箔","片","国药准字Z46020075","广西壮族自治区","ZA01BAF0399010305792",12.6,"每片含原药材6.25g;含对乙酰氨基酚42mg",0.2625,48,"贵州省","ZA01BAF0399010305792",12.6,"每片含原药材6.25g;含对乙酰氨基酚42mg",0.2625,48,"江西省","ZA01BAF0399010305792",12.6,0.2625,"https://tps.ybj.hunan.gov.cn/tps-local/XMHXgroupYPCZ/M00/A4/1E/rBIBUGi2oqmAE7efAA1nTM7fEj4777.jpg","https://tps.ybj.hunan.gov.cn/tps-local/XMHXgroupYPCZ/M00/A4/1E/rBIBUGi2orCAIjtaAA56KrUMN4Q297.jpg","https://tps.ybj.hunan.gov.cn/tps-local/XMHXgroupYPCZ/M00/A4/1E/rBIBUGi2oraAdq2oAAoa8AqfD0w066.jpg","每片含原药材6.25g;含对乙酰氨基酚42mg",48,1.5,"https://tps.ybj.hunan.gov.cn/tps-local/XMHXgroupYPCZ/M00/A4/1E/rBIBUGi2om6AQ_-tAB_TkFw0ARc735.jpg",12,12,"广西十万山制药有限公司",6,{"v":4.01,"d":"4.0100"},{"v":3.208,"d":"3.2080"},null,{"v":0.125,"d":"0.1250"},6]
[144,"ZA09CAL0264020405693","六味地黄丸","国产","丸剂","6g","云南腾药制药股份有限公司","6g×60袋/盒",60,"药用复合膜","袋","国药准字Z53020393","江苏省","ZA09CAL0264020405693",130.4,"6g",2.1733,60,"贵州省","ZA09CAL0264020405693",130.4,"6g",2.1733,60,"广西壮族自治区","ZA09CAL0264020405693",130.4,2.1733,"https://tps.ybj.hunan.gov.cn/tps-local/XMHXgroupYPCZ/M00/A4/1D/rBIBUGi2n7qAJX_OAANS8hTMnJ0633.pdf","https://tps.ybj.hunan.gov.cn/tps-local/XMHXgroupYPCZ/M00/A4/1D/rBIBUGi2n7yAdJzYAAMEZ57E8zk505.pdf","https://tps.ybj.hunan.gov.cn/tps-local/XMHXgroupYPCZ/M00/A4/1D/rBIBUGi2n7-AMtlSAAHHgDPajiA506.pdf","6g",60,4.35,"https://tps.ybj.hunan.gov.cn/tps-local/XMHXgroupYPCZ/M00/A4/1D/rBIBUGi2oAGAD2lOAAt46L9RmGo944.pdf",2,2,"云南腾药制药股份有限公司",130.4,{"v":9.97,"d":"9.9700"},{"v":7.976,"d":"7.9760"},null,{"v":2.17333333333333,"d":"2.1733"},130.4]
[145,"ZI01AAS0658010105750","石榴健胃丸","国产","丸剂","每10丸重6g","西藏雄巴拉曲神水藏药有限公司","每10丸重6g×48丸/盒",48,"铝塑泡罩","丸","国药准字Z20023303","河北省","ZI01AAS0658010105750",68.66,"每10丸重6g",1.4304,48,"浙江省","ZI01AAS0658010105750",68.66,"每10丸重6g",1.4304,48,"安徽省","ZI01AAS0658010105750",68.66,1.4304,"https://tps.ybj.hunan.gov.cn/tps-local/XMHXgroupYPCZ/M00/A4/A0/rBIBUGi37_WAD8BBABZbZCSkyvY829.jpg","https://tps.ybj.hunan.gov.cn/tps-local/XMHXgroupYPCZ/M00/A4/A0/rBIBUGi38DqAPMqGABRcGbzE_80819.jpg","https://tps.ybj.hunan.gov.cn/tps-local/XMHXgroupYPCZ/M00/A4/A0/rBIBUGi38FqALTXbABDJn-hkf9M671.jpg","每10丸重6g",48,9.3,"https://tps.ybj.hunan.gov.cn/tps-local/XMHXgroupYPCZ/M00/A4/A1/rBIBUGi38U2APXvWAAoNBxv_mGM498.pdf",4,9,"西藏雄巴拉曲神水藏药有限公司",68.66,{"$nulls":3},{"v":1.43041666666667,"d":"1.4304"},68.66]
[146,"ZI01AAE0060010105750","二十味沉香丸","国产","丸剂","每10丸重5.6g","西藏雄巴拉曲神水藏药有限公司","每10丸重5.6g×48丸/盒",48,"铝塑泡罩","丸","国药准字Z54020149","北京市","ZI01AAE0060010105750",73.15,"每10丸重5.6g",1.524,48,"山东省","ZI01AAE0060010105750",73.15,"每10丸重5.6g",1.524,48,"新疆维吾尔自治区","ZI01AAE0060010105750",73.15,1.524,"https://tps.ybj.hunan.gov.cn/tps-local/XMHXgroupYPCZ/M00/A4/A2/rBIBUGi387qAcYt_AB0qntTt_TE438.jpg","https://tps.ybj.hunan.gov.cn/tps-local/XMHXgroupYPCZ/M00/A4/A2/rBIBUGi389OAW-eGABCvViYp414585.jpg","https://tps.ybj.hunan.gov.cn/tps-local/XMHXgroupYPCZ/M00/A4/A2/rBIBUGi38-mAIyR3ABbs3xw1oEg796.jpg","每10丸重5.6g",48,18.29,"https://tps.ybj.hunan.gov.cn/tps-local/XMHXgroupYPCZ/M00/A4/A3/rBIBUGi39CqAXq7cAAiOjaCf4KE718.pdf",10,14,"西藏雄巴拉曲神水藏药有限公司",73.15,{"v":24.7916666666667,"d":"24.7917"},{"v":19.8333333333333,"d":"19.8333"},null,{"v":1.52395833333333,"d":"1.5240"},73.15]
[147,"ZI01AAP0004010105750","帕朱丸","国产","丸剂","每丸重0.5g","西藏雄巴拉曲神水藏药有限公司","每丸重0.5g×48丸/盒",48,"铝塑泡罩","丸","国药准字Z20023297","北京市","ZI01AAP0004010105750",80,"每丸重0.5g",1.6667,48,"青海省","ZI01AAP0004010105750",80,"每丸重0.5g",1.6667,48,"新疆维吾尔自治区","ZI01AAP0004010105750",80,1.6667,"https://tps.ybj.hunan.gov.cn/tps-local/XMHXgroupYPCZ/M00/A4/A4/rBIBUGi39WyAetfQABVTSz8xd3U989.jpg","https://tps.ybj.hunan.gov.cn/tps-local/XMHXgroupYPCZ/M00/A4/A4/rBIBUGi39XCAFEV5AAxkkSG9iXc392.jpg","https://tps.ybj.hunan.gov.cn/tps-local/XMHXgroupYPCZ/M00/A4/A4/rBIBUGi39XWAX_kWABH8H8WBYeg737.jpg","每丸重0.5g",48,4.17,"https://tps.ybj.hunan.gov.cn/tps-local/XMHXgroupYPCZ/M00/A4/A4/rBIBUGi39UmAMViRAAlKBF_hwPk982.pdf",2,3,"西藏雄巴拉曲神水藏药有限公司",80,{"$nulls":3},{"v":1.66666666666667,"d":"1.6667"},80]
[148,"ZI01AAE0071010105750","二十五味驴血丸","国产","丸剂","每丸重0.25g","西藏雄巴拉曲神水藏药有限公司","每丸重0.25g×54丸/盒",54,"铝塑泡罩","丸","国药准字Z54020150","上海市","ZI01AAE0071010105750",78,"每丸重0.25g",1.4444,54,"新疆维吾尔自治区","ZI01AAE0071010105750",78,"每丸重0.25g",1.4444,54,"西藏自治区","ZI01AAE0071010105750",81,1.5,"https://tps.ybj.hunan.gov.cn/tps-local/XMHXgroupYPCZ/M00/A4/A6/rBIBUGi3-S-AV-SjAAMfwK-K4d0437.jpg","https://tps.ybj.hunan.gov.cn/tps-local/XMHXgroupYPCZ/M00/A4/A4/rBIBUGi39iSAB2gyAAt0bjA9geE294.jpg","https://tps.ybj.hunan.gov.cn/tps-local/XMHXgroupYPCZ/M00/A4/A4/rBIBUGi39kSAZjWIABY-D7yWtuw641.jpg","每丸重0.25g",54,10.83,"https://tps.ybj.hunan.gov.cn/tps-local/XMHXgroupYPCZ/M00/A4/A7/rBIBUGi3-ZaAZcIdAAv3E-xpWP4796.pdf",6,9,"西藏雄巴拉曲神水藏药有限公司",78,{"v":13.15,"d":"13.1500"},{"v":10.52,"d":"10.5200"},null,{"v":1.40266666666667,"d":"1.4027"},75.74]
[149,"ZA04BAJ0397020205083","金莲花口服液","国产","合剂","每支装10ml","广西宝瑞坦制药有限公司","每支装10ml×12支/盒",12,"玻璃管制口服液体瓶","支","国药准字Z20064413","广东省","ZA04BAJ0397020205083",70.2,"每支装10ml",5.85,12,"重庆市","ZA04BAJ0397020205083",70.2,"每支装10ml",5.85,12,"江苏省","ZA04BAJ0397020205083",70.2,5.85,"https://tps.ybj.hunan.gov.cn/tps-local/XMHXgroupYPCZ/M00/A5/93/rBIBUGi-RIiAbiYiAAXPQEH4Iuk633.pdf","https://tps.ybj.hunan.gov.cn/tps-local/XMHXgroupYPCZ/M00/A5/93/rBIBUGi-RI-AKFlqAAZbz6UgpcA919.pdf","https://tps.ybj.hunan.gov.cn/tps-local/XMHXgroupYPCZ/M00/A5/93/rBIBUGi-RJaAKTK9AAaKbplYe1U608.pdf","每支装10ml",12,17.55,"https://tps.ybj.hunan.gov.cn/tps-local/XMHXgroupYPCZ/M00/A5/94/rBIBUGi-RPWAS7JnAARxLo8i-qs145.pdf",3,3,"广西宝瑞坦制药有限公司",70.2,{"v":24,"d":"24.0000"},{"v":19.2,"d":"19.2000"},null,{"v":5.85,"d":"5.8500"},70.2]
[150,"ZA04BAJ0397010105083","金莲花口服液","国产","合剂","每支装10ml","广西宝瑞坦制药有限公司","每支装10ml×6支/盒",6,"玻璃管制口服液体瓶","支","国药准字Z20064413","广东省","ZA04BAJ0397010105083",35.1,"每支装10ml",5.85,6,"重庆市","ZA04BAJ0397010105083",35.1,"每支装10ml",5.85,6,"江苏省","ZA04BAJ0397010105083",35.1,5.85,"https://tps.ybj.hunan.gov.cn/tps-local/XMHXgroupYPCZ/M00/A5/96/rBIBUGi-SCuAbEg4AAYs9BYkoko263.pdf","https://tps.ybj.hunan.gov.cn/tps-local/XMHXgroupYPCZ/M00/A5/96/rBIBUGi-SDSAMnlSAAZldIqw3OY515.pdf","https://tps.ybj.hunan.gov.cn/tps-local/XMHXgroupYPCZ/M00/A5/96/rBIBUGi-SEKAY_UKAAZ0dj9Mu0Q124.pdf","每支装10ml",6,17.55,"https://tps.ybj.hunan.gov.cn/tps-local/XMHXgroupYPCZ/M00/A5/96/rBIBUGi-SGeAXQ91AARkXMMjO4M503.pdf",3,3,"广西宝瑞坦制药有限公司",35.1,{"v":24,"d":"24.0000"},{"v":19.2,"d":"19.2000"},null,{"v":5.85,"d":"5.8500"},35.1]
[151,"ZA06CAJ0683021105095","橘红颗粒","国产","颗粒剂","每袋装11g","恒拓集团南宁仁盛制药有限公司","每袋装11g×15袋/盒",15,"BOPP/镀铝CPP复合膜","袋","国药准字Z45021543","湖南省","ZA06CAJ0683010105095",12.44,"每袋装11g",1.244,10,"广东省","ZA06CAJ0683010105095",12.44,"每袋装11g",1.244,10,"广西壮族自治区","ZA06CAJ0683010105095",12.44,1.244,"https://tps.ybj.hunan.gov.cn/tps-local/XMHXgroupYPCZ/M00/A4/23/rBIBUGi2qcuARGo6AAHlcFrZ4Ek741.pdf","https://tps.ybj.hunan.gov.cn/tps-local/XMHXgroupYPCZ/M00/A4/28/rBIBUGi2siqARirkAAHwrcaUfgE761.pdf","https://tps.ybj.hunan.gov.cn/tps-local/XMHXgroupYPCZ/M00/A4/29/rBIBUGi2sn6AG94QAAIdGAcmZQ0918.pdf","每袋装11g",10,2.49,"https://tps.ybj.hunan.gov.cn/tps-local/XMHXgroupYPCZ/M00/A4/29/rBIBUGi2sqSAGONPAAPRq5a9pJw733.pdf",2,2,"恒拓集团南宁仁盛制药有限公司",18.66,{"v":12.4366666666667,"d":"12.4367"},{"v":9.94933333333334,"d":"9.9493"},null,{"v":1.244,"d":"1.2440"},18.66]
[152,"ZA01BAX0377020405095","小儿感冒颗粒","国产","颗粒剂","每袋装12g","恒拓集团南宁仁盛制药有限公司","每袋装12g×15袋/盒",15,"BOPP/镀铝CPP复合膜","袋","国药准字Z45020936","广东省","ZA01BAX0377010105095",11.7,"每袋装12g",1.17,10,"广西壮族自治区","ZA01BAX0377010105095",11.7,"每袋装12g",1.17,10,"黑龙江省","ZA01BAX0377020405095",17.55,1.17,"https://tps.ybj.hunan.gov.cn/tps-local/XMHXgroupYPCZ/M00/A4/6F/rBIBUGi3pGGAEXciAAHn1EzVtB4200.pdf","https://tps.ybj.hunan.gov.cn/tps-local/XMHXgroupYPCZ/M00/A4/6F/rBIBUGi3pK2AcwstAAHt_9m66r4501.pdf","https://tps.ybj.hunan.gov.cn/tps-local/XMHXgroupYPCZ/M00/A4/6F/rBIBUGi3pNWAMdlZAAHhWPLJLvo065.pdf","每袋装12g",15,2.93,"https://tps.ybj.hunan.gov.cn/tps-local/XMHXgroupYPCZ/M00/A4/70/rBIBUGi3pReAJuLXAAQ213aEYE4609.pdf",1,4,"恒拓集团南宁仁盛制药有限公司",17.55,{"v":19.1666666666667,"d":"19.1667"},{"v":15.3333333333333,"d":"15.3333"},null,{"v":1.17,"d":"1.1700"},17.55]
[153,"ZA09DAL0367050106016","鹿角胶","国产","胶剂","60g/盒(每块重6g)","伊犁全鹿制药有限公司","60g/盒(每块重6g)×1盒",1,"聚氯乙烯固体药用硬片和药品包装用铝箔","盒","国药准字Z65020031","安徽省","ZA09DAL0367050106016",420,"60g/盒(每块重6g)",420,1,"黑龙江省","ZA09DAL0367050106016",420,"60g/盒(每块重6g)",420,1,"贵州省","ZA09DAL0367050106016",420,420,"https://tps.ybj.hunan.gov.cn/tps-local/XMHXgroupYPCZ/M00/A4/6B/rBIBUGi3nQSAFyLoAAG6a0CKDE0754.jpg","https://tps.ybj.hunan.gov.cn/tps-local/XMHXgroupYPCZ/M00/A4/6B/rBIBUGi3nQiAA-gEAAHNo-21jCM653.jpg","https://tps.ybj.hunan.gov.cn/tps-local/XMHXgroupYPCZ/M00/A4/6B/rBIBUGi3nR-AfD0hAAIY36d3DGU058.jpg","60g/盒(每块重6g)",1,6.3,"https://tps.ybj.hunan.gov.cn/tps-local/XMHXgroupYPCZ/M00/A4/6C/rBIBUGi3nc2Ae8HFAAZRfJ_IphM231.jpg",0.01,0.02,"伊犁全鹿制药有限公司",420,{"v":14.25,"d":"14.2500"},{"v":11.4,"d":"11.4000"},null,{"v":420,"d":"420.0000"},420]
[154,"ZA09BAA0005020106016","阿胶","国产","胶剂","250g/盒","伊犁全鹿制药有限公司","250g/盒×1盒",1,"聚氯乙烯固体药用硬片和药品包装用铝箔","盒","国药准字Z65020138","安徽省","ZA09BAA0005020106016",700,"250g/盒",700,1,"重庆市","ZA09BAA0005020106016",700,"250g/盒",700,1,"黑龙江省","ZA09BAA0005020106016",700,700,"https://tps.ybj.hunan.gov.cn/tps-local/XMHXgroupYPCZ/M00/A4/69/rBIBUGi3mOqANoBOAAG6a0CKDE0091.jpg","https://tps.ybj.hunan.gov.cn/tps-local/XMHXgroupYPCZ/M00/A4/69/rBIBUGi3mRGABjYaAAK9los31Hs060.jpg","https://tps.ybj.hunan.gov.cn/tps-local/XMHXgroupYPCZ/M00/A4/69/rBIBUGi3mTqAUnj-AAHNo-21jCM450.jpg","250g/盒",1,14,"https://tps.ybj.hunan.gov.cn/tps-local/XMHXgroupYPCZ/M00/A4/69/rBIBUGi3mVaABjDdAAWuJECwRTM911.pdf",0.01,0.03,"伊犁全鹿制药有限公司",700,{"v":25.5,"d":"25.5000"},{"v":20.4,"d":"20.4000"},null,{"v":700,"d":"700.0000"},700]
[155,"ZA01AAG0120020302057","感冒清热颗粒","国产","颗粒剂","每袋装12克","四川天府康达药业集团府庆制药有限公司","每袋装12克×15袋/盒",15,"药品包装用复合膜","袋","国药准字Z51022130","广西壮族自治区","ZA01AAG0120020302057",19.2,"每袋装12克",1.28,15,"江西省","ZA01AAG0120020302057",19.2,"每袋装12克",1.28,15,"黑龙江省","ZA01AAG0120020302057",19.2,1.28,"https://tps.ybj.hunan.gov.cn/tps-local/XMHXgroupYPCZ/M00/A4/6F/rBIBUGi3pB6AbUf4ABFTiNZOD3A213.pdf","https://tps.ybj.hunan.gov.cn/tps-local/XMHXgroupYPCZ/M00/A4/6F/rBIBUGi3pCSAe5reAA0ueuwPyuo251.pdf","https://tps.ybj.hunan.gov.cn/tps-local/XMHXgroupYPCZ/M00/A4/6F/rBIBUGi3pCmAMFFNABBOek50n1g718.pdf","每袋装12克",15,2.56,"https://tps.ybj.hunan.gov.cn/tps-local/XMHXgroupYPCZ/M00/A4/6F/rBIBUGi3pEeAV-7iAAR3FR88MQc529.jpg",2,2,"四川天府康达药业集团府庆制药有限公司",19.2,{"v":9,"d":"9.0000"},{"v":7.2,"d":"7.2000"},null,{"v":1.28,"d":"1.2800"},19.2]
[156,"ZA17AAS0981020104835","苏子油软胶囊","国产","软胶囊剂","每粒装0.5g","锦豪药业(山东)有限责任公司","每粒装0.5g×32粒/瓶",32,"高密度聚乙烯瓶","粒","国药准字Z20070052","山东省","ZA17AAS0981020104835",134,"每粒装0.5g",4.1875,32,"江苏省","ZA17AAS0981020104835",134,"每粒装0.5g",4.1875,32,"贵州省","ZA17AAS0981020104835",134,4.1875,"https://tps.ybj.hunan.gov.cn/tps-local/XMHXgroupYPCZ/M00/A4/70/rBIBUGi3pW6AbknpAAL_xgnQSTw358.pdf","https://tps.ybj.hunan.gov.cn/tps-local/XMHXgroupYPCZ/M00/A4/70/rBIBUGi3pXWAY3PkAAUlafZFNEQ550.pdf","https://tps.ybj.hunan.gov.cn/tps-local/XMHXgroupYPCZ/M00/A4/70/rBIBUGi3pXyAJsZ_AAcywlUrQTc135.pdf","每粒装0.5g",32,33.5,"https://tps.ybj.hunan.gov.cn/tps-local/XMHXgroupYPCZ/M00/A4/70/rBIBUGi3pbOAOPQPAAwpy8pAJMQ450.pdf",8,8,"锦豪药业（山东）有限责任公司",134,{"$nulls":3},4.1875,134]
[157,"ZA01BAY0521021005136","银翘解毒颗粒","国产","颗粒剂","每袋装15g","广西壮族自治区药物研究所有限公司","每袋装15g×15袋/盒",15,"即BOPP/镀铝CPP复合膜","袋","国药准字Z45022152","广东省","ZA01BAY0521010105136",12.8,"每袋装15g",1.28,10,"广西壮族自治区","ZA01BAY0521010105136",12.8,"每袋装15g",1.28,10,"湖南省","ZA01BAY0521010105136",12.8,1.28,"https://tps.ybj.hunan.gov.cn/tps-local/XMHXgroupYPCZ/M00/A4/73/rBIBUGi3qlqAFoU1AAIpuYvrpPQ881.pdf","https://tps.ybj.hunan.gov.cn/tps-local/XMHXgroupYPCZ/M00/A4/73/rBIBUGi3ql-AYlYVAAHnQLlmLB4162.pdf","https://tps.ybj.hunan.gov.cn/tps-local/XMHXgroupYPCZ/M00/A4/73/rBIBUGi3qmOAcrySAAGhQvkm7bA157.pdf","每袋装15g",10,4.48,"https://tps.ybj.hunan.gov.cn/tps-local/XMHXgroupYPCZ/M00/A4/74/rBIBUGi3qwiAaYHKAARKI5urpNw533.pdf",3,4,"广西壮族自治区药物研究所有限公司",19.2,{"v":14.4,"d":"14.4000"},{"v":11.52,"d":"11.5200"},null,{"v":1.28,"d":"1.2800"},19.2]
[158,"ZA02AAH0437010502875","藿香正气颗粒","国产","颗粒剂","每袋装10g","广西壮族自治区药物研究所有限公司","每袋装10g×12袋/盒",12,"双向拉伸聚丙烯/真空镀铝流延聚丙烯药用复合膜","袋","国药准字Z14021833","重庆市","ZA02AAH0437010102875",18,"每袋装10g",1.8,10,"湖南省","ZA02AAH0437010102875",23.84,"每袋装10g",2.384,10,"广西壮族自治区","ZA02AAH0437010102875",26,2.6,"https://tps.ybj.hunan.gov.cn/tps-local/XMHXgroupYPCZ/M00/A4/75/rBIBUGi3rCiAHssIAAIajV6TjrM465.pdf","https://tps.ybj.hunan.gov.cn/tps-local/XMHXgroupYPCZ/M00/A4/75/rBIBUGi3rCyAB3uoAAKWhMYVCOA864.pdf","https://tps.ybj.hunan.gov.cn/tps-local/XMHXgroupYPCZ/M00/A4/75/rBIBUGi3rDCAP-1OAAH-J9nv1mo454.pdf","每袋装10g",10,3.6,"https://tps.ybj.hunan.gov.cn/tps-local/XMHXgroupYPCZ/M00/A4/75/rBIBUGi3rLaADC7rAAPc6DM-2YI811.pdf",2,2,"广西壮族自治区药物研究所有限公司",21.6,{"v":5.96,"d":"5.9600"},{"v":4.768,"d":"4.7680"},null,{"v":1.8,"d":"1.8000"},21.6]
[159,"ZA06EAF0055010105298","风茄平喘膏","国产","橡胶膏剂","7×10cm","江西吉安三力制药有限公司","7×10cm×4贴/盒",4,"复合膜袋","贴","国药准字Z36020261","辽宁省","ZA06EAF0055010105298",68,"7×10cm",17,4,"湖北省","ZA06EAF0055010105298",68,"7×10cm",17,4,"海南省","ZA06EAF0055010105298",68,17,"https://tps.ybj.hunan.gov.cn/tps-local/XMHXgroupYPCZ/M00/A4/F1/rBIBUGi5LHaAYkW1AANjBea-3_c055.jpg","https://tps.ybj.hunan.gov.cn/tps-local/XMHXgroupYPCZ/M00/A4/F1/rBIBUGi5LH2ANxImAAM7leBGhdc892.jpg","https://tps.ybj.hunan.gov.cn/tps-local/XMHXgroupYPCZ/M00/A4/F1/rBIBUGi5LISAFZVNAAJg5cRUelw537.jpg","7×10cm",4,17,"https://tps.ybj.hunan.gov.cn/tps-local/XMHXgroupYPCZ/M00/A4/F3/rBIBUGi5LpmAcCfKAA9hlgJxSNU969.jpg",1,1,"江西吉安三力制药有限公司",68,{"$nulls":3},{"v":17,"d":"17.0000"},68]
[160,"ZA06CAX0103020102110","鲜竹沥","国产","合剂","每支装30ml","四川天德制药有限公司","每支装30ml×9支/盒",9,"液体药用复合硬片","支","国药准字Z51021002","广西壮族自治区","ZA06CAX0103020102110",18,"每支装30ml",2,9,"江西省","ZA06CAX0103020102110",18,"每支装30ml",2,9,"山东省","ZA06CAX0103020102110",18,2,"https://tps.ybj.hunan.gov.cn/tps-local/XMHXgroupYPCZ/M00/A5/83/rBIBUGi-IDaADe41AASqSGY5sco458.pdf","https://tps.ybj.hunan.gov.cn/tps-local/XMHXgroupYPCZ/M00/A5/83/rBIBUGi-ID2ARwLTAAO6Gdwsu34499.pdf","https://tps.ybj.hunan.gov.cn/tps-local/XMHXgroupYPCZ/M00/A5/83/rBIBUGi-IESAUrJlAAQsGlssJ68418.pdf","每支装30ml",9,3,"https://tps.ybj.hunan.gov.cn/tps-local/XMHXgroupYPCZ/M00/A5/83/rBIBUGi-IJCAWlMcAAbq7G8_AgA589.pdf",1,2,"四川天德制药有限公司",18,{"v":18,"d":"18.0000"},{"v":14.4,"d":"14.4000"},null,{"v":2,"d":"2.0000"},18]
[161,"ZA05BAX0153010202110","香砂养胃颗粒","国产","颗粒剂","每袋装5g","四川天德制药有限公司","每袋装5g×12袋/盒",12,"药用复合膜袋","袋","国药准字Z51022294","安徽省","ZA05BAX0153010202110",46.2,"每袋装5g",3.85,12,"河南省","ZA05BAX0153010202110",46.2,"每袋装5g",3.85,12,"贵州省","ZA05BAX0153010202110",46.2,3.85,"https://tps.ybj.hunan.gov.cn/tps-local/XMHXgroupYPCZ/M00/A5/84/rBIBUGi-IoSAD95bAAXK2-QESmM109.pdf","https://tps.ybj.hunan.gov.cn/tps-local/XMHXgroupYPCZ/M00/A5/84/rBIBUGi-IoiAHMvfAAFVhprU7yc225.pdf","https://tps.ybj.hunan.gov.cn/tps-local/XMHXgroupYPCZ/M00/A5/84/rBIBUGi-IpCAPSK6AAGERwWz9cE448.pdf","每袋装5g",12,7.7,"https://tps.ybj.hunan.gov.cn/tps-local/XMHXgroupYPCZ/M00/A5/84/rBIBUGi-ItaANiXmAAWAr4K476Q967.pdf",2,2,"四川天德制药有限公司",46.2,{"v":24,"d":"24.0000"},{"v":19.2,"d":"19.2000"},null,{"v":3.85,"d":"3.8500"},46.2]
[162,"ZA16BAH0464010201048","火把花根片","国产","片剂(薄膜衣片)","每片重0.187g(相当于饮片1g)","重庆市药研院制药有限公司","每片重0.187g(相当于饮片1g)×60片/瓶",60,"口服固体药用高密度聚乙烯瓶","片","国药准字Z20027411","江苏省","ZA16BAH0464010201048",113,"每片重0.187g(相当于饮片1g)",1.8833,60,"陕西省","ZA16BAH0464010201048",113,"每片重0.187g(相当于饮片1g)",1.8833,60,"河北省","ZA16BAH0464010201048",113,1.8833,"https://tps.ybj.hunan.gov.cn/tps-local/XMHXgroupYPCZ/M00/A4/A2/rBIBUGi384GANs_MAAgMVpmDTqo646.pdf","https://tps.ybj.hunan.gov.cn/tps-local/XMHXgroupYPCZ/M00/A4/A2/rBIBUGi386yAb21_AAaANSWpdjk573.pdf","https://tps.ybj.hunan.gov.cn/tps-local/XMHXgroupYPCZ/M00/A4/A2/rBIBUGi388yAQ642AAaP5E0tOuc021.pdf","每片重0.187g(相当于饮片1g)",60,22.6,"https://tps.ybj.hunan.gov.cn/tps-local/XMHXgroupYPCZ/M00/A4/A3/rBIBUGi39EiAPfY8AAh4aScnYsE422.jpg",9,15,"重庆市药研院制药有限公司",113,{"$nulls":3},{"v":1.88333333333333,"d":"1.8833"},113]
[163,"ZI01AAD0003010105936","达斯玛保丸","国产","丸剂","每丸重0.3g","青海久美藏药药业有限公司","每丸重0.3g×30丸/盒",30,"铝箔和聚氯乙烯固体药用硬片","丸","国药准字Z20063501","广西壮族自治区","ZI01AAD0003010105936",78,"每丸重0.3g",2.6,30,"贵州省","ZI01AAD0003010105936",78,"每丸重0.3g",2.6,30,"黑龙江省","ZI01AAD0003010105936",78,2.6,"https://tps.ybj.hunan.gov.cn/tps-local/XMHXgroupYPCZ/M00/A4/94/rBIBUGi34OaAH2lpAAOTYif4Ai4784.jpg","https://tps.ybj.hunan.gov.cn/tps-local/XMHXgroupYPCZ/M00/A4/94/rBIBUGi34QOANTanAAe0TYKL0O8452.jpg","https://tps.ybj.hunan.gov.cn/tps-local/XMHXgroupYPCZ/M00/A4/94/rBIBUGi34SaAHRJ4AAXt8gxCiWk918.jpg","每丸重0.3g",30,15.6,"https://tps.ybj.hunan.gov.cn/tps-local/XMHXgroupYPCZ/M00/A4/94/rBIBUGi34VWAVncIABC7lkyG0WE852.jpg",4,8,"青海久美藏药药业有限公司",78,{"$nulls":3},{"v":2.6,"d":"2.6000"},78]
[164,"ZI01AAE0058010105936","二十六味通经胶囊","国产","胶囊剂","0.3g","青海久美藏药药业有限公司","0.3g×20粒/盒",20,"铝箔和聚氯乙烯固体药用硬片","粒","国药准字Z20026511","广西壮族自治区","ZI01AAE0058010105936",86.05,"0.3g",4.3025,20,"贵州省","ZI01AAE0058010105936",86.05,"0.3g",4.3025,20,"黑龙江省","ZI01AAE0058010105936",86.05,4.3025,"https://tps.ybj.hunan.gov.cn/tps-local/XMHXgroupYPCZ/M00/A4/95/rBIBUGi34n6AKfsIAAOTYif4Ai4816.jpg","https://tps.ybj.hunan.gov.cn/tps-local/XMHXgroupYPCZ/M00/A4/96/rBIBUGi34q6ABsM9AAe0TYKL0O8196.jpg","https://tps.ybj.hunan.gov.cn/tps-local/XMHXgroupYPCZ/M00/A4/96/rBIBUGi34seAHbdKAAe0TYKL0O8982.jpg","0.3g",20,30.12,"https://tps.ybj.hunan.gov.cn/tps-local/XMHXgroupYPCZ/M00/A4/95/rBIBUGi34m2AMaCPABCBHp0OnpE068.jpg",6,8,"青海久美藏药药业有限公司",86.05,{"$nulls":3},4.3025,86.05]
[165,"ZI01AAQ0336010105936","清肺止咳丸","国产","水丸","0.25g","青海久美藏药药业有限公司","0.25g×30丸/盒",30,"铝箔和聚氯乙烯固体药用硬片","丸","国药准字Z63020207","黑龙江省","ZI01AAQ0336010105936",78,"0.25g",2.6,30,"广西壮族自治区","ZI01AAQ0336010105936",78,"0.25g",2.6,30,"贵州省","ZI01AAQ0336010105936",78,2.6,"https://tps.ybj.hunan.gov.cn/tps-local/XMHXgroupYPCZ/M00/A4/94/rBIBUGi34Y-AZ-P4AAXt8gxCiWk311.jpg","https://tps.ybj.hunan.gov.cn/tps-local/XMHXgroupYPCZ/M00/A4/94/rBIBUGi34aWAJyY_AAOTYif4Ai4517.jpg","https://tps.ybj.hunan.gov.cn/tps-local/XMHXgroupYPCZ/M00/A4/95/rBIBUGi34ciAIRwdAAe0TYKL0O8800.jpg","0.25g",30,35.1,"https://tps.ybj.hunan.gov.cn/tps-local/XMHXgroupYPCZ/M00/A4/94/rBIBUGi34YWAW2vwABDnQSI8INc686.jpg",12,15,"青海久美藏药药业有限公司",78,{"$nulls":3},{"v":2.6,"d":"2.6000"},78]
[166,"ZI01AAS0622010105936","十五味赛尔斗丸","国产","水丸","0.5g","青海久美藏药药业有限公司","0.5g×24丸/盒",24,"铝箔和聚氯乙烯固体药用硬片","丸","国药准字Z20026038","广西壮族自治区","ZI01AAS0622010105936",99,"0.5g",4.125,24,"贵州省","ZI01AAS0622010105936",99,"0.5g",4.125,24,"黑龙江省","ZI01AAS0622010105936",99,4.125,"https://tps.ybj.hunan.gov.cn/tps-local/XMHXgroupYPCZ/M00/A4/95/rBIBUGi34f-ANzvJAAOTYif4Ai4775.jpg","https://tps.ybj.hunan.gov.cn/tps-local/XMHXgroupYPCZ/M00/A4/95/rBIBUGi34heAX6h7AAe0TYKL0O8709.jpg","https://tps.ybj.hunan.gov.cn/tps-local/XMHXgroupYPCZ/M00/A4/95/rBIBUGi34jOAXy7iAAXt8gxCiWk028.jpg","0.5g",24,37.13,"https://tps.ybj.hunan.gov.cn/tps-local/XMHXgroupYPCZ/M00/A4/95/rBIBUGi34j6AYCtoAA_EaSBotKE585.jpg",9,9,"青海久美藏药药业有限公司",99,{"$nulls":3},{"v":4.125,"d":"4.1250"},99]
[167,"ZI01AAE0058010205936","二十六味通经胶囊","国产","胶囊剂","0.3g","青海久美藏药药业有限公司","0.3g×36粒/盒",36,"药品包装用铝箔和聚氯乙烯固体药用硬片。","粒","国药准字Z20026511","黑龙江省","ZI01AAE0058010105936",86.05,"0.3g",4.3025,20,"广西壮族自治区","ZI01AAE0058010105936",86.05,"0.3g",4.3025,20,"贵州省","ZI01AAE0058010105936",86.05,4.3025,"https://tps.ybj.hunan.gov.cn/tps-local/XMHXgroupYPCZ/M00/A4/96/rBIBUGi34vyASmtYAAXt8gxCiWk200.jpg","https://tps.ybj.hunan.gov.cn/tps-local/XMHXgroupYPCZ/M00/A4/96/rBIBUGi34v6AT_QvAAOTYif4Ai4612.jpg","https://tps.ybj.hunan.gov.cn/tps-local/XMHXgroupYPCZ/M00/A4/96/rBIBUGi34wOAcqETAAe0TYKL0O8720.jpg","0.3g",20,30.12,"https://tps.ybj.hunan.gov.cn/tps-local/XMHXgroupYPCZ/M00/A4/96/rBIBUGi34yyAUT8bAASaMnN9Dfw218.jpg",6,8,"青海久美藏药药业有限公司",154.89,{"$nulls":3},4.3025,154.89]
[168,"ZA04CAY0499010104903","银黄颗粒","国产","颗粒剂","每袋装4克","福寿堂制药有限公司","每袋装4克×9袋/盒",9,"聚酯/铝/聚乙烯药品包装用复合膜、袋","袋","国药准字Z43020115","广东省","ZA04CAY0499010104903",41.79,"每袋装4克",4.6433,9,"重庆市","ZA04CAY0499010104903",41.79,"每袋装4克",4.6433,9,"陕西省","ZA04CAY0499010104903",41.79,4.6433,"https://tps.ybj.hunan.gov.cn/tps-local/XMHXgroupYPCZ/M00/A4/A2/rBIBUGi38uKAO_z6AAsKYf7VkHQ513.pdf","https://tps.ybj.hunan.gov.cn/tps-local/XMHXgroupYPCZ/M00/A4/A2/rBIBUGi38weAIZRIAAIn30q-E7g420.pdf","https://tps.ybj.hunan.gov.cn/tps-local/XMHXgroupYPCZ/M00/A4/A2/rBIBUGi38z2ATt1HAAOYajD9YD0301.pdf","每袋装4克",9,13.93,"https://tps.ybj.hunan.gov.cn/tps-local/XMHXgroupYPCZ/M00/A4/A3/rBIBUGi39RWAOhcJAL69YSS8RnE036.pdf",2,4,"福寿堂制药有限公司",41.79,{"v":17.09,"d":"17.0900"},{"v":13.672,"d":"13.6720"},null,{"v":4.55733333333333,"d":"4.5573"},41.02]
[169,"ZA01CAF0010010302683","防风通圣丸","国产","丸剂(水丸)","每20丸重1克,6g/袋","河北永丰药业有限公司","每20丸重1克,6g/袋×14袋/盒",14,"复合膜","袋","国药准字Z13020419","山西省","ZA01CAF0010010202683",39.97,"每20丸重1克,6g/袋",3.997,10,"陕西省","ZA01CAF0010010202683",39.97,"每20丸重1克,6g/袋",3.997,10,"云南省","ZA01CAF0010010202683",39.97,3.997,"https://tps.ybj.hunan.gov.cn/tps-local/XMHXgroupYPCZ/M00/A4/9D/rBIBUGi3636AWMclAAUY0gVq14s323.jpg","https://tps.ybj.hunan.gov.cn/tps-local/XMHXgroupYPCZ/M00/A4/9D/rBIBUGi367GADoFwAAabrWnOsL0372.jpg","https://tps.ybj.hunan.gov.cn/tps-local/XMHXgroupYPCZ/M00/A4/9D/rBIBUGi368qAc4npAAcPKROeeEk547.jpg","每20丸重1克,6g/袋",10,7.99,"https://tps.ybj.hunan.gov.cn/tps-local/XMHXgroupYPCZ/M00/A4/9E/rBIBUGi37ACAdbj3AActs0W6b3w102.pdf",2,2,"河北永丰药业有限公司",55.95,16.6675,{"v":13.334,"d":"13.3340"},null,{"v":3.99642857142857,"d":"3.9964"},55.95]
[170,"ZA14BAB0245020302683","保和丸","国产","水丸","每袋装9g","河北永丰药业有限公司","每袋装9g×14袋/盒",14,"复合膜","袋","国药准字Z13021944","山东省","ZA14BAB0245020102683",24.3,"每袋装9g",8.1,3,"陕西省","ZA14BAB0245010202683",81,"每袋装9g",8.1,10,"宁夏回族自治区","ZA14BAB0245010102683",48.6,8.1,"https://tps.ybj.hunan.gov.cn/tps-local/XMHXgroupYPCZ/M00/A4/9E/rBIBUGi37JqAQv1iAAbach9GlKI487.jpg","https://tps.ybj.hunan.gov.cn/tps-local/XMHXgroupYPCZ/M00/A4/9E/rBIBUGi37J2Ab-o-AAUsfBXDNc4844.jpg","https://tps.ybj.hunan.gov.cn/tps-local/XMHXgroupYPCZ/M00/A4/9E/rBIBUGi37KGAVht3AAkuBuHksUs044.jpg","每袋装9g",6,11.82,"https://tps.ybj.hunan.gov.cn/tps-local/XMHXgroupYPCZ/M00/A4/9E/rBIBUGi37QyANSG5AAaYsh5GZOY369.pdf",1.33,2,"河北永丰药业有限公司",99.4,{"v":19,"d":"19.0000"},{"v":15.2,"d":"15.2000"},null,{"v":7.1,"d":"7.1000"},99.4]
[171,"ZA09CCQ0124020103108","杞菊地黄丸","国产","丸剂(水蜜丸)","6g","爱民药业集团股份有限公司","6g×9袋/盒",9,"药用复合膜袋;","袋","国药准字Z41020110","山西省","ZA09CCQ0124020103108",19.56,"6g",2.1733,9,"湖北省","ZA09CCQ0124020103108",19.56,"6g",2.1733,9,"云南省","ZA09CCQ0124020103108",19.56,2.1733,"https://tps.ybj.hunan.gov.cn/tps-local/XMHXgroupYPCZ/M00/A4/AD/rBIBUGi4AXyAKKJCAAOHUIlq8wA420.jpg","https://tps.ybj.hunan.gov.cn/tps-local/XMHXgroupYPCZ/M00/A4/AD/rBIBUGi4AYSAZYVEAAOATvHOj4A781.jpg","https://tps.ybj.hunan.gov.cn/tps-local/XMHXgroupYPCZ/M00/A4/AD/rBIBUGi4AYqABHv2AAR5-VHgqJY968.jpg","6g",9,4.35,"https://tps.ybj.hunan.gov.cn/tps-local/XMHXgroupYPCZ/M00/A4/AE/rBIBUGi4Aa-AY72LAAIvHJYmWjw662.jpg",2,2,"爱民药业集团股份有限公司",19.56,{"v":9,"d":"9.0000"},{"v":7.2,"d":"7.2000"},null,{"v":2.17333333333333,"d":"2.1733"},19.56]
[172,"ZA09CCQ0124020203108","杞菊地黄丸","国产","丸剂(水蜜丸)","6g","爱民药业集团股份有限公司","6g×10袋/盒",10,"药用复合膜袋;","袋","国药准字Z41020110","山西省","ZA09CCQ0124020203108",21.73,"6g",2.173,10,"湖北省","ZA09CCQ0124020203108",21.73,"6g",2.173,10,"云南省","ZA09CCQ0124020203108",21.73,2.173,"https://tps.ybj.hunan.gov.cn/tps-local/XMHXgroupYPCZ/M00/A4/B1/rBIBUGi4BW-ATg7BAAOHUIlq8wA456.jpg","https://tps.ybj.hunan.gov.cn/tps-local/XMHXgroupYPCZ/M00/A4/B1/rBIBUGi4BcOAK5q_AAN_3iOQhow557.jpg","https://tps.ybj.hunan.gov.cn/tps-local/XMHXgroupYPCZ/M00/A4/B1/rBIBUGi4BcuAYkrhAAR5-VHgqJY899.jpg","6g",10,4.35,"https://tps.ybj.hunan.gov.cn/tps-local/XMHXgroupYPCZ/M00/A4/B2/rBIBUGi4BfaAOGIJAAIvHJYmWjw202.jpg",2,2,"爱民药业集团股份有限公司",21.73,{"v":9,"d":"9.0000"},{"v":7.2,"d":"7.2000"},null,{"v":2.173,"d":"2.1730"},21.73]
[173,"ZA01BAG0113010105183","感冒灵颗粒","国产","颗粒剂","每袋装10g(含对乙酰氨基酚0.2g、咖啡因4mg、马来酸氯苯那敏4mg)","广西忠宁制药有限公司","每袋装10g(含对乙酰氨基酚0.2g、咖啡因4mg、马来酸氯苯那敏4mg)×9袋/盒",9,"BOPP/CPP复合膜袋装","袋","国药准字Z45022393","广西壮族自治区","ZA01BAG0113010105183",22.52,"每袋装10g(含对乙酰氨基酚0.2g、咖啡因4mg、马来酸氯苯那敏4mg)",2.5022,9,"黑龙江省","ZA01BAG0113010105183",22.52,"每袋装10g(含对乙酰氨基酚0.2g、咖啡因4mg、马来酸氯苯那敏4mg)",2.5022,9,"海南省","ZA01BAG0113010105183",22.52,2.5022,"https://tps.ybj.hunan.gov.cn/tps-local/XMHXgroupYPCZ/M00/A4/AA/rBIBUGi3_oOAPKPnAA2Iy2NjAw0018.pdf","https://tps.ybj.hunan.gov.cn/tps-local/XMHXgroupYPCZ/M00/A4/AB/rBIBUGi3_r2AaaE0AAreJ_K7kng302.pdf","https://tps.ybj.hunan.gov.cn/tps-local/XMHXgroupYPCZ/M00/A4/AB/rBIBUGi3_xWAJ5SSAApOZe7_Gvc719.pdf","每袋装10g(含对乙酰氨基酚0.2g、咖啡因4mg、马来酸氯苯那敏4mg)",9,7.51,"https://tps.ybj.hunan.gov.cn/tps-local/XMHXgroupYPCZ/M00/A4/AC/rBIBUGi4AEmAG1deAA_JiFD_pBc288.pdf",3,3,"广西忠宁制药有限公司",22.52,{"v":3.609,"d":"3.6090"},2.8872,null,0.9624,8.66]
[174,"ZA04DAX0540010205096","小儿夜啼颗粒","国产","颗粒剂","每袋装5g","广西忠宁制药有限公司","每袋装5g×9袋/盒",9,"BOPP/镀铝PET/PE复合膜","袋","国药准字Z20026555","广西壮族自治区","ZA04DAX0540010205096",98,"每袋装5g",10.8889,9,"黑龙江省","ZA04DAX0540010205096",98,"每袋装5g",10.8889,9,"海南省","ZA04DAX0540010205096",98,10.8889,"https://tps.ybj.hunan.gov.cn/tps-local/XMHXgroupYPCZ/M00/A4/AD/rBIBUGi4AMGAHcg0AA0Lzkdh5qA659.pdf","https://tps.ybj.hunan.gov.cn/tps-local/XMHXgroupYPCZ/M00/A4/AD/rBIBUGi4AOmAGUbiAAt8jrmSMPg708.pdf","https://tps.ybj.hunan.gov.cn/tps-local/XMHXgroupYPCZ/M00/A4/AD/rBIBUGi4ARmAe0TiAAy9eNYg5bQ780.pdf","每袋装5g",9,49,"https://tps.ybj.hunan.gov.cn/tps-local/XMHXgroupYPCZ/M00/A4/AE/rBIBUGi4Ao2AGoUGAAhMKgal4zo850.pdf",3,6,"广西忠宁制药有限公司",98,{"$nulls":3},{"v":10.8888888888889,"d":"10.8889"},98]
[175,"ZA04BAN0007010105183","南板蓝根颗粒","国产","颗粒剂","每袋装15g(相当于总药材15g)","广西忠宁制药有限公司","每袋装15g(相当于总药材15g)×20袋/包",20,"BOPP/CPP复合膜袋包装","袋","国药准字Z45022102","广西壮族自治区","ZA04BAN0007010105183",26,"每袋装15g(相当于总药材15g)",1.3,20,"辽宁省","ZA04BAN0007010105183",26,"每袋装15g(相当于总药材15g)",1.3,20,"海南省","ZA04BAN0007010105183",26,1.3,"https://tps.ybj.hunan.gov.cn/tps-local/XMHXgroupYPCZ/M00/A4/AF/rBIBUGi4A7-ALi8iAAy_ofLhKW4324.pdf","https://tps.ybj.hunan.gov.cn/tps-local/XMHXgroupYPCZ/M00/A4/AF/rBIBUGi4BBSAQMGyAAVE9LX0ank919.pdf","https://tps.ybj.hunan.gov.cn/tps-local/XMHXgroupYPCZ/M00/A4/AF/rBIBUGi4BDWATAtHAAvSG4haG4s883.pdf","每袋装15g(相当于总药材15g)",20,3.9,"https://tps.ybj.hunan.gov.cn/tps-local/XMHXgroupYPCZ/M00/A4/B0/rBIBUGi4BLyABYMRAAX4P1Z1sfo727.pdf",3,3,"广西忠宁制药有限公司",26,3.8004,{"v":3.04032,"d":"3.0403"},null,{"v":1.01344,"d":"1.0134"},20.27]
[176,"ZA04BAX0061010105183","夏桑菊颗粒","国产","颗粒剂","每袋装10克","广西忠宁制药有限公司","每袋装10克×20袋/包",20,"BOPP/CPP复合膜袋包装","袋","国药准字Z45021050","广西壮族自治区","ZA04BAX0061010105183",29,"每袋装10克",1.45,20,"黑龙江省","ZA04BAX0061010105183",29,"每袋装10克",1.45,20,"海南省","ZA04BAX0061010105183",29,1.45,"https://tps.ybj.hunan.gov.cn/tps-local/XMHXgroupYPCZ/M00/A4/B1/rBIBUGi4BY-AVQ2sAAy_ofLhKW4423.pdf","https://tps.ybj.hunan.gov.cn/tps-local/XMHXgroupYPCZ/M00/A4/B1/rBIBUGi4BbqAJYZyAAymEOShvVo865.pdf","https://tps.ybj.hunan.gov.cn/tps-local/XMHXgroupYPCZ/M00/A4/B2/rBIBUGi4BfaACufGAAvSG4haG4s476.pdf","每袋装10克",20,6.53,"https://tps.ybj.hunan.gov.cn/tps-local/XMHXgroupYPCZ/M00/A4/B1/rBIBUGi4BXGAOrAyABlfYbIS9TQ770.pdf",3,6,"广西忠宁制药有限公司",29,{"v":4.61025,"d":"4.6103"},3.6882,null,0.8196,16.39]
[177,"ZA09FAY0106010505019","养心定悸颗粒","国产","颗粒剂","每袋装12g","古汉中药有限公司","每袋装12g×2袋/盒",2,"药品包装用复合膜袋装","袋","国药准字Z10950068","河北省","ZA09FAY0106010505019",78.35,"每袋装12g",39.175,2,"北京市","ZA09FAY0106010505019",78.35,"每袋装12g",39.175,2,"四川省","ZA09FAY0106010505019",78.35,39.175,"https://tps.ybj.hunan.gov.cn/tps-local/XMHXgroupYPCZ/M00/A4/AE/rBIBUGi4AtWAdgJxAAHRjlxpx8U862.jpg","https://tps.ybj.hunan.gov.cn/tps-local/XMHXgroupYPCZ/M00/A4/B3/rBIBUGi4B8GAbUfkAAHemn-DtsQ162.jpg","https://tps.ybj.hunan.gov.cn/tps-local/XMHXgroupYPCZ/M00/A4/B3/rBIBUGi4B-yAT-jKAAHT-6a3z3U534.jpg","每袋装12g",2,78.35,"https://tps.ybj.hunan.gov.cn/tps-local/XMHXgroupYPCZ/M00/A4/B3/rBIBUGi4B_-AK27lAAKyoOOW4Hc076.jpg",2,2,"京津药业（河北）有限公司",78.35,{"v":78.35,"d":"78.3500"},{"v":62.68,"d":"62.6800"},null,{"v":31.34,"d":"31.3400"},62.68]
[178,"ZA09GAS0610010302665","十味玉泉胶囊","国产","胶囊剂","每粒装0.5g","保定中药制药股份有限公司","每粒装0.5g×48粒/盒",48,"铝塑板","粒","国药准字Z20020091","上海市","ZA09GAS0610010302665",49.15,"每粒装0.5g",1.024,48,"河南省","ZA09GAS0610010302665",49.15,"每粒装0.5g",1.024,48,"广西壮族自治区","ZA09GAS0610010302665",49.15,1.024,"https://tps.ybj.hunan.gov.cn/tps-local/XMHXgroupYPCZ/M00/A4/CA/rBIBUGi47m-AHzCcACTlL-A0SmI490.pdf","https://tps.ybj.hunan.gov.cn/tps-local/XMHXgroupYPCZ/M00/A4/CA/rBIBUGi47n6AIgtyAAP2ielqUvg771.pdf","https://tps.ybj.hunan.gov.cn/tps-local/XMHXgroupYPCZ/M00/A4/CA/rBIBUGi47oqAIXE0AAMbhbiAicA014.pdf","每粒装0.5g",48,16.38,"https://tps.ybj.hunan.gov.cn/tps-local/XMHXgroupYPCZ/M00/A4/CA/rBIBUGi47kyAJzkwAAGpzTM6gco028.pdf",16,16,"河北华仁堂药业有限公司",49.15,{"v":16.3833333333333,"d":"16.3833"},{"v":23.592,"d":"23.5920"},null,{"v":1.02395833333333,"d":"1.0240"},49.15]
[179,"ZZ01AAF0146020103978","扶正散结合剂","国产","合剂","250ml","三株福尔制药有限公司","250ml×1瓶",1,"玻璃瓶","瓶","国药准字B20040009","广西壮族自治区","ZZ01AAF0146020103978",598,"250ml",598,1,"黑龙江省","ZZ01AAF0146020103978",598,"250ml",598,1,"贵州省","ZZ01AAF0146020103978",598,598,"https://tps.ybj.hunan.gov.cn/tps-local/XMHXgroupYPCZ/M00/A4/C5/rBIBUGi45Y-ALGzZAAIZ6sZXOqQ082.pdf","https://tps.ybj.hunan.gov.cn/tps-local/XMHXgroupYPCZ/M00/A4/C5/rBIBUGi45eSAf59HAAFW_20T33Y312.pdf","https://tps.ybj.hunan.gov.cn/tps-local/XMHXgroupYPCZ/M00/A4/C6/rBIBUGi45nWACsDeAAGiFBpfNeI925.pdf","250ml",1,53820,"https://tps.ybj.hunan.gov.cn/tps-local/XMHXgroupYPCZ/M00/A4/C6/rBIBUGi45taAcm27AAy9l11sT5g240.pdf",90,90,"三株福尔制药有限公司",598,{"$nulls":3},{"v":598,"d":"598.0000"},598]
[180,"ZA16BAT0268010103496","痛风舒片","国产","片剂(薄膜衣)","每片重0.35g","吉林益民堂制药有限公司","每片重0.35g×24片/盒",24,"药用铝塑板","片","国药准字Z20090315","西藏自治区","ZA16BAT0268010103496",23.5,"每片重0.35g",0.9792,24,"四川省","ZA16BAT0268010103496",23.52,"每片重0.35g",0.98,24,"广西壮族自治区","ZA16BAT0268010103496",23.5,0.9792,"https://tps.ybj.hunan.gov.cn/tps-local/XMHXgroupYPCZ/M00/A4/C9/rBIBUGi47KGAKFWnAAOrTVOmbtc735.pdf","https://tps.ybj.hunan.gov.cn/tps-local/XMHXgroupYPCZ/M00/A4/CA/rBIBUGi47WiAfP4wAAT6AQuBnSE717.pdf","https://tps.ybj.hunan.gov.cn/tps-local/XMHXgroupYPCZ/M00/A4/CA/rBIBUGi47dSAH9h_AAYJolFiFS8619.pdf","每片重0.35g",24,8.81,"https://tps.ybj.hunan.gov.cn/tps-local/XMHXgroupYPCZ/M00/A4/CA/rBIBUGi47xeAYT95AANRMMKdhJg056.pdf",6,12,"吉林益民堂制药有限公司",23.5,{"v":15,"d":"15.0000"},{"v":12,"d":"12.0000"},null,{"v":0.979166666666667,"d":"0.9792"},23.5]
[181,"ZA04CCY0227010103496","胰胆舒胶囊","国产","胶囊剂","每粒装0.5g","吉林益民堂制药有限公司","每粒装0.5g×24粒/盒",24,"药用铝塑板","粒","国药准字Z20080558","西藏自治区","ZA04CCY0227010103496",35.26,"每粒装0.5g",1.4692,24,"四川省","ZA04CCY0227010103496",36.36,"每粒装0.5g",1.515,24,"广西壮族自治区","ZA04CCY0227010103496",35.26,1.4692,"https://tps.ybj.hunan.gov.cn/tps-local/XMHXgroupYPCZ/M00/A4/CB/rBIBUGi4752AQtOwAAOrTVOmbtc712.pdf","https://tps.ybj.hunan.gov.cn/tps-local/XMHXgroupYPCZ/M00/A4/CB/rBIBUGi48H-AZddzAAT6AQuBnSE116.pdf","https://tps.ybj.hunan.gov.cn/tps-local/XMHXgroupYPCZ/M00/A4/CC/rBIBUGi48PyANxZeAAYJolFiFS8897.pdf","每粒装0.5g",24,14.69,"https://tps.ybj.hunan.gov.cn/tps-local/XMHXgroupYPCZ/M00/A4/CC/rBIBUGi48g6AFlVoAANA0DaQGIg718.pdf",8,12,"吉林益民堂制药有限公司",35.26,{"v":19.15625,"d":"19.1563"},{"v":22.068,"d":"22.0680"},null,{"v":1.46916666666667,"d":"1.4692"},35.26]
[182,"ZA05BAX0157010203040","香砂养胃丸","国产","水丸","每袋装6g","河南百年康鑫药业有限公司","每袋装6g×10袋/盒",10,"药品包装用复合膜","袋","国药准字Z41021255","云南省","ZA05BAX0157010203040",15,"每袋装6g",1.5,10,"安徽省","ZA05BAX0157010203040",15,"每袋装6g",1.5,10,"江西省","ZA05BAX0157010203040",15,1.5,"https://tps.ybj.hunan.gov.cn/tps-local/XMHXgroupYPCZ/M00/A5/09/rBIBUGi5SYCAdRAdAAyK0tAQuAU505.jpg","https://tps.ybj.hunan.gov.cn/tps-local/XMHXgroupYPCZ/M00/A5/09/rBIBUGi5SYOAJachAArupC_wPqw159.jpg","https://tps.ybj.hunan.gov.cn/tps-local/XMHXgroupYPCZ/M00/A5/09/rBIBUGi5SYmAX6xQAAk3l8YExQ4823.jpg","每袋装6g",10,4.5,"https://tps.ybj.hunan.gov.cn/tps-local/XMHXgroupYPCZ/M00/A5/09/rBIBUGi5SZaAGTO3ABR3DjRhyO0905.jpg",3,3,"河南百年康鑫药业有限公司",15,{"v":21.6666666666667,"d":"21.6667"},{"v":17.3333333333333,"d":"17.3333"},null,{"v":1.5,"d":"1.5000"},15]
[183,"ZA09ABQ0136010103496","启脾口服液","国产","口服液","每支装10ml","吉林益民堂制药有限公司","每支装10ml×6支/盒",6,"药用管制口服液瓶","支","国药准字Z19980092","广西壮族自治区","ZA09ABQ0136010103496",56.78,"每支装10ml",9.4633,6,"辽宁省","ZA09ABQ0136010103496",56.78,"每支装10ml",9.4633,6,"宁夏回族自治区","ZA09ABQ0136010103496",56.78,9.4633,"https://tps.ybj.hunan.gov.cn/tps-local/XMHXgroupYPCZ/M00/A4/CF/rBIBUGi49WKABZUYAAYJolFiFS8204.pdf","https://tps.ybj.hunan.gov.cn/tps-local/XMHXgroupYPCZ/M00/A4/CF/rBIBUGi49h-ASru8AAQxlepYZSw507.pdf","https://tps.ybj.hunan.gov.cn/tps-local/XMHXgroupYPCZ/M00/A4/CF/rBIBUGi49kmAAthpAAXSjPPYrzE122.pdf","每支装10ml",6,236.58,"https://tps.ybj.hunan.gov.cn/tps-local/XMHXgroupYPCZ/M00/A4/D0/rBIBUGi4-FaAG-v5AANrUCuzLoc922.pdf",20,30,"吉林益民堂制药有限公司",56.78,{"$nulls":3},{"v":9.46333333333333,"d":"9.4633"},56.78]
[184,"ZG02BAG0300010104574","骨质宁搽剂","国产","搽剂","每瓶装100ml(每1ml相当于饮片1.03g)","浙江景岳堂药业有限公司","每瓶装100ml(每1ml相当于饮片1.03g)×1瓶/盒",1,"聚乙烯喷雾瓶装","瓶","国药准字Z20055076","安徽省","ZG02BAG0300010104574",22.49,"每瓶装100ml(每1ml相当于饮片1.03g)",22.49,1,"广西壮族自治区","ZG02BAG0300010104574",22.49,"每瓶装100ml(每1ml相当于饮片1.03g)",22.49,1,"贵州省","ZG02BAG0300010104574",22.49,22.49,"https://tps.ybj.hunan.gov.cn/tps-local/XMHXgroupYPCZ/M00/A4/CB/rBIBUGi48DaAOPOwAAKyzR2exoI694.jpg","https://tps.ybj.hunan.gov.cn/tps-local/XMHXgroupYPCZ/M00/A4/CB/rBIBUGi48HuAcEesAAL86rLJ3aU018.jpg","https://tps.ybj.hunan.gov.cn/tps-local/XMHXgroupYPCZ/M00/A4/CB/rBIBUGi48JOAGRpWAAKnVZboPpM513.jpg","每瓶装100ml(每1ml相当于饮片1.03g)",1,1.69,"https://tps.ybj.hunan.gov.cn/tps-local/XMHXgroupYPCZ/M00/A4/CD/rBIBUGi48qeALluMAE4XaPK4E9Q074.jpg",0.05,0.1,"浙江景岳堂药业有限公司",22.49,{"v":3.738,"d":"3.7380"},2.9904,null,{"v":22.49,"d":"22.4900"},22.49]
[185,"ZA05AAQ0322010281060","清艾条","国产","灸剂","每支重25g","河北药王集团股份有限公司","每支重25g×1支/袋",1,"聚乙烯塑料袋","支","国药准字Z20194050","河北省","ZA05AAQ0322010281060",2.9,"每支重25g",2.9,1,"江苏省","ZA05AAQ0322010281060",2.9,"每支重25g",2.9,1,"江西省","ZA05AAQ0322010281060",2.9,2.9,"https://tps.ybj.hunan.gov.cn/tps-local/XMHXgroupYPCZ/M00/A4/D4/rBIBUGi4_kGADpGOAAJKtD683cE390.jpg","https://tps.ybj.hunan.gov.cn/tps-local/XMHXgroupYPCZ/M00/A4/D4/rBIBUGi4_mKAIdJ9AAK4f01by0I336.jpg","https://tps.ybj.hunan.gov.cn/tps-local/XMHXgroupYPCZ/M00/A4/D4/rBIBUGi4_oSAE9zVAAJwJjc9uKg786.jpg","每支重25g",1,7.25,"https://tps.ybj.hunan.gov.cn/tps-local/XMHXgroupYPCZ/M00/A4/D4/rBIBUGi4_tKAPwjjABQ47vt5gBI381.pdf",2,3,"河北药王集团股份有限公司",2.9,{"v":12.9,"d":"12.9000"},{"v":10.32,"d":"10.3200"},null,{"v":2.9,"d":"2.9000"},2.9]
[186,"ZA16AAY0167010381060","药艾条","国产","熏蒸剂","每支重28g","河北药王集团股份有限公司","每支重28g×1支/袋",1,"塑料袋","支","国药准字Z20194051","河北省","ZA16AAY0167010381060",2.95,"每支重28g",2.95,1,"江西省","ZA16AAY0167010381060",2.95,"每支重28g",2.95,1,"广西壮族自治区","ZA16AAY0167010381060",2.95,2.95,"https://tps.ybj.hunan.gov.cn/tps-local/XMHXgroupYPCZ/M00/A4/D7/rBIBUGi5AQKAFSLAAAJUuRjNFKQ464.jpg","https://tps.ybj.hunan.gov.cn/tps-local/XMHXgroupYPCZ/M00/A4/D7/rBIBUGi5AQmARiw1AAJqLlCOdak056.jpg","https://tps.ybj.hunan.gov.cn/tps-local/XMHXgroupYPCZ/M00/A4/D7/rBIBUGi5ARiAPEhoAAIlJNF2ij4225.jpg","每支重28g",1,7.38,"https://tps.ybj.hunan.gov.cn/tps-local/XMHXgroupYPCZ/M00/A4/D7/rBIBUGi5APaAHR8IABY_pi4saCA074.pdf",2,3,"河北药王集团股份有限公司",2.95,{"v":14.95,"d":"14.9500"},{"v":11.96,"d":"11.9600"},null,{"v":2.95,"d":"2.9500"},2.95]
[187,"ZF03AAX0793010802088","玄麦甘桔颗粒","国产","颗粒剂","每袋装10g","四川省迪威药业有限责任公司","每袋装10g×20袋",20,"药品包装用复合膜","袋","国药准字Z51021916","广东省","ZF03AAX0793010802088",20,"每袋装10g",1,20,"广西壮族自治区","ZF03AAX0793010802088",20,"每袋装10g",1,20,"江西省","ZF03AAX0793010802088",20,1,"https://tps.ybj.hunan.gov.cn/tps-local/XMHXgroupYPCZ/M00/A4/D9/rBIBUGi5BM6AJPjRAAFAXjGvjlc203.pdf","https://tps.ybj.hunan.gov.cn/tps-local/XMHXgroupYPCZ/M00/A4/D9/rBIBUGi5BNOAJL63AAEMBANz0HA128.pdf","https://tps.ybj.hunan.gov.cn/tps-local/XMHXgroupYPCZ/M00/A4/D9/rBIBUGi5BNiAd8N4AAC0QxRFOO8537.pdf","每袋装10g",20,3.5,"https://tps.ybj.hunan.gov.cn/tps-local/XMHXgroupYPCZ/M00/A4/D9/rBIBUGi5BPSAdeZxAAOhERmo5kk053.jpg",3,4,"四川省迪威药业有限责任公司",20,4.9875,{"v":3.99,"d":"3.9900"},null,{"v":1,"d":"1.0000"},20]
[188,"ZA04BAX0061010502088","夏桑菊颗粒","国产","颗粒剂","每袋装10g","四川省迪威药业有限责任公司","每袋装10g×20袋",20,"药品包装用复合膜","袋","国药准字Z51021915","广东省","ZA04BAX0061010502088",12,"每袋装10g",0.6,20,"广西壮族自治区","ZA04BAX0061010502088",12,"每袋装10g",0.6,20,"江西省","ZA04BAX0061010502088",12,0.6,"https://tps.ybj.hunan.gov.cn/tps-local/XMHXgroupYPCZ/M00/A4/DA/rBIBUGi5BlGAQPJPAAFz7se-6do274.pdf","https://tps.ybj.hunan.gov.cn/tps-local/XMHXgroupYPCZ/M00/A4/DA/rBIBUGi5BlWAQ6O5AAENdeUsHpw872.pdf","https://tps.ybj.hunan.gov.cn/tps-local/XMHXgroupYPCZ/M00/A4/DA/rBIBUGi5BlmALfYdAAC0W_EIY6M402.pdf","每袋装10g",20,2.7,"https://tps.ybj.hunan.gov.cn/tps-local/XMHXgroupYPCZ/M00/A4/DA/rBIBUGi5Bj2AVpzvAAO0FUfGzf4275.jpg",3,6,"四川省迪威药业有限责任公司",12,{"v":4.61025,"d":"4.6103"},3.6882,null,{"v":0.6,"d":"0.6000"},12]
[189,"ZA04BAF0298010702088","复方板蓝根颗粒","国产","颗粒剂","每袋装15g(相当原生药15g)","四川省迪威药业有限责任公司","每袋装15g(相当原生药15g)×20袋",20,"药品包装用复合膜","袋","国药准字Z51022314","广东省","ZA04BAF0298010702088",18,"每袋装15g(相当原生药15g)",0.9,20,"广西壮族自治区","ZA04BAF0298010702088",18,"每袋装15g(相当原生药15g)",0.9,20,"江西省","ZA04BAF0298010702088",18,0.9,"https://tps.ybj.hunan.gov.cn/tps-local/XMHXgroupYPCZ/M00/A4/DA/rBIBUGi5BsiAedqSAAF2mdZq-4w954.pdf","https://tps.ybj.hunan.gov.cn/tps-local/XMHXgroupYPCZ/M00/A4/DA/rBIBUGi5BsyAFGI3AAE0579IR5A054.pdf","https://tps.ybj.hunan.gov.cn/tps-local/XMHXgroupYPCZ/M00/A4/DA/rBIBUGi5Bs-AcKj2AACzjmWXbco478.pdf","每袋装15g(相当原生药15g)",20,1.8,"https://tps.ybj.hunan.gov.cn/tps-local/XMHXgroupYPCZ/M00/A4/DA/rBIBUGi5Bu2AGbNRAAOs_UvMrJE648.jpg",1,3,"四川省迪威药业有限责任公司",18,{"v":8.99571428571429,"d":"8.9957"},{"v":7.19657142857143,"d":"7.1966"},null,{"v":0.9,"d":"0.9000"},18]
[190,"ZG02BAS1069010102217","麝香舒活搽剂","国产","搽剂","每瓶装50ml(人工麝香)","四川省迪威药业有限责任公司","每瓶装50ml(人工麝香)×1瓶/盒",1,"药用聚酯瓶","瓶","国药准字Z20064088","广西壮族自治区","ZG02BAS1069010102217",39,"每瓶装50ml(人工麝香)",39,1,"江西省","ZG02BAS1069010102217",39,"每瓶装50ml(人工麝香)",39,1,"河北省","ZG02BAS1069010102217",49,49,"https://tps.ybj.hunan.gov.cn/tps-local/XMHXgroupYPCZ/M00/A4/DC/rBIBUGi5DH-AKqq8AAExLWoDCxk572.pdf","https://tps.ybj.hunan.gov.cn/tps-local/XMHXgroupYPCZ/M00/A4/DD/rBIBUGi5DISAFuSgAACyfV6bZNk859.pdf","https://tps.ybj.hunan.gov.cn/tps-local/XMHXgroupYPCZ/M00/A4/DC/rBIBUGi5C_iAHgRsAAFwhuVFg_I274.pdf","每瓶装50ml(人工麝香)",1,4.68,"https://tps.ybj.hunan.gov.cn/tps-local/XMHXgroupYPCZ/M00/A4/DA/rBIBUGi5B2mAduTQABg_2tcaq0c906.jpg",0.06,0.18,"四川省迪威药业有限责任公司",39,{"v":28.59,"d":"28.5900"},{"v":22.872,"d":"22.8720"},null,{"v":39,"d":"39.0000"},39]
[191,"ZA09DBY0382010102454","益肾灵胶囊","国产","胶囊剂","每粒装0.33g","西安阿房宫药业股份有限公司","每粒装0.33g×24粒/盒",24,"铝塑板","粒","国药准字Z10970081","陕西省","ZA09DBY0382010102454",34,"每粒装0.33g",1.4167,24,"湖北省","ZA09DBY0382010102454",34,"每粒装0.33g",1.4167,24,"贵州省","ZA09DBY0382010102454",34,1.4167,"https://tps.ybj.hunan.gov.cn/tps-local/XMHXgroupYPCZ/M00/A4/DB/rBIBUGi5CE2AF6uYAAkMx9J1szU763.pdf","https://tps.ybj.hunan.gov.cn/tps-local/XMHXgroupYPCZ/M00/A4/DB/rBIBUGi5CHyAT4ptAAh_QBrkqaE708.pdf","https://tps.ybj.hunan.gov.cn/tps-local/XMHXgroupYPCZ/M00/A4/DB/rBIBUGi5CK-AEK0JAAjZeBlODlQ052.pdf","每粒装0.33g",24,14.88,"https://tps.ybj.hunan.gov.cn/tps-local/XMHXgroupYPCZ/M00/A4/DA/rBIBUGi5B7-AKouBAAJLSj0pkYA773.pdf",9,12,"西安阿房宫药业股份有限公司",34,{"v":34,"d":"34.0000"},{"v":39.168,"d":"39.1680"},null,{"v":1.41666666666667,"d":"1.4167"},34]
[192,"ZA04BAF0343010104198","复方大青叶合剂","国产","合剂","每支装10ml","山东岳草堂药业有限公司","每支装10ml×6瓶/盒",6,"玻璃瓶","瓶","国药准字Z37021206","广西壮族自治区","ZA04BAF0343010104198",48,"每支装10ml",8,6,"贵州省","ZA04BAF0343010104198",48,"每支装10ml",8,6,"江苏省","ZA04BAF0343010104198",48,8,"https://tps.ybj.hunan.gov.cn/tps-local/XMHXgroupYPCZ/M00/A4/EA/rBIBUGi5JdSAL4sNAAPPSWPsUco761.jpg","https://tps.ybj.hunan.gov.cn/tps-local/XMHXgroupYPCZ/M00/A4/EA/rBIBUGi5JfqACZ8LAAWdS1ATJNM361.jpg","https://tps.ybj.hunan.gov.cn/tps-local/XMHXgroupYPCZ/M00/A4/EA/rBIBUGi5JgCAYRrgAAKajPh3Qbk734.jpg","每支装10ml",6,20,"https://tps.ybj.hunan.gov.cn/tps-local/XMHXgroupYPCZ/M00/A4/E9/rBIBUGi5JX-AWHP9AAXeyO0w_0Q090.pdf",2,3,"山东岳草堂药业有限公司",48,{"v":46,"d":"46.0000"},{"v":36.8,"d":"36.8000"},null,{"v":8,"d":"8.0000"},48]
[193,"ZA04BAX0697010104198","新复方大青叶片","国产","片剂","每片含复方大青叶提取物200mg,对乙醚氨基酚75mg;咖啡因7.5mg;异戊巴比妥7.5mg;维生素C10mg","山东岳草堂药业有限公司","每片含复方大青叶提取物200mg,对乙醚氨基酚75mg;咖啡因7.5mg;异戊巴比妥7.5mg;维生素C10mg×24片/盒",24,"铝塑板","片","国药准字Z37021229","云南省","ZA04BAX0697010104198",17.14,"每片含复方大青叶提取物200mg,对乙醚氨基酚75mg;咖啡因7.5mg;异戊巴比妥7.5mg;维生素C10mg",0.7142,24,"江西省","ZA04BAX0697010104198",17.14,"每片含复方大青叶提取物200mg,对乙醚氨基酚75mg;咖啡因7.5mg;异戊巴比妥7.5mg;维生素C10mg",0.7142,24,"广西壮族自治区","ZA04BAX0697010104198",17.14,0.7142,"https://tps.ybj.hunan.gov.cn/tps-local/XMHXgroupYPCZ/M00/A4/EA/rBIBUGi5Jm2Aa8EDAAHs2-i47nQ093.jpg","https://tps.ybj.hunan.gov.cn/tps-local/XMHXgroupYPCZ/M00/A4/EA/rBIBUGi5JpeAKWnTAADB1g2Y1SU776.pdf","https://tps.ybj.hunan.gov.cn/tps-local/XMHXgroupYPCZ/M00/A4/EA/rBIBUGi5JqeAGBbQAAIQvtDpJPo637.jpg","每片含复方大青叶提取物200mg,对乙醚氨基酚75mg;咖啡因7.5mg;异戊巴比妥7.5mg;维生素C10mg",24,2.14,"https://tps.ybj.hunan.gov.cn/tps-local/XMHXgroupYPCZ/M00/A4/EA/rBIBUGi5Jy-AUZ6CAD_QYql3N2w531.jpg",3,3,"山东岳草堂药业有限公司",17.14,{"$nulls":3},{"v":0.714166666666667,"d":"0.7142"},17.14]
[194,"ZA06CAP0035010104198","枇杷止咳颗粒","国产","颗粒剂","每袋装3g","山东岳草堂药业有限公司","每袋装3g×10袋/盒",10,"药用复合膜","袋","国药准字Z37021234","辽宁省","ZA06CAP0035010104198",16.6,"每袋装3g",1.66,10,"贵州省","ZA06CAP0035010104198",16.6,"每袋装3g",1.66,10,"陕西省","ZA06CAP0035010104198",16.6,1.66,"https://tps.ybj.hunan.gov.cn/tps-local/XMHXgroupYPCZ/M00/A4/E9/rBIBUGi5JIaAFWzpAAPK-T1OBbM175.jpg","https://tps.ybj.hunan.gov.cn/tps-local/XMHXgroupYPCZ/M00/A4/E9/rBIBUGi5JNKAKqSGAAWdS1ATJNM566.jpg","https://tps.ybj.hunan.gov.cn/tps-local/XMHXgroupYPCZ/M00/A4/E9/rBIBUGi5JOGAAmzpAAYWfzG9ads370.jpg","每袋装3g",10,4.15,"https://tps.ybj.hunan.gov.cn/tps-local/XMHXgroupYPCZ/M00/A4/E9/rBIBUGi5JUuAWzB_AAVIWk7u2kQ639.pdf",2,3,"山东岳草堂药业有限公司",16.6,{"v":4.5,"d":"4.5000"},{"v":3.6,"d":"3.6000"},null,{"v":1.44,"d":"1.4400"},14.4]
[195,"ZF03AAQ0369010204198","清喉咽颗粒","国产","颗粒剂","每袋装18g","山东岳草堂药业有限公司","每袋装18g×9袋/盒",9,"药用复合膜","袋","国药准字Z37021228","浙江省","ZF03AAQ0369010204198",61.95,"每袋装18g",6.8833,9,"江苏省","ZF03AAQ0369010204198",61.95,"每袋装18g",6.8833,9,"广西壮族自治区","ZF03AAQ0369010204198",68,7.5556,"https://tps.ybj.hunan.gov.cn/tps-local/XMHXgroupYPCZ/M00/A4/E7/rBIBUGi5IQSAJhE2AAORn0nJE6o475.jpg","https://tps.ybj.hunan.gov.cn/tps-local/XMHXgroupYPCZ/M00/A4/E8/rBIBUGi5ITGAa9p0AAJF8BhLRds313.jpg","https://tps.ybj.hunan.gov.cn/tps-local/XMHXgroupYPCZ/M00/A4/E8/rBIBUGi5IeeATA2CAAZS3ljpuTI078.jpg","每袋装18g",9,17.21,"https://tps.ybj.hunan.gov.cn/tps-local/XMHXgroupYPCZ/M00/A4/E8/rBIBUGi5ItGAP_NmAAabecJQny0338.pdf",2,3,"山东岳草堂药业有限公司",61.95,{"v":56.6666666666667,"d":"56.6667"},{"v":45.3333333333333,"d":"45.3333"},null,{"v":6.88333333333333,"d":"6.8833"},61.95]
[196,"ZA04BAB0189010204198","板蓝根颗粒","国产","颗粒剂","每袋装10g","山东岳草堂药业有限公司","每袋装10g×6袋/盒",6,"药用复合膜","袋","国药准字Z37021225","广西壮族自治区","ZA04BAB0189010204198",4.26,"每袋装10g",0.71,6,"山东省","ZA04BAB0189010204198",4.26,"每袋装10g",0.71,6,"重庆市","ZA04BAB0189010204198",4.26,0.71,"https://tps.ybj.hunan.gov.cn/tps-local/XMHXgroupYPCZ/M00/A4/EE/rBIBUGi5KhCAAapLAAB6NDUin9E590.pdf","https://tps.ybj.hunan.gov.cn/tps-local/XMHXgroupYPCZ/M00/A4/EE/rBIBUGi5Kl-ACt6IAAEcj3rnH30342.jpg","https://tps.ybj.hunan.gov.cn/tps-local/XMHXgroupYPCZ/M00/A4/EE/rBIBUGi5KmeAa0ErAAJfsye9pMM521.jpg","每袋装10g",6,2.13,"https://tps.ybj.hunan.gov.cn/tps-local/XMHXgroupYPCZ/M00/A4/EF/rBIBUGi5KsqAbpA1AAT00LMPsio887.pdf",3,3,"山东岳草堂药业有限公司",4.26,{"v":17.809,"d":"17.8090"},14.2472,null,{"v":0.71,"d":"0.7100"},4.26]
[197,"ZA09ABX0898010404198","小儿腹泻宁糖浆","国产","糖浆剂","10ml","山东岳草堂药业有限公司","10ml×8支/盒",8,"玻璃瓶","支","国药准字Z37021212","江苏省","ZA09ABX0898010404198",48,"10ml",6,8,"陕西省","ZA09ABX0898010404198",48,"10ml",6,8,"广西壮族自治区","ZA09ABX0898010404198",48,6,"https://tps.ybj.hunan.gov.cn/tps-local/XMHXgroupYPCZ/M00/A4/EC/rBIBUGi5KE-AFlBmAAImBe5Bv7c905.jpg","https://tps.ybj.hunan.gov.cn/tps-local/XMHXgroupYPCZ/M00/A4/EC/rBIBUGi5KF2AO_BsAAOQ5X5BvV0271.jpg","https://tps.ybj.hunan.gov.cn/tps-local/XMHXgroupYPCZ/M00/A4/EC/rBIBUGi5KIyAB8UuAAPPSWPsUco263.jpg","10ml",8,15,"https://tps.ybj.hunan.gov.cn/tps-local/XMHXgroupYPCZ/M00/A4/ED/rBIBUGi5KR-ASQWiAA64gYgbgKQ996.jpg",2,3,"山东岳草堂药业有限公司",48,{"v":290,"d":"290.0000"},{"v":232,"d":"232.0000"},null,{"v":6,"d":"6.0000"},48]
[198,"ZF03AAQ0368010104198","清喉咽合剂","国产","合剂","每支装10ml","山东岳草堂药业有限公司","每支装10ml×6瓶/盒",6,"玻璃瓶","瓶","国药准字Z37021211","广西壮族自治区","ZF03AAQ0368010104198",60,"每支装10ml",10,6,"黑龙江省","ZF03AAQ0368010104198",60,"每支装10ml",10,6,"重庆市","ZF03AAQ0368010104198",60,10,"https://tps.ybj.hunan.gov.cn/tps-local/XMHXgroupYPCZ/M00/A4/E8/rBIBUGi5I9GAOpmpAANS1D-k_1A299.jpg","https://tps.ybj.hunan.gov.cn/tps-local/XMHXgroupYPCZ/M00/A4/E8/rBIBUGi5I9yAPRRnAAYay14yEQ4408.pdf","https://tps.ybj.hunan.gov.cn/tps-local/XMHXgroupYPCZ/M00/A4/E8/rBIBUGi5I_qAHMu9AAJfsye9pMM707.jpg","每支装10ml",6,30,"https://tps.ybj.hunan.gov.cn/tps-local/XMHXgroupYPCZ/M00/A4/E8/rBIBUGi5I76ALVqjAAVJO36zi_I871.jpg",3,3,"山东岳草堂药业有限公司",60,{"v":37.5,"d":"37.5000"},{"v":30,"d":"30.0000"},null,{"v":10,"d":"10.0000"},60]
[199,"ZA04AAY0212010105558","一清颗粒","国产","颗粒剂","每袋装7.5g","贵州百灵企业集团正鑫药业有限公司","每袋装7.5g×12袋/盒",12,"复合膜袋包装","袋","国药准字Z20055404","四川省","ZA04AAY0212010105558",13.5,"每袋装7.5g",1.125,12,"安徽省","ZA04AAY0212010105558",13.5,"每袋装7.5g",1.125,12,"云南省","ZA04AAY0212010105558",13.89,1.1575,"https://tps.ybj.hunan.gov.cn/tps-local/XMHXgroupYPCZ/M00/A6/44/rBIBUGjBLSGARLBdACDkmF_XRVI957.jpg","https://tps.ybj.hunan.gov.cn/tps-local/XMHXgroupYPCZ/M00/A6/44/rBIBUGjBLSaAaqKbACE9kaT9BNI771.jpg","https://tps.ybj.hunan.gov.cn/tps-local/XMHXgroupYPCZ/M00/A6/44/rBIBUGjBLSuAb2koAB8dfmfgrFI146.jpg","每袋装7.5g",12,3.94,"https://tps.ybj.hunan.gov.cn/tps-local/XMHXgroupYPCZ/M00/A6/44/rBIBUGjBLVGAeoyMAAIdIowNx8I133.jpg",3,4,"贵州百灵企业集团正鑫药业有限公司",13.5,{"v":28,"d":"28.0000"},{"v":22.4,"d":"22.4000"},null,{"v":1.125,"d":"1.1250"},13.5]
[200,"ZA06BBQ0240110104422","强力枇杷露","国产","糖浆剂","250ml/瓶,每1毫升相当于饮片0.155克,含薄荷脑0.15毫克。","回音必集团安徽制药有限公司","250ml/瓶,每1毫升相当于饮片0.155克,含薄荷脑0.15毫克。×2瓶/盒",2,"塑料瓶装","瓶","国药准字Z34020774","浙江省","ZA06BBQ0240110104422",42.2,"250ml/瓶,每1毫升相当于饮片0.155克,含薄荷脑0.15毫克。",21.1,2,"江苏省","ZA06BBQ0240060104422",21.1,"250ml/瓶,每1毫升相当于饮片0.155克,含薄荷脑0.15毫克",21.1,1,"广西壮族自治区","ZA06BBQ0240060104422",21.1,21.1,"https://tps.ybj.hunan.gov.cn/tps-local/XMHXgroupYPCZ/M00/A5/EF/rBIBUGi_vzuAdaHvAAPTtA_7OKw164.pdf","https://tps.ybj.hunan.gov.cn/tps-local/XMHXgroupYPCZ/M00/A5/EF/rBIBUGi_v4-AbHH4AAQKF32DPZg240.pdf","https://tps.ybj.hunan.gov.cn/tps-local/XMHXgroupYPCZ/M00/A5/F0/rBIBUGi_wAaABpDkAAPU2WaUuy4167.pdf","250ml/瓶,每1毫升相当于饮片0.155克,含薄荷脑0.15毫克",1,3.8,"https://tps.ybj.hunan.gov.cn/tps-local/XMHXgroupYPCZ/M00/A5/F0/rBIBUGi_wByAf2uWAAgWJGU6YLY108.pdf",0.18,0.18,"回音必集团安徽制药有限公司",42.2,{"v":12.564,"d":"12.5640"},10.0512,null,{"v":21.1,"d":"21.1000"},42.2]
[201,"ZA15BAQ0417020105136","清脑降压片","国产","薄膜衣片","每片重0.33g","广西壮族自治区药物研究所有限公司","每片重0.33g×54片/盒",54,"聚氯乙烯固体药用硬片和药品包装用铝箔(即PVC铝箔)","片","国药准字Z20063938","广东省","ZA15BAQ0417020105136",19.71,"每片重0.33g",0.365,54,"广西壮族自治区","ZA15BAQ0417020105136",19.71,"每片重0.33g",0.365,54,"浙江省","ZA15BAQ0417020105136",19.71,0.365,"https://tps.ybj.hunan.gov.cn/tps-local/XMHXgroupYPCZ/M00/A5/13/rBIBUGi5U0OATDA_AAHBSEuvqcI145.pdf","https://tps.ybj.hunan.gov.cn/tps-local/XMHXgroupYPCZ/M00/A5/13/rBIBUGi5U0eAE4kHAAG1935yXDg216.pdf","https://tps.ybj.hunan.gov.cn/tps-local/XMHXgroupYPCZ/M00/A5/13/rBIBUGi5U0qAQSdtAAHKcLCh1q8916.pdf","每片重0.33g",54,5.48,"https://tps.ybj.hunan.gov.cn/tps-local/XMHXgroupYPCZ/M00/A5/13/rBIBUGi5U3KAK21dAALYQ8nuc6U685.png",12,18,"广西壮族自治区药物研究所有限公司",19.71,{"v":7.25,"d":"7.2500"},{"v":5.8,"d":"5.8000"},null,{"v":0.365,"d":"0.3650"},19.71]
[202,"ZA12AAY0420010103022","益心通脉颗粒","国产","颗粒剂","每袋装10g","河南辅仁堂制药有限公司","每袋装10g×9袋/盒",9,"聚酯/铝/聚乙烯药用复合膜","袋","国药准字Z10980093","贵州省","ZA12AAY0420010103022",198,"每袋装10g",22,9,"云南省","ZA12AAY0420010103022",198,"每袋装10g",22,9,"陕西省","ZA12AAY0420010103022",198,22,"https://tps.ybj.hunan.gov.cn/tps-local/XMHXgroupYPCZ/M00/A5/05/rBIBUGi5RcuAW9ohAANikVNDdWQ588.jpg","https://tps.ybj.hunan.gov.cn/tps-local/XMHXgroupYPCZ/M00/A5/05/rBIBUGi5RgmAMbq2AAN5GBQ1v_c898.jpg","https://tps.ybj.hunan.gov.cn/tps-local/XMHXgroupYPCZ/M00/A5/06/rBIBUGi5RjaAKe2qAAM33Z-JvXo740.jpg","每袋装10g",9,66,"https://tps.ybj.hunan.gov.cn/tps-local/XMHXgroupYPCZ/M00/A5/06/rBIBUGi5Rs2AFVkZAByC-ZUSoEY569.jpg",3,3,"河南辅仁堂制药有限公司",198,{"$nulls":3},{"v":22,"d":"22.0000"},198]
[203,"ZA16DAJ0006010103008","鸡矢藤注射液","国产","注射剂","每支装2ml","河南同源制药有限公司","每支装2ml×1支",1,"低硼硅玻璃安瓿","支","国药准字Z20026421","吉林省","ZA16DAJ0006010103008",98.9,"每支装2ml",98.9,1,"贵州省","ZA16DAJ0006010103008",98.9,"每支装2ml",98.9,1,"湖北省","ZA16DAJ0006010103008",98.9,98.9,"https://tps.ybj.hunan.gov.cn/tps-local/XMHXgroupYPCZ/M00/A5/09/rBIBUGi5SWWAXG4BAAz4sSBj2ns669.jpg","https://tps.ybj.hunan.gov.cn/tps-local/XMHXgroupYPCZ/M00/A5/09/rBIBUGi5SbeAYmKEAA3G7dfyUQM352.jpg","https://tps.ybj.hunan.gov.cn/tps-local/XMHXgroupYPCZ/M00/A5/09/rBIBUGi5SemASh_HAAxxMYkAoJM899.jpg","每支装2ml",1,148.35,"https://tps.ybj.hunan.gov.cn/tps-local/XMHXgroupYPCZ/M00/A5/0A/rBIBUGi5StGAIrXGAExRiUlK_ic154.pdf",1,2,"河南同源制药有限公司",98.9,{"$nulls":3},{"v":98.9,"d":"98.9000"},98.9]
[204,"ZA04BAX0061020100326","夏桑菊颗粒","国产","颗粒剂","每袋装10g","广东新峰药业股份有限公司","每袋装10g×28袋/包",28,"药品包装用复合膜包装","袋","国药准字Z44021012","黑龙江省","ZA04BAX0061020100326",22.4,"每袋装10g",0.8,28,"江西省","ZA04BAX0061020100326",22.4,"每袋装10g",0.8,28,"广西壮族自治区","ZA04BAX0061020100326",22.4,0.8,"https://tps.ybj.hunan.gov.cn/tps-local/XMHXgroupYPCZ/M00/A5/0C/rBIBUGi5TC6AWI3IAAhPpbCs_tg478.jpg","https://tps.ybj.hunan.gov.cn/tps-local/XMHXgroupYPCZ/M00/A5/0B/rBIBUGi5S7uAf5EnAAX4oZJ1mYc261.jpg","https://tps.ybj.hunan.gov.cn/tps-local/XMHXgroupYPCZ/M00/A5/0B/rBIBUGi5S7-AAsuvAAf7hrhJJUk730.jpg","每袋装10g",28,3.6,"https://tps.ybj.hunan.gov.cn/tps-local/XMHXgroupYPCZ/M00/A5/0C/rBIBUGi5TFmAd81nAA506mZaDSk648.jpg",3,6,"广东新峰药业股份有限公司",22.4,{"v":4.61025,"d":"4.6103"},3.6882,null,{"v":0.8,"d":"0.8000"},22.4]
[205,"ZF02AAB0325010102033","鼻渊舒胶囊","国产","胶囊剂(硬胶囊)","每粒装0.3g","成都华神科技集团股份有限公司制药厂","每粒装0.3g×12粒/盒",12,"聚氯乙烯固体药用硬片/药用铝箔","粒","国药准字Z10960026","黑龙江省","ZF02AAB0325010102033",33.73,"每粒装0.3g",2.8108,12,"内蒙古自治区","ZF02AAB0325010102033",33.73,"每粒装0.3g",2.8108,12,"江苏省","ZF02AAB0325010102033",33.73,2.8108,"https://tps.ybj.hunan.gov.cn/tps-local/XMHXgroupYPCZ/M00/A6/0A/rBIBUGi_9EmAX_IvAAMSB-1SEcg669.jpg","https://tps.ybj.hunan.gov.cn/tps-local/XMHXgroupYPCZ/M00/A6/0A/rBIBUGi_9GeAG9boAAKzV7LpAYI254.jpg","https://tps.ybj.hunan.gov.cn/tps-local/XMHXgroupYPCZ/M00/A6/0A/rBIBUGi_9IKACKiHAAMQwb30lKo466.jpg","每粒装0.3g",12,25.3,"https://tps.ybj.hunan.gov.cn/tps-local/XMHXgroupYPCZ/M00/A6/0A/rBIBUGi_9LaAJTJFAANit-ZXxuI910.jpg",9,9,"成都华神科技集团股份有限公司制药厂",33.73,4.6475,{"v":7.52895,"d":"7.5290"},null,{"v":0.83655,"d":"0.8366"},10.04]
[206,"ZA09DAL0367040104915","鹿角胶","国产","胶剂","250克","湖南东健药业有限公司","250克×1盒",1,"PVC硬片、药用铝箔包装","盒","国药准字Z43020572","湖南省","ZA09DAL0367010101812",1080,"250g",1080,1,"重庆市","ZA09DAL0367010101812",1099.17,"250g",1099.17,1,"广东省","ZA09DAL0367010101812",1109.7,1109.7,"https://tps.ybj.hunan.gov.cn/tps-local/XMHXgroupYPCZ/M00/A5/BB/rBIBUGi-lmKAEl53AAfq0L4T7dY583.jpg","https://tps.ybj.hunan.gov.cn/tps-local/XMHXgroupYPCZ/M00/A5/BB/rBIBUGi-lnOAR7GhAAKfMMx4In8091.jpg","https://tps.ybj.hunan.gov.cn/tps-local/XMHXgroupYPCZ/M00/A5/BB/rBIBUGi-lquAQMtWAAtAw91MOF8512.jpg","250g",1,21.6,"https://tps.ybj.hunan.gov.cn/tps-local/XMHXgroupYPCZ/M00/A5/BC/rBIBUGi-lw2AWQGYAB9ez4i-8O4810.jpg",0.01,0.03,"湖南东健药业有限公司",1080,{"v":14.25,"d":"14.2500"},{"v":11.4,"d":"11.4000"},null,{"v":570,"d":"570.0000"},570]
[207,"ZA12BAF0354010305076","复方丹参片","国产","薄膜衣片","薄膜衣片每片重0.32g(相当于饮片0.6g)","广西大力神制药股份有限公司","薄膜衣片每片重0.32g(相当于饮片0.6g)×200片/盒",200,"口服固体药用高密度聚乙烯瓶","片","国药准字Z45022403","辽宁省","ZA12BAF0354010305076",111,"薄膜衣片每片重0.32g(相当于饮片0.6g)",0.555,200,"广西壮族自治区","ZA12BAF0354010305076",111,"薄膜衣片每片重0.32g(相当于饮片0.6g)",0.555,200,"海南省","ZA12BAF0354010305076",111,0.555,"https://tps.ybj.hunan.gov.cn/tps-local/XMHXgroupYPCZ/M00/A5/2C/rBIBUGi6PP2APlNDAA7d4xTfZJU246.pdf","https://tps.ybj.hunan.gov.cn/tps-local/XMHXgroupYPCZ/M00/A5/2C/rBIBUGi6PRaAMZkvAA9O8ToWrfc168.pdf","https://tps.ybj.hunan.gov.cn/tps-local/XMHXgroupYPCZ/M00/A5/2C/rBIBUGi6PTOATE-4ABEMXoelnUU435.pdf","薄膜衣片每片重0.32g(相当于饮片0.6g)",200,5,"https://tps.ybj.hunan.gov.cn/tps-local/XMHXgroupYPCZ/M00/A5/2C/rBIBUGi6PUKAbRnTAAxCz2d1wc0419.jpg",9,9,"广西大力神制药股份有限公司",111,4.9005,3.9204,null,0.4356,87.12]
[208,"ZG02BAJ0565010103905","精制狗皮膏","国产","贴膏剂","6.5cm×10cm","内蒙古科尔沁药业有限公司","6.5cm×10cm×4贴/盒",4,"聚酯/铝/聚乙烯药用复合膜袋包装","贴","国药准字Z15020906","广西壮族自治区","ZG02BAJ0565010103905",75.6,"6.5cm×10cm",18.9,4,"重庆市","ZG02BAJ0565010103905",75.6,"6.5cm×10cm",18.9,4,"四川省","ZG02BAJ0565010103905",75.6,18.9,"https://tps.ybj.hunan.gov.cn/tps-local/XMHXgroupYPCZ/M00/A5/31/rBIBUGi6Rm2AKxyrAAGmzy3lrBE940.pdf","https://tps.ybj.hunan.gov.cn/tps-local/XMHXgroupYPCZ/M00/A5/31/rBIBUGi6RniANpcyAAIVAMN43es256.pdf","https://tps.ybj.hunan.gov.cn/tps-local/XMHXgroupYPCZ/M00/A5/31/rBIBUGi6RoKAaCfgAD6IIdkYleo174.pdf","6.5cm×10cm",4,18.9,"https://tps.ybj.hunan.gov.cn/tps-local/XMHXgroupYPCZ/M00/A5/32/rBIBUGi6RruASEitABwXqBuYMYY235.pdf",1,1,"重庆希尔安药业有限公司",75.6,{"v":19.66,"d":"19.6600"},{"v":15.728,"d":"15.7280"},null,{"v":15.728,"d":"15.7280"},62.91]
[209,"ZA01DAY0620020101061","玉屏风口服液","国产","合剂","每支装10ml","重庆希尔安药业有限公司","每支装10ml×6支/盒",6,"(钠钙/硼硅)玻璃药瓶包装","支","国药准字Z50020356","江西省","ZA01DAY0620020101061",29.99,"每支装10ml",4.9983,6,"陕西省","ZA01DAY0620020101061",29.99,"每支装10ml",4.9983,6,"新疆维吾尔自治区","ZA01DAY0620020101061",29.99,4.9983,"https://tps.ybj.hunan.gov.cn/tps-local/XMHXgroupYPCZ/M00/A5/41/rBIBUGi6e_GAP7QjAAUAnpqZJ34262.pdf","https://tps.ybj.hunan.gov.cn/tps-local/XMHXgroupYPCZ/M00/A5/41/rBIBUGi6fAKAdkvBAAHenaLoR-U369.pdf","https://tps.ybj.hunan.gov.cn/tps-local/XMHXgroupYPCZ/M00/A5/41/rBIBUGi6fBCAYzfGAAHy1EflxVU451.pdf","每支装10ml",6,15,"https://tps.ybj.hunan.gov.cn/tps-local/XMHXgroupYPCZ/M00/A5/41/rBIBUGi6e82AMKe3AAUdjjKD9kw049.jpg",3,3,"重庆希尔安药业有限公司",29.99,{"v":22.95,"d":"22.9500"},{"v":18.36,"d":"18.3600"},null,{"v":4.99833333333333,"d":"4.9983"},29.99]
[210,"ZA06CAC0418020105076","川贝枇杷糖浆","国产","糖浆剂","10毫升/袋","广西大力神制药股份有限公司","10毫升/袋×9袋/盒",9,"聚酯/铝/聚乙烯药用复合膜","袋","国药准字Z45022409","辽宁省","ZA06CAC0418020105076",55,"10毫升/袋",6.1111,9,"吉林省","ZA06CAC0418020105076",54.99,"10毫升/袋",6.11,9,"海南省","ZA06CAC0418020105076",55,6.1111,"https://tps.ybj.hunan.gov.cn/tps-local/XMHXgroupYPCZ/M00/A5/38/rBIBUGi6VVGAdqYjAAXpuYOEouk313.pdf","https://tps.ybj.hunan.gov.cn/tps-local/XMHXgroupYPCZ/M00/A5/38/rBIBUGi6VaeAKHhbAA4IZm4SZCk392.pdf","https://tps.ybj.hunan.gov.cn/tps-local/XMHXgroupYPCZ/M00/A5/38/rBIBUGi6VZuAXTxFAAfUghsYNrA226.pdf","10毫升/袋",9,14.73,"https://tps.ybj.hunan.gov.cn/tps-local/XMHXgroupYPCZ/M00/A5/38/rBIBUGi6VbqAMHQUABJLRRmDE4A246.jpg",3,3,"广西大力神制药股份有限公司",44.19,{"v":14.18,"d":"14.1800"},{"v":11.344,"d":"11.3440"},null,{"v":3.78133333333333,"d":"3.7813"},34.03]
[211,"ZA04BAL0242010301539","六灵解毒丸","国产","丸剂","10粒/支(人工牛黄)","雷允上药业集团有限公司","10粒/支(人工牛黄)×30粒/盒",30,"塑料瓶装","粒","国药准字Z32020915","内蒙古自治区","ZA04BAL0242010301539",36,"10粒/支(人工牛黄)",1.2,30,"山东省","ZA04BAL0242010301539",36,"10粒/支(人工牛黄)",1.2,30,"云南省","ZA04BAL0242010301539",36,1.2,"https://tps.ybj.hunan.gov.cn/tps-local/XMHXgroupYPCZ/M00/A5/47/rBIBUGi6h5yAenJhABfOBX-azIA946.jpg","https://tps.ybj.hunan.gov.cn/tps-local/XMHXgroupYPCZ/M00/A5/47/rBIBUGi6h6KAA_QpAB15ggFNGKA967.jpg","https://tps.ybj.hunan.gov.cn/tps-local/XMHXgroupYPCZ/M00/A5/47/rBIBUGi6h6eAbmfxABzQoNSis_4151.jpg","10粒/支(人工牛黄)",30,12,"https://tps.ybj.hunan.gov.cn/tps-local/XMHXgroupYPCZ/M00/A5/48/rBIBUGi6h_uAWx3MAAcTg7-NqQ4228.jpg",10,10,"雷允上药业集团有限公司",36,{"$nulls":3},{"v":1.2,"d":"1.2000"},36]
[212,"ZA09CCQ0122020101061","杞菊地黄口服液","国产","合剂","每支装10ml","重庆希尔安药业有限公司","每支装10ml×6支/盒",6,"(钠钙/硼硅)玻璃药瓶包装","支","国药准字Z50020289","安徽省","ZA09CCQ0122020101061",49,"每支装10ml",8.1667,6,"黑龙江省","ZA09CCQ0122020101061",49,"每支装10ml",8.1667,6,"广西壮族自治区","ZA09CCQ0122020101061",49,8.1667,"https://tps.ybj.hunan.gov.cn/tps-local/XMHXgroupYPCZ/M00/A5/3F/rBIBUGi6eWKAIFOKAAGVVjF_eoQ446.pdf","https://tps.ybj.hunan.gov.cn/tps-local/XMHXgroupYPCZ/M00/A5/3F/rBIBUGi6eYCAJfhSAAFUwOPIl3s960.pdf","https://tps.ybj.hunan.gov.cn/tps-local/XMHXgroupYPCZ/M00/A5/3F/rBIBUGi6eYqAAmpgAAG5wjmoWNE362.pdf","每支装10ml",6,16.33,"https://tps.ybj.hunan.gov.cn/tps-local/XMHXgroupYPCZ/M00/A5/3F/rBIBUGi6eeGAZkV6AAUAymOrq8k557.jpg",2,2,"重庆希尔安药业有限公司",49,{"v":25.2,"d":"25.2000"},{"v":20.16,"d":"20.1600"},null,{"v":8.16666666666667,"d":"8.1667"},49]
[213,"ZA15GAX0564010102685","小活络片","国产","片剂","-","河北百善药业有限公司","-",48,"药品包装用铝箔/聚氯乙烯固体药用硬片包装","片","国药准字Z20063737","安徽省","ZA15GAX0564010102685",26,"-",0.5417,48,"广西壮族自治区","ZA15GAX0564010102685",26,"-",0.5417,48,"贵州省","ZA15GAX0564010102685",26,0.5417,"https://tps.ybj.hunan.gov.cn/tps-local/XMHXgroupYPCZ/M00/A5/40/rBIBUGi6ezGAaPXMAAvMIZfT8VM072.jpg","https://tps.ybj.hunan.gov.cn/tps-local/XMHXgroupYPCZ/M00/A5/40/rBIBUGi6e02AN74uAAwllVqhuh0058.jpg","https://tps.ybj.hunan.gov.cn/tps-local/XMHXgroupYPCZ/M00/A5/40/rBIBUGi6e2mAF-s_AAyDN-W0hcs930.jpg","-",48,4.33,"https://tps.ybj.hunan.gov.cn/tps-local/XMHXgroupYPCZ/M00/A5/40/rBIBUGi6e4KAZb82AAp2S11m23o445.jpg",8,8,"河北百善药业有限公司",26,{"v":22.4,"d":"22.4000"},{"v":17.92,"d":"17.9200"},null,{"v":0.541666666666667,"d":"0.5417"},26]
[214,"ZA10AAT0106020101539","天王补心丸","国产","丸剂","每袋装6g","雷允上药业集团有限公司","每袋装6g×10袋/盒",10,"药用复合膜袋装","袋","国药准字Z32020898","宁夏回族自治区","ZA10AAT0106020101539",89.9,"每袋装6g",8.99,10,"山东省","ZA10AAT0106020101539",89.9,"每袋装6g",8.99,10,"云南省","ZA10AAT0106020101539",92,9.2,"https://tps.ybj.hunan.gov.cn/tps-local/XMHXgroupYPCZ/M00/A5/48/rBIBUGi6iY2ALWadACaqXjiReRs666.jpg","https://tps.ybj.hunan.gov.cn/tps-local/XMHXgroupYPCZ/M00/A5/48/rBIBUGi6iZCAC2aJACJLfxKMKoc019.jpg","https://tps.ybj.hunan.gov.cn/tps-local/XMHXgroupYPCZ/M00/A5/48/rBIBUGi6iZWAVhddAB0fbSw9pQs116.jpg","每袋装6g",10,17.98,"https://tps.ybj.hunan.gov.cn/tps-local/XMHXgroupYPCZ/M00/A5/49/rBIBUGi6icWAFw4VAAGGLo4RlfY672.jpg",2,2,"雷允上药业集团有限公司",89.9,{"v":22.5,"d":"22.5000"},{"v":18,"d":"18.0000"},null,{"v":8.99,"d":"8.9900"},89.9]
[215,"ZA09CAL0264010100311","六味地黄丸","国产","大蜜丸","每丸重9g","广东逢春制药有限公司","每丸重9g×10丸/盒",10,"聚丙烯球壳:铝塑泡罩:蜡壳","丸","国药准字Z44020731","内蒙古自治区","ZA09CAL0264010100311",36.2,"每丸重9g",3.62,10,"新疆生产建设兵团","ZA09CAL0264010100311",36.2,"每丸重9g",3.62,10,"黑龙江省","ZA09CAL0264010100311",36.2,3.62,"https://tps.ybj.hunan.gov.cn/tps-local/XMHXgroupYPCZ/M00/A5/52/rBIBUGi6l6aAJMgtAAJMeKGRgHM114.jpg","https://tps.ybj.hunan.gov.cn/tps-local/XMHXgroupYPCZ/M00/A5/52/rBIBUGi6l2aAVNyPAAHzyma9vcU373.jpg","https://tps.ybj.hunan.gov.cn/tps-local/XMHXgroupYPCZ/M00/A5/53/rBIBUGi6l6yAQi0tAAG10VbL32Y654.jpg","每丸重9g",10,6.52,"https://tps.ybj.hunan.gov.cn/tps-local/XMHXgroupYPCZ/M00/A5/51/rBIBUGi6lE6AQUuqADbX8kzG7c0471.jpg",1.8,1.8,"广东逢春制药有限公司",36.2,{"v":9.97,"d":"9.9700"},{"v":7.976,"d":"7.9760"},null,{"v":3.62,"d":"3.6200"},36.2]
[216,"ZH01AAY0539010103888","银屑片","国产","薄膜衣片","每片重0.51g(相当于原药材6.75g)","内蒙古奥特奇蒙药股份有限公司金山蒙药厂","每片重0.51g(相当于原药材6.75g)×24片/盒",24,"铝塑板包装","片","国药准字Z20090634","天津市","ZH01AAY0539010103888",85.09,"每片重0.51g(相当于原药材6.75g)",3.5454,24,"云南省","ZH01AAY0539010103888",85.09,"每片重0.51g(相当于原药材6.75g)",3.5454,24,"内蒙古自治区","ZH01AAY0539010103888",85.09,3.5454,"https://tps.ybj.hunan.gov.cn/tps-local/XMHXgroupYPCZ/M00/A5/A5/rBIBUGi-cNuAWRx3AANaIjMq8ZU951.pdf","https://tps.ybj.hunan.gov.cn/tps-local/XMHXgroupYPCZ/M00/A5/A6/rBIBUGi-cjSACfgQAAIsReMd5bs074.pdf","https://tps.ybj.hunan.gov.cn/tps-local/XMHXgroupYPCZ/M00/A5/A6/rBIBUGi-c7KAHyNTAADhnj8xPYA901.pdf","每片重0.51g(相当于原药材6.75g)",24,35.45,"https://tps.ybj.hunan.gov.cn/tps-local/XMHXgroupYPCZ/M00/A5/A6/rBIBUGi-cyOAcxP6AARB_rZi4J0151.jpg",8,12,"内蒙古奥特奇蒙药股份有限公司金山蒙药厂",85.09,{"v":13.775,"d":"13.7750"},{"v":22.04,"d":"22.0400"},null,{"v":2.204,"d":"2.2040"},52.9]
[217,"ZA06EAL0202010303070","苓桂咳喘宁胶囊","国产","胶囊剂","每粒装0.34g","河南济世药业有限公司","每粒装0.34g×50粒/盒",50,"聚氯乙烯固体药用硬片、药用铝箔","粒","国药准字Z10960001","广西壮族自治区","ZA06EAL0202010303070",32.2,"每粒装0.34g",0.644,50,"安徽省","ZA06EAL0202010303070",32.2,"每粒装0.34g",0.644,50,"广东省","ZA06EAL0202010303070",32.2,0.644,"https://tps.ybj.hunan.gov.cn/tps-local/XMHXgroupYPCZ/M00/A5/7E/rBIBUGi86jyAZoSdAAJOPgxqgOk024.jpg","https://tps.ybj.hunan.gov.cn/tps-local/XMHXgroupYPCZ/M00/A5/7E/rBIBUGi86kqAeYYoAAIR0C-727I978.jpg","https://tps.ybj.hunan.gov.cn/tps-local/XMHXgroupYPCZ/M00/A5/7E/rBIBUGi86k-APEbfAAJOz3sJrQc720.jpg","每粒装0.34g",50,9.66,"https://tps.ybj.hunan.gov.cn/tps-local/XMHXgroupYPCZ/M00/A5/7E/rBIBUGi86qWAa7DlAAbwnUJ-VY8676.pdf",15,15,"河南省济源市济世药业有限公司",32.2,{"v":9.66,"d":"9.6600"},{"v":7.728,"d":"7.7280"},null,0.5152,25.76]
[218,"ZA04BAQ0443050203395","清热解毒口服液","国产","合剂","每支装10毫升","吉林隆泰制药有限责任公司","每支装10毫升×17支/盒",17,"玻璃管制口服液瓶,口服液铝盖包装","支","国药准字Z22023780","浙江省","ZA04BAQ0443050203395",59.5,"每支装10毫升",3.5,17,"黑龙江省","ZA04BAQ0443050203395",59.5,"每支装10毫升",3.5,17,"安徽省","ZA04BAQ0443050203395",59.5,3.5,"https://tps.ybj.hunan.gov.cn/tps-local/XMHXgroupYPCZ/M00/A5/82/rBIBUGi-HJmAG7VdABNHz9IlJ0E882.pdf","https://tps.ybj.hunan.gov.cn/tps-local/XMHXgroupYPCZ/M00/A5/82/rBIBUGi-HRWAelQWAAanAGPYHHA574.pdf","https://tps.ybj.hunan.gov.cn/tps-local/XMHXgroupYPCZ/M00/A5/82/rBIBUGi-HY2AF3-8AAiAQHYzXvQ562.pdf","每支装10毫升",17,15.75,"https://tps.ybj.hunan.gov.cn/tps-local/XMHXgroupYPCZ/M00/A5/82/rBIBUGi-HgaAGNZzAAY8gvvJkUw810.jpg",3,6,"吉林隆泰制药有限责任公司",59.5,{"v":157.5,"d":"157.5000"},{"v":126,"d":"126.0000"},null,{"v":3.5,"d":"3.5000"},59.5]
[219,"ZA06CAC0418010101942","川贝枇杷糖浆","国产","糖浆剂","100ml","湖北端正药业股份有限公司","100ml×1瓶/盒",1,"口服液体药用聚酯瓶","瓶","国药准字Z20163043","广西壮族自治区","ZA06CAC0418010101942",44.9,"100ml",44.9,1,"吉林省","ZA06CAC0418010101942",44.9,"100ml",44.9,1,"黑龙江省","ZA06CAC0418010101942",44.9,44.9,"https://tps.ybj.hunan.gov.cn/tps-local/XMHXgroupYPCZ/M00/A5/83/rBIBUGi-HpiAKrrGAA1QYkybnXY714.jpg","https://tps.ybj.hunan.gov.cn/tps-local/XMHXgroupYPCZ/M00/A5/83/rBIBUGi-HrWAZd0PAAppBdp09cc121.jpg","https://tps.ybj.hunan.gov.cn/tps-local/XMHXgroupYPCZ/M00/A5/83/rBIBUGi-HteAaB0wAAw-8DknI5Y061.pdf","100ml",1,13.47,"https://tps.ybj.hunan.gov.cn/tps-local/XMHXgroupYPCZ/M00/A5/83/rBIBUGi-HwCAMxz1ACh4G9KD4tw521.jpg",0.3,0.3,"湖北端正药业股份有限公司",44.9,{"v":14.18,"d":"14.1800"},{"v":11.344,"d":"11.3440"},null,{"v":37.8133333333333,"d":"37.8133"},37.81]
[220,"ZA06CAC0418020101942","川贝枇杷糖浆","国产","糖浆剂","150ml","湖北端正药业股份有限公司","150ml×1瓶/盒",1,"口服液体药用聚酯瓶","瓶","国药准字Z20163043","广西壮族自治区","ZA06CAC0418020101942",65.36,"150ml",65.36,1,"黑龙江省","ZA06CAC0418020101942",65.36,"150ml",65.36,1,"吉林省","ZA06CAC0418020101942",65.36,65.36,"https://tps.ybj.hunan.gov.cn/tps-local/XMHXgroupYPCZ/M00/A5/96/rBIBUGi-STCAfbieAA1QYkybnXY950.jpg","https://tps.ybj.hunan.gov.cn/tps-local/XMHXgroupYPCZ/M00/A5/96/rBIBUGi-SVOAZUgMAAw-8DknI5Y068.pdf","https://tps.ybj.hunan.gov.cn/tps-local/XMHXgroupYPCZ/M00/A5/96/rBIBUGi-SZiAZPBrAAppBdp09cc469.jpg","150ml",1,13.07,"https://tps.ybj.hunan.gov.cn/tps-local/XMHXgroupYPCZ/M00/A5/96/rBIBUGi-ScCADfoiAAQD-UV1-2o904.jpg",0.2,0.2,"湖北端正药业股份有限公司",65.36,{"v":14.18,"d":"14.1800"},{"v":11.344,"d":"11.3440"},null,{"v":56.72,"d":"56.7200"},56.72]
[221,"ZA06CAC0418040101942","川贝枇杷糖浆","国产","糖浆剂","200ml/瓶","湖北端正药业股份有限公司","200ml/瓶×1瓶/盒",1,"口服液体药用聚酯瓶","瓶","国药准字Z20163043","黑龙江省","ZA06CAC0418040101942",85.31,"200ml/瓶",85.31,1,"广西壮族自治区","ZA06CAC0418040101942",85.31,"200ml/瓶",85.31,1,"吉林省","ZA06CAC0418040101942",85.31,85.31,"https://tps.ybj.hunan.gov.cn/tps-local/XMHXgroupYPCZ/M00/A5/97/rBIBUGi-SkyAB7g4AAw-8DknI5Y412.pdf","https://tps.ybj.hunan.gov.cn/tps-local/XMHXgroupYPCZ/M00/A5/97/rBIBUGi-SoOAAJxIAA1QYkybnXY222.jpg","https://tps.ybj.hunan.gov.cn/tps-local/XMHXgroupYPCZ/M00/A5/97/rBIBUGi-SqSAesvcAAppBdp09cc221.jpg","200ml/瓶",1,12.8,"https://tps.ybj.hunan.gov.cn/tps-local/XMHXgroupYPCZ/M00/A5/97/rBIBUGi-SsSAUb6TAATRSMX3w-0717.jpg",0.15,0.15,"湖北端正药业股份有限公司",85.31,{"v":14.18,"d":"14.1800"},{"v":11.344,"d":"11.3440"},null,{"v":75.6266666666667,"d":"75.6267"},75.63]
[222,"ZA12AAX0874010103373","血栓心脉宁胶囊","国产","胶囊剂","每粒装0.5g","吉林瑞隆药业有限责任公司","每粒装0.5g×20粒/盒",20,"铝塑包装","粒","国药准字Z22021490","安徽省","ZA12AAX0874010103373",29.3,"每粒装0.5g",1.465,20,"广西壮族自治区","ZA12AAX0874010103373",29.3,"每粒装0.5g",1.465,20,"江西省","ZA12AAX0874010103373",29.3,1.465,"https://tps.ybj.hunan.gov.cn/tps-local/XMHXgroupYPCZ/M00/A5/85/rBIBUGi-KYiAVLKYAAV_D6xjvZ0519.pdf","https://tps.ybj.hunan.gov.cn/tps-local/XMHXgroupYPCZ/M00/A5/86/rBIBUGi-KdCAazhRAAYdW3b0fSQ600.pdf","https://tps.ybj.hunan.gov.cn/tps-local/XMHXgroupYPCZ/M00/A5/86/rBIBUGi-KoKAeglUAAUs3DawBg8842.pdf","每粒装0.5g",20,17.58,"https://tps.ybj.hunan.gov.cn/tps-local/XMHXgroupYPCZ/M00/A5/86/rBIBUGi-K0GAI2fIAAzTtGhx-n8715.jpg",12,12,"吉林瑞隆药业有限责任公司",29.3,{"v":29.9,"d":"29.9000"},{"v":23.92,"d":"23.9200"},null,{"v":1.465,"d":"1.4650"},29.3]
[223,"ZA12CAD0103020103341","丹七片","国产","片剂","每片重0.3g","吉林瑞隆药业有限责任公司","每片重0.3g×60片/盒",60,"铝塑泡罩","片","国药准字Z20064089","辽宁省","ZA12CAD0103020103341",59.8,"每片重0.3g",0.9967,60,"河北省","ZA12CAD0103020103341",59.8,"每片重0.3g",0.9967,60,"陕西省","ZA12CAD0103020103341",59.8,0.9967,"https://tps.ybj.hunan.gov.cn/tps-local/XMHXgroupYPCZ/M00/A5/86/rBIBUGi-K8WAFzX0AASMg_zLFhI097.pdf","https://tps.ybj.hunan.gov.cn/tps-local/XMHXgroupYPCZ/M00/A5/86/rBIBUGi-K-SAHF4cAAS2AYJHC1E804.pdf","https://tps.ybj.hunan.gov.cn/tps-local/XMHXgroupYPCZ/M00/A5/86/rBIBUGi-LB-AYUWiAAYs0nkJ0Cs773.pdf","每片重0.3g",60,11.96,"https://tps.ybj.hunan.gov.cn/tps-local/XMHXgroupYPCZ/M00/A5/87/rBIBUGi-LIOAWPnrAAaimu5NSLw982.jpg",9,15,"吉林瑞隆药业有限责任公司",59.8,{"v":32.9433333333333,"d":"32.9433"},{"v":26.3546666666667,"d":"26.3547"},null,{"v":0.996666666666667,"d":"0.9967"},59.8]
[224,"ZA12CAD0103030103341","丹七片","国产","片剂","每片重0.3g","吉林瑞隆药业有限责任公司","每片重0.3g×36片/盒",36,"铝塑泡罩","片","国药准字Z20064089","河北省","ZA12CAD0103030103341",35.88,"每片重0.3g",0.9967,36,"辽宁省","ZA12CAD0103030103341",35.88,"每片重0.3g",0.9967,36,"四川省","ZA12CAD0103030103341",35.88,0.9967,"https://tps.ybj.hunan.gov.cn/tps-local/XMHXgroupYPCZ/M00/A5/87/rBIBUGi-LNKATiKMAAYeNo9E0NI057.pdf","https://tps.ybj.hunan.gov.cn/tps-local/XMHXgroupYPCZ/M00/A5/87/rBIBUGi-LxKAbSW5ABSmGZ56gcw739.pdf","https://tps.ybj.hunan.gov.cn/tps-local/XMHXgroupYPCZ/M00/A5/87/rBIBUGi-LyaAbPzMABahXZzJln4589.pdf","每片重0.3g",36,11.96,"https://tps.ybj.hunan.gov.cn/tps-local/XMHXgroupYPCZ/M00/A5/88/rBIBUGi-L3-ARvZdAAOWruFwdLg637.jpg",9,15,"吉林瑞隆药业有限责任公司",35.88,{"v":32.9433333333333,"d":"32.9433"},{"v":26.3546666666667,"d":"26.3547"},null,{"v":0.996666666666667,"d":"0.9967"},35.88]
[225,"ZA12HAX0273010304232","消栓通络片","国产","片剂","每片重0.38g(每片相当于原药材1.8g)","吉林瑞隆药业有限责任公司","每片重0.38g(每片相当于原药材1.8g)×54片/盒",54,"口服固体药用高密度聚乙烯瓶包装","片","国药准字Z20043221","广西壮族自治区","ZA12HAX0273010304232",75,"每片重0.38g(每片相当于原药材1.8g)",1.3889,54,"内蒙古自治区","ZA12HAX0273010304232",75,"每片重0.38g(每片相当于原药材1.8g)",1.3889,54,"江西省","ZA12HAX0273010304232",75,1.3889,"https://tps.ybj.hunan.gov.cn/tps-local/XMHXgroupYPCZ/M00/A5/88/rBIBUGi-L9iAD6k1AAZeas3eVI8805.pdf","https://tps.ybj.hunan.gov.cn/tps-local/XMHXgroupYPCZ/M00/A5/88/rBIBUGi-MDWAMCwrAAZqpv349UA594.pdf","https://tps.ybj.hunan.gov.cn/tps-local/XMHXgroupYPCZ/M00/A5/89/rBIBUGi-MGyAeRs6AAXVkysTSOE023.pdf","每片重0.38g(每片相当于原药材1.8g)",54,24.9,"https://tps.ybj.hunan.gov.cn/tps-local/XMHXgroupYPCZ/M00/A5/8A/rBIBUGi-MaiAf4skAAvXZqa3rb8872.pdf",18,18,"吉林瑞隆药业有限责任公司",74.7,{"v":18,"d":"18.0000"},{"v":14.4,"d":"14.4000"},null,{"v":0.8,"d":"0.8000"},43.2]
[226,"ZA12HAX0273020104232","消栓通络片","国产","片剂","每片重0.38g(每片相当于原药材1.8g)","吉林瑞隆药业有限责任公司","每片重0.38g(每片相当于原药材1.8g)×36片/盒",36,"铝塑泡罩包装","片","国药准字Z20043221","辽宁省","ZA12HAX0273020104232",49.8,"每片重0.38g(每片相当于原药材1.8g)",1.3833,36,"安徽省","ZA12HAX0273020104232",49.8,"每片重0.38g(每片相当于原药材1.8g)",1.3833,36,"湖北省","ZA12HAX0273020104232",49.8,1.3833,"https://tps.ybj.hunan.gov.cn/tps-local/XMHXgroupYPCZ/M00/A5/8B/rBIBUGi-MyiAYeW1AAVRb1qtW9M232.pdf","https://tps.ybj.hunan.gov.cn/tps-local/XMHXgroupYPCZ/M00/A5/8B/rBIBUGi-M1GAQspOAASPA8NjPwU672.pdf","https://tps.ybj.hunan.gov.cn/tps-local/XMHXgroupYPCZ/M00/A5/8B/rBIBUGi-M1mAMWyDAAgqDQQj168377.pdf","每片重0.38g(每片相当于原药材1.8g)",36,24.9,"https://tps.ybj.hunan.gov.cn/tps-local/XMHXgroupYPCZ/M00/A5/8B/rBIBUGi-M_uATFObAAoX1o7zO9E244.pdf",18,18,"吉林瑞隆药业有限责任公司",49.8,{"v":18,"d":"18.0000"},{"v":14.4,"d":"14.4000"},null,{"v":0.8,"d":"0.8000"},28.8]
[227,"ZA12AAY0664010501188","愈心痛胶囊","国产","胶囊剂","每粒装0.33g","大连胜光药业集团股份有限公司","每粒装0.33g×12粒/盒",12,"聚氯乙烯固体药用硬片及药用铝箔包装","粒","国药准字Z20020089","北京市","ZA12AAY0664010501188",25,"每粒装0.33g",2.0833,12,"辽宁省","ZA12AAY0664010501188",25,"每粒装0.33g",2.0833,12,"黑龙江省","ZA12AAY0664010501188",25,2.0833,"https://tps.ybj.hunan.gov.cn/tps-local/XMHXgroupYPCZ/M00/A5/85/rBIBUGi-KVSANFKDAAduVKQAAP0892.jpg","https://tps.ybj.hunan.gov.cn/tps-local/XMHXgroupYPCZ/M00/A5/85/rBIBUGi-KXuACC4RAAo8QWB9yJg103.jpg","https://tps.ybj.hunan.gov.cn/tps-local/XMHXgroupYPCZ/M00/A5/85/rBIBUGi-KcKAXC1IAAPoQzKpp2w875.jpg","每粒装0.33g",12,25,"https://tps.ybj.hunan.gov.cn/tps-local/XMHXgroupYPCZ/M00/A5/86/rBIBUGi-Kd-AIOULAAgxRcsBfuc758.jpg",12,12,"大连胜光药业集团股份有限公司",25,{"v":25.002,"d":"25.0020"},20.0016,null,1.6668,20]
[228,"ZA04CBH0205010203479","护肝片","国产","糖衣片","每片心重0.35g(相当于饮片1.26g)","吉林瑞隆药业有限责任公司","每片心重0.35g(相当于饮片1.26g)×60片/盒",60,"聚氯乙烯固体药用硬片、药用铝箔","片","国药准字Z15020800","陕西省","ZA04CBH0205010203479",75,"每片心重0.35g(相当于饮片1.26g)",1.25,60,"湖北省","ZA04CBH0205010203479",75,"每片心重0.35g(相当于饮片1.26g)",1.25,60,"安徽省","ZA04CBH0205010203479",75,1.25,"https://tps.ybj.hunan.gov.cn/tps-local/XMHXgroupYPCZ/M00/A5/8C/rBIBUGi-NPyAPAHEAAonsXBh3KE601.pdf","https://tps.ybj.hunan.gov.cn/tps-local/XMHXgroupYPCZ/M00/A5/8C/rBIBUGi-NQWAJNpJAAb_FixqEhs717.pdf","https://tps.ybj.hunan.gov.cn/tps-local/XMHXgroupYPCZ/M00/A5/8C/rBIBUGi-NSSAfMhsAAV5WobTK4k508.pdf","每片心重0.35g(相当于饮片1.26g)",60,15,"https://tps.ybj.hunan.gov.cn/tps-local/XMHXgroupYPCZ/M00/A5/8D/rBIBUGi-NcuACsZjAApyk_b6h9A824.pdf",12,12,"吉林瑞隆药业有限责任公司",75,{"v":16.2,"d":"16.2000"},{"v":12.96,"d":"12.9600"},null,{"v":1.08,"d":"1.0800"},64.8]
[229,"ZA04CBH0205010303479","护肝片","国产","片剂(糖衣片)","每片心重0.35g(相当于饮片1.26g)","吉林瑞隆药业有限责任公司","每片心重0.35g(相当于饮片1.26g)×36片/盒",36,"聚氯乙烯固体药用硬片、药用铝箔","片","国药准字Z15020800","黑龙江省","ZA04CBH0205010303479",45,"每片心重0.35g(相当于饮片1.26g)",1.25,36,"江西省","ZA04CBH0205010303479",45,"每片心重0.35g(相当于饮片1.26g)",1.25,36,"重庆市","ZA04CBH0205010303479",45,1.25,"https://tps.ybj.hunan.gov.cn/tps-local/XMHXgroupYPCZ/M00/A5/8D/rBIBUGi-NnCAOKFdAELo0U8FYoM328.pdf","https://tps.ybj.hunan.gov.cn/tps-local/XMHXgroupYPCZ/M00/A5/8D/rBIBUGi-NouAMoytAAVdl7vRECw109.pdf","https://tps.ybj.hunan.gov.cn/tps-local/XMHXgroupYPCZ/M00/A5/8E/rBIBUGi-Np2AaO_UAAp5Knep4zE496.pdf","每片心重0.35g(相当于饮片1.26g)",36,15,"https://tps.ybj.hunan.gov.cn/tps-local/XMHXgroupYPCZ/M00/A5/8E/rBIBUGi-N1WAMD6fAAqJxM2RWKA142.pdf",12,12,"吉林瑞隆药业有限责任公司",45,{"v":16.2,"d":"16.2000"},{"v":12.96,"d":"12.9600"},null,{"v":1.08,"d":"1.0800"},38.88]
[230,"ZA09DBN0004010103360","男宝胶囊","国产","胶囊剂","每粒装0.3g","比智高药业有限公司","每粒装0.3g×96粒/盒",96,"铝塑铝包装","粒","国药准字Z22025746","吉林省","ZA09DBN0004010103360",368,"每粒装0.3g",3.8333,96,"江西省","ZA09DBN0004010103360",368,"每粒装0.3g",3.8333,96,"广西壮族自治区","ZA09DBN0004010103360",368,3.8333,"https://tps.ybj.hunan.gov.cn/tps-local/XMHXgroupYPCZ/M00/A5/B0/rBIBUGi-h5KAap9eAAKmKV-iHtY590.jpg","https://tps.ybj.hunan.gov.cn/tps-local/XMHXgroupYPCZ/M00/A5/B0/rBIBUGi-iAeAb-sQAANSQbIxNco390.jpg","https://tps.ybj.hunan.gov.cn/tps-local/XMHXgroupYPCZ/M00/A5/B0/rBIBUGi-iBWAcMEeAA5j4iQZ4hU514.jpg","每粒装0.3g",96,19.17,"https://tps.ybj.hunan.gov.cn/tps-local/XMHXgroupYPCZ/M00/A5/B1/rBIBUGi-iNSAQz9wAAmFjOza_10649.pdf",4,6,"比智高药业有限公司",368,{"$nulls":3},{"v":3.83333333333333,"d":"3.8333"},368]
[231,"ZA09AAB0472010101874","补中益气丸","国产","水丸","每瓶装60克","湖北午时药业股份有限公司","每瓶装60克×1瓶/盒",1,"口服固体药用高密度聚乙烯瓶","瓶","国药准字Z42020112","黑龙江省","ZA09AAB0472010101874",17.39,"每瓶装60克",17.39,1,"广西壮族自治区","ZA09AAB0472010101874",17.39,"每瓶装60克",17.39,1,"广东省","ZA09AAB0472010101874",17.39,17.39,"https://tps.ybj.hunan.gov.cn/tps-local/XMHXgroupYPCZ/M00/A5/89/rBIBUGi-MI2AM631AAemUyNQIDM398.pdf","https://tps.ybj.hunan.gov.cn/tps-local/XMHXgroupYPCZ/M00/A5/89/rBIBUGi-MMaAJXHcAAgIE402QLM527.pdf","https://tps.ybj.hunan.gov.cn/tps-local/XMHXgroupYPCZ/M00/A5/89/rBIBUGi-MQeAYJ9DAAf-tFJTw54205.pdf","每瓶装60克",1,4.35,"https://tps.ybj.hunan.gov.cn/tps-local/XMHXgroupYPCZ/M00/A5/89/rBIBUGi-MSSAEKk1AAiqVwXIVPo104.pdf",0.2,0.3,"湖北午时药业股份有限公司",17.39,{"v":16.0833333333333,"d":"16.0833"},{"v":12.8666666666667,"d":"12.8667"},null,{"v":17.39,"d":"17.3900"},17.39]
[232,"ZD02AAN0172010103360","女宝胶囊","国产","胶囊剂","每粒装0.3g","比智高药业有限公司","每粒装0.3g×96粒/盒",96,"铝塑铝包装","粒","国药准字Z22025748","吉林省","ZD02AAN0172010103360",258,"每粒装0.3g",2.6875,96,"北京市","ZD02AAN0172010103360",258,"每粒装0.3g",2.6875,96,"广西壮族自治区","ZD02AAN0172010103360",258,2.6875,"https://tps.ybj.hunan.gov.cn/tps-local/XMHXgroupYPCZ/M00/A5/B3/rBIBUGi-in2AMcE8AAKmfqhswww473.jpg","https://tps.ybj.hunan.gov.cn/tps-local/XMHXgroupYPCZ/M00/A5/B3/rBIBUGi-ioSAVWaJAAJR0CUAKIc139.pdf","https://tps.ybj.hunan.gov.cn/tps-local/XMHXgroupYPCZ/M00/A5/B3/rBIBUGi-io2AGMHFAARh8fEvhSM877.pdf","每粒装0.3g",96,32.25,"https://tps.ybj.hunan.gov.cn/tps-local/XMHXgroupYPCZ/M00/A5/B3/rBIBUGi-ikyAIKLLAAOmbjJ8K2U098.jpg",12,12,"比智高药业有限公司",258,{"$nulls":3},2.6875,258]
[233,"ZA09FAQ0217020603312","强肝片","国产","片剂(薄膜衣)","每片重0.5g","长春海外制药集团有限公司,吉林省松辽制药有限公司","每片重0.5g×32片/盒",32,"铝塑板","片","国药准字Z20080466","内蒙古自治区","ZA09FAQ0217020403312",45,"每片重0.5g",1.5,30,"云南省","ZA09FAQ0217020403312",45,"每片重0.5g",1.5,30,"海南省","ZA09FAQ0217020403312",45,1.5,"https://tps.ybj.hunan.gov.cn/tps-local/XMHXgroupYPCZ/M00/A5/96/rBIBUGi-R6iAJF95AAeM8SO11EM746.pdf","https://tps.ybj.hunan.gov.cn/tps-local/XMHXgroupYPCZ/M00/A5/96/rBIBUGi-R82ATmVoAAbegMaHhdM768.pdf","https://tps.ybj.hunan.gov.cn/tps-local/XMHXgroupYPCZ/M00/A5/96/rBIBUGi-R92ARgoJAAW5bplC5PI683.pdf","每片重0.5g",30,15,"https://tps.ybj.hunan.gov.cn/tps-local/XMHXgroupYPCZ/M00/A5/96/rBIBUGi-SBOAMsdOAAahvljq-KY505.png",10,10,"长春海外制药集团有限公司",48,{"v":20.8,"d":"20.8000"},{"v":16.64,"d":"16.6400"},null,{"v":1.5,"d":"1.5000"},48]
[234,"ZA06AAX0744010201942","杏苏止咳糖浆","国产","糖浆剂","100ml","湖北端正药业股份有限公司","100ml×1瓶/盒",1,"口服液体药用聚酯瓶","瓶","国药准字Z20163034","广西壮族自治区","ZA06AAX0744010201942",38.8,"100ml",38.8,1,"黑龙江省","ZA06AAX0744010201942",38.8,"100ml",38.8,1,"吉林省","ZA06AAX0744010201942",38.8,38.8,"https://tps.ybj.hunan.gov.cn/tps-local/XMHXgroupYPCZ/M00/A5/D8/rBIBUGi_frKAKaPXAAzcnmo_HRc732.jpg","https://tps.ybj.hunan.gov.cn/tps-local/XMHXgroupYPCZ/M00/A5/D8/rBIBUGi_ftOAAh02AAt1kTqPN28864.pdf","https://tps.ybj.hunan.gov.cn/tps-local/XMHXgroupYPCZ/M00/A5/D8/rBIBUGi_fzSATRjEAAoldI6BciY890.jpg","100ml",1,14.55,"https://tps.ybj.hunan.gov.cn/tps-local/XMHXgroupYPCZ/M00/A5/D8/rBIBUGi_f4qAdxS0AAcTU5aCQzA386.pdf",0.3,0.45,"湖北端正药业股份有限公司",38.8,{"v":11.175,"d":"11.1750"},{"v":8.94,"d":"8.9400"},null,{"v":23.84,"d":"23.8400"},23.84]
[235,"ZA06AAX0744020101942","杏苏止咳糖浆","国产","糖浆剂","150ml","湖北端正药业股份有限公司","150ml×1瓶/盒",1,"口服液体药用聚酯瓶","瓶","国药准字Z20163034","广西壮族自治区","ZA06AAX0744020101942",56.6,"150ml",56.6,1,"黑龙江省","ZA06AAX0744020101942",56.6,"150ml",56.6,1,"吉林省","ZA06AAX0744020101942",56.6,56.6,"https://tps.ybj.hunan.gov.cn/tps-local/XMHXgroupYPCZ/M00/A5/D8/rBIBUGi_gE6ActOXAAzcnmo_HRc662.jpg","https://tps.ybj.hunan.gov.cn/tps-local/XMHXgroupYPCZ/M00/A5/D9/rBIBUGi_gLmAfaLAAAtwG49GlN4056.jpg","https://tps.ybj.hunan.gov.cn/tps-local/XMHXgroupYPCZ/M00/A5/D9/rBIBUGi_gN6AL62FACRESlADJGE886.jpg","150ml",1,14.15,"https://tps.ybj.hunan.gov.cn/tps-local/XMHXgroupYPCZ/M00/A5/D9/rBIBUGi_gQ6APee3AAOoF7I7gsw371.jpg",0.2,0.3,"湖北端正药业股份有限公司",56.6,{"v":11.175,"d":"11.1750"},{"v":8.94,"d":"8.9400"},null,{"v":35.76,"d":"35.7600"},35.76]
[236,"ZA06AAX0744060201942","杏苏止咳糖浆","国产","糖浆剂","200毫升/瓶","湖北端正药业股份有限公司","200毫升/瓶×1瓶/盒",1,"口服液体药用聚酯瓶","瓶","国药准字Z20163034","广西壮族自治区","ZA06AAX0744060201942",73.72,"200毫升/瓶",73.72,1,"黑龙江省","ZA06AAX0744060201942",73.72,"200毫升/瓶",73.72,1,"吉林省","ZA06AAX0744060201942",73.72,73.72,"https://tps.ybj.hunan.gov.cn/tps-local/XMHXgroupYPCZ/M00/A5/D9/rBIBUGi_gU6AWb3yAAzcnmo_HRc279.jpg","https://tps.ybj.hunan.gov.cn/tps-local/XMHXgroupYPCZ/M00/A5/D9/rBIBUGi_gWmAXh5cAAtwG49GlN4180.jpg","https://tps.ybj.hunan.gov.cn/tps-local/XMHXgroupYPCZ/M00/A5/D9/rBIBUGi_gcSAQNYyAAoldI6BciY801.jpg","200毫升/瓶",1,14.01,"https://tps.ybj.hunan.gov.cn/tps-local/XMHXgroupYPCZ/M00/A5/D9/rBIBUGi_gemAJQgEAAxTWPU8128381.JPG",0.15,0.23,"湖北端正药业股份有限公司",73.72,{"v":11.175,"d":"11.1750"},{"v":8.94,"d":"8.9400"},null,{"v":47.0526315789474,"d":"47.0526"},47.05]
[237,"ZA06CAC0415010205218","川贝枇杷颗粒","国产","颗粒","每袋装3g","桂林中族中药股份有限公司","每袋装3g×9袋/盒",9,"双向拉伸聚丙烯/真空镀膜铝流延聚丙烯药品包装复合膜袋","袋","国药准字Z20025459","安徽省","ZA06CAC0415010205218",82.8,"每袋装3g",9.2,9,"浙江省","ZA06CAC0415010205218",82.8,"每袋装3g",9.2,9,"广西壮族自治区","ZA06CAC0415010205218",82.8,9.2,"https://tps.ybj.hunan.gov.cn/tps-local/XMHXgroupYPCZ/M00/A5/9F/rBIBUGi-Y3eAbRf3AAl_gMlfqWo498.pdf","https://tps.ybj.hunan.gov.cn/tps-local/XMHXgroupYPCZ/M00/A5/9F/rBIBUGi-Y_aAeb-oAAg5pdhQZ58524.pdf","https://tps.ybj.hunan.gov.cn/tps-local/XMHXgroupYPCZ/M00/A5/9F/rBIBUGi-ZJGAErFWAA7jtfrXJ3c283.pdf","每袋装3g",9,27.6,"https://tps.ybj.hunan.gov.cn/tps-local/XMHXgroupYPCZ/M00/A5/9F/rBIBUGi-ZMmAUa2QAAs3OjIZ62U188.pdf",3,3,"桂林中族中药股份有限公司",82.8,{"v":14.18,"d":"14.1800"},{"v":22.688,"d":"22.6880"},null,{"v":7.56266666666667,"d":"7.5627"},68.06]
[238,"ZA06CAC0415010305218","川贝枇杷颗粒","国产","颗粒","每袋装3g","桂林中族中药股份有限公司","每袋装3g×6袋/盒",6,"双向拉伸聚丙烯/真空镀铝流延聚丙烯药品包装用复合膜袋","袋","国药准字Z20025459","安徽省","ZA06CAC0415010305218",55.2,"每袋装3g",9.2,6,"浙江省","ZA06CAC0415010305218",55.2,"每袋装3g",9.2,6,"广西壮族自治区","ZA06CAC0415010305218",55.2,9.2,"https://tps.ybj.hunan.gov.cn/tps-local/XMHXgroupYPCZ/M00/A5/9F/rBIBUGi-ZUOANcDFAAl_gMlfqWo673.pdf","https://tps.ybj.hunan.gov.cn/tps-local/XMHXgroupYPCZ/M00/A5/9F/rBIBUGi-ZYGAMr2aAAihhXVVLLg083.pdf","https://tps.ybj.hunan.gov.cn/tps-local/XMHXgroupYPCZ/M00/A5/9F/rBIBUGi-ZbuAdVnNAA7jtfrXJ3c553.pdf","每袋装3g",6,27.6,"https://tps.ybj.hunan.gov.cn/tps-local/XMHXgroupYPCZ/M00/A5/9F/rBIBUGi-ZdqATq1UAA2sRyWQnkE305.pdf",3,3,"桂林中族中药股份有限公司",55.2,{"v":14.18,"d":"14.1800"},{"v":22.688,"d":"22.6880"},null,{"v":7.56266666666667,"d":"7.5627"},45.38]
[239,"ZA04AAH0304010203193","黄连上清片","国产","片剂","片心重0.3g","乐氏同仁三门峡制药有限公司","片心重0.3g×48片/盒",48,"PTP药用PVC硬片包装","片","国药准字Z41021149","广西壮族自治区","ZA04AAH0304010203193",21.6,"片心重0.3g",0.45,48,"江西省","ZA04AAH0304010203193",21.6,"片心重0.3g",0.45,48,"海南省","ZA04AAH0304010203193",21.6,0.45,"https://tps.ybj.hunan.gov.cn/tps-local/XMHXgroupYPCZ/M00/A5/A9/rBIBUGi-e3aAeQjPAA4vBl0JdD4071.jpg","https://tps.ybj.hunan.gov.cn/tps-local/XMHXgroupYPCZ/M00/A5/AA/rBIBUGi-e7GAHXSwAA1vr1sdTTQ849.jpg","https://tps.ybj.hunan.gov.cn/tps-local/XMHXgroupYPCZ/M00/A5/AA/rBIBUGi-e_SAd1g7AA1Jcz346zg111.jpg","片心重0.3g",48,6.75,"https://tps.ybj.hunan.gov.cn/tps-local/XMHXgroupYPCZ/M00/A5/AA/rBIBUGi-fDSAPo-TAApwNxiMBcg161.jpg",15,15,"乐氏同仁三门峡制药有限公司",21.6,{"v":12.49,"d":"12.4900"},{"v":9.992,"d":"9.9920"},null,{"v":0.45,"d":"0.4500"},21.6]
[240,"ZB02AAX0009020203456","西黄丸","国产","丸剂(糊丸)","每20粒重1g(3g/瓶)(培植牛黄、人工麝香)","长春雷允上药业有限公司","每20粒重1g(3g/瓶)(培植牛黄、人工麝香)×8瓶/盒",8,"口服固体药用高密度聚乙烯瓶","瓶","国药准字Z22024622","黑龙江省","ZB02AAX0009020203456",796,"每20粒重1g(3g/瓶)(培植牛黄、人工麝香)",99.5,8,"湖南省","ZB02AAX0009020103456",199,"每20粒重1g(3g/瓶)(培植牛黄、人工麝香)",99.5,2,"内蒙古自治区","ZB02AAX0009020103456",199,99.5,"https://tps.ybj.hunan.gov.cn/tps-local/XMHXgroupYPCZ/M00/A5/A6/rBIBUGi-dLiAHlvAABh0Gg6UiVw422.jpg","https://tps.ybj.hunan.gov.cn/tps-local/XMHXgroupYPCZ/M00/A5/A6/rBIBUGi-dLuAOsgtABPPNcIJ7aM146.jpg","https://tps.ybj.hunan.gov.cn/tps-local/XMHXgroupYPCZ/M00/A5/A7/rBIBUGi-dR2ASessAAFfRKj1IZw648.jpg","每20粒重1g(3g/瓶)(培植牛黄、人工麝香)",2,199,"https://tps.ybj.hunan.gov.cn/tps-local/XMHXgroupYPCZ/M00/A5/A7/rBIBUGi-dSiAR8QLABi21sovJy4239.jpg",2,2,"长春雷允上药业有限公司",796,{"v":250,"d":"250.0000"},{"v":200,"d":"200.0000"},null,{"v":99.5,"d":"99.5000"},796]
[241,"ZB02AAX0009010203456","西黄丸","国产","丸剂(糊丸)","每20粒重1g(3g/瓶)(体外培育牛黄、人工麝香)","长春雷允上药业有限公司","每20粒重1g(3g/瓶)(体外培育牛黄、人工麝香)×10瓶/盒",10,"口服固体药用高密度聚乙烯瓶","瓶","国药准字Z22024622","黑龙江省","ZB02AAX0009010203456",745,"每20粒重1g(3g/瓶)(体外培育牛黄、人工麝香)",74.5,10,"湖南省","ZB02AAX0009010103456",298,"每20粒重1g(3g/瓶)(体外培育牛黄、人工麝香)",74.5,4,"江西省","ZB02AAX0009010103456",298,74.5,"https://tps.ybj.hunan.gov.cn/tps-local/XMHXgroupYPCZ/M00/A5/A7/rBIBUGi-dseAc5CXABhR6scsLS8034.jpg","https://tps.ybj.hunan.gov.cn/tps-local/XMHXgroupYPCZ/M00/A5/A7/rBIBUGi-ds2AJ7DTABPMMgQerQU631.jpg","https://tps.ybj.hunan.gov.cn/tps-local/XMHXgroupYPCZ/M00/A5/A7/rBIBUGi-dtOAMHbHABRpQAW0Dvo454.jpg","每20粒重1g(3g/瓶)(体外培育牛黄、人工麝香)",4,149,"https://tps.ybj.hunan.gov.cn/tps-local/XMHXgroupYPCZ/M00/A5/A7/rBIBUGi-dvWAc_z8ABmo_lIA0xg327.jpg",2,2,"长春雷允上药业有限公司",745,{"v":250,"d":"250.0000"},{"v":200,"d":"200.0000"},null,{"v":74.5,"d":"74.5000"},745]
[242,"ZA14AAJ0168010203193","健胃消食片","国产","片剂","每片重0.5g","乐氏同仁三门峡制药有限公司","每片重0.5g×40片/盒",40,"药品包装用PTP铝箔、药用PVC硬片","片","国药准字Z41021983","广西壮族自治区","ZA14AAJ0168010203193",19.6,"每片重0.5g",0.49,40,"海南省","ZA14AAJ0168010303193",23.52,"每片重0.5g",0.49,48,"江西省","ZA14AAJ0168010203193",19.6,0.49,"https://tps.ybj.hunan.gov.cn/tps-local/XMHXgroupYPCZ/M00/A5/AF/rBIBUGi-hj-AJRJPAA9ccc-PwPw818.jpg","https://tps.ybj.hunan.gov.cn/tps-local/XMHXgroupYPCZ/M00/A5/AF/rBIBUGi-hmOAXLJeAA6n_Uatff0162.jpg","https://tps.ybj.hunan.gov.cn/tps-local/XMHXgroupYPCZ/M00/A5/B0/rBIBUGi-hvOAEBa2AA8nWRMZd24659.jpg","每片重0.5g",40,7.35,"https://tps.ybj.hunan.gov.cn/tps-local/XMHXgroupYPCZ/M00/A5/AF/rBIBUGi-hiSAaRfMAAXHRm0l_jY289.jpg",12,18,"乐氏同仁三门峡制药有限公司",19.6,{"v":7.8,"d":"7.8000"},{"v":6.24,"d":"6.2400"},null,{"v":0.416,"d":"0.4160"},16.64]
[243,"ZI02AAM0037010103931","麦冬十三味丸","国产","丸剂(水丸)","每10粒重2g(人工牛黄)","乌兰浩特中蒙制药有限公司","每10粒重2g(人工牛黄)×30粒/盒",30,"聚氯乙烯固体药用硬片-药品包装用铝箔泡罩包装","粒","国药准字Z20083059","天津市","ZI02AAM0037010103931",63.99,"每10粒重2g(人工牛黄)",2.133,30,"广东省","ZI02AAM0037010103931",63.99,"每10粒重2g(人工牛黄)",2.133,30,"云南省","ZI02AAM0037010103931",63.99,2.133,"https://tps.ybj.hunan.gov.cn/tps-local/XMHXgroupYPCZ/M00/A5/AB/rBIBUGi-fQWAWNWsAAMxz8c1Ubg459.pdf","https://tps.ybj.hunan.gov.cn/tps-local/XMHXgroupYPCZ/M00/A5/AB/rBIBUGi-fYuABnPpAAI1Sk92_ho316.pdf","https://tps.ybj.hunan.gov.cn/tps-local/XMHXgroupYPCZ/M00/A5/AC/rBIBUGi-ffaAa_HKAAIsfj-iYX0310.pdf","每10粒重2g(人工牛黄)",30,41.59,"https://tps.ybj.hunan.gov.cn/tps-local/XMHXgroupYPCZ/M00/A5/AC/rBIBUGi-fjqAQsYMAAMWKUo0mM4619.pdf",9,30,"乌兰浩特中蒙制药有限公司",63.99,{"$nulls":3},{"v":2.133,"d":"2.1330"},63.99]
[244,"ZI02AAF0115010103931","枫香脂十味丸","国产","丸剂(水丸)","每10粒重2g","乌兰浩特中蒙制药有限公司","每10粒重2g×30粒/盒",30,"聚氯乙烯固体药用硬片-药品包装用铝箔泡罩包装","粒","国药准字Z20055477","天津市","ZI02AAF0115010103931",78,"每10粒重2g",2.6,30,"广东省","ZI02AAF0115010103931",78,"每10粒重2g",2.6,30,"云南省","ZI02AAF0115010103931",78,2.6,"https://tps.ybj.hunan.gov.cn/tps-local/XMHXgroupYPCZ/M00/A5/AE/rBIBUGi-gJmAbFmYAANqVClydJs793.pdf","https://tps.ybj.hunan.gov.cn/tps-local/XMHXgroupYPCZ/M00/A5/AE/rBIBUGi-gNmAEp6kAAI4SM9lm8I143.pdf","https://tps.ybj.hunan.gov.cn/tps-local/XMHXgroupYPCZ/M00/A5/AE/rBIBUGi-gPuAPN2wAAJqGMyTN4Y408.pdf","每10粒重2g",30,45.5,"https://tps.ybj.hunan.gov.cn/tps-local/XMHXgroupYPCZ/M00/A5/AE/rBIBUGi-gReAPjA_AAOVaeWR3HA488.pdf",9,26,"乌兰浩特中蒙制药有限公司",78,{"$nulls":3},{"v":2.6,"d":"2.6000"},78]
[245,"ZI02AAC0576010103931","菖蒲四味胶囊","国产","胶囊剂","每粒装0.25g","乌兰浩特中蒙制药有限公司","每粒装0.25g×12粒/盒",12,"铝塑泡罩","粒","国药准字Z20063151","天津市","ZI02AAC0576010103931",55.99,"每粒装0.25g",4.6658,12,"广东省","ZI02AAC0576010103931",55.99,"每粒装0.25g",4.6658,12,"云南省","ZI02AAC0576010103931",55.99,4.6658,"https://tps.ybj.hunan.gov.cn/tps-local/XMHXgroupYPCZ/M00/A5/AE/rBIBUGi-ggyAUAibAANV5091tOI114.pdf","https://tps.ybj.hunan.gov.cn/tps-local/XMHXgroupYPCZ/M00/A5/AE/rBIBUGi-gjGASDPEAAI2YZ9jNC4472.pdf","https://tps.ybj.hunan.gov.cn/tps-local/XMHXgroupYPCZ/M00/A5/AE/rBIBUGi-glOANCmtAAJqFPGY3io538.pdf","每粒装0.25g",12,18.66,"https://tps.ybj.hunan.gov.cn/tps-local/XMHXgroupYPCZ/M00/A5/AE/rBIBUGi-gmmAZRiPAAJo4zNWl00561.pdf",2,6,"乌兰浩特中蒙制药有限公司",55.99,{"$nulls":3},{"v":4.66583333333333,"d":"4.6658"},55.99]
[246,"ZI02AAL0123010103931","连翘四味胶囊","国产","胶囊剂","每粒装0.25g","乌兰浩特中蒙制药有限公司","每粒装0.25g×12粒/盒",12,"铝塑泡罩","粒","国药准字Z20063420","天津市","ZI02AAL0123010103931",55.99,"每粒装0.25g",4.6658,12,"云南省","ZI02AAL0123010103931",55.99,"每粒装0.25g",4.6658,12,"广东省","ZI02AAL0123010103931",55.99,4.6658,"https://tps.ybj.hunan.gov.cn/tps-local/XMHXgroupYPCZ/M00/A5/A8/rBIBUGi-eEiAfdfUAANVtdw3YG8864.pdf","https://tps.ybj.hunan.gov.cn/tps-local/XMHXgroupYPCZ/M00/A5/A8/rBIBUGi-eK-AOtOuAAJqfNx0Yxs569.pdf","https://tps.ybj.hunan.gov.cn/tps-local/XMHXgroupYPCZ/M00/A5/A8/rBIBUGi-eRSAfvb-AAI7dRUmPzE296.pdf","每粒装0.25g",12,37.33,"https://tps.ybj.hunan.gov.cn/tps-local/XMHXgroupYPCZ/M00/A5/A8/rBIBUGi-eUyAf6a-AAJ6GsrmgF4716.pdf",4,12,"乌兰浩特中蒙制药有限公司",55.99,{"$nulls":3},{"v":4.66583333333333,"d":"4.6658"},55.99]
[247,"ZI02AAS1006010103931","锁阳三味片","国产","片剂(糖衣)","片芯重0.25g","乌兰浩特中蒙制药有限公司","片芯重0.25g×24片/盒",24,"聚酰胺/铝/聚氯乙烯冷冲压成型固体药用复合硬片-药品包装用铝箔泡罩包装","片","国药准字Z20027793","天津市","ZI02AAS1006010103931",78,"片芯重0.25g",3.25,24,"广东省","ZI02AAS1006010103931",78,"片芯重0.25g",3.25,24,"云南省","ZI02AAS1006010103931",78,3.25,"https://tps.ybj.hunan.gov.cn/tps-local/XMHXgroupYPCZ/M00/A5/AE/rBIBUGi-gxuAH8E2AAN7dnhH7eY861.pdf","https://tps.ybj.hunan.gov.cn/tps-local/XMHXgroupYPCZ/M00/A5/AE/rBIBUGi-gzKATqM8AAI1Jz1p8qQ891.pdf","https://tps.ybj.hunan.gov.cn/tps-local/XMHXgroupYPCZ/M00/A5/AE/rBIBUGi-g5WANflDAAJp00j4xeU299.pdf","片芯重0.25g",24,48.75,"https://tps.ybj.hunan.gov.cn/tps-local/XMHXgroupYPCZ/M00/A5/AF/rBIBUGi-g7uAL_SaAANbIoH_Yps156.jpg",12,18,"乌兰浩特中蒙制药有限公司",78,{"$nulls":3},{"v":3.25,"d":"3.2500"},78]
[248,"ZA04BAP0062010205667","蒲地蓝消炎片","国产","片剂(糖衣片)","每片重0.3g","云南龙发制药股份有限公司,云南昊邦制药有限公司","每片重0.3g×36片/盒",36,"铝塑包装","片","国药准字Z53020941","辽宁省","ZA04BAP0062010205667",32.56,"每片重0.3g",0.9044,36,"宁夏回族自治区","ZA04BAP0062010205667",32.56,"每片重0.3g",0.9044,36,"陕西省","ZA04BAP0062010205667",32.56,0.9044,"https://tps.ybj.hunan.gov.cn/tps-local/XMHXgroupYPCZ/M00/A5/DA/rBIBUGi_gpGAItahAALBPfEFbQs983.jpg","https://tps.ybj.hunan.gov.cn/tps-local/XMHXgroupYPCZ/M00/A5/DA/rBIBUGi_heCAL-CXAALQeFddu9k177.jpg","https://tps.ybj.hunan.gov.cn/tps-local/XMHXgroupYPCZ/M00/A5/DB/rBIBUGi_hymAE4nxAAKFmoTdRGY183.jpg","每片重0.3g",36,23.52,"https://tps.ybj.hunan.gov.cn/tps-local/XMHXgroupYPCZ/M00/A5/DB/rBIBUGi_h2qALcimAAEC1XVmnE0310.pdf",20,32,"云南龙发制药股份有限公司",32.56,{"v":26,"d":"26.0000"},{"v":20.8,"d":"20.8000"},null,{"v":0.8,"d":"0.8000"},28.8]
[249,"ZA04BAX0697010205667","新复方大青叶片","国产","片剂","每片含复方大青叶提取物200mg,对乙酰氨基酚75mg,咖啡因7.5mg,异戊巴比妥7.5mg,维生素C10mg","云南龙发制药股份有限公司","每片含复方大青叶提取物200mg,对乙酰氨基酚75mg,咖啡因7.5mg,异戊巴比妥7.5mg,维生素C10mg×36片/盒",36,"铝塑包装","片","国药准字Z53020549","吉林省","ZA04BAX0697010205667",19.8,"每片含复方大青叶提取物200mg,对乙酰氨基酚75mg,咖啡因7.5mg,异戊巴比妥7.5mg,维生素C10mg",0.55,36,"辽宁省","ZA04BAX0697010205667",19.8,"每片含复方大青叶提取物200mg,对乙酰氨基酚75mg,咖啡因7.5mg,异戊巴比妥7.5mg,维生素C10mg",0.55,36,"宁夏回族自治区","ZA04BAX0697010205667",19.8,0.55,"https://tps.ybj.hunan.gov.cn/tps-local/XMHXgroupYPCZ/M00/A5/DB/rBIBUGi_iKWAUdPrAAKtZKiU9sY799.jpg","https://tps.ybj.hunan.gov.cn/tps-local/XMHXgroupYPCZ/M00/A5/DC/rBIBUGi_iTaARGZBAAKmUtiDItM267.jpg","https://tps.ybj.hunan.gov.cn/tps-local/XMHXgroupYPCZ/M00/A5/DC/rBIBUGi_iX-AX25PAAMd-gLJv_w366.jpg","每片含复方大青叶提取物200mg,对乙酰氨基酚75mg,咖啡因7.5mg,异戊巴比妥7.5mg,维生素C10mg",36,3.85,"https://tps.ybj.hunan.gov.cn/tps-local/XMHXgroupYPCZ/M00/A5/DC/rBIBUGi_iaKAR3f9AAdssRcvUpg286.jpg",6,8,"云南龙发制药股份有限公司",19.8,{"$nulls":3},{"v":0.55,"d":"0.5500"},19.8]
[250,"ZA04CCL0068010105667","利胆解毒胶囊","国产","胶囊剂","每粒装0.5g","云南龙发制药股份有限公司","每粒装0.5g×24粒/盒",24,"铝塑包装","粒","国药准字Z20025384","吉林省","ZA04CCL0068010105667",98,"每粒装0.5g",4.0833,24,"辽宁省","ZA04CCL0068010105667",98,"每粒装0.5g",4.0833,24,"宁夏回族自治区","ZA04CCL0068010105667",98,4.0833,"https://tps.ybj.hunan.gov.cn/tps-local/XMHXgroupYPCZ/M00/A5/DC/rBIBUGi_in-AARiFAAKxJRsWJ6Y752.jpg","https://tps.ybj.hunan.gov.cn/tps-local/XMHXgroupYPCZ/M00/A5/DC/rBIBUGi_ismAKeWyAALCJLpzFB0535.jpg","https://tps.ybj.hunan.gov.cn/tps-local/XMHXgroupYPCZ/M00/A5/DC/rBIBUGi_ixGAdhkmAAMo25PtoHA929.jpg","每粒装0.5g",24,24.5,"https://tps.ybj.hunan.gov.cn/tps-local/XMHXgroupYPCZ/M00/A5/DC/rBIBUGi_izCAHYvcAASyszgicds065.png",6,6,"云南龙发制药股份有限公司",98,{"$nulls":3},{"v":4.08333333333333,"d":"4.0833"},98]
[251,"ZA11AAF0340010105667","复方大红袍止血胶囊","国产","胶囊剂","每粒装0.5g","云南龙发制药股份有限公司","每粒装0.5g×24粒/盒",24,"铝塑包装","粒","国药准字Z20025483","吉林省","ZA11AAF0340010105667",98,"每粒装0.5g",4.0833,24,"辽宁省","ZA11AAF0340010105667",98,"每粒装0.5g",4.0833,24,"宁夏回族自治区","ZA11AAF0340010105667",98,4.0833,"https://tps.ybj.hunan.gov.cn/tps-local/XMHXgroupYPCZ/M00/A5/DD/rBIBUGi_jKeAJZofAAK8elnQugs377.jpg","https://tps.ybj.hunan.gov.cn/tps-local/XMHXgroupYPCZ/M00/A5/DD/rBIBUGi_jQCABMSbAAK87vNu_mU493.jpg","https://tps.ybj.hunan.gov.cn/tps-local/XMHXgroupYPCZ/M00/A5/DE/rBIBUGi_jj6AEmJWAAMpCcJd-zw206.jpg","每粒装0.5g",24,42.88,"https://tps.ybj.hunan.gov.cn/tps-local/XMHXgroupYPCZ/M00/A5/DE/rBIBUGi_jl2APKplAANiaid2WsI437.jpg",9,12,"云南龙发制药股份有限公司",98,{"v":9.19333333333333,"d":"9.1933"},13.2384,null,1.2608,30.26]
[252,"ZG02AAW0213010105667","乌金活血止痛胶囊","国产","胶囊剂","每粒装0.3g","云南龙发制药股份有限公司,云南昊邦制药有限公司","每粒装0.3g×12粒/盒",12,"铝塑包装","粒","国药准字Z20025249","黑龙江省","ZG02AAW0213010105667",98,"每粒装0.3g",8.1667,12,"辽宁省","ZG02AAW0213010105667",98,"每粒装0.3g",8.1667,12,"陕西省","ZG02AAW0213010105667",98,8.1667,"https://tps.ybj.hunan.gov.cn/tps-local/XMHXgroupYPCZ/M00/A5/E2/rBIBUGi_lrmAUgZHAALZiH2SkLI242.jpg","https://tps.ybj.hunan.gov.cn/tps-local/XMHXgroupYPCZ/M00/A5/E2/rBIBUGi_lx-AF9-7AAKJYpXJtgg348.jpg","https://tps.ybj.hunan.gov.cn/tps-local/XMHXgroupYPCZ/M00/A5/E2/rBIBUGi_l4eAX10AAAKnlmA21iY687.jpg","每粒装0.3g",12,20.42,"https://tps.ybj.hunan.gov.cn/tps-local/XMHXgroupYPCZ/M00/A5/E3/rBIBUGi_l86AdY9KAAL6Er4MCf8372.jpg",1,4,"云南龙发制药股份有限公司",98,{"v":5.25,"d":"5.2500"},{"v":7.56,"d":"7.5600"},null,{"v":3.024,"d":"3.0240"},36.29]
[253,"ZA12AAZ0490010105667","紫灯胶囊","国产","胶囊剂","每粒装0.5g","云南龙发制药股份有限公司","每粒装0.5g×36粒/盒",36,"铝塑包装","粒","国药准字Z20025593","辽宁省","ZA12AAZ0490010105667",98,"每粒装0.5g",2.7222,36,"黑龙江省","ZA12AAZ0490010105667",98,"每粒装0.5g",2.7222,36,"陕西省","ZA12AAZ0490010105667",98,2.7222,"https://tps.ybj.hunan.gov.cn/tps-local/XMHXgroupYPCZ/M00/A5/F9/rBIBUGi_1uKAFYONAAKQOf8me4w321.jpg","https://tps.ybj.hunan.gov.cn/tps-local/XMHXgroupYPCZ/M00/A5/FA/rBIBUGi_2DWALK7HAAKdU_F_lRA032.jpg","https://tps.ybj.hunan.gov.cn/tps-local/XMHXgroupYPCZ/M00/A5/FA/rBIBUGi_2J-AazaKAAKQNGZI0rA143.jpg","每粒装0.5g",36,32.67,"https://tps.ybj.hunan.gov.cn/tps-local/XMHXgroupYPCZ/M00/A5/FB/rBIBUGi_2NmAR3b3AA42m_JAQF0783.jpg",12,12,"云南龙发制药股份有限公司",98,{"v":20.205,"d":"20.2050"},29.0952,null,2.4246,87.29]
[254,"ZA05AAW0367010105667","温中和胃胶囊","国产","胶囊剂","每粒装0.5g","云南龙发制药股份有限公司","每粒装0.5g×24粒/盒",24,"铝塑包装","粒","国药准字Z20025689","吉林省","ZA05AAW0367010105667",98,"每粒装0.5g",4.0833,24,"辽宁省","ZA05AAW0367010105667",98,"每粒装0.5g",4.0833,24,"宁夏回族自治区","ZA05AAW0367010105667",98,4.0833,"https://tps.ybj.hunan.gov.cn/tps-local/XMHXgroupYPCZ/M00/A5/FB/rBIBUGi_2WyACSpaAAKidMyNQs4822.jpg","https://tps.ybj.hunan.gov.cn/tps-local/XMHXgroupYPCZ/M00/A5/FB/rBIBUGi_2cyAODwGAASsoG9hTxA432.pdf","https://tps.ybj.hunan.gov.cn/tps-local/XMHXgroupYPCZ/M00/A5/FB/rBIBUGi_2hSALD11AAMpbFvxoOQ515.jpg","每粒装0.5g",24,24.5,"https://tps.ybj.hunan.gov.cn/tps-local/XMHXgroupYPCZ/M00/A5/FB/rBIBUGi_2i6AVhaVAAphbg95hSw091.jpg",6,6,"云南龙发制药股份有限公司",98,{"$nulls":3},{"v":4.08333333333333,"d":"4.0833"},98]
[255,"ZA08BAE0004020105667","饿求齐胶囊","国产","硬胶囊","每粒装0.5g","云南龙发制药股份有限公司","每粒装0.5g×12粒/盒",12,"铝塑包装","粒","国药准字Z20025685","广西壮族自治区","ZA08BAE0004020105667",29.8,"每粒装0.5g",2.4833,12,"黑龙江省","ZA08BAE0004020105667",29.8,"每粒装0.5g",2.4833,12,"江西省","ZA08BAE0004020105667",29.8,2.4833,"https://tps.ybj.hunan.gov.cn/tps-local/XMHXgroupYPCZ/M00/A5/FB/rBIBUGi_2q2AbNZ2AAKtrC1btjI262.jpg","https://tps.ybj.hunan.gov.cn/tps-local/XMHXgroupYPCZ/M00/A5/FC/rBIBUGi_2uaAQVoFAAKRPWxZ598437.jpg","https://tps.ybj.hunan.gov.cn/tps-local/XMHXgroupYPCZ/M00/A5/FC/rBIBUGi_2zSAKv3sAAJd_wBe_R8065.jpg","每粒装0.5g",12,12.42,"https://tps.ybj.hunan.gov.cn/tps-local/XMHXgroupYPCZ/M00/A5/FC/rBIBUGi_21GAFGFLABEC0qsa6y0758.jpg",4,6,"云南龙发制药股份有限公司",29.8,{"$nulls":3},{"v":2.48333333333333,"d":"2.4833"},29.8]
[256,"ZF03AAQ0369010205667","清喉咽颗粒","国产","颗粒剂","每袋装18g","云南龙发制药股份有限公司","每袋装18g×10袋/盒",10,"药品包装用复合膜装","袋","国药准字Z53020489","吉林省","ZF03AAQ0369010205667",89.8,"每袋装18g",8.98,10,"辽宁省","ZF03AAQ0369010205667",89.8,"每袋装18g",8.98,10,"宁夏回族自治区","ZF03AAQ0369010205667",89.8,8.98,"https://tps.ybj.hunan.gov.cn/tps-local/XMHXgroupYPCZ/M00/A6/48/rBIBUGjBMyWAWOw3AAKp_zh69Wc300.jpg","https://tps.ybj.hunan.gov.cn/tps-local/XMHXgroupYPCZ/M00/A6/48/rBIBUGjBM16AYADvAAKzwG21Nn0303.jpg","https://tps.ybj.hunan.gov.cn/tps-local/XMHXgroupYPCZ/M00/A6/49/rBIBUGjBM5yAWWa6AAMmS8hhacc256.jpg","每袋装18g",10,13.47,"https://tps.ybj.hunan.gov.cn/tps-local/XMHXgroupYPCZ/M00/A6/48/rBIBUGjBMsuAUROlAANqw31ekaQ259.jpg",1,2,"云南龙发制药股份有限公司",89.8,{"v":56.6666666666667,"d":"56.6667"},{"v":45.3333333333333,"d":"45.3333"},null,{"v":8.98,"d":"8.9800"},89.8]
[257,"ZA02AAH0437010105667","藿香正气颗粒","国产","颗粒剂","每袋装10g","云南龙发制药股份有限公司","每袋装10g×9袋/盒",9,"药品包装用复合膜装","袋","国药准字Z53020967","吉林省","ZA02AAH0437010105667",44.98,"每袋装10g",4.9978,9,"辽宁省","ZA02AAH0437010105667",44.98,"每袋装10g",4.9978,9,"宁夏回族自治区","ZA02AAH0437010105667",44.98,4.9978,"https://tps.ybj.hunan.gov.cn/tps-local/XMHXgroupYPCZ/M00/A6/02/rBIBUGi_4hGAEIDMAAK-XEf91oA587.jpg","https://tps.ybj.hunan.gov.cn/tps-local/XMHXgroupYPCZ/M00/A6/01/rBIBUGi_4QyAf3_XAAK9NLRJYaM433.jpg","https://tps.ybj.hunan.gov.cn/tps-local/XMHXgroupYPCZ/M00/A6/02/rBIBUGi_4ZiAYMy0AAMmfWijRVc581.jpg","每袋装10g",9,10,"https://tps.ybj.hunan.gov.cn/tps-local/XMHXgroupYPCZ/M00/A6/02/rBIBUGi_4cyAdIrOAAc80Zllbnw096.jpg",2,2,"云南龙发制药股份有限公司",44.98,{"v":5.96,"d":"5.9600"},{"v":4.768,"d":"4.7680"},null,{"v":2.384,"d":"2.3840"},21.46]
[258,"ZA06DAL0434010105667","绿及咳喘颗粒","国产","颗粒剂","每袋装10g","云南龙发制药股份有限公司,云南昊邦制药有限公司","每袋装10g×6袋/盒",6,"药品包装用复合膜装","袋","国药准字Z20025849","吉林省","ZA06DAL0434010105667",98,"每袋装10g",16.3333,6,"辽宁省","ZA06DAL0434010105667",98,"每袋装10g",16.3333,6,"宁夏回族自治区","ZA06DAL0434010105667",98,16.3333,"https://tps.ybj.hunan.gov.cn/tps-local/XMHXgroupYPCZ/M00/A6/06/rBIBUGi_6SiAez-JAAKkAAkwph8678.jpg","https://tps.ybj.hunan.gov.cn/tps-local/XMHXgroupYPCZ/M00/A6/06/rBIBUGi_6cSAQrJkAALLj3jyZKs805.jpg","https://tps.ybj.hunan.gov.cn/tps-local/XMHXgroupYPCZ/M00/A6/06/rBIBUGi_6feADACuAAMKsG-6bqo300.jpg","每袋装10g",6,57.17,"https://tps.ybj.hunan.gov.cn/tps-local/XMHXgroupYPCZ/M00/A6/06/rBIBUGi_6hSADw4iAAOIV2cE2wA908.jpg",3,4,"云南龙发制药股份有限公司",98,{"$nulls":3},{"v":16.3333333333333,"d":"16.3333"},98]
[259,"ZA09FAQ0105040105667","芪枣颗粒","国产","颗粒剂","每1g相当于饮片0.43g,含鸡血藤干膏22mg(每袋装15g)(每盒装18袋,每中盒装2盒)","云南龙发制药股份有限公司,云南昊邦制药有限公司","每1g相当于饮片0.43g,含鸡血藤干膏22mg(每袋装15g)(每盒装18袋,每中盒装2盒)×36袋/盒",36,"聚酯/铝/聚乙烯药用复合膜袋装","袋","国药准字Z53020681","吉林省","ZA09FAQ0105030105667",204,"每1g相当于饮片0.43g,含鸡血藤干膏22mg,每袋装15g",5.6667,36,"辽宁省","ZA09FAQ0105030105667",204,"每1g相当于饮片0.43g,含鸡血藤干膏22mg,每袋装15g",5.6667,36,"陕西省","ZA09FAQ0105030105667",204,5.6667,"https://tps.ybj.hunan.gov.cn/tps-local/XMHXgroupYPCZ/M00/A6/08/rBIBUGi_7E6AWW6sAAKqnnMRTqA393.jpg","https://tps.ybj.hunan.gov.cn/tps-local/XMHXgroupYPCZ/M00/A6/08/rBIBUGi_7JuAVOgVAAKPEuGS2fE902.jpg","https://tps.ybj.hunan.gov.cn/tps-local/XMHXgroupYPCZ/M00/A6/09/rBIBUGi_7OmAWsZ-AAKjihL0fBU441.jpg","每1g相当于饮片0.43g,含鸡血藤干膏22mg,每袋装15g",36,25.5,"https://tps.ybj.hunan.gov.cn/tps-local/XMHXgroupYPCZ/M00/A6/09/rBIBUGi_7QSAV0D2AATIXf9qHVo383.jpg",3,6,"云南龙发制药股份有限公司",204,{"v":14.01375,"d":"14.0138"},{"v":11.211,"d":"11.2110"},null,{"v":2.49133333333333,"d":"2.4913"},89.69]
[260,"ZA09FAQ0105020105667","芪枣颗粒","国产","颗粒剂","每1g相当于饮片0.43g,含鸡血藤干膏22mg(每袋装15g)","云南龙发制药股份有限公司,云南昊邦制药有限公司","每1g相当于饮片0.43g,含鸡血藤干膏22mg(每袋装15g)×12袋/盒",12,"聚酯/铝/聚乙烯药用复合膜袋装","袋","国药准字Z53020681","黑龙江省","ZA09FAQ0105020105667",68,"每1g相当于饮片0.43g,含鸡血藤干膏22mg(每袋装15g)",5.6667,12,"陕西省","ZA09FAQ0105020105667",68,"每1g相当于饮片0.43g,含鸡血藤干膏22mg(每袋装15g)",5.6667,12,"新疆维吾尔自治区","ZA09FAQ0105020105667",68,5.6667,"https://tps.ybj.hunan.gov.cn/tps-local/XMHXgroupYPCZ/M00/A6/22/rBIBUGjA1iCAR4mZAAKy0ck2R1g109.jpg","https://tps.ybj.hunan.gov.cn/tps-local/XMHXgroupYPCZ/M00/A6/24/rBIBUGjA2ZeAeMMxAAKjihL0fBU862.jpg","https://tps.ybj.hunan.gov.cn/tps-local/XMHXgroupYPCZ/M00/A6/24/rBIBUGjA2dyAdvciAAKP5oOuJj8105.jpg","每1g相当于饮片0.43g,含鸡血藤干膏22mg(每袋装15g)",12,25.5,"https://tps.ybj.hunan.gov.cn/tps-local/XMHXgroupYPCZ/M00/A6/21/rBIBUGjA1bSAYjNlAANARHa7ugc301.jpg",3,6,"云南龙发制药股份有限公司",68,{"v":14.01375,"d":"14.0138"},{"v":11.211,"d":"11.2110"},null,{"v":2.49133333333333,"d":"2.4913"},29.9]
[261,"ZA06AAT0244010202147","通宣理肺颗粒","国产","颗粒剂","每袋装9g","四川广元蓉成制药有限公司","每袋装9g×10袋/盒",10,"药品包装用复合膜","袋","国药准字Z51022434","山东省","ZA06AAT0244010202147",19.6,"每袋装9g",1.96,10,"广西壮族自治区","ZA06AAT0244010202147",19.6,"每袋装9g",1.96,10,"宁夏回族自治区","ZA06AAT0244010202147",19.6,1.96,"https://tps.ybj.hunan.gov.cn/tps-local/XMHXgroupYPCZ/M00/A5/D6/rBIBUGi_eqOADJWDABvdzzjFo5k307.pdf","https://tps.ybj.hunan.gov.cn/tps-local/XMHXgroupYPCZ/M00/A5/D6/rBIBUGi_ewaAOgRHAB4Ko2lyfGA631.pdf","https://tps.ybj.hunan.gov.cn/tps-local/XMHXgroupYPCZ/M00/A5/D6/rBIBUGi_exOALeUhABbj6mVhudA840.pdf","每袋装9g",10,35.28,"https://tps.ybj.hunan.gov.cn/tps-local/XMHXgroupYPCZ/M00/A5/D7/rBIBUGi_e1uAXrm_AAHNpYjiCPk619.jpg",18,18,"四川广元蓉成制药有限公司",19.6,{"v":4.32,"d":"4.3200"},{"v":3.456,"d":"3.4560"},null,{"v":0.192,"d":"0.1920"},1.92]
[262,"ZD01BAY0321020202147","益母草片","国产","薄膜衣片","每片重0.28g","四川广元蓉成制药有限公司","每片重0.28g×48片/盒",48,"药用PVC硬片/药用铝箔","片","国药准字Z51021853","广西壮族自治区","ZD01BAY0321020202147",39.32,"每片重0.28g",0.8192,48,"黑龙江省","ZD01BAY0321020202147",39.32,"每片重0.28g",0.8192,48,"四川省","ZD01BAY0321020202147",39.32,0.8192,"https://tps.ybj.hunan.gov.cn/tps-local/XMHXgroupYPCZ/M00/A5/D7/rBIBUGi_fO6AMADCAAbqzlzramA119.pdf","https://tps.ybj.hunan.gov.cn/tps-local/XMHXgroupYPCZ/M00/A5/D7/rBIBUGi_fTeATgzmAAZ6wi-Yr9E768.pdf","https://tps.ybj.hunan.gov.cn/tps-local/XMHXgroupYPCZ/M00/A5/D7/rBIBUGi_fVGANt7QAAFJSqd4YiE571.pdf","每片重0.28g",48,7.37,"https://tps.ybj.hunan.gov.cn/tps-local/XMHXgroupYPCZ/M00/A5/D7/rBIBUGi_fJqAIaGiAAb4shNWyJc477.jpg",6,12,"四川广元蓉成制药有限公司",39.32,{"v":3.6984375,"d":"3.6984"},{"v":2.95875,"d":"2.9588"},null,{"v":0.32875,"d":"0.3288"},15.78]
[263,"ZG01AAH0139010102147","红药胶囊","国产","胶囊剂","每粒装0.25g","四川广元蓉成制药有限公司","每粒装0.25g×30粒/盒",30,"药用PVC硬片/药品包装用铝箔装","粒","国药准字Z20080545","广西壮族自治区","ZG01AAH0139010102147",29.8,"每粒装0.25g",0.9933,30,"黑龙江省","ZG01AAH0139010102147",29.8,"每粒装0.25g",0.9933,30,"江苏省","ZG01AAH0139010102147",29.8,0.9933,"https://tps.ybj.hunan.gov.cn/tps-local/XMHXgroupYPCZ/M00/A5/D7/rBIBUGi_fYWAYXTNAEFf9YxSZwo170.pdf","https://tps.ybj.hunan.gov.cn/tps-local/XMHXgroupYPCZ/M00/A5/D7/rBIBUGi_fZKAcM2IACQDmiGztE0371.pdf","https://tps.ybj.hunan.gov.cn/tps-local/XMHXgroupYPCZ/M00/A5/D7/rBIBUGi_fZ-Ae_9wAAc6SQlyGRM305.pdf","每粒装0.25g",30,0.99,"https://tps.ybj.hunan.gov.cn/tps-local/XMHXgroupYPCZ/M00/A5/D8/rBIBUGi_fhOAHDRHAAdCpLxyxm0941.pdf",1,1,"四川广元蓉成制药有限公司",29.8,{"v":4.16666666666667,"d":"4.1667"},{"v":3.33333333333333,"d":"3.3333"},null,{"v":0.993333333333333,"d":"0.9933"},29.8]
[264,"ZA09AAW0057010200426","维尔康胶囊","国产","胶囊剂","含维生素E50mg,含维生素C50mg","广州粤华制药有限公司","含维生素E50mg,含维生素C50mg×30粒/瓶",30,"固体药用塑料瓶包装","粒","国药准字Z44022658","天津市","ZA09AAW0057010200426",168,"含维生素E50mg,含维生素C50mg",5.6,30,"江西省","ZA09AAW0057010200426",168,"含维生素E50mg,含维生素C50mg",5.6,30,"广东省","ZA09AAW0057010200426",168,5.6,"https://tps.ybj.hunan.gov.cn/tps-local/XMHXgroupYPCZ/M00/A5/D6/rBIBUGi_eu2AczKgAAW-H2GtF8c872.jpg","https://tps.ybj.hunan.gov.cn/tps-local/XMHXgroupYPCZ/M00/A5/D6/rBIBUGi_exaAaGazAASHPskM3jE353.jpg","https://tps.ybj.hunan.gov.cn/tps-local/XMHXgroupYPCZ/M00/A5/D7/rBIBUGi_e_WAW6rbAAO1U1OzRPM322.jpg","含维生素E50mg,含维生素C50mg",30,22.4,"https://tps.ybj.hunan.gov.cn/tps-local/XMHXgroupYPCZ/M00/A5/D7/rBIBUGi_fB6ARkYaAALPm2aRb1g766.jpg",4,4,"广州粤华制药有限公司",168,{"$nulls":3},{"v":5.6,"d":"5.6000"},168]
[265,"ZA04BAQ0443010703395","清热解毒口服液","国产","合剂","每支装10ml","吉林隆泰制药有限责任公司","每支装10ml×11支/盒",11,"玻璃管制口服液瓶,口服液铝盖包装","支","国药准字Z22023780","浙江省","ZA04BAQ0443010703395",38.5,"每支装10ml",3.5,11,"江苏省","ZA04BAQ0443010703395",38.5,"每支装10ml",3.5,11,"辽宁省","ZA04BAQ0443010703395",38.5,3.5,"https://tps.ybj.hunan.gov.cn/tps-local/XMHXgroupYPCZ/M00/A6/1C/rBIBUGjAvsaAD-JsABjnSqwwQEY885.pdf","https://tps.ybj.hunan.gov.cn/tps-local/XMHXgroupYPCZ/M00/A6/1C/rBIBUGjAvvCAG0VQAAvHMdL-nos373.pdf","https://tps.ybj.hunan.gov.cn/tps-local/XMHXgroupYPCZ/M00/A6/1C/rBIBUGjAweeAMANEAAjW4-_i6ZY385.pdf","每支装10ml",11,15.75,"https://tps.ybj.hunan.gov.cn/tps-local/XMHXgroupYPCZ/M00/A6/1C/rBIBUGjAwgeADS1vAAVa7niCPFQ005.jpg",3,6,"吉林隆泰制药有限责任公司",38.5,{"v":157.5,"d":"157.5000"},{"v":126,"d":"126.0000"},null,{"v":3.5,"d":"3.5000"},38.5]
[266,"ZA01BAY0526020303395","银翘解毒液","国产","合剂","每支装10ml","吉林隆泰制药有限责任公司","每支装10ml×11支/盒",11,"玻璃管制口服液瓶,口服液铝盖包装","支","国药准字Z22026218","浙江省","ZA01BAY0526020303395",44.24,"每支装10ml",4.0218,11,"江苏省","ZA01BAY0526020303395",44.24,"每支装10ml",4.0218,11,"黑龙江省","ZA01BAY0526020303395",44.24,4.0218,"https://tps.ybj.hunan.gov.cn/tps-local/XMHXgroupYPCZ/M00/A5/D8/rBIBUGi_f7CAKEmbAAVycBCoJco753.jpg","https://tps.ybj.hunan.gov.cn/tps-local/XMHXgroupYPCZ/M00/A5/D8/rBIBUGi_f_aAbAR3AAc6xBffUBg565.jpg","https://tps.ybj.hunan.gov.cn/tps-local/XMHXgroupYPCZ/M00/A5/D8/rBIBUGi_gC-AaNLtAAZP02hF3QE253.jpg","每支装10ml",11,20.11,"https://tps.ybj.hunan.gov.cn/tps-local/XMHXgroupYPCZ/M00/A5/D8/rBIBUGi_gJKAPfGmAA_WbZaS8bQ159.pdf",4,6,"吉林隆泰制药有限责任公司",44.24,{"v":23.94,"d":"23.9400"},{"v":19.152,"d":"19.1520"},null,3.8304,42.13]
[267,"ZA09HAY0339020105755","益气复脉胶囊","国产","胶囊剂","每粒装0.37g","海口奇力制药股份有限公司","每粒装0.37g×12粒/盒",12,"药用铝箔及聚氯乙烯固体药用硬片","粒","国药准字Z10983088","安徽省","ZA09HAY0339020105755",29.74,"每粒装0.37g",2.4783,12,"黑龙江省","ZA09HAY0339020105755",29.74,"每粒装0.37g",2.4783,12,"云南省","ZA09HAY0339020105755",29.74,2.4783,"https://tps.ybj.hunan.gov.cn/tps-local/XMHXgroupYPCZ/M00/A5/D9/rBIBUGi_gQuAIJbPAAD7qMwhG1A468.jpg","https://tps.ybj.hunan.gov.cn/tps-local/XMHXgroupYPCZ/M00/A5/D9/rBIBUGi_gUyAQGX4AAMdxY3DuJw309.jpg","https://tps.ybj.hunan.gov.cn/tps-local/XMHXgroupYPCZ/M00/A5/D9/rBIBUGi_gXSAEIjHAAEf71uEMpw046.jpg","每粒装0.37g",12,14.87,"https://tps.ybj.hunan.gov.cn/tps-local/XMHXgroupYPCZ/M00/A5/DA/rBIBUGi_gk6AI8GQAARNYv0tap0358.jpg",6,6,"海口奇力制药股份有限公司",29.74,{"v":14.5,"d":"14.5000"},{"v":11.6,"d":"11.6000"},null,{"v":1.93333333333333,"d":"1.9333"},23.2]
[268,"ZA04BAJ0394020803361","金莲花胶囊","国产","胶囊剂","每粒装0.35g","上海皇象铁力蓝天制药有限公司","每粒装0.35g×36粒/盒",36,"聚氯乙烯固体药用硬片和药品包装用铝箔包装","粒","国药准字Z20055128","北京市","ZA04BAJ0394020803361",72.76,"每粒装0.35g",2.0211,36,"安徽省","ZA04BAJ0394020803361",72.76,"每粒装0.35g",2.0211,36,"湖北省","ZA04BAJ0394020803361",72.76,2.0211,"https://tps.ybj.hunan.gov.cn/tps-local/XMHXgroupYPCZ/M00/A5/DA/rBIBUGi_hbeAW3tmAAcFxmDp5aw205.jpg","https://tps.ybj.hunan.gov.cn/tps-local/XMHXgroupYPCZ/M00/A5/DA/rBIBUGi_hdqADx0iAAXT0sV44rw161.jpg","https://tps.ybj.hunan.gov.cn/tps-local/XMHXgroupYPCZ/M00/A5/DB/rBIBUGi_hgSAB6R0AAVeMd8YRYw225.jpg","每粒装0.35g",36,20.21,"https://tps.ybj.hunan.gov.cn/tps-local/XMHXgroupYPCZ/M00/A5/DB/rBIBUGi_hheAYtE3ABIOLg9Y6t0826.jpg",8,12,"上海皇象铁力蓝天制药有限公司",72.76,{"v":13.25,"d":"13.2500"},{"v":10.6,"d":"10.6000"},null,{"v":1.06,"d":"1.0600"},38.16]
[269,"ZG03AAH0207010100253","护骨胶囊","国产","胶囊剂","0.45g","广东安诺药业股份有限公司","0.45g×48粒/盒",48,"聚氯乙烯固体药用硬片，药品包装用PTP铝箔","粒","国药准字Z20040124","广西壮族自治区","ZG03AAH0207010100253",43.71,"0.45g",0.9106,48,"山东省","ZG03AAH0207010100253",43.71,"0.45g",0.9106,48,"黑龙江省","ZG03AAH0207010100253",43.71,0.9106,"https://tps.ybj.hunan.gov.cn/tps-local/XMHXgroupYPCZ/M00/A5/F7/rBIBUGi_0RKAHbhuAAtjc0s-0g4532.pdf","https://tps.ybj.hunan.gov.cn/tps-local/XMHXgroupYPCZ/M00/A5/F7/rBIBUGi_0RqAcTlJABYl6v1NrYI065.pdf","https://tps.ybj.hunan.gov.cn/tps-local/XMHXgroupYPCZ/M00/A5/F7/rBIBUGi_0SCAWGdAAApVXZSYaN8407.pdf","0.45g",48,10.93,"https://tps.ybj.hunan.gov.cn/tps-local/XMHXgroupYPCZ/M00/A5/F7/rBIBUGi_0S2AUCQJAApVxMBZcwM573.pdf",12,12,"广东安诺药业股份有限公司",43.71,{"$nulls":3},{"v":0.910625,"d":"0.9106"},43.71]
[270,"ZA04BAW0263010100326","五花茶颗粒","国产","颗粒剂","每袋装10g","广东新峰药业股份有限公司","每袋装10g×10袋/盒",10,"药品包装用复合膜","袋","国药准字Z44021011","河北省","ZA04BAW0263010100326",56.88,"每袋装10g",5.688,10,"黑龙江省","ZA04BAW0263010100326",56.88,"每袋装10g",5.688,10,"四川省","ZA04BAW0263010100326",56.88,5.688,"https://tps.ybj.hunan.gov.cn/tps-local/XMHXgroupYPCZ/M00/A5/E5/rBIBUGi_n36ASUAbAAZ9erm4c5w978.jpg","https://tps.ybj.hunan.gov.cn/tps-local/XMHXgroupYPCZ/M00/A5/E5/rBIBUGi_n4WAF0tVAAgp7MLovtU568.jpg","https://tps.ybj.hunan.gov.cn/tps-local/XMHXgroupYPCZ/M00/A5/E5/rBIBUGi_n4qAaUsHAAh0JfO7JIs964.jpg","每袋装10g",10,11.38,"https://tps.ybj.hunan.gov.cn/tps-local/XMHXgroupYPCZ/M00/A5/E5/rBIBUGi_n6qAELxaACMEKQeYPUw054.jpg",2,2,"广东新峰药业股份有限公司",56.88,{"v":11.3766666666667,"d":"11.3767"},{"v":9.10133333333333,"d":"9.1013"},null,{"v":4.55066666666667,"d":"4.5507"},45.51]
[271,"ZA01BAF0659010203969","复方西羚解毒片","国产","薄膜衣片","每片重0.38g(相当于原药材1.2g)","山东宏济堂制药集团股份有限公司","每片重0.38g(相当于原药材1.2g)×24片/盒",24,"铝塑泡罩","片","国药准字Z37020025","河北省","ZA01BAF0659010203969",20,"每片重0.38g(相当于原药材1.2g)",0.8333,24,"内蒙古自治区","ZA01BAF0659010203969",20,"每片重0.38g(相当于原药材1.2g)",0.8333,24,"黑龙江省","ZA01BAF0659010203969",20,0.8333,"https://tps.ybj.hunan.gov.cn/tps-local/XMHXgroupYPCZ/M00/A5/EC/rBIBUGi_tLqAOgdOAAh1eVf6Tmg954.jpg","https://tps.ybj.hunan.gov.cn/tps-local/XMHXgroupYPCZ/M00/A5/EC/rBIBUGi_tLSAdPBCAAeOu3HUkPc314.jpg","https://tps.ybj.hunan.gov.cn/tps-local/XMHXgroupYPCZ/M00/A5/EC/rBIBUGi_tKuAXwQ_AAjOJXD-aPY275.jpg","每片重0.38g(相当于原药材1.2g)",24,5,"https://tps.ybj.hunan.gov.cn/tps-local/XMHXgroupYPCZ/M00/A5/EC/rBIBUGi_tP-AXpl6ABd5KP32hpA122.pdf",6,6,"山东宏济堂制药集团股份有限公司",20,{"v":8.25,"d":"8.2500"},{"v":11.88,"d":"11.8800"},null,{"v":0.833333333333333,"d":"0.8333"},20]
[272,"ZA16FAQ0201020203083","前列通胶囊","国产","胶囊剂","每粒装0.4g","河南省新四方制药有限公司","每粒装0.4g×72粒/盒",72,"药品包装用PTP铝箔、药用PVC硬片","粒","国药准字Z20060156","陕西省","ZA16FAQ0201020203083",47.13,"每粒装0.4g",0.6546,72,"北京市","ZA16FAQ0201020203083",47.13,"每粒装0.4g",0.6546,72,"浙江省","ZA16FAQ0201020203083",47.13,0.6546,"https://tps.ybj.hunan.gov.cn/tps-local/XMHXgroupYPCZ/M00/A5/F0/rBIBUGi_wEaAWHM-AAUNCp70z1c204.jpg","https://tps.ybj.hunan.gov.cn/tps-local/XMHXgroupYPCZ/M00/A5/F0/rBIBUGi_wFGAVh-5AAcxNyztqzg938.jpg","https://tps.ybj.hunan.gov.cn/tps-local/XMHXgroupYPCZ/M00/A5/F0/rBIBUGi_wFqAD_ytACUuean5WQY492.pdf","每粒装0.4g",72,7.86,"https://tps.ybj.hunan.gov.cn/tps-local/XMHXgroupYPCZ/M00/A5/F2/rBIBUGi_wdCAP1MyAAPaReKsgjo001.pdf",12,12,"河南省新四方制药有限公司",47.13,{"v":8.05666666666667,"d":"8.0567"},{"v":6.44533333333333,"d":"6.4453"},null,{"v":0.537111111111111,"d":"0.5371"},38.67]
[273,"ZA12HAX0274030101343","消栓再造丸","国产","丸剂(水蜜丸)","每瓶装55g(每30粒重5.5g)","沈阳红药集团股份有限公司","每瓶装55g(每30粒重5.5g)×1瓶",1,"聚乙烯瓶","瓶","国药准字Z21021178","广西壮族自治区","ZA12HAX0274030101343",148,"每瓶装55g(每30粒重5.5g)",148,1,"贵州省","ZA12HAX0274030101343",148,"每瓶装55g(每30粒重5.5g)",148,1,"江西省","ZA12HAX0274030101343",148,148,"https://tps.ybj.hunan.gov.cn/tps-local/XMHXgroupYPCZ/M00/A5/F1/rBIBUGi_wO-AOgbEAA19ppARXDE127.jpg","https://tps.ybj.hunan.gov.cn/tps-local/XMHXgroupYPCZ/M00/A5/F1/rBIBUGi_wRWAaThxAAxxQ1gAm2k490.pdf","https://tps.ybj.hunan.gov.cn/tps-local/XMHXgroupYPCZ/M00/A5/F1/rBIBUGi_wR-AEb5pAAnTxoMlIYc166.jpg","每瓶装55g(每30粒重5.5g)",1,29.6,"https://tps.ybj.hunan.gov.cn/tps-local/XMHXgroupYPCZ/M00/A5/F1/rBIBUGi_wNWAV8iSAAb5NRqGCW8152.png",0.2,0.2,"沈阳红药集团股份有限公司",148,{"v":588,"d":"588.0000"},{"v":470.4,"d":"470.4000"},null,{"v":148,"d":"148.0000"},148]
[274,"ZB01CAZ0299010101343","痔疮外洗药","国产","散剂","50g","沈阳红药集团股份有限公司","50g×1袋/盒",1,"药用复合膜","袋","国药准字Z21021859","广西壮族自治区","ZB01CAZ0299010101343",78,"50g",78,1,"贵州省","ZB01CAZ0299010101343",78,"50g",78,1,"江西省","ZB01CAZ0299010101343",78,78,"https://tps.ybj.hunan.gov.cn/tps-local/XMHXgroupYPCZ/M00/A5/EF/rBIBUGi_v4uADFVnAAcc_ihqMos526.jpg","https://tps.ybj.hunan.gov.cn/tps-local/XMHXgroupYPCZ/M00/A5/EF/rBIBUGi_v5OAAfUaAAvZciEiqPk674.jpg","https://tps.ybj.hunan.gov.cn/tps-local/XMHXgroupYPCZ/M00/A5/EF/rBIBUGi_v5-AB0knAAonwhlFSls460.jpg","50g",1,78,"https://tps.ybj.hunan.gov.cn/tps-local/XMHXgroupYPCZ/M00/A5/EF/rBIBUGi_v8qAWTQaAATo0yQEydo691.png",1,1,"沈阳红药集团股份有限公司",78,{"$nulls":3},{"v":78,"d":"78.0000"},78]
[275,"ZA06EAH0039020101343","海珠喘息定片","国产","薄膜衣片","0.5g","沈阳红药集团股份有限公司","0.5g×50片/盒",50,"聚乙烯瓶","片","国药准字Z20073134","广西壮族自治区","ZA06EAH0039020101343",25.14,"0.5g",0.5028,50,"贵州省","ZA06EAH0039020101343",25.14,"0.5g",0.5028,50,"江西省","ZA06EAH0039020101343",25.14,0.5028,"https://tps.ybj.hunan.gov.cn/tps-local/XMHXgroupYPCZ/M00/A5/F2/rBIBUGi_wh-AOortAAio8DkeDgM836.jpg","https://tps.ybj.hunan.gov.cn/tps-local/XMHXgroupYPCZ/M00/A5/F2/rBIBUGi_wiSAax6SAAwVUJrvHFc039.jpg","https://tps.ybj.hunan.gov.cn/tps-local/XMHXgroupYPCZ/M00/A5/F2/rBIBUGi_wiyAA8TMAAo0kwwtoBg497.jpg","0.5g",50,4.53,"https://tps.ybj.hunan.gov.cn/tps-local/XMHXgroupYPCZ/M00/A5/F2/rBIBUGi_wmOAX_ScACzsCzFTlQ4886.jpg",6,12,"沈阳红药集团股份有限公司",25.14,{"v":3.53571428571429,"d":"3.5357"},{"v":2.82857142857143,"d":"2.8286"},null,{"v":0.314285714285714,"d":"0.3143"},15.71]
[276,"ZA06AAT0247020101343","通宣理肺丸","国产","水蜜丸","每100丸重10g(每瓶装49g)","沈阳红药集团股份有限公司","每100丸重10g(每瓶装49g)×1瓶/盒",1,"聚乙烯瓶","瓶","国药准字Z21021425","广西壮族自治区","ZA06AAT0247020101343",39.2,"每100丸重10g(每瓶装49g)",39.2,1,"贵州省","ZA06AAT0247020101343",39.2,"每100丸重10g(每瓶装49g)",39.2,1,"江西省","ZA06AAT0247020101343",39.2,39.2,"https://tps.ybj.hunan.gov.cn/tps-local/XMHXgroupYPCZ/M00/A5/F3/rBIBUGi_w5iAHsGzAAj_4tCNcAw951.jpg","https://tps.ybj.hunan.gov.cn/tps-local/XMHXgroupYPCZ/M00/A5/F3/rBIBUGi_w6KAfdFiAAxWKNyH_F4304.jpg","https://tps.ybj.hunan.gov.cn/tps-local/XMHXgroupYPCZ/M00/A5/F3/rBIBUGi_w6mARe5RAAoCIZTE84A323.jpg","每100丸重10g(每瓶装49g)",1,14.11,"https://tps.ybj.hunan.gov.cn/tps-local/XMHXgroupYPCZ/M00/A5/F2/rBIBUGi_w1qAYOEpAAyaAJJj72Q361.jpg",0.29,0.43,"沈阳红药集团股份有限公司",39.2,{"v":22.9166666666667,"d":"22.9167"},{"v":18.3333333333333,"d":"18.3333"},null,{"v":39.2,"d":"39.2000"},39.2]
[277,"ZA07AAA0061020101343","安宫牛黄丸","国产","大蜜丸","每丸重3g(体外培育牛黄、人工麝香)","沈阳红药集团股份有限公司","每丸重3g(体外培育牛黄、人工麝香)×1丸/盒",1,"聚乙烯中药丸球壳","丸","国药准字Z21020627","广西壮族自治区","ZA07AAA0061020101343",298,"每丸重3g(体外培育牛黄、人工麝香)",298,1,"贵州省","ZA07AAA0061020101343",298,"每丸重3g(体外培育牛黄、人工麝香)",298,1,"江西省","ZA07AAA0061020101343",298,298,"https://tps.ybj.hunan.gov.cn/tps-local/XMHXgroupYPCZ/M00/A5/F3/rBIBUGi_xUWAObqdAAlrD3K8yY0958.jpg","https://tps.ybj.hunan.gov.cn/tps-local/XMHXgroupYPCZ/M00/A5/F3/rBIBUGi_xVWAQhwoAAwsObjo8mo831.jpg","https://tps.ybj.hunan.gov.cn/tps-local/XMHXgroupYPCZ/M00/A5/F3/rBIBUGi_xV6AI9CKAApCNvn2O5w347.jpg","每丸重3g(体外培育牛黄、人工麝香)",1,298,"https://tps.ybj.hunan.gov.cn/tps-local/XMHXgroupYPCZ/M00/A5/F3/rBIBUGi_xb6ARCqBAAVtsKBJqRA274.pdf",1,1,"沈阳红药集团股份有限公司",298,{"v":598,"d":"598.0000"},{"v":478.4,"d":"478.4000"},null,{"v":298,"d":"298.0000"},298]
[278,"ZA07AAN0194020101343","牛黄清心丸(局方)","国产","大蜜丸","每丸重3g(体外培育牛黄、人工麝香)","沈阳红药集团股份有限公司","每丸重3g(体外培育牛黄、人工麝香)×6丸/盒",6,"聚乙烯中药丸球壳","丸","国药准字Z21020648","广西壮族自治区","ZA07AAN0194020101343",298,"每丸重3g(体外培育牛黄、人工麝香)",49.6667,6,"贵州省","ZA07AAN0194020101343",298,"每丸重3g(体外培育牛黄、人工麝香)",49.6667,6,"江西省","ZA07AAN0194020101343",298,49.6667,"https://tps.ybj.hunan.gov.cn/tps-local/XMHXgroupYPCZ/M00/A5/F3/rBIBUGi_xoWARbLTAAjDreAH1j0488.jpg","https://tps.ybj.hunan.gov.cn/tps-local/XMHXgroupYPCZ/M00/A5/F3/rBIBUGi_xomAUgJpAAxVIRv2hd0204.jpg","https://tps.ybj.hunan.gov.cn/tps-local/XMHXgroupYPCZ/M00/A5/F3/rBIBUGi_xpGAUqL3AAoznwGPe7M840.jpg","每丸重3g(体外培育牛黄、人工麝香)",6,49.67,"https://tps.ybj.hunan.gov.cn/tps-local/XMHXgroupYPCZ/M00/A5/F3/rBIBUGi_xtOAKNxCAAa8l6uU2po139.pdf",1,1,"沈阳红药集团股份有限公司",298,{"v":165.66,"d":"165.6600"},{"v":132.528,"d":"132.5280"},null,{"v":49.6666666666667,"d":"49.6667"},298]
[279,"ZA15FAY0129010100169","养血荣筋丸","国产","大蜜丸","每丸重9g","北京同仁堂科技发展股份有限公司制药厂","每丸重9g×10丸/盒",10,"塑料球壳装","丸","国药准字Z11020491","北京市","ZA15FAY0129010100169",48,"每丸重9g",4.8,10,"广西壮族自治区","ZA15FAY0129010100169",48,"每丸重9g",4.8,10,"河北省","ZA15FAY0129010100169",48,4.8,"https://tps.ybj.hunan.gov.cn/tps-local/XMHXgroupYPCZ/M00/A5/F2/rBIBUGi_wpuAPaPdAALNHIJHcx0854.pdf","https://tps.ybj.hunan.gov.cn/tps-local/XMHXgroupYPCZ/M00/A5/F2/rBIBUGi_wsWAdF4nAAJaOILuU9U340.pdf","https://tps.ybj.hunan.gov.cn/tps-local/XMHXgroupYPCZ/M00/A5/F2/rBIBUGi_wwuAZ_22AAI4pZ5IXTc692.pdf","每丸重9g",10,14.4,"https://tps.ybj.hunan.gov.cn/tps-local/XMHXgroupYPCZ/M00/A5/F2/rBIBUGi_w2WAMLJGAAXRy9knmT4771.pdf",2,4,"北京同仁堂科技发展股份有限公司制药厂",48,{"v":14.19,"d":"14.1900"},{"v":11.352,"d":"11.3520"},null,{"v":3.784,"d":"3.7840"},37.84]
[280,"ZA12GAG0366010102467","冠心康胶囊","国产","胶囊剂","每粒装0.45g","西安大唐制药集团有限公司","每粒装0.45g×36粒/盒",36,"铝塑板","粒","国药准字Z20090435","广东省","ZA12GAG0366010102467",78,"每粒装0.45g",2.1667,36,"贵州省","ZA12GAG0366010102467",78,"每粒装0.45g",2.1667,36,"江苏省","ZA12GAG0366010102467",78,2.1667,"https://tps.ybj.hunan.gov.cn/tps-local/XMHXgroupYPCZ/M00/A5/F5/rBIBUGi_y1iAE2hvAAqYI9xz8E8696.jpg","https://tps.ybj.hunan.gov.cn/tps-local/XMHXgroupYPCZ/M00/A5/F5/rBIBUGi_y16AdhANAArZ_rRgA7A814.jpg","https://tps.ybj.hunan.gov.cn/tps-local/XMHXgroupYPCZ/M00/A5/F5/rBIBUGi_y2WAKEEpAAdjB7AFWx0670.jpg","每粒装0.45g",36,32.5,"https://tps.ybj.hunan.gov.cn/tps-local/XMHXgroupYPCZ/M00/A5/F6/rBIBUGi_zB-Aai6fAAp_qO1OW4E314.jpg",15,15,"西安大唐制药集团有限公司",78,{"$nulls":3},{"v":2.16666666666667,"d":"2.1667"},78]
[281,"ZD03AAA0070010202467","安坤胶囊","国产","胶囊剂","每粒装0.45g","西安大唐制药集团有限公司","每粒装0.45g×24粒/盒",24,"铝塑板","粒","国药准字Z20050107","江西省","ZD03AAA0070010202467",46.8,"每粒装0.45g",1.95,24,"广东省","ZD03AAA0070010202467",46.8,"每粒装0.45g",1.95,24,"贵州省","ZD03AAA0070010202467",46.8,1.95,"https://tps.ybj.hunan.gov.cn/tps-local/XMHXgroupYPCZ/M00/A5/F6/rBIBUGi_zKyAPekeAAjwRVzWQmU187.jpg","https://tps.ybj.hunan.gov.cn/tps-local/XMHXgroupYPCZ/M00/A5/F6/rBIBUGi_zLKAFAmMAAtZRMIehXk206.jpg","https://tps.ybj.hunan.gov.cn/tps-local/XMHXgroupYPCZ/M00/A5/F6/rBIBUGi_zLiAcMoOAAqVygqz6Ng899.jpg","每粒装0.45g",24,19.5,"https://tps.ybj.hunan.gov.cn/tps-local/XMHXgroupYPCZ/M00/A5/F6/rBIBUGi_zdmANyI8ABkEYKO7_GQ708.jpg",10,10,"西安大唐制药集团有限公司",46.8,{"v":22.8758055555556,"d":"22.8758"},{"v":18.3006444444444,"d":"18.3006"},null,{"v":1.83006444444444,"d":"1.8301"},43.92]
[282,"ZC01AAX0184010101309","通关藤颗粒(消癌平颗粒)","国产","颗粒剂","每袋装8g","河南蓝天药业有限公司","每袋装8g×6袋/盒",6,"聚酯/铝/聚乙烯药用复合膜","袋","国药准字Z20050426","内蒙古自治区","ZC01AAX0184010101309",420,"每袋装8g",70,6,"贵州省","ZC01AAX0184010101309",420,"每袋装8g",70,6,"黑龙江省","ZC01AAX0184010101309",420,70,"https://tps.ybj.hunan.gov.cn/tps-local/XMHXgroupYPCZ/M00/A5/FA/rBIBUGi_2ICALTdkAAbLiCIq0fQ624.jpg","https://tps.ybj.hunan.gov.cn/tps-local/XMHXgroupYPCZ/M00/A5/FA/rBIBUGi_2IyAB8soAAXq2Dm_Pmo518.jpg","https://tps.ybj.hunan.gov.cn/tps-local/XMHXgroupYPCZ/M00/A5/FA/rBIBUGi_2KqAU703AAXVhT8Asao706.jpg","每袋装8g",6,70,"https://tps.ybj.hunan.gov.cn/tps-local/XMHXgroupYPCZ/M00/A5/FB/rBIBUGi_2OCAO9z9AArOGVsSwkI457.jpg",1,1,"河南蓝天药业有限公司",420,{"v":130,"d":"130.0000"},{"v":104,"d":"104.0000"},null,{"v":70,"d":"70.0000"},420]
[283,"ZA15GAD0036020103463","大活络丸","国产","大蜜丸","每丸重3.5g(体外培育牛黄、人工麝香)","吉林省正辉煌药业有限公司","每丸重3.5g(体外培育牛黄、人工麝香)×4丸/盒",4,"中药丸塑料球壳","丸","国药准字Z22023666","吉林省","ZA15GAD0036020103463",106.67,"每丸重3.5g(体外培育牛黄、人工麝香)",26.6675,4,"北京市","ZA15GAD0036020103463",106.67,"每丸重3.5g(体外培育牛黄、人工麝香)",26.6675,4,"山东省","ZA15GAD0036020103463",106.67,26.6675,"https://tps.ybj.hunan.gov.cn/tps-local/XMHXgroupYPCZ/M00/A6/1D/rBIBUGjAxn2AK9weAAWn4e2fD9E463.pdf","https://tps.ybj.hunan.gov.cn/tps-local/XMHXgroupYPCZ/M00/A6/1E/rBIBUGjAx9KAevQiAAIjSaeY0_M134.pdf","https://tps.ybj.hunan.gov.cn/tps-local/XMHXgroupYPCZ/M00/A6/1E/rBIBUGjAx72Aen2xAAL2RBNHHfY050.pdf","每丸重3.5g(体外培育牛黄、人工麝香)",4,40,"https://tps.ybj.hunan.gov.cn/tps-local/XMHXgroupYPCZ/M00/A6/1E/rBIBUGjAyOSASUiUAAejYvKRE9c604.pdf",1,2,"吉林省正辉煌药业有限公司",106.67,{"v":49.35,"d":"49.3500"},{"v":39.48,"d":"39.4800"},null,{"v":26.32,"d":"26.3200"},105.28]
[284,"ZA06CAS0325020100994","蛇胆川贝液","国产","糖浆剂","每支装10ml","重庆迪康中药制药有限公司","每支装10ml×6支/盒",6,"低硼硅玻璃管制口服液体瓶","支","国药准字Z50020100","贵州省","ZA06CAS0325020100994",28.8,"每支装10ml",4.8,6,"黑龙江省","ZA06CAS0325020100994",28.8,"每支装10ml",4.8,6,"安徽省","ZA06CAS0325020100994",28.8,4.8,"https://tps.ybj.hunan.gov.cn/tps-local/XMHXgroupYPCZ/M00/A6/21/rBIBUGjA1BGAVGfuAAyQ3Bo2Vvo604.pdf","https://tps.ybj.hunan.gov.cn/tps-local/XMHXgroupYPCZ/M00/A6/21/rBIBUGjA1BWAREpxAATw2kB9CSc621.pdf","https://tps.ybj.hunan.gov.cn/tps-local/XMHXgroupYPCZ/M00/A6/21/rBIBUGjA1BmAJCkhAAVmkID8-Fk572.pdf","每支装10ml",6,9.6,"https://tps.ybj.hunan.gov.cn/tps-local/XMHXgroupYPCZ/M00/A6/21/rBIBUGjA1DCAIprjAAd9f7x2N0Q589.pdf",2,2,"重庆迪康中药制药有限公司",28.8,{"v":22.2,"d":"22.2000"},{"v":17.76,"d":"17.7600"},null,{"v":4.8,"d":"4.8000"},28.8]
[285,"ZA09ABY0777010100824","养胃舒片","国产","片剂(薄膜衣)","0.45g","上海裕信生物制药有限公司","0.45g×24片/盒",24,"铝塑包装","片","国药准字Z20150054","浙江省","ZA09ABY0777010100824",58.6,"0.45g",2.4417,24,"贵州省","ZA09ABY0777010100824",58.6,"0.45g",2.4417,24,"安徽省","ZA09ABY0777010100824",58.6,2.4417,"https://tps.ybj.hunan.gov.cn/tps-local/XMHXgroupYPCZ/M00/A6/24/rBIBUGjA2zaAcdelAAHU3HQ6haw331.jpg","https://tps.ybj.hunan.gov.cn/tps-local/XMHXgroupYPCZ/M00/A6/25/rBIBUGjA23mAbEadAAGRiYV_dbI394.jpg","https://tps.ybj.hunan.gov.cn/tps-local/XMHXgroupYPCZ/M00/A6/25/rBIBUGjA28WABaIpAAFKuBH2Vyc953.jpg","0.45g",24,14.65,"https://tps.ybj.hunan.gov.cn/tps-local/XMHXgroupYPCZ/M00/A6/25/rBIBUGjA3CGAOkHDAA-Qk3NRKrQ942.pdf",6,6,"上海裕信生物制药有限公司",58.6,{"v":16,"d":"16.0000"},{"v":12.8,"d":"12.8000"},null,{"v":2.13333333333333,"d":"2.1333"},51.2]
[286,"ZA04BAD0329010503271","冬凌草片","国产","薄膜衣片","每片重0.26g","复寿堂药业河南股份有限公司","每片重0.26g×30片/盒",30,"药品包装用铝箔、聚氯乙烯固体药用硬片","片","国药准字Z41022300","广西壮族自治区","ZA04BAD0329010503271",15,"每片重0.26g",0.5,30,"贵州省","ZA04BAD0329010503271",15,"每片重0.26g",0.5,30,"江西省","ZA04BAD0329010503271",15,0.5,"https://tps.ybj.hunan.gov.cn/tps-local/XMHXgroupYPCZ/M00/A6/34/rBIBUGjBCq6ADOe2AAags_Yuh9k063.pdf","https://tps.ybj.hunan.gov.cn/tps-local/XMHXgroupYPCZ/M00/A6/34/rBIBUGjBCrSAKZJbAAatplxS90Q110.pdf","https://tps.ybj.hunan.gov.cn/tps-local/XMHXgroupYPCZ/M00/A6/34/rBIBUGjBCryAByD6AAaG6gGPbgE913.pdf","每片重0.26g",30,5.25,"https://tps.ybj.hunan.gov.cn/tps-local/XMHXgroupYPCZ/M00/A6/34/rBIBUGjBCxOAbB_IAATZ-P-mtO4032.pdf",6,15,"复寿堂药业河南股份有限公司",15,{"v":8.4,"d":"8.4000"},{"v":6.72,"d":"6.7200"},null,{"v":0.5,"d":"0.5000"},15]
[287,"ZA10CAA0074010102118","安乐胶囊","国产","胶囊剂","每粒装0.4g","成都利尔药业有限公司","每粒装0.4g×24粒/盒",24,"聚氯乙烯固体药用硬片/药用铝箔","粒","国药准字Z20090488","安徽省","ZA10CAA0074010102118",38,"每粒装0.4g",1.5833,24,"广西壮族自治区","ZA10CAA0074010102118",38,"每粒装0.4g",1.5833,24,"贵州省","ZA10CAA0074010102118",38,1.5833,"https://tps.ybj.hunan.gov.cn/tps-local/XMHXgroupYPCZ/M00/A6/3A/rBIBUGjBFf6AbMTrAASWf8TwJ1M300.pdf","https://tps.ybj.hunan.gov.cn/tps-local/XMHXgroupYPCZ/M00/A6/3A/rBIBUGjBFgeAYik3AAT3vk9Bbkw953.pdf","https://tps.ybj.hunan.gov.cn/tps-local/XMHXgroupYPCZ/M00/A6/3A/rBIBUGjBFgyAPvylAATmp5BZy3s894.pdf","每粒装0.4g",24,23.75,"https://tps.ybj.hunan.gov.cn/tps-local/XMHXgroupYPCZ/M00/A6/3A/rBIBUGjBFfGAIdLrAALwDKZoPls764.pdf",12,18,"成都利尔药业有限公司",38,{"v":11.946875,"d":"11.9469"},9.5575,null,{"v":0.637166666666667,"d":"0.6372"},15.29]
[288,"ZA04CAL0223010180682","羚羊清肺胶囊","国产","胶囊剂","0.3g/粒","安徽谓博中药股份有限公司","0.3g/粒×24粒/盒",24,"铝塑泡罩","粒","国药准字Z20205007","江西省","ZA04CAL0223010180682",98,"0.3g/粒",4.0833,24,"海南省","ZA04CAL0223010180682",98,"0.3g/粒",4.0833,24,"贵州省","ZA04CAL0223010180682",98,4.0833,"https://tps.ybj.hunan.gov.cn/tps-local/XMHXgroupYPCZ/M00/A6/52/rBIBUGjBSDqAfgb7AAOK0_QW2GA672.jpg","https://tps.ybj.hunan.gov.cn/tps-local/XMHXgroupYPCZ/M00/A6/52/rBIBUGjBSGOAXoFEAAjfutn0VoM424.pdf","https://tps.ybj.hunan.gov.cn/tps-local/XMHXgroupYPCZ/M00/A6/52/rBIBUGjBSIqAd4HEAAGy_NCQKrs985.jpg","0.3g/粒",24,30.62,"https://tps.ybj.hunan.gov.cn/tps-local/XMHXgroupYPCZ/M00/A6/53/rBIBUGjBSW6ARMaIAAR3rXN6aXs727.jpg",6,9,"安徽谓博中药股份有限公司",98,{"$nulls":3},{"v":4.08333333333333,"d":"4.0833"},98]